{"text_format":"2","workbook":"xlsx","n_sheets":14,"sheets":["Planilha RESUMO","Planilha MEDIÇÃO","FSUP-I","FSUP-II","FSUP-III","Memória de Cálculo","FSUP-IV","BDI(JULHO-25)","Encargos Sociais","SICRO DF JULHO-25","DNIT EQUIP jul-25","CPU - DESLOCAMENTO TERRESTE","MEMORIAL DISTÂNCIAS ATUAÇÃO ","MEMORIAL DESLOCAMENTO AÉREO"],"not_rendered":{"charts":0,"images":29,"macros":0,"external_links":0,"defined_names":11,"comments":0,"pivot_tables":0},"unopened":[],"bounds":{"document_bytes":16777216,"sheet_cells":100000,"run_cost":"one","rows_first":2000,"rows_last":500,"rows_between":2000,"halvings":0,"cell_chars":16384,"cell_head_chars":4096},"cells_cut":0,"cells_raw":0,"read":"whole","date_system":"1900"}

{"sheet":"Planilha RESUMO","index":0,"n_rows":12,"n_cols":9,"rows_kept":12,"cut":false,"hidden":false,"merged":[[6,2,6,5],[6,6,6,7],[7,1,7,8],[11,3,11,4],[3,1,3,8],[4,1,4,4],[10,3,10,4]]}
[null,null,null,"MINISTÉRIO DA INTEGRAÇÃO E DO DESENVOLVIMENTO REGIONAL"]
[null,null,null,"COMPANHIA DE DESENVOLVIMENTO DOS VALES DO SÃO FRANCISCO E PARNAÍBA"]
[null,null,null,"ÁREA DA IRRIGAÇÃO E OPERAÇÕES - AI","ÁREA DE IRRIGAÇÃO E OPERAÇÕES - AI"]
[null,{"$f":"'Planilha MEDIÇÃO'!A4","v":"SERVIÇOS DE SUPERVISÃO E APOIO TÉCNICO-ADMINISTRATIVO À GERÊNCIA DE APOIO À PRODUÇÃO IRRIGADA NA ÁREA DE ATUAÇÃO DA CODEVASF"}]
[null,"Local: Área de abrangência da Sede da Codevasf"]
[]
[null,"BASES:","TC-DNIT-DF: JUL/2025; SICRO-DF: JULHO/2025; BDI-TC-DNIT: JUL/2025",null,null,null,"BDI (%):",null,{"$f":"ROUND('BDI(JULHO-25)'!F26/100,4)","v":0.28749999999999998}]
["SERVIÇOS DE SUPERVISÃO E APOIO TÉCNICO-ADMINISTRATIVO À GERÊNCIA DE APOIO À PRODUÇÃO IRRIGADA NA ÁREA DE ATUAÇÃO DA CODEVASF","PLANILHA RESUMO"]
[]
[]
[null,null,"Item","Descrição",null,"Quantidade (ha)","Preço Total (R$)","Preço Unitário (R$/ha)"]
[null,null,1,"Serviços Supervisão e Apoio Técnico-Administrativo",null,{"$f":"'Planilha MEDIÇÃO'!H34","v":10019},{"$f":"'Planilha MEDIÇÃO'!H32","v":9780258.7200000007},{"$f":"G12/F12","v":976.17}]

{"sheet":"Planilha MEDIÇÃO","index":1,"n_rows":39,"n_cols":17,"rows_kept":39,"cut":false,"hidden":false,"merged":[[6,1,6,5],[6,6,6,7],[7,0,7,8],[20,1,20,2],[0,2,0,4],[1,2,1,4],[2,2,2,4],[3,0,3,8],[4,0,4,4],[20,11,20,15],[34,0,34,6],[34,7,34,8],[30,0,30,2],[30,5,30,6],[30,7,30,8],[31,0,31,6],[31,7,31,8],[33,0,33,6],[33,7,33,8],[21,1,21,2],[22,1,22,2],[32,0,32,6],[32,7,32,8]]}
[null,null,"MINISTÉRIO DA INTEGRAÇÃO E DO DESENVOLVIMENTO REGIONAL"]
[null,null,"COMPANHIA DE DESENVOLVIMENTO DOS VALES DO SÃO FRANCISCO E PARNAÍBA"]
[null,null,"ÁREA DE IRRIGAÇÃO E OPERAÇÕES - AI"]
["SERVIÇOS DE SUPERVISÃO E APOIO TÉCNICO-ADMINISTRATIVO À GERÊNCIA DE APOIO À PRODUÇÃO IRRIGADA NA ÁREA DE ATUAÇÃO DA CODEVASF",{"$nulls":12},"Período =",12,"meses"]
["Local: Área de atuação da Codevasf"]
[]
["BASES:",{"$f":"'Planilha RESUMO'!C7","v":"TC-DNIT-DF: JUL/2025; SICRO-DF: JULHO/2025; BDI-TC-DNIT: JUL/2025"},{"$nulls":4},"BDI (%):",null,{"$f":"'Planilha RESUMO'!I7","v":0.28749999999999998}]
["SERVIÇOS DE SUPERVISÃO E APOIO TÉCNICO-ADMINISTRATIVO À GERÊNCIA DE APOIO À PRODUÇÃO IRRIGADA NA ÁREA DE ATUAÇÃO DA CODEVASF"]
["Item","Código","Banco","Descrição","Und","Quant.","Valor Unit","Valor Unit com BDI","Total"]
[1,null,null,"MÃO-DE-OBRA",{"$nulls":4},{"$f":"I11+I20","v":7341047.04}]
["1.1",null,null,"Salário da Equipe Técnica",{"$nulls":4},{"$f":"SUM(I12:I18)","v":7053913.7999999998},{"$nulls":6},"módulo mínimo Sede"]
["1.1.1","P9819","SICRO ","Engenheiro Agrônomo - Especialista ","PROFISSIONAIS X MÊS",{"$f":"'FSUP-I'!K14","v":12},{"$f":"'FSUP-I'!J14","v":26544.75},{"$f":"TRUNC(G12*(1+$I$7),2)","v":34176.36},{"$f":"TRUNC(H12*F12,2)","v":410116.32},{"$nulls":6},{"$f":"H12","v":34176.36}]
["1.1.2","P9949","SICRO ","Topógrafo ","PROFISSIONAIS X MÊS",{"$f":"'FSUP-I'!K20","v":204},{"$f":"'FSUP-I'!J20","v":6513.81},8386.5300000000007,1710852.12,{"$nulls":6},{"$f":"H13","v":8386.5300000000007}]
["1.1.3","P9809","SICRO ","Encarregado Administrativo","PROFISSIONAIS X MÊS",{"$f":"'FSUP-I'!K15","v":12},{"$f":"'FSUP-I'!J15","v":8015.9},10320.469999999999,123845.64,{"$nulls":6},{"$f":"H14","v":10320.469999999999}]
["1.1.4","P9848","SICRO ","Desenhista/Cadista","PROFISSIONAIS X MÊS",{"$f":"'FSUP-I'!K17","v":12},{"$f":"'FSUP-I'!J17","v":7639.73},9836.15,118033.8,{"$nulls":6},{"$f":"H15","v":9836.15}]
["1.1.5","P9889","SICRO ","Eletrotécnico","PROFISSIONAIS X MÊS",{"$f":"'FSUP-I'!K18","v":12},{"$f":"'FSUP-I'!J18","v":8175.47},10525.91,126310.92,{"$nulls":6},{"$f":"H16","v":10525.91}]
["1.1.6","P9889","SICRO ","Técnico Agrícola","PROFISSIONAIS X MÊS",{"$f":"'FSUP-I'!K19","v":204},{"$f":"'FSUP-I'!J19","v":8175.47},10525.91,2147285.64,{"$nulls":6},{"$f":"H18*2","v":11850.34}]
["1.1.7","P9950","SICRO ","Auxiliar de Topografia","PROFISSIONAIS X MÊS",{"$f":"'FSUP-I'!K22","v":408},{"$f":"'FSUP-I'!J22","v":4602.08},5925.17,2417469.36,{"$nulls":6},{"$f":"SUM(P12:P17)","v":85095.76}]
[]
["1.2",null,null,"Viagens",{"$nulls":4},{"$f":"SUM(I21:I23)","v":287133.24}]
["1.2.1","Tabela Diárias CODEVASF",null,"Diárias","UND.",{"$f":"J21*O4","v":468},{"$f":"'FSUP-II'!S13","v":274.47000000000003},{"$f":"TRUNC(G21*(1+$I$7),2)","v":353.38},{"$f":"TRUNC(H21*F21,2)","v":165381.84},{"$f":"'Memória de Cálculo'!AE15","v":39},"diárias/mês x 12 meses"]
["1.2.2","Deslocamento Aéreo",null,"Passagens aéreas","UND.",{"$f":"J22*O4","v":24},{"$f":"'FSUP-II'!I16","v":2256},{"$f":"TRUNC(G22*(1+$I$7),2)","v":2904.6},{"$f":"TRUNC(H22*F22,2)","v":69710.399999999994},2,"passagens aéreas/mês (ida e volta)"]
["1.2.3","Deslocamento Terreste (carros item 2.1.1)",null,"Combustível","Km X MÊS",{"$f":"J23*O4","v":94620},{"$f":"'CPU - DESLOCAMENTO TERRESTE'!C12","v":0.43},{"$f":"TRUNC(G23*(1+$I$7),2)","v":0.55000000000000004},{"$f":"TRUNC(H23*F23,2)","v":52041},7885,"Km/mês x 12 meses"]
[]
[2,null,null,"MANUTENÇÃO OPERACIONAL",{"$nulls":4},{"$f":"I26+I29","v":2439211.6800000002}]
["2.1",null,null,"Veículos",{"$nulls":4},{"$f":"SUM(I27:I27)","v":1014024.84},{"$nulls":6},{"$f":"H27","v":4970.71}]
["2.1.1","E8889","SICRO","Veículo leve - 53 kW (sem motorista)","UND. X MÊS",{"$f":"'FSUP-III'!L12*$O$4","v":204},{"$f":"'Memória de Cálculo'!AF26","v":3860.75},{"$f":"TRUNC(G27*(1+$I$7),2)","v":4970.71},{"$f":"TRUNC(H27*F27,2)","v":1014024.84}]
[]
["2.2",null,null,"Manutenção e Administração - Serviços",{"$nulls":4},{"$f":"SUM(I30:I30)","v":1425186.84}]
["2.2.4","B8958","TC-DNIT","CESTA DE TOPOGRAFIA","EQUIPE X MÊS",{"$f":"'FSUP-III'!G16","v":204},{"$f":"'FSUP-III'!H16","v":5426.19},{"$f":"TRUNC(G30*(1+$I$7),2)","v":6986.21},{"$f":"TRUNC(H30*F30,2)","v":1425186.84},17,"equipes de topografia",{"$nulls":4},{"$f":"H30","v":6986.21}]
[]
["Total Geral (Período de 12 meses)",{"$nulls":6},{"$f":"I10+I25","v":9780258.7200000007},{"$nulls":7},{"$f":"P18+P26+P30","v":97052.68},{"$f":"P32/H35","v":99.424959534492999}]
["R$/Relatório Mensal",{"$nulls":6},{"$f":"H32/O4","v":815021.56}]
["Área estimada (ha)",{"$nulls":6},10019.280000000001]
["Preço Unitário (R$/ha)",{"$nulls":6},{"$f":"H32/H34","v":976.14},{"$nulls":6},3000000]
[]
[{"$nulls":14},20,{"$f":"H35","v":976.14},{"$f":"P37*O37","v":19522.8}]
[{"$nulls":14},10,40000,{"$f":"P38*O38","v":400000}]
[{"$nulls":16},{"$f":"Q37+Q38","v":419522.8}]

{"sheet":"FSUP-I","index":2,"n_rows":38,"n_cols":18,"rows_kept":38,"cut":false,"hidden":false,"merged":[[8,7,8,9],[8,10,8,13],[9,12,11,12],[9,13,11,13],[9,7,11,7],[9,8,11,8],[9,9,11,9],[9,10,11,10],[25,1,25,9],[25,10,25,13],[0,5,0,12],[1,5,1,12],[2,5,2,12],[5,10,5,13],[6,1,6,9],[6,10,6,13],[4,1,5,9],[7,1,7,9],[7,10,7,13],[8,1,8,6],[9,11,11,11],[9,1,11,1],[9,2,11,2],[22,1,22,13],[23,1,23,9],[24,1,24,13],[9,5,11,5],[9,6,11,6],[9,3,11,3],[9,4,11,4]]}
[{"$nulls":5},"MINISTÉRIO DA INTEGRAÇÃO E DO DESENVOLVIMENTO REGIONAL"]
[{"$nulls":5},"COMPANHIA DE DESENVOLVIMENTO DOS VALES DO SÃO FRANCISCO E PARNAÍBA"]
[{"$nulls":4},"ÁREA DE IRRIGAÇÃO E OPERAÇÕES - AI","ÁREA DE IRRIGAÇÃO E OPERAÇÕES - AI"]
[]
[null,"SALÁRIOS DA EQUIPE TÉCNICA",{"$nulls":8},"CODIGO:"]
[{"$nulls":10},"PFS-I"]
[null,"OBJETO:",{"$nulls":8},"EDITAL:"]
["SERVIÇOS DE SUPERVISÃO E APOIO TÉCNICO-ADMINISTRATIVO À GERÊNCIA DE APOIO À PRODUÇÃO IRRIGADA NA ÁREA DE ATUAÇÃO DA CODEVASF",{"$f":"'Planilha MEDIÇÃO'!A4","v":"SERVIÇOS DE SUPERVISÃO E APOIO TÉCNICO-ADMINISTRATIVO À GERÊNCIA DE APOIO À PRODUÇÃO IRRIGADA NA ÁREA DE ATUAÇÃO DA CODEVASF"},{"$nulls":13},"Período =",12,"meses"]
[null,"EQUIPE TÉCNICA",{"$nulls":5},"COMPOSIÇÃO DOS SALÁRIOS POR PROFISSÃO/FUNÇÃO",null,null,"CUSTO TOTAL (R$)"]
[null,"ITEM","BASE","DATA","\nCÓDIGO\n(1)","\nPROFISSÃO/FUNÇÃO\n(2)","\nUND.\n(3)","\nSALÁRIO\n(4)","ENC.\nTOTAIS\n(5)","\nCUSTO UN.\n(6)","QTD. FUNC X MÊS\n(7)","\nS/ ENCARGOS\n(8)","\nDOS ENCARGOS\n(9)","\nC/ ENCARGOS\n(10)"]
[]
[]
[null,1,null,null,null,"PROFISSIONAIS DE NÍVEL SUPERIOR"]
[null,"1.1","SICRO (DF)","2025-07-01","P9819",{"$f":"P14","v":"Engenheiro Agrônomo - Coordenador"},"mês",{"$f":"VLOOKUP(E14,'SICRO DF JULHO-25'!B:J,8,0)","v":14440.62},{"$f":"'SICRO DF JULHO-25'!G914/100","v":0.83819999999999995},{"$f":"H14+(I14*H14)","v":26544.75},{"$f":"Q14*$Q$8","v":12},{"$f":"H14*K14","v":173287.44},{"$f":"H14*I14*K14","v":145249.53},{"$f":"L14+M14","v":318536.96999999997},null,"Engenheiro Agrônomo - Coordenador",1]
[null,"2.3","SICRO (DF)","2025-07-01","P9809",{"$f":"P15","v":"Encarregado Administrativo"},"mês",{"$f":"VLOOKUP(E15,'SICRO DF JULHO-25'!B:J,8,0)","v":3957.1},{"$f":"'SICRO DF JULHO-25'!G548/100","v":1.0257000000000001},{"$f":"H15+(I15*H15)","v":8015.9},{"$f":"Q15*$Q$8","v":12},{"$f":"H15*K15","v":47485.2},{"$f":"H15*I15*K15","v":48705.57},{"$f":"L15+M15","v":96190.77},null,"Encarregado Administrativo",1]
[null,2,null,null,null,"PROFISSIONAIS DE NÍVEL TÉCNICO"]
[null,"2.1","SICRO (DF)","2025-07-01","P9848",{"$f":"P17","v":"Desenhista/Cadista"},"mês",{"$f":"VLOOKUP(E17,'SICRO DF JULHO-25'!B:J,8,0)","v":3727.97},{"$f":"'SICRO DF JULHO-25'!G1951/100","v":1.0492999999999999},{"$f":"H17+I17*H17","v":7639.73},{"$f":"Q17*$Q$8","v":12},{"$f":"H17*K17","v":44735.64},{"$f":"H17*I17*K17","v":46941.11},{"$f":"L17+M17","v":91676.75},null,"Desenhista/Cadista",1]
[null,"2.2","SICRO (DF)","2025-07-01","P9889",{"$f":"P18","v":"Eletrotécnico"},"mês",{"$f":"VLOOKUP(E18,'SICRO DF JULHO-25'!B:J,8,0)","v":3996.81},{"$f":"'SICRO DF JULHO-25'!G3598/100","v":1.0455000000000001},{"$f":"H18+I18*H18","v":8175.47},{"$f":"Q18*$Q$8","v":12},{"$f":"H18*K18","v":47961.72},{"$f":"H18*I18*K18","v":50143.98},{"$f":"L18+M18","v":98105.7},null,"Eletrotécnico",1]
[null,"2.3","SICRO (DF)","2025-07-01","P9889",{"$f":"P19","v":"Técnico Agrícola - Especializado"},"mês",{"$f":"VLOOKUP(E19,'SICRO DF JULHO-25'!B:J,8,0)","v":3996.81},{"$f":"'SICRO DF JULHO-25'!G3598/100","v":1.0455000000000001},{"$f":"H19+I19*H19","v":8175.47},{"$f":"Q19*$Q$8","v":204},{"$f":"H19*K19","v":815349.24},{"$f":"H19*I19*K19","v":852447.63},{"$f":"L19+M19","v":1667796.87},null,"Técnico Agrícola - Especializado",17]
[null,"2.2","SICRO (DF)","2025-07-01","P9949",{"$f":"P20","v":"Topográfo "},"mês",{"$f":"VLOOKUP(E20,'SICRO DF JULHO-25'!B:J,8,0)","v":3037.45},{"$f":"'SICRO DF JULHO-25'!G5672/100","v":1.1445000000000001},{"$f":"H20+(I20*H20)","v":6513.81},{"$f":"Q20*$Q$8","v":204},{"$f":"H20*K20","v":619639.80000000005},{"$f":"H20*I20*K20","v":709177.75},{"$f":"L20+M20","v":1328817.55},null,"Topográfo ",17]
[null,3,null,null,null,"PROFISSIONAIS DE NÍVEL MÉDIO"]
[null,3.1,"SICRO (DF)","2025-07-01","P9950",{"$f":"P22","v":"Auxiliar de Topografia"},"mês",2035.6,{"$f":"'SICRO DF JULHO-25'!G5733/100","v":1.2607999999999999},{"$f":"H22+I22*H22","v":4602.08},{"$f":"Q22*$Q$8","v":408},{"$f":"H22*K22","v":830524.8},{"$f":"H22*I22*K22","v":1047125.67},{"$f":"L22+M22","v":1877650.47},null,"Auxiliar de Topografia",34,"p/ cada topografo 2 aux"]
[]
[null,"TOTAIS (R$)",{"$nulls":9},{"$f":"SUM(L14:L22)","v":2578983.84},{"$f":"SUM(M14:M22)","v":2899791.24}]
[]
[null,"TOTAL DOS SALÁRIOS DA EQUIPE TÉCNICA (R$)",{"$nulls":8},{"$f":"L24+M24","v":5478775.0800000001}]
[null,"OBSERVAÇÃO:"]
[null,"1 - CÓDIGOS REFERENTES AO SISTEMA DE CUSTOS"]
[null,"2 - DESCRIÇÃO DO PROFISSIONAL/FUNÇÃO"]
[null,"3 - UNIDADE DE REFERÊNCIA PARA CÁLCULO DO CUSTO"]
[null,"4 - SALÁRIO NA BASE DE DADOS REFERENCIAL"]
[null,"5 - ENCARGOS TOTAIS (SOCIAIS, COMPLEMENTARES E ADICIONAIS) NA BASE DE DADOS REFERENCIAL (SICRO DF JUL/2025)"]
[null,"6 - CUSTO UNITÁRIO"]
[null,"7 - QUANTIDADE TOTAL DE FUNCIONÁRIOS POR TIPO POR 12 MESES"]
[null,"8 - CUSTO TOTAL DOS SALÁRIOS SEM ENCARGOS POR 12 MESES SEM DESPESAS INDIRETAS, LUCRO E TRIBUTOS"]
[null,"9 - CUSTO TOTAL DOS ENCARGOS POR 12 MESES SEM DESPESAS INDIRETAS, LUCRO E TRIBUTOS"]
[null,"10 - CUSTO TOTAL DOS SALÁRIOS COM ENCARGOS POR 12 MESES SEM DESPESAS INDIRETAS, LUCRO E TRIBUTOS"]
[null,"11 - TC-DNIT = TABELA CONSULTORIA DNIT"]

{"sheet":"FSUP-II","index":3,"n_rows":32,"n_cols":19,"rows_kept":32,"cut":false,"hidden":false,"merged":[[12,15,12,16],[13,15,13,16],[10,15,10,18],[0,3,0,11],[1,3,1,11],[2,3,2,11],[4,11,4,12],[5,11,5,12],[4,1,5,10],[6,5,6,10],[7,1,7,10],[8,6,8,10],[9,9,9,10],[19,1,19,6],[20,2,20,12],[21,1,21,7],[21,15,21,16],[22,1,22,12],[22,15,22,16]]}
[null,null,null,"MINISTÉRIO DA INTEGRAÇÃO E DO DESENVOLVIMENTO REGIONAL"]
[null,null,null,"COMPANHIA DE DESENVOLVIMENTO DOS VALES DO SÃO FRANCISCO E PARNAÍBA"]
[null,null,null,"ÁREA DE IRRIGAÇÕES E OPERAÇÕES - AI"]
[]
[null,"VIAGENS DA EQUIPE TÉCNICA",{"$nulls":9},"CODIGO:"]
[{"$nulls":11},"PFS-II",null,null,"Período =",12,"meses"]
[null,"OBJETO:",{"$nulls":9},"EDITAL:"]
["SERVIÇOS DE SUPERVISÃO E APOIO TÉCNICO-ADMINISTRATIVO À GERÊNCIA DE APOIO À PRODUÇÃO IRRIGADA NA ÁREA DE ATUAÇÃO DA CODEVASF",{"$f":"'Planilha MEDIÇÃO'!A4","v":"SERVIÇOS DE SUPERVISÃO E APOIO TÉCNICO-ADMINISTRATIVO À GERÊNCIA DE APOIO À PRODUÇÃO IRRIGADA NA ÁREA DE ATUAÇÃO DA CODEVASF"}]
[null,null,null,"QTD","DIAS TRABALHADOS",null,"DIÁRIAS   (6)",{"$nulls":4},"PERÍODO","CUSTO"]
[null,"ITEM","PROFISSÃO/FUNÇÃO","FUNC.","EM CAMPO NO MÊS","ROTEIRO","A/T","QTD","PASSAGENS AÉREAS","HOSPEDAGEM",null,"(meses)","TOTAL (R$)"]
[null,null,"(1)","(2)","(3)","(4)","(5)","(noites/mês)","(IDA E VOLTA)","R$/noite","TOTAL (R$)","(7)","(8)",null,null,"PREÇOS DE DIÁRIA - CODEVASF 2025"]
[null,1,"Levantamento Topográfico",{"$nulls":12},"LOCAL DA ATIVIDADE",null,"HOSPEDAGEM","VALOR TOTAL DIÁRIA (R$)"]
[null,"1.1",{"$f":"'Memória de Cálculo'!B10","v":"Topográfo "},17,{"$f":"'Memória de Cálculo'!Z10","v":10},"Deslocamentos na área de atuação da Codevasf (transportados nos veículos do contrato)","T",{"$f":"'Memória de Cálculo'!AA10","v":9},0,{"$f":"$S$13","v":274.47000000000003},{"$f":"H13*J13","v":2470.23},{"$f":"$P$6","v":12},{"$f":"K13*L13","v":29642.76},null,null,"FORA DA SEDE",null,274.47000000000003,{"$f":"SUM(R13:R13)","v":274.47000000000003}]
[null,"1.2","Auxiliar de Topografia",34,{"$f":"'Memória de Cálculo'!Z14","v":10},"Deslocamentos na área de atuação da Codevasf (transportados nos veículos do contrato)","T",{"$f":"'Memória de Cálculo'!AA14","v":9},0,{"$f":"$S$13","v":274.47000000000003},{"$f":"H14*J14","v":2470.23},12,{"$f":"K14*L14","v":29642.76},null,null,"LOCAIS",null,0,{"$f":"SUM(R14:R14)","v":0}]
[null,2,"Avaliação da Aptidão Agrícola da Unidade Familiar"]
[null,"2.1",{"$f":"'Memória de Cálculo'!B8","v":"Engenheiro Agrônomo - Coordenador"},1,{"$f":"'Memória de Cálculo'!Z8","v":7},"Deslocamentos na área de atuação da Codevasf (transportados nos veículos do contrato)","A/T",{"$f":"'Memória de Cálculo'!AA8","v":6},{"$f":"'MEMORIAL DESLOCAMENTO AÉREO'!$F$88","v":2256},{"$f":"S13","v":274.47000000000003},{"$f":"H16*J16","v":1646.82},12,{"$f":"(I16+K16)*L16","v":46833.84}]
[null,"2.2","Técnico Agrícola",17,{"$f":"'Memória de Cálculo'!Z13","v":10},"Deslocamentos na área de atuação da Codevasf (transportados nos veículos do contrato)","T",{"$f":"'Memória de Cálculo'!AA13","v":9},0,{"$f":"$S$13","v":274.47000000000003},{"$f":"H17*J17","v":2470.23},12,{"$f":"K17*L17","v":29642.76}]
[null,3,"Dimensionamento do Sistema Elétrico"]
[null,"3.1",{"$f":"'Memória de Cálculo'!B11","v":"Eletrotécnico"},1,{"$f":"'Memória de Cálculo'!Z11","v":7},"Deslocamentos na área de atuação da Codevasf (transportados nos veículos do contrato)","A/T",{"$f":"'Memória de Cálculo'!AA11","v":6},{"$f":"'MEMORIAL DESLOCAMENTO AÉREO'!$F$88","v":2256},{"$f":"S13","v":274.47000000000003},{"$f":"H19*J19","v":1646.82},{"$f":"$P$6","v":12},{"$f":"(I19+K19)*L19","v":46833.84}]
[null,"TOTAIS",{"$nulls":5},{"$f":"SUM(H13:H19)","v":39},null,null,{"$f":"SUM(K13:K19)","v":10704.33}]
[]
[null,"TOTAIS DE CUSTOS E DE PREÇOS DE PASSAGENS E DIÁRIAS (R$)",{"$nulls":8},{"$f":"SUM(K13:K19)","v":10704.33},null,{"$f":"SUM(M13:M19)","v":182595.96}]
[null,"OBSERVAÇÃO:"]
[null,"1 - RELAÇÃO DE PROFISSIONAIS"]
[null,"2 - QUANTIDADE DE FUNCIONÁRIOS POR TIPO DE PROFISSIONAL"]
[null,"3 - DIAS ÚTEIS DEDICADOS A TRABALHOS FORA DO ESCRITÓRIO (EM CAMPO)"]
[null,"4 - DESCRIÇÃO DOS ROTEIROS DE VIAGEM ESPERADOS"]
[null,"5 - INDICAR (A) PARA AS PASSAGENS AÉREAS E (T) PARA AS TERRESTRES"]
[null,"6 - DESCRIÇÃO DAS DIÁRIAS E O CUSTO POR TIPO (ALIMENTAÇÃO E HOSPEDAGEM)"]
[null,"7 - PERÍODO ESTIMADO DE VIGÊNCIA DO CONTRATO"]
[null,"8 - CUSTO TOTAL POR 12 MESES SEM DESPESAS INDIRETAS, LUCRO E TRIBUTOS"]
[null,"9 - O CUSTO DAS DIÁRIAS DE ALIMENTAÇÃO,  HOSPEDAGEM E DESLOCAMENTO SE BASEIA NA TABELA DE DIÁRIAS DA CODEVASF (Superior, médio e operacional)."]

{"sheet":"FSUP-III","index":4,"n_rows":25,"n_cols":15,"rows_kept":25,"cut":false,"hidden":false,"merged":[[0,4,0,12],[1,4,1,12],[2,4,2,12],[6,5,6,7],[7,1,7,4],[7,5,7,7],[4,1,5,7],[22,1,22,8],[23,1,23,8],[24,1,24,8],[8,1,9,1],[8,2,9,2],[8,3,9,3],[8,4,9,4],[8,5,9,5],[8,6,9,6],[8,7,9,7],[8,8,9,8],[12,1,12,7],[16,1,16,7],[18,1,18,7],[20,1,20,8],[21,1,21,8]]}
[{"$nulls":4},"MINISTÉRIO DA INTEGRAÇÃO E DO DESENVOLVIMENTO REGIONAL"]
[{"$nulls":4},"COMPANHIA DE DESENVOLVIMENTO DOS VALES DO SÃO FRANCISCO E PARNAÍBA"]
[{"$nulls":4},"ÁREA DE IRRIGAÇÃO E OPERAÇÕES - AI"]
[]
[null,"DESPESAS OPERACIONAIS",{"$nulls":6},"CODIGO:"]
[{"$nulls":8},"PFS-III"]
[null,"PROJETO:",null,null,null,"REFERÊNCIA:",null,null,"EDITAL:"]
["SERVIÇOS DE SUPERVISÃO E APOIO TÉCNICO-ADMINISTRATIVO À GERÊNCIA DE APOIO À PRODUÇÃO IRRIGADA NA ÁREA DE ATUAÇÃO DA CODEVASF",{"$f":"'Planilha MEDIÇÃO'!A4","v":"SERVIÇOS DE SUPERVISÃO E APOIO TÉCNICO-ADMINISTRATIVO À GERÊNCIA DE APOIO À PRODUÇÃO IRRIGADA NA ÁREA DE ATUAÇÃO DA CODEVASF"},null,null,null,"Relatório de Custos Gerais e BDI DNIT - jul/2025"]
[null,"ITEM","BASE","CÓDIGO","DESCRIÇÃO","UNID.","QUANT.","CUSTO UNITÁRIO (R$)   (3)","TOTAL (R$) (4)"]
[]
[null,"1.",null,null,"VEÍCULOS (1)",{"$nulls":5},"Período =",12,"meses"]
[null,"1.1","TC-DNIT","E8889","Veículo leve - 53 kW (sem motorista)","UND X MÊS",{"$f":"L12*$L$11","v":204},{"$f":"'Memória de Cálculo'!AF26","v":3860.75},{"$f":"ROUND(H12*G12,2)","v":787593},null,"Veículo =",17,null,null,{"$f":"8*20*12","v":1920}]
[null,"TOTAL DOS CUSTOS DOS VEÍCULOS (R$)",{"$nulls":6},{"$f":"SUM(I12:I12)","v":787593}]
[]
[null,"2.",null,null,"MANUTENÇÃO E ADMINISTRAÇÃO DE ESCRITÓRIO (2)"]
[null,"2.4","TC-DNIT","B8958","TOPOGRAFIA","EQUIPE X MÊS",{"$f":"L16*$L$11","v":204},{"$f":"IF(C16=\"SICRO-PE\",VLOOKUP(D16,#REF!,10,0),IF(C16=\"TC-DNIT\",VLOOKUP(D16,'DNIT EQUIP jul-25'!B:F,5,0)))","v":5426.19},{"$f":"ROUND(G16*H16,2)","v":1106942.76},null,"Equipes de topografia =",17]
[null,"TOTAL DOS CUSTOS DE MANUTENÇÃO E ADMINISTRAÇÃO DE ESCRITÓRIO (R$)",{"$nulls":6},{"$f":"SUM(I16:I16)","v":1106942.76}]
[]
[null,"TOTAL DAS DESPESAS OPERACIONAIS (R$)",{"$nulls":6},{"$f":"I17+I13","v":1894535.76}]
[null,"OBSERVAÇÃO:"]
[null,"1. O CUSTO HORÁRIO DOS VEÍCULOS INCLUI DESPESAS COM MANUTENÇÃO E COMBUSTÍVEL, CONFORME A COMPOSIÇÃO DE CUSTO DA TABELA DE CONSUTORIA DO DNIT"]
[null,"2. VER DESCRIÇÃO DOS ITENS ABAIXO NA TABELA DE CONSULTORIA DO DNIT - CESTAS DE MOBILIÁRIO, DE INSTALAÇÕES E CUSTOS DIVERSOS"]
[null,"3. CUSTO DO ITEM SEM LUCRO E DESPESAS FISCAIS"]
[null,"4. CUSTO TOTAL POR 12 MESES SEM DESPESAS INDIRETAS, LUCRO E TRIBUTOS"]
[null,"5. NÃO SERÁ EXIGIDO ENTREGA DE DOCUMENTOS IMPRESSOS. A VERSÃO DIGITAL SERÁ ACEITA PARA MEDIÇÃO DOS SERVIÇOS, CONFORME CRITÉRIOS ESTABELECIDOS EM EDITAL"]

{"sheet":"Memória de Cálculo","index":5,"n_rows":26,"n_cols":32,"rows_kept":26,"cut":false,"hidden":false,"merged":[[4,0,6,0],[4,1,6,1],[4,28,5,29],[4,2,4,23],[4,24,4,26],[5,2,5,6],[5,7,5,11],[5,12,5,16],[5,17,5,21],[7,28,13,28],[36,28,36,31],[4,30,5,31],[15,28,16,28],[5,22,5,23],[5,24,5,25],[20,28,20,31],[28,28,28,31]]}
[null,"MINISTÉRIO DA INTEGRAÇÃO E DO DESENVOLVIMENTO REGIONAL",{"$nulls":27},"MINISTÉRIO DA INTEGRAÇÃO E DO DESENVOLVIMENTO REGIONAL"]
[null,"COMPANHIA DE DESENVOLVIMENTO DOS VALES DO SÃO FRANCISCO E PARNAÍBA",{"$nulls":27},"COMPANHIA DE DESENVOLVIMENTO DOS VALES DO SÃO FRANCISCO E PARNAÍBA"]
[null,"ÁREA DE IRRIGAÇÃO E OPERAÇÕES - AI",null,null,"ÁREA DE IRRIGAÇÃO E OPERAÇÕES - AI",{"$nulls":24},"ÁREA DE IRRIGAÇÃO E OPERAÇÕES - AI"]
[]
["Item","Profissional","Mês de Referência - Dias úteis",{"$nulls":21},"Código: PFS-V",null,null,null,"Memória de cálculo mensal (22 DIAS ÚTEIS)",null,"Código: PFS-VI"]
[null,null,"Semana 1",{"$nulls":4},"Semana 2",{"$nulls":4},"Semana 3",{"$nulls":4},"Semana 4",{"$nulls":4},"Início da Semana 5",null,"Dias trabalhados em",null,"Pernoites"]
[null,null,1,2,3,4,5,6,7,8,9,10,11,12,13,14,15,16,17,18,19,20,21,22,"SEDE","FORA DA SEDE","FORA DA SEDE",null,"Itens","Descrição","Quantidade","Unidade"]
["SERVIÇOS DE SUPERVISÃO E APOIO TÉCNICO-ADMINISTRATIVO À GERÊNCIA DE APOIO À PRODUÇÃO IRRIGADA NA ÁREA DE ATUAÇÃO DA CODEVASF",{"$f":"'FSUP-I'!P14","v":"Engenheiro Agrônomo - Coordenador"},{"$nulls":22},{"$f":"22-Z8","v":15},7,{"$f":"Z8-1","v":6},null,"Equipe",{"$f":"B8","v":"Engenheiro Agrônomo - Coordenador"},{"$f":"'FSUP-I'!Q14","v":1},"un."]
["1.2",{"$f":"'FSUP-I'!P17","v":"Desenhista/Cadista"},{"$nulls":22},22,0,0,null,null,{"$f":"B9","v":"Desenhista/Cadista"},{"$f":"'FSUP-I'!Q17","v":1},"un."]
["1.3",{"$f":"'FSUP-I'!P20","v":"Topográfo "},{"$nulls":22},12,10,{"$f":"Z10-1","v":9},null,null,"Topográfo ",{"$f":"'FSUP-I'!Q20","v":17},"un."]
["1.5",{"$f":"'FSUP-I'!P18","v":"Eletrotécnico"},{"$nulls":22},15,7,6,null,null,"Eletrotécnico",{"$f":"'FSUP-I'!Q18","v":1},"un."]
["1.6",{"$f":"'FSUP-I'!P15","v":"Encarregado Administrativo"},{"$nulls":22},22,0,0,null,null,"Encarregado Administrativo",{"$f":"'FSUP-I'!Q15","v":1},"un."]
["1.7",{"$f":"'FSUP-I'!P19","v":"Técnico Agrícola - Especializado"},{"$nulls":22},12,10,9,null,null,"Técnico Agrícola - Especializado",{"$f":"'FSUP-I'!Q19","v":17},"un."]
["1.8",{"$f":"'FSUP-I'!P22","v":"Auxiliar de Topografia"},{"$nulls":22},12,10,9,null,null,"Auxiliar de Topografia",{"$f":"'FSUP-I'!Q22","v":34},"un."]
["LEGENDA:",{"$nulls":27},"Viagens","Diárias",{"$f":"'FSUP-II'!H20","v":39},"un."]
[null,"Trabalho Área de Lotação",{"$nulls":26},"Equipamentos","Veículo leve - 53 kW (sem motorista)",17,"un."]
[null,"Trabalho Fora da Área de Lotação",{"$nulls":27},"Cesta de Instalações de Topografia",17,"un."]
[]
[]
[]
[{"$nulls":28},"CUSTO MENSAL DE E8889 VEÍCULO LEVE -  53 kW (sem motorista)"]
[]
[{"$nulls":29},"h","R$/h","Total"]
[{"$nulls":28},"Horas Operativas",88,{"$f":"'DNIT EQUIP jul-25'!E7","v":36.65},{"$f":"AD24*AE24","v":3225.2}]
[{"$nulls":28},"Horas Improdutivas",95,{"$f":"'DNIT EQUIP jul-25'!F7","v":6.69},{"$f":"AD25*AE25","v":635.54999999999995}]
[{"$nulls":28},"Horas globais/mês trabalháveis (*)",{"$f":"AD24+AD25","v":183},null,{"$f":"ROUND(AF24+AF25,2)","v":3860.75}]

{"sheet":"FSUP-IV","index":6,"n_rows":23,"n_cols":8,"rows_kept":23,"cut":false,"hidden":false,"merged":[[0,2,0,9],[1,2,1,9],[2,2,2,9],[6,0,6,5],[7,0,7,5],[22,0,25,7],[8,2,8,4],[8,6,8,7],[21,0,21,5],[4,0,5,6]]}
[null,null,"MINISTÉRIO DA INTEGRAÇÃO E DO DESENVOLVIMENTO REGIONAL"]
[null,null,"COMPANHIA DE DESENVOLVIMENTO DOS VALES DO SÃO FRANCISCO E PARNAÍBA"]
[null,null,"ÁREA DE IRRIGAÇÃO E OPERAÇÕES - AI"]
[]
["CRONOGRAMA FINANCEIRO",{"$nulls":6},"CODIGO:"]
[{"$nulls":7},"PFS-IV"]
["OBJETO:",{"$nulls":6},"EDITAL:"]
["SERVIÇOS DE SUPERVISÃO E APOIO TÉCNICO-ADMINISTRATIVO À GERÊNCIA DE APOIO À PRODUÇÃO IRRIGADA NA ÁREA DE ATUAÇÃO DA CODEVASF"]
["Nº","TAREFA","RELATÓRIO / SERVIÇO DE CAMPO",null,null,"DIAS CORRIDOS","VALOR DA PARCELA (R$)"]
[1,"SERVIÇOS DE SUPERVISÃO E APOIO TÉCNICO-ADMINISTRATIVO À GERÊNCIA DE APOIO À PRODUÇÃO IRRIGADA NA ÁREA DE ATUAÇÃO DA CODEVASF","RELATÓRIO MENSAL 01",null,null,30,{"$f":"#REF!*(1+0.1)*(1+0.1662)","v":{"$error":"#REF!"}},{"$f":"'Planilha MEDIÇÃO'!$H$33","v":815021.56}]
[2,"SERVIÇOS DE SUPERVISÃO E APOIO TÉCNICO-ADMINISTRATIVO À GERÊNCIA DE APOIO À PRODUÇÃO IRRIGADA NA ÁREA DE ATUAÇÃO DA CODEVASF","RELATÓRIO MENSAL 02",null,null,{"$f":"F10+30","v":60},{"$f":"(#REF!-#REF!*(1+0.1)*(1+0.1662))*8/100","v":{"$error":"#REF!"}},{"$f":"'Planilha MEDIÇÃO'!$H$33","v":815021.56}]
[3,"SERVIÇOS DE SUPERVISÃO E APOIO TÉCNICO-ADMINISTRATIVO À GERÊNCIA DE APOIO À PRODUÇÃO IRRIGADA NA ÁREA DE ATUAÇÃO DA CODEVASF","RELATÓRIO MENSAL 03",null,null,{"$f":"F11+30","v":90},{"$f":"(#REF!-#REF!*(1+0.1)*(1+0.1662))*5/100","v":{"$error":"#REF!"}},{"$f":"'Planilha MEDIÇÃO'!$H$33","v":815021.56}]
[4,"SERVIÇOS DE SUPERVISÃO E APOIO TÉCNICO-ADMINISTRATIVO À GERÊNCIA DE APOIO À PRODUÇÃO IRRIGADA NA ÁREA DE ATUAÇÃO DA CODEVASF","RELATÓRIO MENSAL 04",null,null,{"$f":"F12+30","v":120},{"$f":"(#REF!-#REF!*(1+0.1)*(1+0.1662))*7.5/100","v":{"$error":"#REF!"}},{"$f":"'Planilha MEDIÇÃO'!$H$33","v":815021.56}]
[5,"SERVIÇOS DE SUPERVISÃO E APOIO TÉCNICO-ADMINISTRATIVO À GERÊNCIA DE APOIO À PRODUÇÃO IRRIGADA NA ÁREA DE ATUAÇÃO DA CODEVASF","RELATÓRIO MENSAL 05",null,null,{"$f":"F13+30","v":150},{"$f":"(#REF!-#REF!*(1+0.1)*(1+0.1662))*7.5/100","v":{"$error":"#REF!"}},{"$f":"'Planilha MEDIÇÃO'!$H$33","v":815021.56}]
[6,"SERVIÇOS DE SUPERVISÃO E APOIO TÉCNICO-ADMINISTRATIVO À GERÊNCIA DE APOIO À PRODUÇÃO IRRIGADA NA ÁREA DE ATUAÇÃO DA CODEVASF","RELATÓRIO MENSAL 06",null,null,{"$f":"F14+30","v":180},{"$f":"(#REF!-#REF!*(1+0.1)*(1+0.1662))*9/100","v":{"$error":"#REF!"}},{"$f":"'Planilha MEDIÇÃO'!$H$33","v":815021.56}]
[7,"SERVIÇOS DE SUPERVISÃO E APOIO TÉCNICO-ADMINISTRATIVO À GERÊNCIA DE APOIO À PRODUÇÃO IRRIGADA NA ÁREA DE ATUAÇÃO DA CODEVASF","RELATÓRIO MENSAL 07",null,null,210,{"$f":"(#REF!-#REF!*(1+0.1)*(1+0.1662))*9/100","v":{"$error":"#REF!"}},{"$f":"'Planilha MEDIÇÃO'!$H$33","v":815021.56}]
[8,"SERVIÇOS DE SUPERVISÃO E APOIO TÉCNICO-ADMINISTRATIVO À GERÊNCIA DE APOIO À PRODUÇÃO IRRIGADA NA ÁREA DE ATUAÇÃO DA CODEVASF","RELATÓRIO MENSAL 08",null,null,240,{"$f":"(#REF!-#REF!*(1+0.1)*(1+0.1662))*9/100","v":{"$error":"#REF!"}},{"$f":"'Planilha MEDIÇÃO'!$H$33","v":815021.56}]
[9,"SERVIÇOS DE SUPERVISÃO E APOIO TÉCNICO-ADMINISTRATIVO À GERÊNCIA DE APOIO À PRODUÇÃO IRRIGADA NA ÁREA DE ATUAÇÃO DA CODEVASF","RELATÓRIO MENSAL 09",null,null,270,{"$f":"(#REF!-#REF!*(1+0.1)*(1+0.1662))*9/100","v":{"$error":"#REF!"}},{"$f":"'Planilha MEDIÇÃO'!$H$33","v":815021.56}]
[10,"SERVIÇOS DE SUPERVISÃO E APOIO TÉCNICO-ADMINISTRATIVO À GERÊNCIA DE APOIO À PRODUÇÃO IRRIGADA NA ÁREA DE ATUAÇÃO DA CODEVASF","RELATÓRIO MENSAL 10",null,null,300,{"$f":"(#REF!-#REF!*(1+0.1)*(1+0.1662))*9/100","v":{"$error":"#REF!"}},{"$f":"'Planilha MEDIÇÃO'!$H$33","v":815021.56}]
[11,"SERVIÇOS DE SUPERVISÃO E APOIO TÉCNICO-ADMINISTRATIVO À GERÊNCIA DE APOIO À PRODUÇÃO IRRIGADA NA ÁREA DE ATUAÇÃO DA CODEVASF","RELATÓRIO MENSAL 11",null,null,330,{"$f":"(#REF!-#REF!*(1+0.1)*(1+0.1662))*9/100","v":{"$error":"#REF!"}},{"$f":"'Planilha MEDIÇÃO'!$H$33","v":815021.56}]
[12,"SERVIÇOS DE SUPERVISÃO E APOIO TÉCNICO-ADMINISTRATIVO À GERÊNCIA DE APOIO À PRODUÇÃO IRRIGADA NA ÁREA DE ATUAÇÃO DA CODEVASF","RELATÓRIO MENSAL 12",null,null,360,null,{"$f":"'Planilha MEDIÇÃO'!$H$33","v":815021.56}]
["TOTAL",{"$nulls":5},{"$f":"SUM(G10:G21)","v":{"$error":"#REF!"}},{"$f":"SUM(H10:H21)","v":9780258.7200000007}]
["OBSERVAÇÃO: O relatório Mensal é mero instrumento de registro das atividades desenvolvidas pela(s) equipe(s) de supervisão e os valores aqui dispostos são meras estimativas de desembolso, cabendo ao Fiscal da Supervisora coordenar e medir os serviços efetivamentes prestados na supervisão das atividades da(s) Executora(s) previstos no tópico 5 do Anexo III da  IS DG DNIT 3/2016 comprovados mediante relatórios, pareceres e laudos correspondentes."]

{"sheet":"BDI(JULHO-25)","index":7,"n_rows":34,"n_cols":6,"rows_kept":34,"cut":false,"hidden":false,"merged":[[7,0,8,6],[3,0,3,4],[3,5,3,6],[4,0,4,6],[5,1,5,6],[6,2,6,6],[20,2,20,3],[25,2,25,3],[10,2,10,3],[10,4,10,5],[11,2,11,3],[17,2,17,3],[29,0,29,3],[30,0,30,3],[31,0,31,3],[32,0,32,3],[33,0,36,3]]}
[null,null,"MINISTÉRIO DA INTEGRAÇÃO E DO DESENVOLVIMENTO REGIONAL"]
[null,null,"COMPANHIA DE DESENVOLVIMENTO DOS VALES DO SÃO FRANCISCO E PARNAÍBA"]
[null,null,"ÁREA DE IRRIGAÇÃO E OPERAÇÕES - AI",null,"ÁREA DE IRRIGAÇÃO E OPERAÇÕES - AI"]
["PLANILHA DE DETALHAMENTO DO BDI ",{"$nulls":4},"Código: PFS-VII"]
[]
["OBJETO:",{"$f":"'Planilha MEDIÇÃO'!A4","v":"SERVIÇOS DE SUPERVISÃO E APOIO TÉCNICO-ADMINISTRATIVO À GERÊNCIA DE APOIO À PRODUÇÃO IRRIGADA NA ÁREA DE ATUAÇÃO DA CODEVASF"}]
[]
["SERVIÇOS DE SUPERVISÃO E APOIO TÉCNICO-ADMINISTRATIVO À GERÊNCIA DE APOIO À PRODUÇÃO IRRIGADA NA ÁREA DE ATUAÇÃO DA CODEVASF"]
[]
[]
[null,null,"Descrição das Parcelas",null,"Valores"]
[null,null,"Despesas Indiretas",null,"% sobre PV","% sobre CD"]
[null,null,"Administração Central","Variável - f (CD)",{"$f":"F13/(1+F$26/100)","v":3.88},5]
[null,null,"Despesas Financeiras",1.17,{"$f":"F14/(1+F$26/100)-0.01","v":1.1000000000000001},{"$f":"ROUND(F26-(F13+F15+F16+F19+F22+F23+F24),2)+0.01","v":1.43}]
[null,null,"Riscos","1,39% do PV",0.4,{"$f":"ROUND(E15*(1+F$26/100),2)","v":0.52}]
[null,null,"Seguros e Garantias Contratuais","0,49% do PV",0.49,{"$f":"ROUND(E16*(1+F$26/100),2)","v":0.63}]
[null,null,null,"Subtotal 1",{"$f":"SUM(E13:E16)","v":5.87},{"$f":"ROUND(SUM(F13:F16)-0.01,2)","v":7.57}]
[null,null,"Benefícios",null,"% sobre PV","% sobre CD"]
[null,null,"Lucro","Variável - f (CD)",{"$f":"F19/(1+F$26/100)","v":5.05},6.5]
[null,null,null,"Subtotal 2",{"$f":"E19","v":5.05},{"$f":"F19","v":6.5}]
[null,null,"Tributos",null,"% sobre PV","% sobre CD"]
[null,null,"PIS**","1,65% do PV",{"$f":"1.65*0.8","v":1.32},{"$f":"ROUND(E22*(1+F$26/100),2)","v":1.7}]
[null,null,"COFINS**","7,60% do PV",{"$f":"7.6*0.8","v":6.08},{"$f":"ROUND(E23*(1+F$26/100),2)","v":7.83}]
[null,null,"ISSQN*","5,00% do PV",{"$f":"5*0.8","v":4},{"$f":"ROUND(E24*(1+F$26/100),2)","v":5.15}]
[null,null,null,"Subtotal 3",{"$f":"SUM(E22:E24)","v":11.4},{"$f":"SUM(F22:F24)","v":14.68}]
[null,null,"Total - BDI (%)",null,{"$f":"E17+E20+E25","v":22.32},{"$f":"ROUND(((1+(F13/100+F19/100-($D14/100*F19/100)))/(1-($D14/100+E16/100+E15/100+E22/100+E23/100+E24/100))-1)*100,2)","v":28.75}]
[]
[]
[]
["PV = Preço de Venda"]
["CD = Custo Direto"]
["SELIC (OUTUBRO/2025) = 15% a.a."]
["DF = [(1+SELIC)^(1/12)-1] sobre (PV - Lucro), o que resulta em DF =  1,04% sobre (PV - Lucro)"]
["Observação:\n\n(*) Limite máximo adotado de 5%, valor variável em função da legislação de cada município. O valor real do ISSQN a ser adotado nos orçamentos dos projetos aprovados pelo DNIT deve ser aquele proveniente das alíquotas dos municípios situados na área de influência das obras.\n\n(**) 3 - PIS e COFINS, Regime de Incidencia Acumulativa (0,65% e 3,00% - sem percentual de desconto) ou em Regime de Incidencia Não Acumulativa (1,65% e 7,60% - aplicável percentual de desconto) de acordo com a forma de apuração do lucro no IRPJ. APRESENTAR COMPROVANTES de aproveitamento de créditos tributários dos últimos 12 meses em caso de aplicação de \"percentual de desconto\". OBS: Empresa optante pelo regime lucro presumido."]

{"sheet":"Encargos Sociais","index":8,"n_rows":43,"n_cols":12,"rows_kept":43,"cut":false,"hidden":false,"merged":[[0,1,0,8],[1,1,1,8],[2,1,2,8],[3,0,3,5],[5,2,5,8],[42,0,42,1],[7,0,7,1],[8,0,8,8],[18,0,18,8],[30,0,30,8],[37,0,37,8]]}
[null,"MINISTÉRIO DA INTEGRAÇÃO E DO DESENVOLVIMENTO REGIONAL"]
[null,"COMPANHIA DE DESENVOLVIMENTO DOS VALES DO SÃO FRANCISCO E PARNAÍBA"]
[null,"ÁREA DE IRRIGAÇÃO E OPERAÇÕES - AI"]
["DETALHAMENTO DOS ENCARGOS SOCIAIS (%) - sem desoneração",{"$nulls":5},"Código: PFS-VIII"]
[]
[null,null,"SEM DESONERAÇÃO - MENSALISTA"]
[null,null,"PROFISSIONAIS DE NÍVEL SUPERIOR"]
["SERVIÇOS DE SUPERVISÃO E APOIO TÉCNICO-ADMINISTRATIVO À GERÊNCIA DE APOIO À PRODUÇÃO IRRIGADA NA ÁREA DE ATUAÇÃO DA CODEVASF",null,"Engenheiro Agrônomo - Supervisor (P9819)","Topógrafo (P9949)","Ecarregado Administrativo (P9811)","Desenhista/Cadista (P9848) ","Eletrotécnico (40922)","Técnico Agrícola (P9867)","Auxiliar de Topografia (P9950)",null,"DF 07-2025 Relatório Analítico de Encargos Sociais e Trabalhistas.xlsx"]
["GRUPO A"]
["A1","Previdência Social",20,20,20,20,20,20,20]
["A2","FGTS",8,8,8,8,8,8,8]
["A3","Salário Educação",2.5,2.5,2.5,2.5,2.5,2.5,2.5]
["A4","SESI ou SESC",1.5,1.5,1.5,1.5,1.5,1.5,1.5]
["A5","SENAI/SEBRAE",1.6,1.6,1.6,1.6,1.6,1.6,1.6]
["A6","INCRA",0.2,0.2,0.2,0.2,0.2,0.2,0.2]
["A7","Seguro contra Risco e Acidente de Trabalho (INSS)",3,3,3,3,3,3,3]
["A8","Seconci",0.5,0.5,0.5,0.5,1,0.5,0.5,null,"Engenheiro Agrônomo - especialista (10712)","P9819"]
["A","Total",{"$f":"ROUND(SUM(C10:C17),2)","v":37.299999999999997},37.299999999999997,37.299999999999997,37.299999999999997,37.799999999999997,37.299999999999997,37.299999999999997,null,"Topógrafo (40820)","P9949"]
["GRUPO B",{"$nulls":9},"Ecarregado Administrativo (P9809)","P9811"]
["B1","Repouso Semanal Remunerado",0,0,0,0,0,0,0,null,"Desenhista/Cadista (7503) ","P9848"]
["B2","Feriados",0,0,0,0,0,0,0,null,"Eletrotécnico (40922)","P9953 (po P9930?)"]
["B3","Auxílio-enfermidade",8.0299999999999994,3.27,7.57,5.87,6.55,5.47,3.27,null,"Técnico Agrícola (B590000136)","P9867"]
["B4","13° salário",0.9,0.9,0.9,0.9,0.9,0.9,0.9,null,"Auxiliar de Topografia (45901)","P9950"]
["B5","Licença-paternidade",0.05,0.05,0.05,0.05,0.05,0.05,0.05]
["B6","Faltas Justificadas",7.0000000000000007E-2,0.09,0.06,0.08,0.08,7.0000000000000007E-2,0.09]
["B7","Auxílio Acidente de Trabalho",9.24,9.24,9.24,9.24,9.24,9.24,9.24]
["B8","Férias Gozadas + 1/3",0.74,0.74,0.74,0.74,0.74,0.74,0.74]
["B9","Férias em Licença Maternidade",0.05,0,0.01,0.02,0,0.08,0]
["B10","Reciclagem Tecnológica",0,0,0,0,0,0,0]
["B","Total ",{"$f":"ROUND(SUM(C20:C29),2)-0.01","v":19.07},14.28,18.559999999999999,16.89,17.55,16.54,14.28]
["GRUPO C"]
["C1","Aviso Prévio Indenizado",3.13,6.06,3.47,4.32,4.21,4.59,6.06]
["C2","Aviso Prévio Trabalhado",0.08,0.17,0.09,0.12,0.11,0.13,0.17]
["C3","Férias Indenizadas+1/3",4.29,9.0500000000000007,4.75,6.46,5.76,6.86,9.0500000000000007]
["C4","Depósito Rescisão Sem Justa Causa",3.81,3.66,3.79,3.74,3.76,3.73,3.66]
["C5","Indenização Adicional (Lei nº 7.238/1984)",0.93,0.93,0.93,0.93,0.93,0.93,0.93]
["C","Total ",{"$f":"ROUND(SUM(C32:C36),2)","v":12.24},19.87,13.03,15.57,{"$f":"ROUND(SUM(G32:G36),2)","v":14.77},{"$f":"ROUND(SUM(H32:H36),2)","v":16.239999999999998},19.87]
["GRUPO D"]
["D1","Reincidência de A sobre B",7.12,5.33,7.02,6.33,6.64,6.17,5.33]
["D2","Reincidência de Grupo A sobre Aviso Prévio Trabalhado e Reincidência do FGTS sobre Aviso Prévio Indenizado",{"$f":"C18*C33/100+C11*C32/100","v":0.28000000000000003},0.55000000000000004,0.31,0.39,0.38,0.41,0.55000000000000004]
[]
["D","Total",{"$f":"ROUND(SUM(C39:C40),2)","v":7.4},5.88,7.33,6.72,{"$f":"ROUND(SUM(G39:G40),2)","v":7.02},{"$f":"ROUND(SUM(H39:H40),2)","v":6.58},5.88]
["T O T A L (%)",null,{"$f":"ROUND(C42+C37+C30+C18,2)/100","v":0.7601},{"$f":"ROUND(D42+D37+D30+D18,2)/100","v":0.77329999999999999},0.76219999999999999,0.76480000000000004,{"$f":"ROUND(G42+G37+G30+G18,2)/100","v":0.77139999999999997},0.76659999999999995,0.77329999999999999]

{"sheet":"SICRO DF JULHO-25","index":9,"n_rows":6344,"n_cols":9,"rows_kept":6344,"cut":false,"hidden":true,"merged":[[35,6,35,9],[36,1,36,5],[36,6,36,9],[37,1,37,5],[37,6,37,9],[38,1,38,5],[38,6,38,9],[29,1,29,5],[29,6,29,9],[30,1,30,5],[30,6,30,9],[31,1,31,5],[31,6,31,9],[32,1,32,5],[32,6,32,9],[45,1,45,5],[45,6,45,7],[45,8,45,9],[46,1,46,5],[46,6,46,7],[46,8,46,9],[42,1,42,5],[42,6,42,7],[42,8,42,9],[43,1,43,5],[43,6,43,7],[43,8,43,9],[44,1,44,5],[44,6,44,7],[44,8,44,9],[0,1,0,2],[0,3,0,5],[0,6,0,7],[0,8,0,9],[1,1,1,2],[1,3,1,5],[39,1,39,5],[39,6,39,7],[39,8,39,9],[40,1,40,5],[40,6,40,7],[40,8,40,9],[41,1,41,5],[41,6,41,7],[41,8,41,9],[17,1,17,5],[17,6,17,9],[18,1,18,5],[18,6,18,9],[14,1,14,5],[14,6,14,9],[15,1,15,9],[16,1,16,5],[16,6,16,9],[9,1,9,5],[9,6,9,9],[10,1,10,5],[10,6,10,9],[11,1,11,5],[11,6,11,9],[12,1,12,5],[12,6,12,9],[13,1,13,5],[13,6,13,9],[4,1,4,9],[5,1,5,5],[5,6,5,9],[6,1,6,5],[6,6,6,9],[7,1,7,5],[7,6,7,9],[8,1,8,5],[8,6,8,9],[1,6,1,7],[1,8,1,9],[3,1,3,5],[3,6,3,9],[34,1,34,9],[35,1,35,5],[84,1,84,5],[84,6,84,9],[85,1,85,5],[85,6,85,9],[86,1,86,5],[86,6,86,9],[87,1,87,5],[87,6,87,9],[88,1,88,9],[60,1,60,7],[60,8,60,9],[61,1,61,2],[61,3,61,5],[61,6,61,7],[61,8,61,9],[62,1,62,2],[62,3,62,5],[62,6,62,7],[62,8,62,9],[58,1,58,5],[58,6,58,7],[58,8,58,9],[59,1,59,5],[59,6,59,7],[59,8,59,9],[48,1,48,5],[48,6,48,7],[48,8,48,9],[49,1,49,5],[49,6,49,7],[49,8,49,9],[50,1,50,5],[50,6,50,7],[50,8,50,9],[57,1,57,5],[57,6,57,7],[57,8,57,9],[54,1,54,5],[54,6,54,7],[54,8,54,9],[55,1,55,5],[55,6,55,7],[55,8,55,9],[56,1,56,5],[56,6,56,7],[56,8,56,9],[51,1,51,5],[51,6,51,7],[51,8,51,9],[52,1,52,5],[52,6,52,7],[52,8,52,9],[53,1,53,5],[99,1,99,5],[99,6,99,9],[100,1,100,5],[100,6,100,7],[100,8,100,9],[101,1,101,5],[101,6,101,7],[101,8,101,9],[102,1,102,5],[102,6,102,7],[102,8,102,9],[94,1,94,5],[94,6,94,9],[95,1,95,9],[96,1,96,5],[96,6,96,9],[97,1,97,5],[97,6,97,9],[98,1,98,5],[98,6,98,9],[91,1,91,5],[91,6,91,9],[92,1,92,5],[92,6,92,9],[93,1,93,5],[93,6,93,9],[103,1,103,5],[103,6,103,7],[103,8,103,9],[89,1,89,5],[89,6,89,9],[90,1,90,5],[90,6,90,9],[131,1,131,5],[131,6,131,9],[132,1,132,5],[132,6,132,9],[133,1,133,5],[133,6,133,9],[130,1,130,5],[130,6,130,9],[112,1,112,5],[112,6,112,7],[112,8,112,9],[113,1,113,5],[113,6,113,7],[113,8,113,9],[114,1,114,5],[114,6,114,7],[114,8,114,9],[109,1,109,5],[109,6,109,7],[109,8,109,9],[110,1,110,5],[110,6,110,7],[110,8,110,9],[111,1,111,5],[111,6,111,7],[111,8,111,9],[106,1,106,5],[106,6,106,7],[106,8,106,9],[107,1,107,5],[107,6,107,7],[107,8,107,9],[108,1,108,5],[108,6,108,7],[108,8,108,9],[170,1,170,5],[170,6,170,7],[170,8,170,9],[171,1,171,5],[171,6,171,7],[171,8,171,9],[172,1,172,5],[172,6,172,7],[172,8,172,9],[176,1,176,5],[176,6,176,7],[176,8,176,9],[177,1,177,5],[177,6,177,7],[177,8,177,9],[178,1,178,5],[178,6,178,7],[178,8,178,9],[181,6,181,7],[181,8,181,9],[167,1,167,5],[167,6,167,7],[167,8,167,9],[168,1,168,5],[168,6,168,7],[168,8,168,9],[169,1,169,5],[169,6,169,7],[169,8,169,9],[148,1,148,5],[148,6,148,9],[149,1,149,9],[145,1,145,5],[145,6,145,9],[146,1,146,5],[146,6,146,9],[147,1,147,5],[147,6,147,9],[192,6,192,9],[193,1,193,5],[193,6,193,9],[194,1,194,5],[194,6,194,9],[195,1,195,5],[195,6,195,9],[175,1,175,5],[175,6,175,7],[175,8,175,9],[186,1,186,5],[186,6,186,9],[182,1,182,7],[182,8,182,9],[183,1,183,2],[183,3,183,5],[183,6,183,7],[183,8,183,9],[184,1,184,2],[184,3,184,5],[184,6,184,7],[184,8,184,9],[179,1,179,5],[179,6,179,7],[179,8,179,9],[180,1,180,5],[180,6,180,7],[180,8,180,9],[181,1,181,5],[173,1,173,5],[173,6,173,7],[173,8,173,9],[174,1,174,5],[174,6,174,7],[174,8,174,9],[226,1,226,5],[226,6,226,7],[226,8,226,9],[227,1,227,5],[227,6,227,7],[227,8,227,9],[223,1,223,5],[187,1,187,9],[188,1,188,5],[188,6,188,9],[189,1,189,5],[189,6,189,9],[190,1,190,5],[190,6,190,9],[234,1,234,5],[234,6,234,7],[234,8,234,9],[235,1,235,5],[235,6,235,7],[235,8,235,9],[236,1,236,5],[236,6,236,7],[236,8,236,9],[205,1,205,5],[205,6,205,9],[196,1,196,5],[196,6,196,9],[197,1,197,5],[197,6,197,9],[198,1,198,9],[199,1,199,5],[199,6,199,9],[200,1,200,5],[200,6,200,9],[211,1,211,5],[211,6,211,9],[212,1,212,5],[212,6,212,9],[213,1,213,5],[213,6,213,9],[214,1,214,5],[214,6,214,9],[215,1,215,5],[215,6,215,9],[206,1,206,5],[206,6,206,9],[207,1,207,5],[207,6,207,9],[208,1,208,5],[208,6,208,9],[209,1,209,5],[209,6,209,9],[210,1,210,9],[201,1,201,5],[201,6,201,9],[202,1,202,5],[202,6,202,9],[203,1,203,5],[203,6,203,9],[204,1,204,5],[204,6,204,9],[191,1,191,5],[191,6,191,9],[192,1,192,5],[223,6,223,7],[223,8,223,9],[224,1,224,5],[224,6,224,7],[224,8,224,9],[231,1,231,5],[231,6,231,7],[231,8,231,9],[232,1,232,5],[232,6,232,7],[232,8,232,9],[233,1,233,5],[221,1,221,5],[221,6,221,9],[222,1,222,5],[222,6,222,7],[222,8,222,9],[216,1,216,5],[216,6,216,9],[217,1,217,9],[218,1,218,5],[218,6,218,9],[219,1,219,5],[219,6,219,9],[220,1,220,5],[220,6,220,9],[272,1,272,5],[272,6,272,9],[273,1,273,5],[273,6,273,9],[233,6,233,7],[233,8,233,9],[249,1,249,5],[249,6,249,9],[250,1,250,5],[250,6,250,9],[251,1,251,5],[251,6,251,9],[243,1,243,7],[243,8,243,9],[244,1,244,2],[244,3,244,5],[244,6,244,7],[244,8,244,9],[263,1,263,5],[263,6,263,9],[264,1,264,5],[264,6,264,9],[262,1,262,5],[262,6,262,9],[240,1,240,5],[240,6,240,7],[228,1,228,5],[228,6,228,7],[228,8,228,9],[229,1,229,5],[229,6,229,7],[229,8,229,9],[230,1,230,5],[230,6,230,7],[230,8,230,9],[225,1,225,5],[225,6,225,7],[225,8,225,9],[240,8,240,9],[241,1,241,5],[241,6,241,7],[241,8,241,9],[242,1,242,5],[242,6,242,7],[242,8,242,9],[237,1,237,5],[237,6,237,7],[237,8,237,9],[238,1,238,5],[238,6,238,7],[238,8,238,9],[239,1,239,5],[239,6,239,7],[239,8,239,9],[301,1,301,5],[301,6,301,7],[301,8,301,9],[267,1,267,5],[267,6,267,9],[268,1,268,5],[268,6,268,9],[269,1,269,5],[269,6,269,9],[270,1,270,5],[270,6,270,9],[271,1,271,9],[257,1,257,5],[257,6,257,9],[258,1,258,5],[258,6,258,9],[259,1,259,9],[260,1,260,5],[260,6,260,9],[261,1,261,5],[261,6,261,9],[252,1,252,5],[252,6,252,9],[253,1,253,5],[253,6,253,9],[254,1,254,5],[254,6,254,9],[255,1,255,5],[255,6,255,9],[256,1,256,5],[256,6,256,9],[247,1,247,5],[247,6,247,9],[248,1,248,9],[245,1,245,2],[245,3,245,5],[245,6,245,7],[245,8,245,9],[298,6,298,7],[298,8,298,9],[299,1,299,5],[299,6,299,7],[299,8,299,9],[300,1,300,5],[300,6,300,7],[300,8,300,9],[295,1,295,5],[295,6,295,7],[295,8,295,9],[296,1,296,5],[296,6,296,7],[296,8,296,9],[297,1,297,5],[297,6,297,7],[297,8,297,9],[281,1,281,5],[281,6,281,9],[277,1,277,5],[277,6,277,9],[278,1,278,9],[279,1,279,5],[279,6,279,9],[280,1,280,5],[280,6,280,9],[274,1,274,5],[274,6,274,9],[275,1,275,5],[275,6,275,9],[276,1,276,5],[276,6,276,9],[283,6,283,7],[283,8,283,9],[284,1,284,5],[284,6,284,7],[284,8,284,9],[285,1,285,5],[285,6,285,7],[285,8,285,9],[347,1,347,5],[347,6,347,7],[347,8,347,9],[331,1,331,5],[331,6,331,9],[332,1,332,9],[323,1,323,5],[323,6,323,9],[324,1,324,5],[324,6,324,9],[325,1,325,5],[325,6,325,9],[326,1,326,5],[326,6,326,9],[327,1,327,5],[327,6,327,9],[320,1,320,9],[321,1,321,5],[321,6,321,9],[322,1,322,5],[322,6,322,9],[302,1,302,5],[302,6,302,7],[302,8,302,9],[303,1,303,5],[303,6,303,7],[303,8,303,9],[312,1,312,5],[312,6,312,9],[298,1,298,5],[348,1,348,5],[348,6,348,7],[348,8,348,9],[349,1,349,5],[349,6,349,7],[349,8,349,9],[304,1,304,7],[304,8,304,9],[305,1,305,2],[305,3,305,5],[305,6,305,7],[305,8,305,9],[306,1,306,2],[306,3,306,5],[306,6,306,7],[306,8,306,9],[318,1,318,5],[318,6,318,9],[319,1,319,5],[319,6,319,9],[313,1,313,5],[313,6,313,9],[314,1,314,5],[314,6,314,9],[315,1,315,5],[315,6,315,9],[316,1,316,5],[316,6,316,9],[317,1,317,5],[317,6,317,9],[308,1,308,5],[308,6,308,9],[309,1,309,9],[310,1,310,5],[310,6,310,9],[311,1,311,5],[311,6,311,9],[346,6,346,7],[346,8,346,9],[338,1,338,5],[338,6,338,9],[339,1,339,9],[340,1,340,5],[340,6,340,9],[341,1,341,5],[341,6,341,9],[342,1,342,5],[342,6,342,9],[333,1,333,5],[333,6,333,9],[334,1,334,5],[334,6,334,9],[335,1,335,5],[335,6,335,9],[336,1,336,5],[336,6,336,9],[337,1,337,5],[337,6,337,9],[328,1,328,5],[328,6,328,9],[329,1,329,5],[329,6,329,9],[330,1,330,5],[330,6,330,9],[356,1,356,5],[356,6,356,7],[356,8,356,9],[357,1,357,5],[357,6,357,7],[357,8,357,9],[358,1,358,5],[358,6,358,7],[358,8,358,9],[353,1,353,5],[353,6,353,7],[353,8,353,9],[354,1,354,5],[354,6,354,7],[354,8,354,9],[355,1,355,5],[355,6,355,7],[355,8,355,9],[352,1,352,5],[352,6,352,7],[352,8,352,9],[362,1,362,5],[362,6,362,7],[362,8,362,9],[359,1,359,5],[359,6,359,7],[359,8,359,9],[360,1,360,5],[360,6,360,7],[360,8,360,9],[361,1,361,5],[350,1,350,5],[350,6,350,7],[350,8,350,9],[351,1,351,5],[351,6,351,7],[351,8,351,9],[361,6,361,7],[361,8,361,9],[394,1,394,5],[394,6,394,9],[395,1,395,5],[395,6,395,9],[369,1,369,5],[369,6,369,9],[370,1,370,9],[371,1,371,5],[371,6,371,9],[372,1,372,5],[372,6,372,9],[373,1,373,5],[373,6,373,9],[365,1,365,7],[365,8,365,9],[366,1,366,2],[366,3,366,5],[366,6,366,7],[366,8,366,9],[367,1,367,2],[367,3,367,5],[367,6,367,7],[367,8,367,9],[363,1,363,5],[363,6,363,7],[363,8,363,9],[364,1,364,5],[364,6,364,7],[364,8,364,9],[389,1,389,5],[389,6,389,9],[390,1,390,5],[390,6,390,9],[391,1,391,5],[391,6,391,9],[392,1,392,5],[392,6,392,9],[393,1,393,9],[384,1,384,5],[384,6,384,9],[385,1,385,5],[385,6,385,9],[386,1,386,5],[386,6,386,9],[387,1,387,5],[387,6,387,9],[388,1,388,5],[388,6,388,9],[379,1,379,5],[379,6,379,9],[380,1,380,5],[380,6,380,9],[381,1,381,9],[382,1,382,5],[382,6,382,9],[383,1,383,5],[383,6,383,9],[374,1,374,5],[374,6,374,9],[375,1,375,5],[375,6,375,9],[376,1,376,5],[376,6,376,9],[377,1,377,5],[473,1,473,5],[473,6,473,7],[473,8,473,9],[474,1,474,5],[474,6,474,7],[474,8,474,9],[435,1,435,5],[435,6,435,9],[430,1,430,5],[430,6,430,9],[431,1,431,9],[432,1,432,5],[432,6,432,9],[433,1,433,5],[433,6,433,9],[434,1,434,5],[434,6,434,9],[426,1,426,7],[426,8,426,9],[427,1,427,2],[427,3,427,5],[427,6,427,7],[427,8,427,9],[428,1,428,2],[428,3,428,5],[428,6,428,7],[428,8,428,9],[423,1,423,5],[423,6,423,7],[423,8,423,9],[424,1,424,5],[424,6,424,7],[424,8,424,9],[425,1,425,5],[425,6,425,7],[425,8,425,9],[478,1,478,5],[478,6,478,7],[478,8,478,9],[479,1,479,5],[479,6,479,7],[479,8,479,9],[475,1,475,5],[475,6,475,7],[475,8,475,9],[476,1,476,5],[476,6,476,7],[476,8,476,9],[477,1,477,5],[477,6,477,7],[477,8,477,9],[455,1,455,5],[455,6,455,9],[456,1,456,5],[456,6,456,9],[457,1,457,5],[457,6,457,9],[458,1,458,5],[458,6,458,9],[459,1,459,5],[459,6,459,9],[453,1,453,5],[453,6,453,9],[454,1,454,9],[436,1,436,5],[436,6,436,9],[437,1,437,5],[437,6,437,9],[438,1,438,5],[438,6,438,9],[439,1,439,5],[439,6,439,9],[450,1,450,5],[450,6,450,9],[451,1,451,5],[451,6,451,9],[452,1,452,5],[452,6,452,9],[445,1,445,5],[445,6,445,9],[446,1,446,5],[446,6,446,9],[447,1,447,5],[447,6,447,9],[448,1,448,5],[448,6,448,9],[449,1,449,5],[449,6,449,9],[440,1,440,5],[440,6,440,9],[441,1,441,5],[441,6,441,9],[442,1,442,9],[443,1,443,5],[443,6,443,9],[444,1,444,5],[444,6,444,9],[472,1,472,5],[472,6,472,7],[472,8,472,9],[481,1,481,5],[481,6,481,7],[481,8,481,9],[482,1,482,5],[482,6,482,7],[482,8,482,9],[483,1,483,5],[483,6,483,7],[483,8,483,9],[480,1,480,5],[480,6,480,7],[480,8,480,9],[491,1,491,5],[491,6,491,9],[487,1,487,7],[487,8,487,9],[488,1,488,2],[488,3,488,5],[488,6,488,7],[488,8,488,9],[489,1,489,2],[489,3,489,5],[489,6,489,7],[489,8,489,9],[521,1,521,5],[521,6,521,9],[516,1,516,5],[516,6,516,9],[517,1,517,5],[517,6,517,9],[518,1,518,5],[518,6,518,9],[519,1,519,5],[519,6,519,9],[520,1,520,5],[520,6,520,9],[511,1,511,5],[511,6,511,9],[512,1,512,5],[512,6,512,9],[513,1,513,5],[513,6,513,9],[514,1,514,5],[514,6,514,9],[515,1,515,9],[506,1,506,5],[506,6,506,9],[507,1,507,5],[507,6,507,9],[508,1,508,5],[508,6,508,9],[509,1,509,5],[509,6,509,9],[510,1,510,5],[510,6,510,9],[484,1,484,5],[484,6,484,7],[484,8,484,9],[485,1,485,5],[485,6,485,7],[485,8,485,9],[486,1,486,5],[486,6,486,7],[486,8,486,9],[591,1,591,5],[591,6,591,7],[591,8,591,9],[592,1,592,5],[592,6,592,7],[592,8,592,9],[593,1,593,5],[593,6,593,7],[593,8,593,9],[528,1,528,5],[528,6,528,7],[528,8,528,9],[529,1,529,5],[526,1,526,5],[526,6,526,9],[527,1,527,5],[527,6,527,7],[527,8,527,9],[501,1,501,5],[501,6,501,9],[502,1,502,5],[502,6,502,9],[503,1,503,9],[504,1,504,5],[504,6,504,9],[505,1,505,5],[505,6,505,9],[496,1,496,5],[496,6,496,9],[497,1,497,5],[497,6,497,9],[498,1,498,5],[498,6,498,9],[499,1,499,5],[499,6,499,9],[500,1,500,5],[500,6,500,9],[549,6,549,7],[549,8,549,9],[550,1,550,2],[550,3,550,5],[550,6,550,7],[550,8,550,9],[545,1,545,5],[545,6,545,7],[545,8,545,9],[546,1,546,5],[546,6,546,7],[546,8,546,9],[547,1,547,5],[547,6,547,7],[547,8,547,9],[542,1,542,5],[542,6,542,7],[542,8,542,9],[543,1,543,5],[543,6,543,7],[543,8,543,9],[544,1,544,5],[544,6,544,7],[544,8,544,9],[539,1,539,5],[539,6,539,7],[539,8,539,9],[540,1,540,5],[540,6,540,7],[540,8,540,9],[541,1,541,5],[541,6,541,7],[541,8,541,9],[603,1,603,5],[603,6,603,7],[603,8,603,9],[604,1,604,5],[604,6,604,7],[604,8,604,9],[605,1,605,5],[605,6,605,7],[605,8,605,9],[587,1,587,5],[587,6,587,9],[588,1,588,5],[588,6,588,7],[588,8,588,9],[589,1,589,5],[589,6,589,7],[589,8,589,9],[590,1,590,5],[590,6,590,7],[590,8,590,9],[586,1,586,5],[586,6,586,9],[568,1,568,5],[568,6,568,9],[569,1,569,5],[569,6,569,9],[570,1,570,5],[570,6,570,9],[571,1,571,5],[571,6,571,9],[582,1,582,5],[582,6,582,9],[583,1,583,9],[584,1,584,5],[584,6,584,9],[585,1,585,5],[585,6,585,9],[577,1,577,5],[577,6,577,9],[578,1,578,5],[578,6,578,9],[579,1,579,5],[579,6,579,9],[580,1,580,5],[580,6,580,9],[581,1,581,5],[581,6,581,9],[572,1,572,5],[572,6,572,9],[573,1,573,5],[573,6,573,9],[574,1,574,5],[576,1,576,9],[600,1,600,5],[600,6,600,7],[600,8,600,9],[601,1,601,5],[601,6,601,7],[601,8,601,9],[602,1,602,5],[602,6,602,7],[602,8,602,9],[597,1,597,5],[597,6,597,7],[660,6,660,7],[660,8,660,9],[657,1,657,5],[657,6,657,7],[657,8,657,9],[667,1,667,5],[655,1,655,5],[655,6,655,7],[655,8,655,9],[656,1,656,5]],"merged_total":14664,"flags":["merged_cut"]}
[null,"Código",null,"Descrição",null,null,"Unidade",null,"Salário \n(R$)"]
[null,"P9801",null,"Ajudante",null,null,"h",null,7.76]
[]
[null,"Encargos Sociais e Trabalhistas - julho/2025",{"$nulls":4}," %"]
[null,"Grupo A - Encargos Sociais"]
[null,"Previdência Social",{"$nulls":4},20]
[null,"FGTS",{"$nulls":4},8]
[null,"Salário Educação",{"$nulls":4},2.5]
[null,"SESC ou SESI",{"$nulls":4},1.5]
[null,"SENAI / SEBRAE",{"$nulls":4},1.6]
[null,"INCRA",{"$nulls":4},0.2]
[null,"Seguro Contra Risco e Acidente de Trabalho",{"$nulls":4},3]
[null,"SECONCI",{"$nulls":4},1]
[null,"FAE - Financiamento de Aposentadoria Especial",{"$nulls":4},0]
[null,"Total Grupo A",{"$nulls":4},37.799999999999997]
[null,"Grupo B - Encargos Trabalhistas"]
[null,"Repouso Semanal Remunerado - Domingos",{"$nulls":4},18.297952559999999]
[null,"Feriados",{"$nulls":4},5.0630060300000004]
[null,"Férias Gozadas + 1/3",{"$nulls":4},4.0045625400000002]
[null,"Auxílio Enfermidade",{"$nulls":4},0.90152284999999999]
[null,"Auxílio Acidente de Trabalho",{"$nulls":4},4.9079940000000002E-2]
[null,"Licença Paternidade",{"$nulls":4},8.1467709999999999E-2]
[null,"13° Salário",{"$nulls":4},9.2388476599999994]
[null,"Faltas Justificadas",{"$nulls":4},0.74252004999999999]
[null,"Férias sobre Licença Maternidade",{"$nulls":4},1.5135289999999999E-2]
[null,"Reciclagem Tecnológica",{"$nulls":4},0]
[null,"Total Grupo B",{"$nulls":4},38.394094610000003]
[null,"Grupo C - Verbas Rescisórias"]
[null,"Aviso Prévio Indenizado",{"$nulls":4},5.5680388199999999]
[null,"Aviso Prévio Trabalhado",{"$nulls":4},0.1533902]
[null,"Férias Indenizadas + 1/3",{"$nulls":4},8.3139009999999995]
[null,"Depósito por Rescisão Sem Justa Causa",{"$nulls":4},4.4286110299999999]
[null,"Indenização Adicional",{"$nulls":4},0.92815006]
[null,"Total Grupo C",{"$nulls":4},19.392091109999999]
[null,"Grupo D - Verbas Rescisórias"]
[null,"Reincidência de A sobre B",{"$nulls":4},14.51296776]
[null,"Reincidência de A sobre Aviso Prévio Trabalhado + Reincidência de FGTS sobre Aviso Prévio Indenizado",{"$nulls":4},0.5034246]
[null,"Total Grupo D",{"$nulls":4},15.016392359999999]
[null,"Total Encargos Sociais e Trabalhistas - julho/2025",{"$nulls":4},110.6]
[null,"Periculosidade/Insalubridade",{"$nulls":4}," %",null,"R$"]
[null,"Total Periculosidade/Insalubridade",{"$nulls":4},0,null,0]
[null,"Encargos Sociais e Trabalhistas - Média Móvel",{"$nulls":4}," %",null,"R$"]
[null,"Encargos Sociais e Trabalhistas - Média Móvel - Sobre Salário",{"$nulls":4},110.77,null,8.5957519999999992]
[null,"Encargos Sociais e Trabalhistas - Média Móvel - Sobre Periculosidade/Insalubridade",{"$nulls":4},110.77,null,0]
[null,"Total Encargos Sociais e Trabalhistas - Média Móvel",{"$nulls":4},110.77,null,8.5957519999999992]
[null,"Encargos Complementares",{"$nulls":4}," %",null,"R$"]
[null,"Alimentação",{"$nulls":4},60.02,null,4.6571769999999999]
[null,"EPI",{"$nulls":4},4.9000000000000004,null,0.38037399999999999]
[null,"Ferramenta",{"$nulls":4},0.73,null,5.6396000000000002E-2]
[null,"Transporte",{"$nulls":4},12.63,null,0.98006300000000002]
[null,"Consulta Ocupacional",{"$nulls":4},0.74,null,5.7417000000000003E-2]
[null,"Total Encargos Complementares",{"$nulls":4},79.02,null,6.1314270000000004]
[null,"Encargos Adicionais",{"$nulls":4}," %",null,"R$"]
[null,"Cesta Básica",{"$nulls":4},0,null,0]
[null,"Assistência Médica",{"$nulls":4},0,null,0]
[null,"Seguro de Vida",{"$nulls":4},0.69,null,5.3592000000000001E-2]
[null,"Desgaste Orgânico",{"$nulls":4},0,null,0]
[null,"Adicional de Confinamento",{"$nulls":4},0,null,0]
[null,"Total Encargos Adicionais",{"$nulls":4},0.69,null,5.3592000000000001E-2]
[null,"Encargos Totais",{"$nulls":4},190.47389999999999,null,14.780771]
[null,"Custo Total",{"$nulls":6},22.540700000000001]
[null,"Código",null,"Descrição",null,null,"Unidade",null,"Salário \n(R$)"]
[null,"P9802",null,"Ajudante especializado",null,null,"h",null,8.9268000000000001]
[]
[null,"Encargos Sociais e Trabalhistas - julho/2025",{"$nulls":4}," %"]
[null,"Grupo A - Encargos Sociais"]
[null,"Previdência Social",{"$nulls":4},20]
[null,"FGTS",{"$nulls":4},8]
[null,"Salário Educação",{"$nulls":4},2.5]
[null,"SESC ou SESI",{"$nulls":4},1.5]
[null,"SENAI / SEBRAE",{"$nulls":4},1.6]
[null,"INCRA",{"$nulls":4},0.2]
[null,"Seguro Contra Risco e Acidente de Trabalho",{"$nulls":4},3]
[null,"SECONCI",{"$nulls":4},1]
[null,"FAE - Financiamento de Aposentadoria Especial",{"$nulls":4},0]
[null,"Total Grupo A",{"$nulls":4},37.799999999999997]
[null,"Grupo B - Encargos Trabalhistas"]
[null,"Repouso Semanal Remunerado - Domingos",{"$nulls":4},18.297952559999999]
[null,"Feriados",{"$nulls":4},5.0630060300000004]
[null,"Férias Gozadas + 1/3",{"$nulls":4},4.0045625400000002]
[null,"Auxílio Enfermidade",{"$nulls":4},0.90152284999999999]
[null,"Auxílio Acidente de Trabalho",{"$nulls":4},4.9079940000000002E-2]
[null,"Licença Paternidade",{"$nulls":4},8.1467709999999999E-2]
[null,"13° Salário",{"$nulls":4},9.2388476599999994]
[null,"Faltas Justificadas",{"$nulls":4},0.74252004999999999]
[null,"Férias sobre Licença Maternidade",{"$nulls":4},1.5135289999999999E-2]
[null,"Reciclagem Tecnológica",{"$nulls":4},0]
[null,"Total Grupo B",{"$nulls":4},38.394094610000003]
[null,"Grupo C - Verbas Rescisórias"]
[null,"Aviso Prévio Indenizado",{"$nulls":4},5.5680388199999999]
[null,"Aviso Prévio Trabalhado",{"$nulls":4},0.1533902]
[null,"Férias Indenizadas + 1/3",{"$nulls":4},8.3139009999999995]
[null,"Depósito por Rescisão Sem Justa Causa",{"$nulls":4},4.4286110299999999]
[null,"Indenização Adicional",{"$nulls":4},0.92815006]
[null,"Total Grupo C",{"$nulls":4},19.392091109999999]
[null,"Grupo D - Verbas Rescisórias"]
[null,"Reincidência de A sobre B",{"$nulls":4},14.51296776]
[null,"Reincidência de A sobre Aviso Prévio Trabalhado + Reincidência de FGTS sobre Aviso Prévio Indenizado",{"$nulls":4},0.5034246]
[null,"Total Grupo D",{"$nulls":4},15.016392359999999]
[null,"Total Encargos Sociais e Trabalhistas - julho/2025",{"$nulls":4},110.6]
[null,"Periculosidade/Insalubridade",{"$nulls":4}," %",null,"R$"]
[null,"Total Periculosidade/Insalubridade",{"$nulls":4},0,null,0]
[null,"Encargos Sociais e Trabalhistas - Média Móvel",{"$nulls":4}," %",null,"R$"]
[null,"Encargos Sociais e Trabalhistas - Média Móvel - Sobre Salário",{"$nulls":4},110.77,null,9.8882159999999999]
[null,"Encargos Sociais e Trabalhistas - Média Móvel - Sobre Periculosidade/Insalubridade",{"$nulls":4},110.77,null,0]
[null,"Total Encargos Sociais e Trabalhistas - Média Móvel",{"$nulls":4},110.77,null,9.8882159999999999]
[null,"Encargos Complementares",{"$nulls":4}," %",null,"R$"]
[null,"Alimentação",{"$nulls":4},52.17,null,4.6571769999999999]
[null,"EPI",{"$nulls":4},4.26,null,0.38037399999999999]
[null,"Ferramenta",{"$nulls":4},7.58,null,0.67652199999999996]
[null,"Transporte",{"$nulls":4},10.98,null,0.98006300000000002]
[null,"Consulta Ocupacional",{"$nulls":4},0.64,null,5.7417000000000003E-2]
[null,"Total Encargos Complementares",{"$nulls":4},75.63,null,6.7515530000000004]
[null,"Encargos Adicionais",{"$nulls":4}," %",null,"R$"]
[null,"Cesta Básica",{"$nulls":4},0,null,0]
[null,"Assistência Médica",{"$nulls":4},0,null,0]
[null,"Seguro de Vida",{"$nulls":4},0.6,null,5.3592000000000001E-2]
[null,"Desgaste Orgânico",{"$nulls":4},0,null,0]
[null,"Adicional de Confinamento",{"$nulls":4},0,null,0]
[null,"Total Encargos Adicionais",{"$nulls":4},0.6,null,5.3592000000000001E-2]
[null,"Encargos Totais",{"$nulls":4},187.0027,null,16.693360999999999]
[null,"Custo Total",{"$nulls":6},25.620100000000001]
[null,"Código",null,"Descrição",null,null,"Unidade",null,"Salário \n(R$)"]
[null,"P9803",null,"Almoxarife",null,null,"mês",null,2305.6]
[]
[null,"Encargos Sociais e Trabalhistas - julho/2025",{"$nulls":4}," %"]
[null,"Grupo A - Encargos Sociais"]
[null,"Previdência Social",{"$nulls":4},20]
[null,"FGTS",{"$nulls":4},8]
[null,"Salário Educação",{"$nulls":4},2.5]
[null,"SESC ou SESI",{"$nulls":4},1.5]
[null,"SENAI / SEBRAE",{"$nulls":4},1.6]
[null,"INCRA",{"$nulls":4},0.2]
[null,"Seguro Contra Risco e Acidente de Trabalho",{"$nulls":4},3]
[null,"SECONCI",{"$nulls":4},0.5]
[null,"FAE - Financiamento de Aposentadoria Especial",{"$nulls":4},0]
[null,"Total Grupo A",{"$nulls":4},37.299999999999997]
[null,"Grupo B - Encargos Trabalhistas"]
[null,"Repouso Semanal Remunerado - Domingos",{"$nulls":4},0]
[null,"Feriados",{"$nulls":4},0]
[null,"Férias Gozadas + 1/3",{"$nulls":4},5.9817089499999998]
[null,"Auxílio Enfermidade",{"$nulls":4},0.89889779000000003]
[null,"Auxílio Acidente de Trabalho",{"$nulls":4},4.9087609999999997E-2]
[null,"Licença Paternidade",{"$nulls":4},8.9601620000000007E-2]
[null,"13° Salário",{"$nulls":4},9.2402915500000002]
[null,"Faltas Justificadas",{"$nulls":4},0.74263608999999997]
[null,"Férias sobre Licença Maternidade",{"$nulls":4},2.5390059999999999E-2]
[null,"Reciclagem Tecnológica",{"$nulls":4},0]
[null,"Total Grupo B",{"$nulls":4},17.027613649999999]
[null,"Grupo C - Verbas Rescisórias"]
[null,"Aviso Prévio Indenizado",{"$nulls":4},4.2445177100000002]
[null,"Aviso Prévio Trabalhado",{"$nulls":4},0.11692938999999999]
[null,"Férias Indenizadas + 1/3",{"$nulls":4},6.3386797799999997]
[null,"Depósito por Rescisão Sem Justa Causa",{"$nulls":4},3.7448836399999998]
[null,"Indenização Adicional",{"$nulls":4},0.92829510999999998]
[null,"Total Grupo C",{"$nulls":4},15.37330564]
[null,"Grupo D - Verbas Rescisórias"]
[null,"Reincidência de A sobre B",{"$nulls":4},6.3512998899999999]
[null,"Reincidência de A sobre Aviso Prévio Trabalhado + Reincidência de FGTS sobre Aviso Prévio Indenizado",{"$nulls":4},0.38317607999999997]
[null,"Total Grupo D",{"$nulls":4},6.7344759700000001]
[null,"Total Encargos Sociais e Trabalhistas - julho/2025",{"$nulls":4},76.44]
[null,"Periculosidade/Insalubridade",{"$nulls":4}," %",null,"R$"]
[null,"Total Periculosidade/Insalubridade",{"$nulls":4},0,null,0]
[null,"Encargos Sociais e Trabalhistas - Média Móvel",{"$nulls":4}," %",null,"R$"]
[null,"Encargos Sociais e Trabalhistas - Média Móvel - Sobre Salário",{"$nulls":4},76.599999999999994,null,1766.0896]
[null,"Encargos Sociais e Trabalhistas - Média Móvel - Sobre Periculosidade/Insalubridade",{"$nulls":4},76.599999999999994,null,0]
[null,"Total Encargos Sociais e Trabalhistas - Média Móvel",{"$nulls":4},76.599999999999994,null,1766.0896]
[null,"Encargos Complementares",{"$nulls":4}," %",null,"R$"]
[null,"Alimentação",{"$nulls":4},36.86,null,849.88823000000002]
[null,"EPI",{"$nulls":4},2.71,null,62.450066]
[null,"Ferramenta",{"$nulls":4},0,null,0]
[null,"Transporte",{"$nulls":4},7.76,null,178.85172600000001]
[null,"Consulta Ocupacional",{"$nulls":4},0.35,null,7.9874109999999998]
[null,"Total Encargos Complementares",{"$nulls":4},47.68,null,1099.1774330000001]
[null,"Encargos Adicionais",{"$nulls":4}," %",null,"R$"]
[null,"Cesta Básica",{"$nulls":4},0,null,0]
[null,"Assistência Médica",{"$nulls":4},0,null,0]
[null,"Seguro de Vida",{"$nulls":4},0.42,null,9.7799999999999994]
[null,"Desgaste Orgânico",{"$nulls":4},0,null,0]
[null,"Adicional de Confinamento",{"$nulls":4},0,null,0]
[null,"Total Encargos Adicionais",{"$nulls":4},0.42,null,9.7799999999999994]
[null,"Encargos Totais",{"$nulls":4},124.69840000000001,null,2875.0470329999998]
[null,"Custo Total",{"$nulls":6},5180.6463000000003]
[null,"Código",null,"Descrição",null,null,"Unidade",null,"Salário \n(R$)"]
[null,"P9804",null,"Apontador",null,null,"mês",null,2258.924]
[]
[null,"Encargos Sociais e Trabalhistas - julho/2025",{"$nulls":4}," %"]
[null,"Grupo A - Encargos Sociais"]
[null,"Previdência Social",{"$nulls":4},20]
[null,"FGTS",{"$nulls":4},8]
[null,"Salário Educação",{"$nulls":4},2.5]
[null,"SESC ou SESI",{"$nulls":4},1.5]
[null,"SENAI / SEBRAE",{"$nulls":4},1.6]
[null,"INCRA",{"$nulls":4},0.2]
[null,"Seguro Contra Risco e Acidente de Trabalho",{"$nulls":4},3]
[null,"SECONCI",{"$nulls":4},1]
[null,"FAE - Financiamento de Aposentadoria Especial",{"$nulls":4},0]
[null,"Total Grupo A",{"$nulls":4},37.799999999999997]
[null,"Grupo B - Encargos Trabalhistas"]
[null,"Repouso Semanal Remunerado - Domingos",{"$nulls":4},0]
[null,"Feriados",{"$nulls":4},0]
[null,"Férias Gozadas + 1/3",{"$nulls":4},4.0658009899999996]
[null,"Auxílio Enfermidade",{"$nulls":4},0.90167836999999995]
[null,"Auxílio Acidente de Trabalho",{"$nulls":4},4.9088399999999997E-2]
[null,"Licença Paternidade",{"$nulls":4},7.6656500000000002E-2]
[null,"13° Salário",{"$nulls":4},9.2404414199999998]
[null,"Faltas Justificadas",{"$nulls":4},0.74264814000000001]
[null,"Férias sobre Licença Maternidade",{"$nulls":4},3.7181470000000001E-2]
[null,"Reciclagem Tecnológica",{"$nulls":4},0]
[null,"Total Grupo B",{"$nulls":4},15.113495289999999]
[null,"Grupo C - Verbas Rescisórias"]
[null,"Aviso Prévio Indenizado",{"$nulls":4},5.5274954699999999]
[null,"Aviso Prévio Trabalhado",{"$nulls":4},0.15227329000000001]
[null,"Férias Indenizadas + 1/3",{"$nulls":4},8.2547875699999995]
[null,"Depósito por Rescisão Sem Justa Causa",{"$nulls":4},3.6836318499999998]
[null,"Indenização Adicional",{"$nulls":4},0.92831017000000005]
[null,"Total Grupo C",{"$nulls":4},18.546498360000001]
[null,"Grupo D - Verbas Rescisórias"]
[null,"Reincidência de A sobre B",{"$nulls":4},5.71290122]
[null,"Reincidência de A sobre Aviso Prévio Trabalhado + Reincidência de FGTS sobre Aviso Prévio Indenizado",{"$nulls":4},0.49975893999999998]
[null,"Total Grupo D",{"$nulls":4},6.2126601600000004]
[null,"Total Encargos Sociais e Trabalhistas - julho/2025",{"$nulls":4},77.67]
[null,"Periculosidade/Insalubridade",{"$nulls":4}," %",null,"R$"]
[null,"Total Periculosidade/Insalubridade",{"$nulls":4},0,null,0]
[null,"Encargos Sociais e Trabalhistas - Média Móvel",{"$nulls":4}," %",null,"R$"]
[null,"Encargos Sociais e Trabalhistas - Média Móvel - Sobre Salário",{"$nulls":4},78.05,null,1763.0901819999999]
[null,"Encargos Sociais e Trabalhistas - Média Móvel - Sobre Periculosidade/Insalubridade",{"$nulls":4},78.05,null,0]
[null,"Total Encargos Sociais e Trabalhistas - Média Móvel",{"$nulls":4},78.05,null,1763.0901819999999]
[null,"Encargos Complementares",{"$nulls":4}," %",null,"R$"]
[null,"Alimentação",{"$nulls":4},37.619999999999997,null,849.88823000000002]
[null,"EPI",{"$nulls":4},3.02,null,68.242549999999994]
[null,"Ferramenta",{"$nulls":4},0,null,0]
[null,"Transporte",{"$nulls":4},7.92,null,178.85172600000001]
[null,"Consulta Ocupacional",{"$nulls":4},0.46,null,10.401740999999999]
[null,"Total Encargos Complementares",{"$nulls":4},49.02,null,1107.384247]
[null,"Encargos Adicionais",{"$nulls":4}," %",null,"R$"]
[null,"Cesta Básica",{"$nulls":4},0,null,0]
[null,"Assistência Médica",{"$nulls":4},0,null,0]
[null,"Seguro de Vida",{"$nulls":4},0.43,null,9.7799999999999994]
[null,"Desgaste Orgânico",{"$nulls":4},0,null,0]
[null,"Adicional de Confinamento",{"$nulls":4},0,null,0]
[null,"Total Encargos Adicionais",{"$nulls":4},0.43,null,9.7799999999999994]
[null,"Encargos Totais",{"$nulls":4},127.5056,null,2880.2544290000001]
[null,"Custo Total",{"$nulls":6},5139.1785]
[null,"Código",null,"Descrição",null,null,"Unidade",null,"Salário \n(R$)"]
[null,"P9805",null,"Armador",null,null,"h",null,12.418200000000001]
[]
[null,"Encargos Sociais e Trabalhistas - julho/2025",{"$nulls":4}," %"]
[null,"Grupo A - Encargos Sociais"]
[null,"Previdência Social",{"$nulls":4},20]
[null,"FGTS",{"$nulls":4},8]
[null,"Salário Educação",{"$nulls":4},2.5]
[null,"SESC ou SESI",{"$nulls":4},1.5]
[null,"SENAI / SEBRAE",{"$nulls":4},1.6]
[null,"INCRA",{"$nulls":4},0.2]
[null,"Seguro Contra Risco e Acidente de Trabalho",{"$nulls":4},3]
[null,"SECONCI",{"$nulls":4},0.5]
[null,"FAE - Financiamento de Aposentadoria Especial",{"$nulls":4},0]
[null,"Total Grupo A",{"$nulls":4},37.299999999999997]
[null,"Grupo B - Encargos Trabalhistas"]
[null,"Repouso Semanal Remunerado - Domingos",{"$nulls":4},18.204937149999999]
[null,"Feriados",{"$nulls":4},5.0368791899999996]
[null,"Férias Gozadas + 1/3",{"$nulls":4},3.2985771700000002]
[null,"Auxílio Enfermidade",{"$nulls":4},0.89866497999999995]
[null,"Auxílio Acidente de Trabalho",{"$nulls":4},4.9074890000000003E-2]
[null,"Licença Paternidade",{"$nulls":4},8.877794E-2]
[null,"13° Salário",{"$nulls":4},9.2378984499999994]
[null,"Faltas Justificadas",{"$nulls":4},0.74244376000000001]
[null,"Férias sobre Licença Maternidade",{"$nulls":4},3.3032999999999999E-4]
[null,"Reciclagem Tecnológica",{"$nulls":4},0]
[null,"Total Grupo B",{"$nulls":4},37.557583860000001]
[null,"Grupo C - Verbas Rescisórias"]
[null,"Aviso Prévio Indenizado",{"$nulls":4},6.04062886]
[null,"Aviso Prévio Trabalhado",{"$nulls":4},0.16640926]
[null,"Férias Indenizadas + 1/3",{"$nulls":4},9.0186207599999992]
[null,"Depósito por Rescisão Sem Justa Causa",{"$nulls":4},4.4018426799999997]
[null,"Indenização Adicional",{"$nulls":4},0.92805470000000001]
[null,"Total Grupo C",{"$nulls":4},20.555556259999999]
[null,"Grupo D - Verbas Rescisórias"]
[null,"Reincidência de A sobre B",{"$nulls":4},14.00897878]
[null,"Reincidência de A sobre Aviso Prévio Trabalhado + Reincidência de FGTS sobre Aviso Prévio Indenizado",{"$nulls":4},0.54532095999999997]
[null,"Total Grupo D",{"$nulls":4},14.554299739999999]
[null,"Total Encargos Sociais e Trabalhistas - julho/2025",{"$nulls":4},109.97]
[null,"Periculosidade/Insalubridade",{"$nulls":4}," %",null,"R$"]
[null,"Total Periculosidade/Insalubridade",{"$nulls":4},0,null,0]
[null,"Encargos Sociais e Trabalhistas - Média Móvel",{"$nulls":4}," %",null,"R$"]
[null,"Encargos Sociais e Trabalhistas - Média Móvel - Sobre Salário",{"$nulls":4},110.09,null,13.671196]
[null,"Encargos Sociais e Trabalhistas - Média Móvel - Sobre Periculosidade/Insalubridade",{"$nulls":4},110.09,null,0]
[null,"Total Encargos Sociais e Trabalhistas - Média Móvel",{"$nulls":4},110.09,null,13.671196]
[null,"Encargos Complementares",{"$nulls":4}," %",null,"R$"]
[null,"Alimentação",{"$nulls":4},37.5,null,4.6571769999999999]
[null,"EPI",{"$nulls":4},3.94,null,0.48869899999999999]
[null,"Ferramenta",{"$nulls":4},0.38,null,4.6920000000000003E-2]
[null,"Transporte",{"$nulls":4},7.89,null,0.98006300000000002]
[null,"Consulta Ocupacional",{"$nulls":4},0.5,null,6.2289999999999998E-2]
[null,"Total Encargos Complementares",{"$nulls":4},50.21,null,6.2351489999999998]
[null,"Encargos Adicionais",{"$nulls":4}," %",null,"R$"]
[null,"Cesta Básica",{"$nulls":4},0,null,0]
[null,"Assistência Médica",{"$nulls":4},0,null,0]
[null,"Seguro de Vida",{"$nulls":4},0.43,null,5.3592000000000001E-2]
[null,"Desgaste Orgânico",{"$nulls":4},0,null,0]
[null,"Adicional de Confinamento",{"$nulls":4},0,null,0]
[null,"Total Encargos Adicionais",{"$nulls":4},0.43,null,5.3592000000000001E-2]
[null,"Encargos Totais",{"$nulls":4},160.7313,null,19.959937]
[null,"Custo Total",{"$nulls":6},32.378100000000003]
[null,"Código",null,"Descrição",null,null,"Unidade",null,"Salário \n(R$)"]
[null,"P9806",null,"Auxiliar administrativo",null,null,"mês",null,1949.0712000000001]
[]
[null,"Encargos Sociais e Trabalhistas - julho/2025",{"$nulls":4}," %"]
[null,"Grupo A - Encargos Sociais"]
[null,"Previdência Social",{"$nulls":4},20]
[null,"FGTS",{"$nulls":4},8]
[null,"Salário Educação",{"$nulls":4},2.5]
[null,"SESC ou SESI",{"$nulls":4},1.5]
[null,"SENAI / SEBRAE",{"$nulls":4},1.6]
[null,"INCRA",{"$nulls":4},0.2]
[null,"Seguro Contra Risco e Acidente de Trabalho",{"$nulls":4},3]
[null,"SECONCI",{"$nulls":4},1]
[null,"FAE - Financiamento de Aposentadoria Especial",{"$nulls":4},0]
[null,"Total Grupo A",{"$nulls":4},37.799999999999997]
[null,"Grupo B - Encargos Trabalhistas"]
[null,"Repouso Semanal Remunerado - Domingos",{"$nulls":4},0]
[null,"Feriados",{"$nulls":4},0]
[null,"Férias Gozadas + 1/3",{"$nulls":4},6.7329844300000001]
[null,"Auxílio Enfermidade",{"$nulls":4},0.90228651000000004]
[null,"Auxílio Acidente de Trabalho",{"$nulls":4},4.912151E-2]
[null,"Licença Paternidade",{"$nulls":4},3.4143640000000003E-2]
[null,"13° Salário",{"$nulls":4},9.2466735999999994]
[null,"Faltas Justificadas",{"$nulls":4},0.74314901]
[null,"Férias sobre Licença Maternidade",{"$nulls":4},0.14717221999999999]
[null,"Reciclagem Tecnológica",{"$nulls":4},0]
[null,"Total Grupo B",{"$nulls":4},17.85553092]
[null,"Grupo C - Verbas Rescisórias"]
[null,"Aviso Prévio Indenizado",{"$nulls":4},4.0849735999999996]
[null,"Aviso Prévio Trabalhado",{"$nulls":4},0.10315637]
[null,"Férias Indenizadas + 1/3",{"$nulls":4},5.5959137099999996]
[null,"Depósito por Rescisão Sem Justa Causa",{"$nulls":4},3.7713769899999998]
[null,"Indenização Adicional",{"$nulls":4},0.92893625999999996]
[null,"Total Grupo C",{"$nulls":4},14.48435692]
[null,"Grupo D - Verbas Rescisórias"]
[null,"Reincidência de A sobre B",{"$nulls":4},6.7493906900000002]
[null,"Reincidência de A sobre Aviso Prévio Trabalhado + Reincidência de FGTS sobre Aviso Prévio Indenizado",{"$nulls":4},0.36579098999999998]
[null,"Total Grupo D",{"$nulls":4},7.1151816800000001]
[null,"Total Encargos Sociais e Trabalhistas - julho/2025",{"$nulls":4},77.260000000000005]
[null,"Periculosidade/Insalubridade",{"$nulls":4}," %",null,"R$"]
[null,"Total Periculosidade/Insalubridade",{"$nulls":4},0,null,0]
[null,"Encargos Sociais e Trabalhistas - Média Móvel",{"$nulls":4}," %",null,"R$"]
[null,"Encargos Sociais e Trabalhistas - Média Móvel - Sobre Salário",{"$nulls":4},77.27,null,1506.0473159999999]
[null,"Encargos Sociais e Trabalhistas - Média Móvel - Sobre Periculosidade/Insalubridade",{"$nulls":4},77.27,null,0]
[null,"Total Encargos Sociais e Trabalhistas - Média Móvel",{"$nulls":4},77.27,null,1506.0473159999999]
[null,"Encargos Complementares",{"$nulls":4}," %",null,"R$"]
[null,"Alimentação",{"$nulls":4},43.6,null,849.88823000000002]
[null,"EPI",{"$nulls":4},3.2,null,62.450066]
[null,"Ferramenta",{"$nulls":4},0,null,0]
[null,"Transporte",{"$nulls":4},9.18,null,178.85172600000001]
[null,"Consulta Ocupacional",{"$nulls":4},0.54,null,10.569869000000001]
[null,"Total Encargos Complementares",{"$nulls":4},56.52,null,1101.7598909999999]
[null,"Encargos Adicionais",{"$nulls":4}," %",null,"R$"]
[null,"Cesta Básica",{"$nulls":4},0,null,0]
[null,"Assistência Médica",{"$nulls":4},0,null,0]
[null,"Seguro de Vida",{"$nulls":4},0.5,null,9.7799999999999994]
[null,"Desgaste Orgânico",{"$nulls":4},0,null,0]
[null,"Adicional de Confinamento",{"$nulls":4},0,null,0]
[null,"Total Encargos Adicionais",{"$nulls":4},0.5,null,9.7799999999999994]
[null,"Encargos Totais",{"$nulls":4},134.29920000000001,null,2617.587207]
[null,"Custo Total",{"$nulls":6},4566.6581999999999]
[null,"Código",null,"Descrição",null,null,"Unidade",null,"Salário \n(R$)"]
[null,"P9807",null,"Bombeiro hidráulico",null,null,"h",null,12.418200000000001]
[]
[null,"Encargos Sociais e Trabalhistas - julho/2025",{"$nulls":4}," %"]
[null,"Grupo A - Encargos Sociais"]
[null,"Previdência Social",{"$nulls":4},20]
[null,"FGTS",{"$nulls":4},8]
[null,"Salário Educação",{"$nulls":4},2.5]
[null,"SESC ou SESI",{"$nulls":4},1.5]
[null,"SENAI / SEBRAE",{"$nulls":4},1.6]
[null,"INCRA",{"$nulls":4},0.2]
[null,"Seguro Contra Risco e Acidente de Trabalho",{"$nulls":4},3]
[null,"SECONCI",{"$nulls":4},0.5]
[null,"FAE - Financiamento de Aposentadoria Especial",{"$nulls":4},0]
[null,"Total Grupo A",{"$nulls":4},37.299999999999997]
[null,"Grupo B - Encargos Trabalhistas"]
[null,"Repouso Semanal Remunerado - Domingos",{"$nulls":4},18.50478524]
[null,"Feriados",{"$nulls":4},5.1211292300000002]
[null,"Férias Gozadas + 1/3",{"$nulls":4},5.6211364000000001]
[null,"Auxílio Enfermidade",{"$nulls":4},0.89865764000000004]
[null,"Auxílio Acidente de Trabalho",{"$nulls":4},4.9074489999999998E-2]
[null,"Licença Paternidade",{"$nulls":4},8.6830110000000002E-2]
[null,"13° Salário",{"$nulls":4},9.2378229600000008]
[null,"Faltas Justificadas",{"$nulls":4},0.74243769000000004]
[null,"Férias sobre Licença Maternidade",{"$nulls":4},1.45835E-3]
[null,"Reciclagem Tecnológica",{"$nulls":4},0]
[null,"Total Grupo B",{"$nulls":4},40.26333211]
[null,"Grupo C - Verbas Rescisórias"]
[null,"Aviso Prévio Indenizado",{"$nulls":4},4.4849590800000003]
[null,"Aviso Prévio Trabalhado",{"$nulls":4},0.12355315]
[null,"Férias Indenizadas + 1/3",{"$nulls":4},6.6959608800000003]
[null,"Depósito por Rescisão Sem Justa Causa",{"$nulls":4},4.4884266300000002]
[null,"Indenização Adicional",{"$nulls":4},0.92804710999999995]
[null,"Total Grupo C",{"$nulls":4},16.720946860000002]
[null,"Grupo D - Verbas Rescisórias"]
[null,"Reincidência de A sobre B",{"$nulls":4},15.01822288]
[null,"Reincidência de A sobre Aviso Prévio Trabalhado + Reincidência de FGTS sobre Aviso Prévio Indenizado",{"$nulls":4},0.40488204999999999]
[null,"Total Grupo D",{"$nulls":4},15.423104929999999]
[null,"Total Encargos Sociais e Trabalhistas - julho/2025",{"$nulls":4},109.71]
[null,"Periculosidade/Insalubridade",{"$nulls":4}," %",null,"R$"]
[null,"Total Periculosidade/Insalubridade",{"$nulls":4},0,null,0]
[null,"Encargos Sociais e Trabalhistas - Média Móvel",{"$nulls":4}," %",null,"R$"]
[null,"Encargos Sociais e Trabalhistas - Média Móvel - Sobre Salário",{"$nulls":4},109.73,null,13.626491]
[null,"Encargos Sociais e Trabalhistas - Média Móvel - Sobre Periculosidade/Insalubridade",{"$nulls":4},109.73,null,0]
[null,"Total Encargos Sociais e Trabalhistas - Média Móvel",{"$nulls":4},109.73,null,13.626491]
[null,"Encargos Complementares",{"$nulls":4}," %",null,"R$"]
[null,"Alimentação",{"$nulls":4},37.5,null,4.6571769999999999]
[null,"EPI",{"$nulls":4},3.61,null,0.448515]
[null,"Ferramenta",{"$nulls":4},5.45,null,0.67652199999999996]
[null,"Transporte",{"$nulls":4},7.89,null,0.98006300000000002]
[null,"Consulta Ocupacional",{"$nulls":4},0.37,null,4.6247999999999997E-2]
[null,"Total Encargos Complementares",{"$nulls":4},54.82,null,6.8085250000000004]
[null,"Encargos Adicionais",{"$nulls":4}," %",null,"R$"]
[null,"Cesta Básica",{"$nulls":4},0,null,0]
[null,"Assistência Médica",{"$nulls":4},0,null,0]
[null,"Seguro de Vida",{"$nulls":4},0.43,null,5.3592000000000001E-2]
[null,"Desgaste Orgânico",{"$nulls":4},0,null,0]
[null,"Adicional de Confinamento",{"$nulls":4},0,null,0]
[null,"Total Encargos Adicionais",{"$nulls":4},0.43,null,5.3592000000000001E-2]
[null,"Encargos Totais",{"$nulls":4},164.98849999999999,null,20.488607999999999]
[null,"Custo Total",{"$nulls":6},32.906799999999997]
[null,"Código",null,"Descrição",null,null,"Unidade",null,"Salário \n(R$)"]
[null,"P9808",null,"Carpinteiro",null,null,"h",null,11.99]
[]
[null,"Encargos Sociais e Trabalhistas - julho/2025",{"$nulls":4}," %"]
[null,"Grupo A - Encargos Sociais"]
[null,"Previdência Social",{"$nulls":4},20]
[null,"FGTS",{"$nulls":4},8]
[null,"Salário Educação",{"$nulls":4},2.5]
[null,"SESC ou SESI",{"$nulls":4},1.5]
[null,"SENAI / SEBRAE",{"$nulls":4},1.6]
[null,"INCRA",{"$nulls":4},0.2]
[null,"Seguro Contra Risco e Acidente de Trabalho",{"$nulls":4},3]
[null,"SECONCI",{"$nulls":4},1]
[null,"FAE - Financiamento de Aposentadoria Especial",{"$nulls":4},0]
[null,"Total Grupo A",{"$nulls":4},37.799999999999997]
[null,"Grupo B - Encargos Trabalhistas"]
[null,"Repouso Semanal Remunerado - Domingos",{"$nulls":4},18.347090439999999]
[null,"Feriados",{"$nulls":4},5.0768326100000003]
[null,"Férias Gozadas + 1/3",{"$nulls":4},4.4204153599999998]
[null,"Auxílio Enfermidade",{"$nulls":4},0.90129084999999998]
[null,"Auxílio Acidente de Trabalho",{"$nulls":4},4.9067310000000003E-2]
[null,"Licença Paternidade",{"$nulls":4},7.0639599999999997E-2]
[null,"13° Salário",{"$nulls":4},9.2364701]
[null,"Faltas Justificadas",{"$nulls":4},0.74232896000000004]
[null,"Férias sobre Licença Maternidade",{"$nulls":4},2.2849E-4]
[null,"Reciclagem Tecnológica",{"$nulls":4},0]
[null,"Total Grupo B",{"$nulls":4},38.844363710000003]
[null,"Grupo C - Verbas Rescisórias"]
[null,"Aviso Prévio Indenizado",{"$nulls":4},5.2887691700000001]
[null,"Aviso Prévio Trabalhado",{"$nulls":4},0.14569678]
[null,"Férias Indenizadas + 1/3",{"$nulls":4},7.8948780999999997]
[null,"Depósito por Rescisão Sem Justa Causa",{"$nulls":4},4.4430196400000002]
[null,"Indenização Adicional",{"$nulls":4},0.92791120000000005]
[null,"Total Grupo C",{"$nulls":4},18.700274889999999]
[null,"Grupo D - Verbas Rescisórias"]
[null,"Reincidência de A sobre B",{"$nulls":4},14.68316948]
[null,"Reincidência de A sobre Aviso Prévio Trabalhado + Reincidência de FGTS sobre Aviso Prévio Indenizado",{"$nulls":4},0.47817492]
[null,"Total Grupo D",{"$nulls":4},15.161344400000001]
[null,"Total Encargos Sociais e Trabalhistas - julho/2025",{"$nulls":4},110.51]
[null,"Periculosidade/Insalubridade",{"$nulls":4}," %",null,"R$"]
[null,"Total Periculosidade/Insalubridade",{"$nulls":4},0,null,0]
[null,"Encargos Sociais e Trabalhistas - Média Móvel",{"$nulls":4}," %",null,"R$"]
[null,"Encargos Sociais e Trabalhistas - Média Móvel - Sobre Salário",{"$nulls":4},110.6,null,13.26094]
[null,"Encargos Sociais e Trabalhistas - Média Móvel - Sobre Periculosidade/Insalubridade",{"$nulls":4},110.6,null,0]
[null,"Total Encargos Sociais e Trabalhistas - Média Móvel",{"$nulls":4},110.6,null,13.26094]
[null,"Encargos Complementares",{"$nulls":4}," %",null,"R$"]
[null,"Alimentação",{"$nulls":4},38.840000000000003,null,4.6571769999999999]
[null,"EPI",{"$nulls":4},4.08,null,0.48869899999999999]
[null,"Ferramenta",{"$nulls":4},0.34,null,4.1144E-2]
[null,"Transporte",{"$nulls":4},8.17,null,0.98006300000000002]
[null,"Consulta Ocupacional",{"$nulls":4},0.45,null,5.4537000000000002E-2]
[null,"Total Encargos Complementares",{"$nulls":4},51.88,null,6.2216199999999997]
[null,"Encargos Adicionais",{"$nulls":4}," %",null,"R$"]
[null,"Cesta Básica",{"$nulls":4},0,null,0]
[null,"Assistência Médica",{"$nulls":4},0,null,0]
[null,"Seguro de Vida",{"$nulls":4},0.45,null,5.3592000000000001E-2]
[null,"Desgaste Orgânico",{"$nulls":4},0,null,0]
[null,"Adicional de Confinamento",{"$nulls":4},0,null,0]
[null,"Total Encargos Adicionais",{"$nulls":4},0.45,null,5.3592000000000001E-2]
[null,"Encargos Totais",{"$nulls":4},162.93700000000001,null,19.536152000000001]
[null,"Custo Total",{"$nulls":6},31.5261]
[null,"Código",null,"Descrição",null,null,"Unidade",null,"Salário \n(R$)"]
[null,"P9809",null,"Encarregado administrativo",null,null,"mês",null,3957.1034]
[]
[null,"Encargos Sociais e Trabalhistas - julho/2025",{"$nulls":4}," %"]
[null,"Grupo A - Encargos Sociais"]
[null,"Previdência Social",{"$nulls":4},20]
[null,"FGTS",{"$nulls":4},8]
[null,"Salário Educação",{"$nulls":4},2.5]
[null,"SESC ou SESI",{"$nulls":4},1.5]
[null,"SENAI / SEBRAE",{"$nulls":4},1.6]
[null,"INCRA",{"$nulls":4},0.2]
[null,"Seguro Contra Risco e Acidente de Trabalho",{"$nulls":4},3]
[null,"SECONCI",{"$nulls":4},0.5]
[null,"FAE - Financiamento de Aposentadoria Especial",{"$nulls":4},0]
[null,"Total Grupo A",{"$nulls":4},37.299999999999997]
[null,"Grupo B - Encargos Trabalhistas"]
[null,"Repouso Semanal Remunerado - Domingos",{"$nulls":4},0]
[null,"Feriados",{"$nulls":4},0]
[null,"Férias Gozadas + 1/3",{"$nulls":4},8.4021572500000001]
[null,"Auxílio Enfermidade",{"$nulls":4},0.89905526999999996]
[null,"Auxílio Acidente de Trabalho",{"$nulls":4},4.9096210000000001E-2]
[null,"Licença Paternidade",{"$nulls":4},5.6598639999999999E-2]
[null,"13° Salário",{"$nulls":4},9.2419104099999991]
[null,"Faltas Justificadas",{"$nulls":4},0.74276620000000004]
[null,"Férias sobre Licença Maternidade",{"$nulls":4},7.5892360000000006E-2]
[null,"Reciclagem Tecnológica",{"$nulls":4},0]
[null,"Total Grupo B",{"$nulls":4},19.467476340000001]
[null,"Grupo C - Verbas Rescisórias"]
[null,"Aviso Prévio Indenizado",{"$nulls":4},3.1019399999999999]
[null,"Aviso Prévio Trabalhado",{"$nulls":4},7.2306620000000002E-2]
[null,"Férias Indenizadas + 1/3",{"$nulls":4},3.92038997]
[null,"Depósito por Rescisão Sem Justa Causa",{"$nulls":4},3.8229592399999999]
[null,"Indenização Adicional",{"$nulls":4},0.92845774999999997]
[null,"Total Grupo C",{"$nulls":4},11.84605358]
[null,"Grupo D - Verbas Rescisórias"]
[null,"Reincidência de A sobre B",{"$nulls":4},7.2613686700000004]
[null,"Reincidência de A sobre Aviso Prévio Trabalhado + Reincidência de FGTS sobre Aviso Prévio Indenizado",{"$nulls":4},0.27512556999999999]
[null,"Total Grupo D",{"$nulls":4},7.5364942399999997]
[null,"Total Encargos Sociais e Trabalhistas - julho/2025",{"$nulls":4},76.150000000000006]
[null,"Periculosidade/Insalubridade",{"$nulls":4}," %",null,"R$"]
[null,"Total Periculosidade/Insalubridade",{"$nulls":4},0,null,0]
[null,"Encargos Sociais e Trabalhistas - Média Móvel",{"$nulls":4}," %",null,"R$"]
[null,"Encargos Sociais e Trabalhistas - Média Móvel - Sobre Salário",{"$nulls":4},76.14,null,3012.938529]
[null,"Encargos Sociais e Trabalhistas - Média Móvel - Sobre Periculosidade/Insalubridade",{"$nulls":4},76.14,null,0]
[null,"Total Encargos Sociais e Trabalhistas - Média Móvel",{"$nulls":4},76.14,null,3012.938529]
[null,"Encargos Complementares",{"$nulls":4}," %",null,"R$"]
[null,"Alimentação",{"$nulls":4},21.48,null,849.88823000000002]
[null,"EPI",{"$nulls":4},0,null,0]
[null,"Ferramenta",{"$nulls":4},0,null,0]
[null,"Transporte",{"$nulls":4},4.5199999999999996,null,178.85172600000001]
[null,"Consulta Ocupacional",{"$nulls":4},0.19,null,7.4088640000000003]
[null,"Total Encargos Complementares",{"$nulls":4},26.19,null,1036.1488199999999]
[null,"Encargos Adicionais",{"$nulls":4}," %",null,"R$"]
[null,"Cesta Básica",{"$nulls":4},0,null,0]
[null,"Assistência Médica",{"$nulls":4},0,null,0]
[null,"Seguro de Vida",{"$nulls":4},0.25,null,9.7799999999999994]
[null,"Desgaste Orgânico",{"$nulls":4},0,null,0]
[null,"Adicional de Confinamento",{"$nulls":4},0,null,0]
[null,"Total Encargos Adicionais",{"$nulls":4},0.25,null,9.7799999999999994]
[null,"Encargos Totais",{"$nulls":4},102.57170000000001,null,4058.8673490000001]
[null,"Custo Total",{"$nulls":6},8015.9715999999999]
[null,"Código",null,"Descrição",null,null,"Unidade",null,"Salário \n(R$)"]
[null,"P9810",null,"Eletricista",null,null,"h",null,11.99]
[]
[null,"Encargos Sociais e Trabalhistas - julho/2025",{"$nulls":4}," %"]
[null,"Grupo A - Encargos Sociais"]
[null,"Previdência Social",{"$nulls":4},20]
[null,"FGTS",{"$nulls":4},8]
[null,"Salário Educação",{"$nulls":4},2.5]
[null,"SESC ou SESI",{"$nulls":4},1.5]
[null,"SENAI / SEBRAE",{"$nulls":4},1.6]
[null,"INCRA",{"$nulls":4},0.2]
[null,"Seguro Contra Risco e Acidente de Trabalho",{"$nulls":4},3]
[null,"SECONCI",{"$nulls":4},1]
[null,"FAE - Financiamento de Aposentadoria Especial",{"$nulls":4},0]
[null,"Total Grupo A",{"$nulls":4},37.799999999999997]
[null,"Grupo B - Encargos Trabalhistas"]
[null,"Repouso Semanal Remunerado - Domingos",{"$nulls":4},18.623934370000001]
[null,"Feriados",{"$nulls":4},5.1546116800000004]
[null,"Férias Gozadas + 1/3",{"$nulls":4},6.5518567900000004]
[null,"Auxílio Enfermidade",{"$nulls":4},0.90136875000000005]
[null,"Auxílio Acidente de Trabalho",{"$nulls":4},4.9071549999999999E-2]
[null,"Licença Paternidade",{"$nulls":4},7.7706349999999993E-2]
[null,"13° Salário",{"$nulls":4},9.2372683500000008]
[null,"Faltas Justificadas",{"$nulls":4},0.74239312000000002]
[null,"Férias sobre Licença Maternidade",{"$nulls":4},1.8078300000000001E-3]
[null,"Reciclagem Tecnológica",{"$nulls":4},0]
[null,"Total Grupo B",{"$nulls":4},41.340018780000001]
[null,"Grupo C - Verbas Rescisórias"]
[null,"Aviso Prévio Indenizado",{"$nulls":4},4.2123255899999998]
[null,"Aviso Prévio Trabalhado",{"$nulls":4},0.10637234]
[null,"Férias Indenizadas + 1/3",{"$nulls":4},5.76450102]
[null,"Depósito por Rescisão Sem Justa Causa",{"$nulls":4},4.5228805999999997]
[null,"Indenização Adicional",{"$nulls":4},0.92799140000000002]
[null,"Total Grupo C",{"$nulls":4},15.53407095]
[null,"Grupo D - Verbas Rescisórias"]
[null,"Reincidência de A sobre B",{"$nulls":4},15.626527100000001]
[null,"Reincidência de A sobre Aviso Prévio Trabalhado + Reincidência de FGTS sobre Aviso Prévio Indenizado",{"$nulls":4},0.37719479]
[null,"Total Grupo D",{"$nulls":4},16.003721890000001]
[null,"Total Encargos Sociais e Trabalhistas - julho/2025",{"$nulls":4},110.68]
[null,"Periculosidade/Insalubridade",{"$nulls":4}," %",null,"R$"]
[null,"Total Periculosidade/Insalubridade",{"$nulls":4},0,null,0]
[null,"Encargos Sociais e Trabalhistas - Média Móvel",{"$nulls":4}," %",null,"R$"]
[null,"Encargos Sociais e Trabalhistas - Média Móvel - Sobre Salário",{"$nulls":4},110.71,null,13.274129]
[null,"Encargos Sociais e Trabalhistas - Média Móvel - Sobre Periculosidade/Insalubridade",{"$nulls":4},110.71,null,0]
[null,"Total Encargos Sociais e Trabalhistas - Média Móvel",{"$nulls":4},110.71,null,13.274129]
[null,"Encargos Complementares",{"$nulls":4}," %",null,"R$"]
[null,"Alimentação",{"$nulls":4},38.840000000000003,null,4.6571769999999999]
[null,"EPI",{"$nulls":4},6.31,null,0.75702599999999998]
[null,"Ferramenta",{"$nulls":4},0.95,null,0.114394]
[null,"Transporte",{"$nulls":4},8.17,null,0.98006300000000002]
[null,"Consulta Ocupacional",{"$nulls":4},0.5,null,5.9726000000000001E-2]
[null,"Total Encargos Complementares",{"$nulls":4},54.77,null,6.5683860000000003]
[null,"Encargos Adicionais",{"$nulls":4}," %",null,"R$"]
[null,"Cesta Básica",{"$nulls":4},0,null,0]
[null,"Assistência Médica",{"$nulls":4},0,null,0]
[null,"Seguro de Vida",{"$nulls":4},0.45,null,5.3592000000000001E-2]
[null,"Desgaste Orgânico",{"$nulls":4},0,null,0]
[null,"Adicional de Confinamento",{"$nulls":4},0,null,0]
[null,"Total Encargos Adicionais",{"$nulls":4},0.45,null,5.3592000000000001E-2]
[null,"Encargos Totais",{"$nulls":4},165.9392,null,19.896107000000001]
[null,"Custo Total",{"$nulls":6},31.886099999999999]
[null,"Código",null,"Descrição",null,null,"Unidade",null,"Salário \n(R$)"]
[null,"P9811",null,"Encarregado especializado",null,null,"mês",null,4482.1585999999998]
[]
[null,"Encargos Sociais e Trabalhistas - julho/2025",{"$nulls":4}," %"]
[null,"Grupo A - Encargos Sociais"]
[null,"Previdência Social",{"$nulls":4},20]
[null,"FGTS",{"$nulls":4},8]
[null,"Salário Educação",{"$nulls":4},2.5]
[null,"SESC ou SESI",{"$nulls":4},1.5]
[null,"SENAI / SEBRAE",{"$nulls":4},1.6]
[null,"INCRA",{"$nulls":4},0.2]
[null,"Seguro Contra Risco e Acidente de Trabalho",{"$nulls":4},3]
[null,"SECONCI",{"$nulls":4},1]
[null,"FAE - Financiamento de Aposentadoria Especial",{"$nulls":4},0]
[null,"Total Grupo A",{"$nulls":4},37.799999999999997]
[null,"Grupo B - Encargos Trabalhistas"]
[null,"Repouso Semanal Remunerado - Domingos",{"$nulls":4},0]
[null,"Feriados",{"$nulls":4},0]
[null,"Férias Gozadas + 1/3",{"$nulls":4},7.5665260700000001]
[null,"Auxílio Enfermidade",{"$nulls":4},0.90124342999999996]
[null,"Auxílio Acidente de Trabalho",{"$nulls":4},4.9064719999999999E-2]
[null,"Licença Paternidade",{"$nulls":4},5.9152150000000001E-2]
[null,"13° Salário",{"$nulls":4},9.2359840799999997]
[null,"Faltas Justificadas",{"$nulls":4},0.74228989999999995]
[null,"Férias sobre Licença Maternidade",{"$nulls":4},6.4429999999999999E-3]
[null,"Reciclagem Tecnológica",{"$nulls":4},0]
[null,"Total Grupo B",{"$nulls":4},18.560703350000001]
[null,"Grupo C - Verbas Rescisórias"]
[null,"Aviso Prévio Indenizado",{"$nulls":4},3.47010189]
[null,"Aviso Prévio Trabalhado",{"$nulls":4},8.7629230000000002E-2]
[null,"Férias Indenizadas + 1/3",{"$nulls":4},4.7481193800000003]
[null,"Depósito por Rescisão Sem Justa Causa",{"$nulls":4},3.7939425099999999]
[null,"Indenização Adicional",{"$nulls":4},0.92786237999999999]
[null,"Total Grupo C",{"$nulls":4},13.027655380000001]
[null,"Grupo D - Verbas Rescisórias"]
[null,"Reincidência de A sobre B",{"$nulls":4},7.0159458700000004]
[null,"Reincidência de A sobre Aviso Prévio Trabalhado + Reincidência de FGTS sobre Aviso Prévio Indenizado",{"$nulls":4},0.31073200000000001]
[null,"Total Grupo D",{"$nulls":4},7.3266778700000001]
[null,"Total Encargos Sociais e Trabalhistas - julho/2025",{"$nulls":4},76.72]
[null,"Periculosidade/Insalubridade",{"$nulls":4}," %",null,"R$"]
[null,"Total Periculosidade/Insalubridade",{"$nulls":4},0,null,0]
[null,"Encargos Sociais e Trabalhistas - Média Móvel",{"$nulls":4}," %",null,"R$"]
[null,"Encargos Sociais e Trabalhistas - Média Móvel - Sobre Salário",{"$nulls":4},76.81,null,3442.7460209999999]
[null,"Encargos Sociais e Trabalhistas - Média Móvel - Sobre Periculosidade/Insalubridade",{"$nulls":4},76.81,null,0]
[null,"Total Encargos Sociais e Trabalhistas - Média Móvel",{"$nulls":4},76.81,null,3442.7460209999999]
[null,"Encargos Complementares",{"$nulls":4}," %",null,"R$"]
[null,"Alimentação",{"$nulls":4},18.96,null,849.88823000000002]
[null,"EPI",{"$nulls":4},1.42,null,63.473173000000003]
[null,"Ferramenta",{"$nulls":4},0,null,0]
[null,"Transporte",{"$nulls":4},3.99,null,178.85172600000001]
[null,"Consulta Ocupacional",{"$nulls":4},0.2,null,8.9788890000000006]
[null,"Total Encargos Complementares",{"$nulls":4},24.57,null,1101.192018]
[null,"Encargos Adicionais",{"$nulls":4}," %",null,"R$"]
[null,"Cesta Básica",{"$nulls":4},0,null,0]
[null,"Assistência Médica",{"$nulls":4},0,null,0]
[null,"Seguro de Vida",{"$nulls":4},0.22,null,9.7799999999999994]
[null,"Desgaste Orgânico",{"$nulls":4},0,null,0]
[null,"Adicional de Confinamento",{"$nulls":4},0,null,0]
[null,"Total Encargos Adicionais",{"$nulls":4},0.22,null,9.7799999999999994]
[null,"Encargos Totais",{"$nulls":4},101.59650000000001,null,4553.7180390000003]
[null,"Custo Total",{"$nulls":6},9035.8747999999996]
[null,"Código",null,"Descrição",null,null,"Unidade",null,"Salário \n(R$)"]
[null,"P9812",null,"Engenheiro",null,null,"mês",null,14440.618700000001]
[]
[null,"Encargos Sociais e Trabalhistas - julho/2025",{"$nulls":4}," %"]
[null,"Grupo A - Encargos Sociais"]
[null,"Previdência Social",{"$nulls":4},20]
[null,"FGTS",{"$nulls":4},8]
[null,"Salário Educação",{"$nulls":4},2.5]
[null,"SESC ou SESI",{"$nulls":4},1.5]
[null,"SENAI / SEBRAE",{"$nulls":4},1.6]
[null,"INCRA",{"$nulls":4},0.2]
[null,"Seguro Contra Risco e Acidente de Trabalho",{"$nulls":4},3]
[null,"SECONCI",{"$nulls":4},0.5]
[null,"FAE - Financiamento de Aposentadoria Especial",{"$nulls":4},0]
[null,"Total Grupo A",{"$nulls":4},37.299999999999997]
[null,"Grupo B - Encargos Trabalhistas"]
[null,"Repouso Semanal Remunerado - Domingos",{"$nulls":4},0]
[null,"Feriados",{"$nulls":4},0]
[null,"Férias Gozadas + 1/3",{"$nulls":4},8.0339354200000006]
[null,"Auxílio Enfermidade",{"$nulls":4},0.89897868000000003]
[null,"Auxílio Acidente de Trabalho",{"$nulls":4},4.909202E-2]
[null,"Licença Paternidade",{"$nulls":4},7.0409819999999998E-2]
[null,"13° Salário",{"$nulls":4},9.2411230799999995]
[null,"Faltas Justificadas",{"$nulls":4},0.74270292000000004]
[null,"Férias sobre Licença Maternidade",{"$nulls":4},5.3561190000000002E-2]
[null,"Reciclagem Tecnológica",{"$nulls":4},0]
[null,"Total Grupo B",{"$nulls":4},19.089803109999998]
[null,"Grupo C - Verbas Rescisórias"]
[null,"Aviso Prévio Indenizado",{"$nulls":4},3.1317669299999999]
[null,"Aviso Prévio Trabalhado",{"$nulls":4},7.9085379999999997E-2]
[null,"Férias Indenizadas + 1/3",{"$nulls":4},4.2875620200000002]
[null,"Depósito por Rescisão Sem Justa Causa",{"$nulls":4},3.8108737000000001]
[null,"Indenização Adicional",{"$nulls":4},0.92837864999999997]
[null,"Total Grupo C",{"$nulls":4},12.23766668]
[null,"Grupo D - Verbas Rescisórias"]
[null,"Reincidência de A sobre B",{"$nulls":4},7.1204965600000003]
[null,"Reincidência de A sobre Aviso Prévio Trabalhado + Reincidência de FGTS sobre Aviso Prévio Indenizado",{"$nulls":4},0.28004020000000002]
[null,"Total Grupo D",{"$nulls":4},7.4005367599999996]
[null,"Total Encargos Sociais e Trabalhistas - julho/2025",{"$nulls":4},76.03]
[null,"Periculosidade/Insalubridade",{"$nulls":4}," %",null,"R$"]
[null,"Total Periculosidade/Insalubridade",{"$nulls":4},0,null,0]
[null,"Encargos Sociais e Trabalhistas - Média Móvel",{"$nulls":4}," %",null,"R$"]
[null,"Encargos Sociais e Trabalhistas - Média Móvel - Sobre Salário",{"$nulls":4},76.400000000000006,null,11032.632686999999]
[null,"Encargos Sociais e Trabalhistas - Média Móvel - Sobre Periculosidade/Insalubridade",{"$nulls":4},76.400000000000006,null,0]
[null,"Total Encargos Sociais e Trabalhistas - Média Móvel",{"$nulls":4},76.400000000000006,null,11032.632686999999]
[null,"Encargos Complementares",{"$nulls":4}," %",null,"R$"]
[null,"Alimentação",{"$nulls":4},5.89,null,849.88823000000002]
[null,"EPI",{"$nulls":4},0.18,null,25.554625999999999]
[null,"Ferramenta",{"$nulls":4},0,null,0]
[null,"Transporte",{"$nulls":4},1.24,null,178.85172600000001]
[null,"Consulta Ocupacional",{"$nulls":4},0.06,null,8.1034469999999992]
[null,"Total Encargos Complementares",{"$nulls":4},7.37,null,1062.398029]
[null,"Encargos Adicionais",{"$nulls":4}," %",null,"R$"]
[null,"Cesta Básica",{"$nulls":4},0,null,0]
[null,"Assistência Médica",{"$nulls":4},0,null,0]
[null,"Seguro de Vida",{"$nulls":4},7.0000000000000007E-2,null,9.7799999999999994]
[null,"Desgaste Orgânico",{"$nulls":4},0,null,0]
[null,"Adicional de Confinamento",{"$nulls":4},0,null,0]
[null,"Total Encargos Adicionais",{"$nulls":4},7.0000000000000007E-2,null,9.7799999999999994]
[null,"Encargos Totais",{"$nulls":4},83.824700000000007,null,12104.810716]
[null,"Custo Total",{"$nulls":6},26545.423999999999]
[null,"Código",null,"Descrição",null,null,"Unidade",null,"Salário \n(R$)"]
[null,"P9814",null,"Operacional",null,null,"mês",null,1729.0489]
[]
[null,"Encargos Sociais e Trabalhistas - julho/2025",{"$nulls":4}," %"]
[null,"Grupo A - Encargos Sociais"]
[null,"Previdência Social",{"$nulls":4},20]
[null,"FGTS",{"$nulls":4},8]
[null,"Salário Educação",{"$nulls":4},2.5]
[null,"SESC ou SESI",{"$nulls":4},1.5]
[null,"SENAI / SEBRAE",{"$nulls":4},1.6]
[null,"INCRA",{"$nulls":4},0.2]
[null,"Seguro Contra Risco e Acidente de Trabalho",{"$nulls":4},3]
[null,"SECONCI",{"$nulls":4},0.41481480999999998]
[null,"FAE - Financiamento de Aposentadoria Especial",{"$nulls":4},0]
[null,"Total Grupo A",{"$nulls":4},37.21481481]
[null,"Grupo B - Encargos Trabalhistas"]
[null,"Repouso Semanal Remunerado - Domingos",{"$nulls":4},0]
[null,"Feriados",{"$nulls":4},0]
[null,"Férias Gozadas + 1/3",{"$nulls":4},4.0483865000000003]
[null,"Auxílio Enfermidade",{"$nulls":4},0.90867021999999997]
[null,"Auxílio Acidente de Trabalho",{"$nulls":4},5.0929080000000002E-2]
[null,"Licença Paternidade",{"$nulls":4},0.10193512]
[null,"13° Salário",{"$nulls":4},9.2406542999999992]
[null,"Faltas Justificadas",{"$nulls":4},0.74266524]
[null,"Férias sobre Licença Maternidade",{"$nulls":4},5.4445600000000002E-3]
[null,"Reciclagem Tecnológica",{"$nulls":4},0]
[null,"Total Grupo B",{"$nulls":4},15.09868502]
[null,"Grupo C - Verbas Rescisórias"]
[null,"Aviso Prévio Indenizado",{"$nulls":4},5.5392188500000001]
[null,"Aviso Prévio Trabalhado",{"$nulls":4},0.15259624999999999]
[null,"Férias Indenizadas + 1/3",{"$nulls":4},8.2724858999999995]
[null,"Depósito por Rescisão Sem Justa Causa",{"$nulls":4},3.6831579200000002]
[null,"Indenização Adicional",{"$nulls":4},0.92833155000000001]
[null,"Total Grupo C",{"$nulls":4},18.575790470000001]
[null,"Grupo D - Verbas Rescisórias"]
[null,"Reincidência de A sobre B",{"$nulls":4},5.6189476699999998]
[null,"Reincidência de A sobre Aviso Prévio Trabalhado + Reincidência de FGTS sobre Aviso Prévio Indenizado",{"$nulls":4},0.49992592000000002]
[null,"Total Grupo D",{"$nulls":4},6.1188735899999998]
[null,"Total Encargos Sociais e Trabalhistas - julho/2025",{"$nulls":4},77.010000000000005]
[null,"Periculosidade/Insalubridade",{"$nulls":4}," %",null,"R$"]
[null,"Total Periculosidade/Insalubridade",{"$nulls":4},0,null,0]
[null,"Encargos Sociais e Trabalhistas - Média Móvel",{"$nulls":4}," %",null,"R$"]
[null,"Encargos Sociais e Trabalhistas - Média Móvel - Sobre Salário",{"$nulls":4},77.55,null,1340.877422]
[null,"Encargos Sociais e Trabalhistas - Média Móvel - Sobre Periculosidade/Insalubridade",{"$nulls":4},77.55,null,0]
[null,"Total Encargos Sociais e Trabalhistas - Média Móvel",{"$nulls":4},77.55,null,1340.877422]
[null,"Encargos Complementares",{"$nulls":4}," %",null,"R$"]
[null,"Alimentação",{"$nulls":4},50.99,null,881.67737499999998]
[null,"EPI",{"$nulls":4},0,null,0]
[null,"Ferramenta",{"$nulls":4},0,null,0]
[null,"Transporte",{"$nulls":4},0,null,0]
[null,"Consulta Ocupacional",{"$nulls":4},0.6,null,10.423802999999999]
[null,"Total Encargos Complementares",{"$nulls":4},51.59,null,892.101178]
[null,"Encargos Adicionais",{"$nulls":4}," %",null,"R$"]
[null,"Cesta Básica",{"$nulls":4},17.350000000000001,null,300]
[null,"Assistência Médica",{"$nulls":4},0,null,0]
[null,"Seguro de Vida",{"$nulls":4},0.28999999999999998,null,4.99]
[null,"Desgaste Orgânico",{"$nulls":4},0,null,0]
[null,"Adicional de Confinamento",{"$nulls":4},0,null,0]
[null,"Total Encargos Adicionais",{"$nulls":4},17.64,null,304.99]
[null,"Encargos Totais",{"$nulls":4},146.7841,null,2537.9686000000002]
[null,"Custo Total",{"$nulls":6},4267.0177000000003]
[null,"Código",null,"Descrição",null,null,"Unidade",null,"Salário \n(R$)"]
[null,"P9815",null,"Jardineiro",null,null,"h",null,10.47]
[]
[null,"Encargos Sociais e Trabalhistas - julho/2025",{"$nulls":4}," %"]
[null,"Grupo A - Encargos Sociais"]
[null,"Previdência Social",{"$nulls":4},20]
[null,"FGTS",{"$nulls":4},8]
[null,"Salário Educação",{"$nulls":4},2.5]
[null,"SESC ou SESI",{"$nulls":4},1.5]
[null,"SENAI / SEBRAE",{"$nulls":4},1.6]
[null,"INCRA",{"$nulls":4},0.2]
[null,"Seguro Contra Risco e Acidente de Trabalho",{"$nulls":4},3]
[null,"SECONCI",{"$nulls":4},0.41481480999999998]
[null,"FAE - Financiamento de Aposentadoria Especial",{"$nulls":4},0]
[null,"Total Grupo A",{"$nulls":4},37.21481481]
[null,"Grupo B - Encargos Trabalhistas"]
[null,"Repouso Semanal Remunerado - Domingos",{"$nulls":4},18.651717560000002]
[null,"Feriados",{"$nulls":4},5.1623999100000004]
[null,"Férias Gozadas + 1/3",{"$nulls":4},6.7350849899999998]
[null,"Auxílio Enfermidade",{"$nulls":4},0.90854802000000001]
[null,"Auxílio Acidente de Trabalho",{"$nulls":4},4.908291E-2]
[null,"Licença Paternidade",{"$nulls":4},8.729526E-2]
[null,"13° Salário",{"$nulls":4},9.2394072999999999]
[null,"Faltas Justificadas",{"$nulls":4},0.74256502000000002]
[null,"Férias sobre Licença Maternidade",{"$nulls":4},8.4104699999999998E-3]
[null,"Reciclagem Tecnológica",{"$nulls":4},0]
[null,"Total Grupo B",{"$nulls":4},41.584511450000001]
[null,"Grupo C - Verbas Rescisórias"]
[null,"Aviso Prévio Indenizado",{"$nulls":4},4.0795735899999999]
[null,"Aviso Prévio Trabalhado",{"$nulls":4},0.10302]
[null,"Férias Indenizadas + 1/3",{"$nulls":4},5.58412474]
[null,"Depósito por Rescisão Sem Justa Causa",{"$nulls":4},4.5307043699999996]
[null,"Indenização Adicional",{"$nulls":4},0.92820628000000005]
[null,"Total Grupo C",{"$nulls":4},15.225628990000001]
[null,"Grupo D - Verbas Rescisórias"]
[null,"Reincidência de A sobre B",{"$nulls":4},15.47559893]
[null,"Reincidência de A sobre Aviso Prévio Trabalhado + Reincidência de FGTS sobre Aviso Prévio Indenizado",{"$nulls":4},0.36470459]
[null,"Total Grupo D",{"$nulls":4},15.840303520000001]
[null,"Total Encargos Sociais e Trabalhistas - julho/2025",{"$nulls":4},109.87]
[null,"Periculosidade/Insalubridade",{"$nulls":4}," %",null,"R$"]
[null,"Total Periculosidade/Insalubridade",{"$nulls":4},0,null,0]
[null,"Encargos Sociais e Trabalhistas - Média Móvel",{"$nulls":4}," %",null,"R$"]
[null,"Encargos Sociais e Trabalhistas - Média Móvel - Sobre Salário",{"$nulls":4},109.68,null,11.483496000000001]
[null,"Encargos Sociais e Trabalhistas - Média Móvel - Sobre Periculosidade/Insalubridade",{"$nulls":4},109.68,null,0]
[null,"Total Encargos Sociais e Trabalhistas - Média Móvel",{"$nulls":4},109.68,null,11.483496000000001]
[null,"Encargos Complementares",{"$nulls":4}," %",null,"R$"]
[null,"Alimentação",{"$nulls":4},44.48,null,4.6571769999999999]
[null,"EPI",{"$nulls":4},3.49,null,0.36570999999999998]
[null,"Ferramenta",{"$nulls":4},0.66,null,6.9183999999999996E-2]
[null,"Transporte",{"$nulls":4},9.36,null,0.98006300000000002]
[null,"Consulta Ocupacional",{"$nulls":4},0.55000000000000004,null,5.7844E-2]
[null,"Total Encargos Complementares",{"$nulls":4},58.54,null,6.1299780000000004]
[null,"Encargos Adicionais",{"$nulls":4}," %",null,"R$"]
[null,"Cesta Básica",{"$nulls":4},0,null,0]
[null,"Assistência Médica",{"$nulls":4},0,null,0]
[null,"Seguro de Vida",{"$nulls":4},0.51,null,5.3592000000000001E-2]
[null,"Desgaste Orgânico",{"$nulls":4},0,null,0]
[null,"Adicional de Confinamento",{"$nulls":4},0,null,0]
[null,"Total Encargos Adicionais",{"$nulls":4},0.51,null,5.3592000000000001E-2]
[null,"Encargos Totais",{"$nulls":4},168.73990000000001,null,17.667065999999998]
[null,"Custo Total",{"$nulls":6},28.137]
[null,"Código",null,"Descrição",null,null,"Unidade",null,"Salário \n(R$)"]
[null,"P9819",null,"Engenheiro supervisor",null,null,"mês",null,14440.618700000001]
[]
[null,"Encargos Sociais e Trabalhistas - julho/2025",{"$nulls":4}," %"]
[null,"Grupo A - Encargos Sociais"]
[null,"Previdência Social",{"$nulls":4},20]
[null,"FGTS",{"$nulls":4},8]
[null,"Salário Educação",{"$nulls":4},2.5]
[null,"SESC ou SESI",{"$nulls":4},1.5]
[null,"SENAI / SEBRAE",{"$nulls":4},1.6]
[null,"INCRA",{"$nulls":4},0.2]
[null,"Seguro Contra Risco e Acidente de Trabalho",{"$nulls":4},3]
[null,"SECONCI",{"$nulls":4},0.5]
[null,"FAE - Financiamento de Aposentadoria Especial",{"$nulls":4},0]
[null,"Total Grupo A",{"$nulls":4},37.299999999999997]
[null,"Grupo B - Encargos Trabalhistas"]
[null,"Repouso Semanal Remunerado - Domingos",{"$nulls":4},0]
[null,"Feriados",{"$nulls":4},0]
[null,"Férias Gozadas + 1/3",{"$nulls":4},8.0339354200000006]
[null,"Auxílio Enfermidade",{"$nulls":4},0.89897868000000003]
[null,"Auxílio Acidente de Trabalho",{"$nulls":4},4.909202E-2]
[null,"Licença Paternidade",{"$nulls":4},7.0409819999999998E-2]
[null,"13° Salário",{"$nulls":4},9.2411230799999995]
[null,"Faltas Justificadas",{"$nulls":4},0.74270292000000004]
[null,"Férias sobre Licença Maternidade",{"$nulls":4},5.3561190000000002E-2]
[null,"Reciclagem Tecnológica",{"$nulls":4},0]
[null,"Total Grupo B",{"$nulls":4},19.089803109999998]
[null,"Grupo C - Verbas Rescisórias"]
[null,"Aviso Prévio Indenizado",{"$nulls":4},3.1317669299999999]
[null,"Aviso Prévio Trabalhado",{"$nulls":4},7.9085379999999997E-2]
[null,"Férias Indenizadas + 1/3",{"$nulls":4},4.2875620200000002]
[null,"Depósito por Rescisão Sem Justa Causa",{"$nulls":4},3.8108737000000001]
[null,"Indenização Adicional",{"$nulls":4},0.92837864999999997]
[null,"Total Grupo C",{"$nulls":4},12.23766668]
[null,"Grupo D - Verbas Rescisórias"]
[null,"Reincidência de A sobre B",{"$nulls":4},7.1204965600000003]
[null,"Reincidência de A sobre Aviso Prévio Trabalhado + Reincidência de FGTS sobre Aviso Prévio Indenizado",{"$nulls":4},0.28004020000000002]
[null,"Total Grupo D",{"$nulls":4},7.4005367599999996]
[null,"Total Encargos Sociais e Trabalhistas - julho/2025",{"$nulls":4},76.03]
[null,"Periculosidade/Insalubridade",{"$nulls":4}," %",null,"R$"]
[null,"Total Periculosidade/Insalubridade",{"$nulls":4},0,null,0]
[null,"Encargos Sociais e Trabalhistas - Média Móvel",{"$nulls":4}," %",null,"R$"]
[null,"Encargos Sociais e Trabalhistas - Média Móvel - Sobre Salário",{"$nulls":4},76.400000000000006,null,11032.632686999999]
[null,"Encargos Sociais e Trabalhistas - Média Móvel - Sobre Periculosidade/Insalubridade",{"$nulls":4},76.400000000000006,null,0]
[null,"Total Encargos Sociais e Trabalhistas - Média Móvel",{"$nulls":4},76.400000000000006,null,11032.632686999999]
[null,"Encargos Complementares",{"$nulls":4}," %",null,"R$"]
[null,"Alimentação",{"$nulls":4},5.89,null,849.88823000000002]
[null,"EPI",{"$nulls":4},0.18,null,25.554625999999999]
[null,"Ferramenta",{"$nulls":4},0,null,0]
[null,"Transporte",{"$nulls":4},1.24,null,178.85172600000001]
[null,"Consulta Ocupacional",{"$nulls":4},0.06,null,8.1034469999999992]
[null,"Total Encargos Complementares",{"$nulls":4},7.37,null,1062.398029]
[null,"Encargos Adicionais",{"$nulls":4}," %",null,"R$"]
[null,"Cesta Básica",{"$nulls":4},0,null,0]
[null,"Assistência Médica",{"$nulls":4},0,null,0]
[null,"Seguro de Vida",{"$nulls":4},7.0000000000000007E-2,null,9.7799999999999994]
[null,"Desgaste Orgânico",{"$nulls":4},0,null,0]
[null,"Adicional de Confinamento",{"$nulls":4},0,null,0]
[null,"Total Encargos Adicionais",{"$nulls":4},7.0000000000000007E-2,null,9.7799999999999994]
[null,"Encargos Totais",{"$nulls":4},83.824700000000007,null,12104.810716]
[null,"Custo Total",{"$nulls":6},26545.423999999999]
[null,"Código",null,"Descrição",null,null,"Unidade",null,"Salário \n(R$)"]
[null,"P9821",null,"Pedreiro",null,null,"h",null,11.99]
[]
[null,"Encargos Sociais e Trabalhistas - julho/2025",{"$nulls":4}," %"]
[null,"Grupo A - Encargos Sociais"]
[null,"Previdência Social",{"$nulls":4},20]
[null,"FGTS",{"$nulls":4},8]
[null,"Salário Educação",{"$nulls":4},2.5]
[null,"SESC ou SESI",{"$nulls":4},1.5]
[null,"SENAI / SEBRAE",{"$nulls":4},1.6]
[null,"INCRA",{"$nulls":4},0.2]
[null,"Seguro Contra Risco e Acidente de Trabalho",{"$nulls":4},3]
[null,"SECONCI",{"$nulls":4},1]
[null,"FAE - Financiamento de Aposentadoria Especial",{"$nulls":4},0]
[null,"Total Grupo A",{"$nulls":4},37.799999999999997]
[null,"Grupo B - Encargos Trabalhistas"]
[null,"Repouso Semanal Remunerado - Domingos",{"$nulls":4},18.543607779999999]
[null,"Feriados",{"$nulls":4},5.1320531000000003]
[null,"Férias Gozadas + 1/3",{"$nulls":4},5.9494451599999998]
[null,"Auxílio Enfermidade",{"$nulls":4},0.90124117000000004]
[null,"Auxílio Acidente de Trabalho",{"$nulls":4},4.90646E-2]
[null,"Licença Paternidade",{"$nulls":4},6.4105049999999997E-2]
[null,"13° Salário",{"$nulls":4},9.2359609900000006]
[null,"Faltas Justificadas",{"$nulls":4},0.74228804999999998]
[null,"Férias sobre Licença Maternidade",{"$nulls":4},1.2459700000000001E-3]
[null,"Reciclagem Tecnológica",{"$nulls":4},0]
[null,"Total Grupo B",{"$nulls":4},40.619011870000001]
[null,"Grupo C - Verbas Rescisórias"]
[null,"Aviso Prévio Indenizado",{"$nulls":4},4.2642542900000002]
[null,"Aviso Prévio Trabalhado",{"$nulls":4},0.1174731]
[null,"Férias Indenizadas + 1/3",{"$nulls":4},6.3651695000000004]
[null,"Depósito por Rescisão Sem Justa Causa",{"$nulls":4},4.4998083800000002]
[null,"Indenização Adicional",{"$nulls":4},0.92786005999999999]
[null,"Total Grupo C",{"$nulls":4},16.17456533]
[null,"Grupo D - Verbas Rescisórias"]
[null,"Reincidência de A sobre B",{"$nulls":4},15.35398649]
[null,"Reincidência de A sobre Aviso Prévio Trabalhado + Reincidência de FGTS sobre Aviso Prévio Indenizado",{"$nulls":4},0.38554517999999999]
[null,"Total Grupo D",{"$nulls":4},15.739531660000001]
[null,"Total Encargos Sociais e Trabalhistas - julho/2025",{"$nulls":4},110.33]
[null,"Periculosidade/Insalubridade",{"$nulls":4}," %",null,"R$"]
[null,"Total Periculosidade/Insalubridade",{"$nulls":4},0,null,0]
[null,"Encargos Sociais e Trabalhistas - Média Móvel",{"$nulls":4}," %",null,"R$"]
[null,"Encargos Sociais e Trabalhistas - Média Móvel - Sobre Salário",{"$nulls":4},110.41,null,13.238159]
[null,"Encargos Sociais e Trabalhistas - Média Móvel - Sobre Periculosidade/Insalubridade",{"$nulls":4},110.41,null,0]
[null,"Total Encargos Sociais e Trabalhistas - Média Móvel",{"$nulls":4},110.41,null,13.238159]
[null,"Encargos Complementares",{"$nulls":4}," %",null,"R$"]
[null,"Alimentação",{"$nulls":4},38.840000000000003,null,4.6571769999999999]
[null,"EPI",{"$nulls":4},4.0199999999999996,null,0.48227700000000001]
[null,"Ferramenta",{"$nulls":4},0.25,null,3.0231999999999998E-2]
[null,"Transporte",{"$nulls":4},8.17,null,0.98006300000000002]
[null,"Consulta Ocupacional",{"$nulls":4},0.37,null,4.3972999999999998E-2]
[null,"Total Encargos Complementares",{"$nulls":4},51.65,null,6.1937220000000002]
[null,"Encargos Adicionais",{"$nulls":4}," %",null,"R$"]
[null,"Cesta Básica",{"$nulls":4},0,null,0]
[null,"Assistência Médica",{"$nulls":4},0,null,0]
[null,"Seguro de Vida",{"$nulls":4},0.45,null,5.3592000000000001E-2]
[null,"Desgaste Orgânico",{"$nulls":4},0,null,0]
[null,"Adicional de Confinamento",{"$nulls":4},0,null,0]
[null,"Total Encargos Adicionais",{"$nulls":4},0.45,null,5.3592000000000001E-2]
[null,"Encargos Totais",{"$nulls":4},162.51439999999999,null,19.485472999999999]
[null,"Custo Total",{"$nulls":6},31.4754]
[null,"Código",null,"Descrição",null,null,"Unidade",null,"Salário \n(R$)"]
[null,"P9822",null,"Pintor",null,null,"h",null,12.418200000000001]
[]
[null,"Encargos Sociais e Trabalhistas - julho/2025",{"$nulls":4}," %"]
[null,"Grupo A - Encargos Sociais"]
[null,"Previdência Social",{"$nulls":4},20]
[null,"FGTS",{"$nulls":4},8]
[null,"Salário Educação",{"$nulls":4},2.5]
[null,"SESC ou SESI",{"$nulls":4},1.5]
[null,"SENAI / SEBRAE",{"$nulls":4},1.6]
[null,"INCRA",{"$nulls":4},0.2]
[null,"Seguro Contra Risco e Acidente de Trabalho",{"$nulls":4},3]
[null,"SECONCI",{"$nulls":4},0.5]
[null,"FAE - Financiamento de Aposentadoria Especial",{"$nulls":4},0]
[null,"Total Grupo A",{"$nulls":4},37.299999999999997]
[null,"Grupo B - Encargos Trabalhistas"]
[null,"Repouso Semanal Remunerado - Domingos",{"$nulls":4},18.404249799999999]
[null,"Feriados",{"$nulls":4},5.09288192]
[null,"Férias Gozadas + 1/3",{"$nulls":4},4.84367371]
[null,"Auxílio Enfermidade",{"$nulls":4},0.89865185000000003]
[null,"Auxílio Acidente de Trabalho",{"$nulls":4},4.9074180000000002E-2]
[null,"Licença Paternidade",{"$nulls":4},8.1413360000000004E-2]
[null,"13° Salário",{"$nulls":4},9.2377634799999999]
[null,"Faltas Justificadas",{"$nulls":4},0.74243291]
[null,"Férias sobre Licença Maternidade",{"$nulls":4},6.2230699999999998E-3]
[null,"Reciclagem Tecnológica",{"$nulls":4},0]
[null,"Total Grupo B",{"$nulls":4},39.356364290000002]
[null,"Grupo C - Verbas Rescisórias"]
[null,"Aviso Prévio Indenizado",{"$nulls":4},5.0056832199999999]
[null,"Aviso Prévio Trabalhado",{"$nulls":4},0.13789824000000001]
[null,"Férias Indenizadas + 1/3",{"$nulls":4},7.4733442700000001]
[null,"Depósito por Rescisão Sem Justa Causa",{"$nulls":4},4.4594036600000004]
[null,"Indenização Adicional",{"$nulls":4},0.92804114000000004]
[null,"Total Grupo C",{"$nulls":4},18.004370529999999]
[null,"Grupo D - Verbas Rescisórias"]
[null,"Reincidência de A sobre B",{"$nulls":4},14.67992388]
[null,"Reincidência de A sobre Aviso Prévio Trabalhado + Reincidência de FGTS sobre Aviso Prévio Indenizado",{"$nulls":4},0.45189069999999998]
[null,"Total Grupo D",{"$nulls":4},15.13181458]
[null,"Total Encargos Sociais e Trabalhistas - julho/2025",{"$nulls":4},109.79]
[null,"Periculosidade/Insalubridade",{"$nulls":4}," %",null,"R$"]
[null,"Total Periculosidade/Insalubridade",{"$nulls":4},0,null,0]
[null,"Encargos Sociais e Trabalhistas - Média Móvel",{"$nulls":4}," %",null,"R$"]
[null,"Encargos Sociais e Trabalhistas - Média Móvel - Sobre Salário",{"$nulls":4},109.91,null,13.648844]
[null,"Encargos Sociais e Trabalhistas - Média Móvel - Sobre Periculosidade/Insalubridade",{"$nulls":4},109.91,null,0]
[null,"Total Encargos Sociais e Trabalhistas - Média Móvel",{"$nulls":4},109.91,null,13.648844]
[null,"Encargos Complementares",{"$nulls":4}," %",null,"R$"]
[null,"Alimentação",{"$nulls":4},37.5,null,4.6571769999999999]
[null,"EPI",{"$nulls":4},3.88,null,0.48227700000000001]
[null,"Ferramenta",{"$nulls":4},0.64,null,7.9783000000000007E-2]
[null,"Transporte",{"$nulls":4},7.89,null,0.98006300000000002]
[null,"Consulta Ocupacional",{"$nulls":4},0.42,null,5.1617999999999997E-2]
[null,"Total Encargos Complementares",{"$nulls":4},50.33,null,6.2509180000000004]
[null,"Encargos Adicionais",{"$nulls":4}," %",null,"R$"]
[null,"Cesta Básica",{"$nulls":4},0,null,0]
[null,"Assistência Médica",{"$nulls":4},0,null,0]
[null,"Seguro de Vida",{"$nulls":4},0.43,null,5.3592000000000001E-2]
[null,"Desgaste Orgânico",{"$nulls":4},0,null,0]
[null,"Adicional de Confinamento",{"$nulls":4},0,null,0]
[null,"Total Encargos Adicionais",{"$nulls":4},0.43,null,5.3592000000000001E-2]
[null,"Encargos Totais",{"$nulls":4},160.67830000000001,null,19.953354000000001]
[null,"Custo Total",{"$nulls":6},32.371499999999997]
[null,"Código",null,"Descrição",null,null,"Unidade",null,"Salário \n(R$)"]
[null,"P9823",null,"Serralheiro",null,null,"h",null,12.418200000000001]
[]
[null,"Encargos Sociais e Trabalhistas - julho/2025",{"$nulls":4}," %"]
[null,"Grupo A - Encargos Sociais"]
[null,"Previdência Social",{"$nulls":4},20]
[null,"FGTS",{"$nulls":4},8]
[null,"Salário Educação",{"$nulls":4},2.5]
[null,"SESC ou SESI",{"$nulls":4},1.5]
[null,"SENAI / SEBRAE",{"$nulls":4},1.6]
[null,"INCRA",{"$nulls":4},0.2]
[null,"Seguro Contra Risco e Acidente de Trabalho",{"$nulls":4},3]
[null,"SECONCI",{"$nulls":4},0.5]
[null,"FAE - Financiamento de Aposentadoria Especial",{"$nulls":4},0]
[null,"Total Grupo A",{"$nulls":4},37.299999999999997]
[null,"Grupo B - Encargos Trabalhistas"]
[null,"Repouso Semanal Remunerado - Domingos",{"$nulls":4},18.661734490000001]
[null,"Feriados",{"$nulls":4},5.1652231000000004]
[null,"Férias Gozadas + 1/3",{"$nulls":4},6.8279280900000003]
[null,"Auxílio Enfermidade",{"$nulls":4},0.89871193000000005]
[null,"Auxílio Acidente de Trabalho",{"$nulls":4},4.9077460000000003E-2]
[null,"Licença Paternidade",{"$nulls":4},9.3270389999999995E-2]
[null,"13° Salário",{"$nulls":4},9.2383810099999994]
[null,"Faltas Justificadas",{"$nulls":4},0.74248254000000002]
[null,"Férias sobre Licença Maternidade",{"$nulls":4},1.0648700000000001E-3]
[null,"Reciclagem Tecnológica",{"$nulls":4},0]
[null,"Total Grupo B",{"$nulls":4},41.677873869999999]
[null,"Grupo C - Verbas Rescisórias"]
[null,"Aviso Prévio Indenizado",{"$nulls":4},4.0111914000000004]
[null,"Aviso Prévio Trabalhado",{"$nulls":4},0.10129317]
[null,"Férias Indenizadas + 1/3",{"$nulls":4},5.4899132599999998]
[null,"Depósito por Rescisão Sem Justa Causa",{"$nulls":4},4.5336919599999996]
[null,"Indenização Adicional",{"$nulls":4},0.92810318000000003]
[null,"Total Grupo C",{"$nulls":4},15.06419298]
[null,"Grupo D - Verbas Rescisórias"]
[null,"Reincidência de A sobre B",{"$nulls":4},15.54584695]
[null,"Reincidência de A sobre Aviso Prévio Trabalhado + Reincidência de FGTS sobre Aviso Prévio Indenizado",{"$nulls":4},0.35867767]
[null,"Total Grupo D",{"$nulls":4},15.90452462]
[null,"Total Encargos Sociais e Trabalhistas - julho/2025",{"$nulls":4},109.95]
[null,"Periculosidade/Insalubridade",{"$nulls":4}," %",null,"R$"]
[null,"Total Periculosidade/Insalubridade",{"$nulls":4},0,null,0]
[null,"Encargos Sociais e Trabalhistas - Média Móvel",{"$nulls":4}," %",null,"R$"]
[null,"Encargos Sociais e Trabalhistas - Média Móvel - Sobre Salário",{"$nulls":4},109.79,null,13.633941999999999]
[null,"Encargos Sociais e Trabalhistas - Média Móvel - Sobre Periculosidade/Insalubridade",{"$nulls":4},109.79,null,0]
[null,"Total Encargos Sociais e Trabalhistas - Média Móvel",{"$nulls":4},109.79,null,13.633941999999999]
[null,"Encargos Complementares",{"$nulls":4}," %",null,"R$"]
[null,"Alimentação",{"$nulls":4},37.5,null,4.6571769999999999]
[null,"EPI",{"$nulls":4},3.88,null,0.48227700000000001]
[null,"Ferramenta",{"$nulls":4},0.52,null,6.4544000000000004E-2]
[null,"Transporte",{"$nulls":4},7.89,null,0.98006300000000002]
[null,"Consulta Ocupacional",{"$nulls":4},0.46,null,5.6874000000000001E-2]
[null,"Total Encargos Complementares",{"$nulls":4},50.25,null,6.2409350000000003]
[null,"Encargos Adicionais",{"$nulls":4}," %",null,"R$"]
[null,"Cesta Básica",{"$nulls":4},0,null,0]
[null,"Assistência Médica",{"$nulls":4},0,null,0]
[null,"Seguro de Vida",{"$nulls":4},0.43,null,5.3592000000000001E-2]
[null,"Desgaste Orgânico",{"$nulls":4},0,null,0]
[null,"Adicional de Confinamento",{"$nulls":4},0,null,0]
[null,"Total Encargos Adicionais",{"$nulls":4},0.43,null,5.3592000000000001E-2]
[null,"Encargos Totais",{"$nulls":4},160.47790000000001,null,19.928469]
[null,"Custo Total",{"$nulls":6},32.346600000000002]
[null,"Código",null,"Descrição",null,null,"Unidade",null,"Salário \n(R$)"]
[null,"P9824",null,"Servente",null,null,"h",null,7.76]
[]
[null,"Encargos Sociais e Trabalhistas - julho/2025",{"$nulls":4}," %"]
[null,"Grupo A - Encargos Sociais"]
[null,"Previdência Social",{"$nulls":4},20]
[null,"FGTS",{"$nulls":4},8]
[null,"Salário Educação",{"$nulls":4},2.5]
[null,"SESC ou SESI",{"$nulls":4},1.5]
[null,"SENAI / SEBRAE",{"$nulls":4},1.6]
[null,"INCRA",{"$nulls":4},0.2]
[null,"Seguro Contra Risco e Acidente de Trabalho",{"$nulls":4},3]
[null,"SECONCI",{"$nulls":4},1]
[null,"FAE - Financiamento de Aposentadoria Especial",{"$nulls":4},0]
[null,"Total Grupo A",{"$nulls":4},37.799999999999997]
[null,"Grupo B - Encargos Trabalhistas"]
[null,"Repouso Semanal Remunerado - Domingos",{"$nulls":4},18.297952559999999]
[null,"Feriados",{"$nulls":4},5.0630060300000004]
[null,"Férias Gozadas + 1/3",{"$nulls":4},4.0045625400000002]
[null,"Auxílio Enfermidade",{"$nulls":4},0.90152284999999999]
[null,"Auxílio Acidente de Trabalho",{"$nulls":4},4.9079940000000002E-2]
[null,"Licença Paternidade",{"$nulls":4},8.1467709999999999E-2]
[null,"13° Salário",{"$nulls":4},9.2388476599999994]
[null,"Faltas Justificadas",{"$nulls":4},0.74252004999999999]
[null,"Férias sobre Licença Maternidade",{"$nulls":4},1.5135289999999999E-2]
[null,"Reciclagem Tecnológica",{"$nulls":4},0]
[null,"Total Grupo B",{"$nulls":4},38.394094610000003]
[null,"Grupo C - Verbas Rescisórias"]
[null,"Aviso Prévio Indenizado",{"$nulls":4},5.5680388199999999]
[null,"Aviso Prévio Trabalhado",{"$nulls":4},0.1533902]
[null,"Férias Indenizadas + 1/3",{"$nulls":4},8.3139009999999995]
[null,"Depósito por Rescisão Sem Justa Causa",{"$nulls":4},4.4286110299999999]
[null,"Indenização Adicional",{"$nulls":4},0.92815006]
[null,"Total Grupo C",{"$nulls":4},19.392091109999999]
[null,"Grupo D - Verbas Rescisórias"]
[null,"Reincidência de A sobre B",{"$nulls":4},14.51296776]
[null,"Reincidência de A sobre Aviso Prévio Trabalhado + Reincidência de FGTS sobre Aviso Prévio Indenizado",{"$nulls":4},0.5034246]
[null,"Total Grupo D",{"$nulls":4},15.016392359999999]
[null,"Total Encargos Sociais e Trabalhistas - julho/2025",{"$nulls":4},110.6]
[null,"Periculosidade/Insalubridade",{"$nulls":4}," %",null,"R$"]
[null,"Total Periculosidade/Insalubridade",{"$nulls":4},0,null,0]
[null,"Encargos Sociais e Trabalhistas - Média Móvel",{"$nulls":4}," %",null,"R$"]
[null,"Encargos Sociais e Trabalhistas - Média Móvel - Sobre Salário",{"$nulls":4},110.77,null,8.5957519999999992]
[null,"Encargos Sociais e Trabalhistas - Média Móvel - Sobre Periculosidade/Insalubridade",{"$nulls":4},110.77,null,0]
[null,"Total Encargos Sociais e Trabalhistas - Média Móvel",{"$nulls":4},110.77,null,8.5957519999999992]
[null,"Encargos Complementares",{"$nulls":4}," %",null,"R$"]
[null,"Alimentação",{"$nulls":4},60.02,null,4.6571769999999999]
[null,"EPI",{"$nulls":4},4.82,null,0.37395200000000001]
[null,"Ferramenta",{"$nulls":4},0.63,null,4.9272999999999997E-2]
[null,"Transporte",{"$nulls":4},12.63,null,0.98006300000000002]
[null,"Consulta Ocupacional",{"$nulls":4},0.74,null,5.7417000000000003E-2]
[null,"Total Encargos Complementares",{"$nulls":4},78.84,null,6.1178819999999998]
[null,"Encargos Adicionais",{"$nulls":4}," %",null,"R$"]
[null,"Cesta Básica",{"$nulls":4},0,null,0]
[null,"Assistência Médica",{"$nulls":4},0,null,0]
[null,"Seguro de Vida",{"$nulls":4},0.69,null,5.3592000000000001E-2]
[null,"Desgaste Orgânico",{"$nulls":4},0,null,0]
[null,"Adicional de Confinamento",{"$nulls":4},0,null,0]
[null,"Total Encargos Adicionais",{"$nulls":4},0.69,null,5.3592000000000001E-2]
[null,"Encargos Totais",{"$nulls":4},190.29929999999999,null,14.767226000000001]
[null,"Custo Total",{"$nulls":6},22.527200000000001]
[null,"Código",null,"Descrição",null,null,"Unidade",null,"Salário \n(R$)"]
[null,"P9825",null,"Soldador",null,null,"h",null,15.9617]
[]
[null,"Encargos Sociais e Trabalhistas - julho/2025",{"$nulls":4}," %"]
[null,"Grupo A - Encargos Sociais"]
[null,"Previdência Social",{"$nulls":4},20]
[null,"FGTS",{"$nulls":4},8]
[null,"Salário Educação",{"$nulls":4},2.5]
[null,"SESC ou SESI",{"$nulls":4},1.5]
[null,"SENAI / SEBRAE",{"$nulls":4},1.6]
[null,"INCRA",{"$nulls":4},0.2]
[null,"Seguro Contra Risco e Acidente de Trabalho",{"$nulls":4},3]
[null,"SECONCI",{"$nulls":4},0.5]
[null,"FAE - Financiamento de Aposentadoria Especial",{"$nulls":4},0]
[null,"Total Grupo A",{"$nulls":4},37.299999999999997]
[null,"Grupo B - Encargos Trabalhistas"]
[null,"Repouso Semanal Remunerado - Domingos",{"$nulls":4},18.424896329999999]
[null,"Feriados",{"$nulls":4},5.0986754999999997]
[null,"Férias Gozadas + 1/3",{"$nulls":4},4.9902334399999999]
[null,"Auxílio Enfermidade",{"$nulls":4},0.89873860000000005]
[null,"Auxílio Acidente de Trabalho",{"$nulls":4},4.9078910000000003E-2]
[null,"Licença Paternidade",{"$nulls":4},9.3090270000000003E-2]
[null,"13° Salário",{"$nulls":4},9.2386551899999994]
[null,"Faltas Justificadas",{"$nulls":4},0.74250457999999997]
[null,"Férias sobre Licença Maternidade",{"$nulls":4},4.20974E-3]
[null,"Reciclagem Tecnológica",{"$nulls":4},0]
[null,"Total Grupo B",{"$nulls":4},39.540082560000002]
[null,"Grupo C - Verbas Rescisórias"]
[null,"Aviso Prévio Indenizado",{"$nulls":4},4.9078393900000004]
[null,"Aviso Prévio Trabalhado",{"$nulls":4},0.13520280000000001]
[null,"Férias Indenizadas + 1/3",{"$nulls":4},7.3279734799999998]
[null,"Depósito por Rescisão Sem Justa Causa",{"$nulls":4},4.4652826399999999]
[null,"Indenização Adicional",{"$nulls":4},0.92813071999999996]
[null,"Total Grupo C",{"$nulls":4},17.764429029999999]
[null,"Grupo D - Verbas Rescisórias"]
[null,"Reincidência de A sobre B",{"$nulls":4},14.748450800000001]
[null,"Reincidência de A sobre Aviso Prévio Trabalhado + Reincidência de FGTS sobre Aviso Prévio Indenizado",{"$nulls":4},0.4430578]
[null,"Total Grupo D",{"$nulls":4},15.19150859]
[null,"Total Encargos Sociais e Trabalhistas - julho/2025",{"$nulls":4},109.8]
[null,"Periculosidade/Insalubridade",{"$nulls":4}," %",null,"R$"]
[null,"Total Periculosidade/Insalubridade",{"$nulls":4},0,null,0]
[null,"Encargos Sociais e Trabalhistas - Média Móvel",{"$nulls":4}," %",null,"R$"]
[null,"Encargos Sociais e Trabalhistas - Média Móvel - Sobre Salário",{"$nulls":4},109.92,null,17.545100999999999]
[null,"Encargos Sociais e Trabalhistas - Média Móvel - Sobre Periculosidade/Insalubridade",{"$nulls":4},109.92,null,0]
[null,"Total Encargos Sociais e Trabalhistas - Média Móvel",{"$nulls":4},109.92,null,17.545100999999999]
[null,"Encargos Complementares",{"$nulls":4}," %",null,"R$"]
[null,"Alimentação",{"$nulls":4},29.18,null,4.6571769999999999]
[null,"EPI",{"$nulls":4},3.41,null,0.54478599999999999]
[null,"Ferramenta",{"$nulls":4},0.3,null,4.7739999999999998E-2]
[null,"Transporte",{"$nulls":4},6.14,null,0.98006300000000002]
[null,"Consulta Ocupacional",{"$nulls":4},0.32,null,5.0609000000000001E-2]
[null,"Total Encargos Complementares",{"$nulls":4},39.35,null,6.2803750000000003]
[null,"Encargos Adicionais",{"$nulls":4}," %",null,"R$"]
[null,"Cesta Básica",{"$nulls":4},0,null,0]
[null,"Assistência Médica",{"$nulls":4},0,null,0]
[null,"Seguro de Vida",{"$nulls":4},0.34,null,5.3592000000000001E-2]
[null,"Desgaste Orgânico",{"$nulls":4},0,null,0]
[null,"Adicional de Confinamento",{"$nulls":4},0,null,0]
[null,"Total Encargos Adicionais",{"$nulls":4},0.34,null,5.3592000000000001E-2]
[null,"Encargos Totais",{"$nulls":4},149.60230000000001,null,23.879068]
[null,"Custo Total",{"$nulls":6},39.840699999999998]
[null,"Código",null,"Descrição",null,null,"Unidade",null,"Salário \n(R$)"]
[null,"P9826",null,"Chefe setor de finanças",null,null,"mês",null,13693.472599999999]
[]
[null,"Encargos Sociais e Trabalhistas - julho/2025",{"$nulls":4}," %"]
[null,"Grupo A - Encargos Sociais"]
[null,"Previdência Social",{"$nulls":4},20]
[null,"FGTS",{"$nulls":4},8]
[null,"Salário Educação",{"$nulls":4},2.5]
[null,"SESC ou SESI",{"$nulls":4},1.5]
[null,"SENAI / SEBRAE",{"$nulls":4},1.6]
[null,"INCRA",{"$nulls":4},0.2]
[null,"Seguro Contra Risco e Acidente de Trabalho",{"$nulls":4},3]
[null,"SECONCI",{"$nulls":4},0.41481480999999998]
[null,"FAE - Financiamento de Aposentadoria Especial",{"$nulls":4},0]
[null,"Total Grupo A",{"$nulls":4},37.21481481]
[null,"Grupo B - Encargos Trabalhistas"]
[null,"Repouso Semanal Remunerado - Domingos",{"$nulls":4},0]
[null,"Feriados",{"$nulls":4},0]
[null,"Férias Gozadas + 1/3",{"$nulls":4},10.18212144]
[null,"Auxílio Enfermidade",{"$nulls":4},0.90929601999999998]
[null,"Auxílio Acidente de Trabalho",{"$nulls":4},4.9123319999999998E-2]
[null,"Licença Paternidade",{"$nulls":4},3.9623110000000003E-2]
[null,"13° Salário",{"$nulls":4},9.2470139899999992]
[null,"Faltas Justificadas",{"$nulls":4},0.74317637000000003]
[null,"Férias sobre Licença Maternidade",{"$nulls":4},0.13839514]
[null,"Reciclagem Tecnológica",{"$nulls":4},0]
[null,"Total Grupo B",{"$nulls":4},21.308749389999999]
[null,"Grupo C - Verbas Rescisórias"]
[null,"Aviso Prévio Indenizado",{"$nulls":4},1.95925493]
[null,"Aviso Prévio Trabalhado",{"$nulls":4},3.9581089999999999E-2]
[null,"Férias Indenizadas + 1/3",{"$nulls":4},2.1472305500000002]
[null,"Depósito por Rescisão Sem Justa Causa",{"$nulls":4},3.8818799799999999]
[null,"Indenização Adicional",{"$nulls":4},0.92897046000000005]
[null,"Total Grupo C",{"$nulls":4},8.9569170000000007]
[null,"Grupo D - Verbas Rescisórias"]
[null,"Reincidência de A sobre B",{"$nulls":4},7.9300116200000001]
[null,"Reincidência de A sobre Aviso Prévio Trabalhado + Reincidência de FGTS sobre Aviso Prévio Indenizado",{"$nulls":4},0.17147042000000001]
[null,"Total Grupo D",{"$nulls":4},8.1014820499999995]
[null,"Total Encargos Sociais e Trabalhistas - julho/2025",{"$nulls":4},75.58]
[null,"Periculosidade/Insalubridade",{"$nulls":4}," %",null,"R$"]
[null,"Total Periculosidade/Insalubridade",{"$nulls":4},0,null,0]
[null,"Encargos Sociais e Trabalhistas - Média Móvel",{"$nulls":4}," %",null,"R$"]
[null,"Encargos Sociais e Trabalhistas - Média Móvel - Sobre Salário",{"$nulls":4},75.66,null,10360.481368999999]
[null,"Encargos Sociais e Trabalhistas - Média Móvel - Sobre Periculosidade/Insalubridade",{"$nulls":4},75.66,null,0]
[null,"Total Encargos Sociais e Trabalhistas - Média Móvel",{"$nulls":4},75.66,null,10360.481368999999]
[null,"Encargos Complementares",{"$nulls":4}," %",null,"R$"]
[null,"Alimentação",{"$nulls":4},6.21,null,849.88823000000002]
[null,"EPI",{"$nulls":4},0.46,null,62.450066]
[null,"Ferramenta",{"$nulls":4},0,null,0]
[null,"Transporte",{"$nulls":4},1.31,null,178.85172600000001]
[null,"Consulta Ocupacional",{"$nulls":4},0.04,null,5.4075439999999997]
[null,"Total Encargos Complementares",{"$nulls":4},8.02,null,1096.5975659999999]
[null,"Encargos Adicionais",{"$nulls":4}," %",null,"R$"]
[null,"Cesta Básica",{"$nulls":4},0,null,0]
[null,"Assistência Médica",{"$nulls":4},0,null,0]
[null,"Seguro de Vida",{"$nulls":4},7.0000000000000007E-2,null,9.7799999999999994]
[null,"Desgaste Orgânico",{"$nulls":4},0,null,0]
[null,"Adicional de Confinamento",{"$nulls":4},0,null,0]
[null,"Total Encargos Adicionais",{"$nulls":4},7.0000000000000007E-2,null,9.7799999999999994]
[null,"Encargos Totais",{"$nulls":4},83.739599999999996,null,11466.858935]
[null,"Custo Total",{"$nulls":6},25160.331699999999]
[null,"Código",null,"Descrição",null,null,"Unidade",null,"Salário \n(R$)"]
[null,"P9827",null,"Vigia",null,null,"mês",null,1734.4511]
[]
[null,"Encargos Sociais e Trabalhistas - julho/2025",{"$nulls":4}," %"]
[null,"Grupo A - Encargos Sociais"]
[null,"Previdência Social",{"$nulls":4},20]
[null,"FGTS",{"$nulls":4},8]
[null,"Salário Educação",{"$nulls":4},2.5]
[null,"SESC ou SESI",{"$nulls":4},1.5]
[null,"SENAI / SEBRAE",{"$nulls":4},1.6]
[null,"INCRA",{"$nulls":4},0.2]
[null,"Seguro Contra Risco e Acidente de Trabalho",{"$nulls":4},3]
[null,"SECONCI",{"$nulls":4},1]
[null,"FAE - Financiamento de Aposentadoria Especial",{"$nulls":4},0]
[null,"Total Grupo A",{"$nulls":4},37.799999999999997]
[null,"Grupo B - Encargos Trabalhistas"]
[null,"Repouso Semanal Remunerado - Domingos",{"$nulls":4},0]
[null,"Feriados",{"$nulls":4},0]
[null,"Férias Gozadas + 1/3",{"$nulls":4},2.58324146]
[null,"Auxílio Enfermidade",{"$nulls":4},0.90173842000000004]
[null,"Auxílio Acidente de Trabalho",{"$nulls":4},4.9091669999999997E-2]
[null,"Licença Paternidade",{"$nulls":4},4.9854349999999999E-2]
[null,"13° Salário",{"$nulls":4},9.2410567500000003]
[null,"Faltas Justificadas",{"$nulls":4},0.74269759000000002]
[null,"Férias sobre Licença Maternidade",{"$nulls":4},7.0636900000000002E-2]
[null,"Reciclagem Tecnológica",{"$nulls":4},0]
[null,"Total Grupo B",{"$nulls":4},13.638317130000001]
[null,"Grupo C - Verbas Rescisórias"]
[null,"Aviso Prévio Indenizado",{"$nulls":4},6.52034863]
[null,"Aviso Prévio Trabalhado",{"$nulls":4},0.17962475]
[null,"Férias Indenizadas + 1/3",{"$nulls":4},9.73816755]
[null,"Depósito por Rescisão Sem Justa Causa",{"$nulls":4},3.6364261500000001]
[null,"Indenização Adicional",{"$nulls":4},0.92837199000000004]
[null,"Total Grupo C",{"$nulls":4},21.002939059999999]
[null,"Grupo D - Verbas Rescisórias"]
[null,"Reincidência de A sobre B",{"$nulls":4},5.1552838799999998]
[null,"Reincidência de A sobre Aviso Prévio Trabalhado + Reincidência de FGTS sobre Aviso Prévio Indenizado",{"$nulls":4},0.58952603999999997]
[null,"Total Grupo D",{"$nulls":4},5.7448099199999998]
[null,"Total Encargos Sociais e Trabalhistas - julho/2025",{"$nulls":4},78.19]
[null,"Periculosidade/Insalubridade",{"$nulls":4}," %",null,"R$"]
[null,"Total Periculosidade/Insalubridade",{"$nulls":4},30,null,520.33529999999996]
[null,"Encargos Sociais e Trabalhistas - Média Móvel",{"$nulls":4}," %",null,"R$"]
[null,"Encargos Sociais e Trabalhistas - Média Móvel - Sobre Salário",{"$nulls":4},78.489999999999995,null,1361.370668]
[null,"Encargos Sociais e Trabalhistas - Média Móvel - Sobre Periculosidade/Insalubridade",{"$nulls":4},78.489999999999995,null,408.41117700000001]
[null,"Total Encargos Sociais e Trabalhistas - Média Móvel",{"$nulls":4},78.489999999999995,null,1769.781845]
[null,"Encargos Complementares",{"$nulls":4}," %",null,"R$"]
[null,"Alimentação",{"$nulls":4},49,null,849.88823000000002]
[null,"EPI",{"$nulls":4},3.66,null,63.473173000000003]
[null,"Ferramenta",{"$nulls":4},0,null,0]
[null,"Transporte",{"$nulls":4},10.31,null,178.85172600000001]
[null,"Consulta Ocupacional",{"$nulls":4},0.71,null,12.270111]
[null,"Total Encargos Complementares",{"$nulls":4},63.68,null,1104.48324]
[null,"Encargos Adicionais",{"$nulls":4}," %",null,"R$"]
[null,"Cesta Básica",{"$nulls":4},0,null,0]
[null,"Assistência Médica",{"$nulls":4},0,null,0]
[null,"Seguro de Vida",{"$nulls":4},0.56000000000000005,null,9.7799999999999994]
[null,"Desgaste Orgânico",{"$nulls":4},0,null,0]
[null,"Adicional de Confinamento",{"$nulls":4},0,null,0]
[null,"Total Encargos Adicionais",{"$nulls":4},0.56000000000000005,null,9.7799999999999994]
[null,"Encargos Totais",{"$nulls":4},166.28,null,2884.0450850000002]
[null,"Custo Total",{"$nulls":6},5138.8316999999997]
[null,"Código",null,"Descrição",null,null,"Unidade",null,"Salário \n(R$)"]
[null,"P9830",null,"Montador",null,null,"h",null,11.886900000000001]
[]
[null,"Encargos Sociais e Trabalhistas - julho/2025",{"$nulls":4}," %"]
[null,"Grupo A - Encargos Sociais"]
[null,"Previdência Social",{"$nulls":4},20]
[null,"FGTS",{"$nulls":4},8]
[null,"Salário Educação",{"$nulls":4},2.5]
[null,"SESC ou SESI",{"$nulls":4},1.5]
[null,"SENAI / SEBRAE",{"$nulls":4},1.6]
[null,"INCRA",{"$nulls":4},0.2]
[null,"Seguro Contra Risco e Acidente de Trabalho",{"$nulls":4},3]
[null,"SECONCI",{"$nulls":4},0.5]
[null,"FAE - Financiamento de Aposentadoria Especial",{"$nulls":4},0]
[null,"Total Grupo A",{"$nulls":4},37.299999999999997]
[null,"Grupo B - Encargos Trabalhistas"]
[null,"Repouso Semanal Remunerado - Domingos",{"$nulls":4},18.546403519999998]
[null,"Feriados",{"$nulls":4},5.1328136300000002]
[null,"Férias Gozadas + 1/3",{"$nulls":4},5.9271016799999998]
[null,"Auxílio Enfermidade",{"$nulls":4},0.89876370000000005]
[null,"Auxílio Acidente de Trabalho",{"$nulls":4},4.9080279999999997E-2]
[null,"Licença Paternidade",{"$nulls":4},9.8261760000000004E-2]
[null,"13° Salário",{"$nulls":4},9.2389132200000006]
[null,"Faltas Justificadas",{"$nulls":4},0.74252530999999999]
[null,"Férias sobre Licença Maternidade",{"$nulls":4},1.8381999999999999E-3]
[null,"Reciclagem Tecnológica",{"$nulls":4},0]
[null,"Total Grupo B",{"$nulls":4},40.635701310000002]
[null,"Grupo C - Verbas Rescisórias"]
[null,"Aviso Prévio Indenizado",{"$nulls":4},4.2804918199999999]
[null,"Aviso Prévio Trabalhado",{"$nulls":4},0.11792042]
[null,"Férias Indenizadas + 1/3",{"$nulls":4},6.3914492899999997]
[null,"Depósito por Rescisão Sem Justa Causa",{"$nulls":4},4.5003424399999998]
[null,"Indenização Adicional",{"$nulls":4},0.92815663999999998]
[null,"Total Grupo C",{"$nulls":4},16.218360610000001]
[null,"Grupo D - Verbas Rescisórias"]
[null,"Reincidência de A sobre B",{"$nulls":4},15.157116589999999]
[null,"Reincidência de A sobre Aviso Prévio Trabalhado + Reincidência de FGTS sobre Aviso Prévio Indenizado",{"$nulls":4},0.38642366]
[null,"Total Grupo D",{"$nulls":4},15.54354025]
[null,"Total Encargos Sociais e Trabalhistas - julho/2025",{"$nulls":4},109.7]
[null,"Periculosidade/Insalubridade",{"$nulls":4}," %",null,"R$"]
[null,"Total Periculosidade/Insalubridade",{"$nulls":4},0,null,0]
[null,"Encargos Sociais e Trabalhistas - Média Móvel",{"$nulls":4}," %",null,"R$"]
[null,"Encargos Sociais e Trabalhistas - Média Móvel - Sobre Salário",{"$nulls":4},109.86,null,13.058948000000001]
[null,"Encargos Sociais e Trabalhistas - Média Móvel - Sobre Periculosidade/Insalubridade",{"$nulls":4},109.86,null,0]
[null,"Total Encargos Sociais e Trabalhistas - Média Móvel",{"$nulls":4},109.86,null,13.058948000000001]
[null,"Encargos Complementares",{"$nulls":4}," %",null,"R$"]
[null,"Alimentação",{"$nulls":4},39.18,null,4.6571769999999999]
[null,"EPI",{"$nulls":4},4.1100000000000003,null,0.48869899999999999]
[null,"Ferramenta",{"$nulls":4},5.69,null,0.67652199999999996]
[null,"Transporte",{"$nulls":4},8.24,null,0.98006300000000002]
[null,"Consulta Ocupacional",{"$nulls":4},0.37,null,4.4139999999999999E-2]
[null,"Total Encargos Complementares",{"$nulls":4},57.59,null,6.8466009999999997]
[null,"Encargos Adicionais",{"$nulls":4}," %",null,"R$"]
[null,"Cesta Básica",{"$nulls":4},0,null,0]
[null,"Assistência Médica",{"$nulls":4},0,null,0]
[null,"Seguro de Vida",{"$nulls":4},0.45,null,5.3592000000000001E-2]
[null,"Desgaste Orgânico",{"$nulls":4},0,null,0]
[null,"Adicional de Confinamento",{"$nulls":4},0,null,0]
[null,"Total Encargos Adicionais",{"$nulls":4},0.45,null,5.3592000000000001E-2]
[null,"Encargos Totais",{"$nulls":4},167.90870000000001,null,19.959140999999999]
[null,"Custo Total",{"$nulls":6},31.846]
[null,"Código",null,"Descrição",null,null,"Unidade",null,"Salário \n(R$)"]
[null,"P9833",null,"Auxiliar de laboratório",null,null,"mês",null,1962.1642999999999]
[]
[null,"Encargos Sociais e Trabalhistas - julho/2025",{"$nulls":4}," %"]
[null,"Grupo A - Encargos Sociais"]
[null,"Previdência Social",{"$nulls":4},20]
[null,"FGTS",{"$nulls":4},8]
[null,"Salário Educação",{"$nulls":4},2.5]
[null,"SESC ou SESI",{"$nulls":4},1.5]
[null,"SENAI / SEBRAE",{"$nulls":4},1.6]
[null,"INCRA",{"$nulls":4},0.2]
[null,"Seguro Contra Risco e Acidente de Trabalho",{"$nulls":4},3]
[null,"SECONCI",{"$nulls":4},0.5]
[null,"FAE - Financiamento de Aposentadoria Especial",{"$nulls":4},0]
[null,"Total Grupo A",{"$nulls":4},37.299999999999997]
[null,"Grupo B - Encargos Trabalhistas"]
[null,"Repouso Semanal Remunerado - Domingos",{"$nulls":4},0]
[null,"Feriados",{"$nulls":4},0]
[null,"Férias Gozadas + 1/3",{"$nulls":4},0.28959038999999998]
[null,"Auxílio Enfermidade",{"$nulls":4},0.89876727999999995]
[null,"Auxílio Acidente de Trabalho",{"$nulls":4},4.9080480000000003E-2]
[null,"Licença Paternidade",{"$nulls":4},9.6677379999999993E-2]
[null,"13° Salário",{"$nulls":4},9.2389500200000008]
[null,"Faltas Justificadas",{"$nulls":4},0.74252826999999999]
[null,"Férias sobre Licença Maternidade",{"$nulls":4},3.81752E-3]
[null,"Reciclagem Tecnológica",{"$nulls":4},0]
[null,"Total Grupo B",{"$nulls":4},11.319411349999999]
[null,"Grupo C - Verbas Rescisórias"]
[null,"Aviso Prévio Indenizado",{"$nulls":4},8.0560558199999992]
[null,"Aviso Prévio Trabalhado",{"$nulls":4},0.22193092]
[null,"Férias Indenizadas + 1/3",{"$nulls":4},12.02900964]
[null,"Depósito por Rescisão Sem Justa Causa",{"$nulls":4},3.56222116]
[null,"Indenização Adicional",{"$nulls":4},0.92816034000000003]
[null,"Total Grupo C",{"$nulls":4},24.797377879999999]
[null,"Grupo D - Verbas Rescisórias"]
[null,"Reincidência de A sobre B",{"$nulls":4},4.2221404299999996]
[null,"Reincidência de A sobre Aviso Prévio Trabalhado + Reincidência de FGTS sobre Aviso Prévio Indenizado",{"$nulls":4},0.72726469999999999]
[null,"Total Grupo D",{"$nulls":4},4.9494051299999997]
[null,"Total Encargos Sociais e Trabalhistas - julho/2025",{"$nulls":4},78.37]
[null,"Periculosidade/Insalubridade",{"$nulls":4}," %",null,"R$"]
[null,"Total Periculosidade/Insalubridade",{"$nulls":4},0,null,0]
[null,"Encargos Sociais e Trabalhistas - Média Móvel",{"$nulls":4}," %",null,"R$"]
[null,"Encargos Sociais e Trabalhistas - Média Móvel - Sobre Salário",{"$nulls":4},78.59,null,1542.0649229999999]
[null,"Encargos Sociais e Trabalhistas - Média Móvel - Sobre Periculosidade/Insalubridade",{"$nulls":4},78.59,null,0]
[null,"Total Encargos Sociais e Trabalhistas - Média Móvel",{"$nulls":4},78.59,null,1542.0649229999999]
[null,"Encargos Complementares",{"$nulls":4}," %",null,"R$"]
[null,"Alimentação",{"$nulls":4},43.31,null,849.88823000000002]
[null,"EPI",{"$nulls":4},2.68,null,52.521931000000002]
[null,"Ferramenta",{"$nulls":4},0,null,0]
[null,"Transporte",{"$nulls":4},9.1199999999999992,null,178.85172600000001]
[null,"Consulta Ocupacional",{"$nulls":4},0.77,null,15.160031999999999]
[null,"Total Encargos Complementares",{"$nulls":4},55.88,null,1096.4219189999999]
[null,"Encargos Adicionais",{"$nulls":4}," %",null,"R$"]
[null,"Cesta Básica",{"$nulls":4},0,null,0]
[null,"Assistência Médica",{"$nulls":4},0,null,0]
[null,"Seguro de Vida",{"$nulls":4},0.5,null,9.7799999999999994]
[null,"Desgaste Orgânico",{"$nulls":4},0,null,0]
[null,"Adicional de Confinamento",{"$nulls":4},0,null,0]
[null,"Total Encargos Adicionais",{"$nulls":4},0.5,null,9.7799999999999994]
[null,"Encargos Totais",{"$nulls":4},134.9666,null,2648.266842]
[null,"Custo Total",{"$nulls":6},4610.4306999999999]
[null,"Código",null,"Descrição",null,null,"Unidade",null,"Salário \n(R$)"]
[null,"P9837",null,"Oceanógrafo",null,null,"mês",null,6863.2118]
[]
[null,"Encargos Sociais e Trabalhistas - julho/2025",{"$nulls":4}," %"]
[null,"Grupo A - Encargos Sociais"]
[null,"Previdência Social",{"$nulls":4},20]
[null,"FGTS",{"$nulls":4},8]
[null,"Salário Educação",{"$nulls":4},2.5]
[null,"SESC ou SESI",{"$nulls":4},1.5]
[null,"SENAI / SEBRAE",{"$nulls":4},1.6]
[null,"INCRA",{"$nulls":4},0.2]
[null,"Seguro Contra Risco e Acidente de Trabalho",{"$nulls":4},3]
[null,"SECONCI",{"$nulls":4},0.41481480999999998]
[null,"FAE - Financiamento de Aposentadoria Especial",{"$nulls":4},0]
[null,"Total Grupo A",{"$nulls":4},37.21481481]
[null,"Grupo B - Encargos Trabalhistas"]
[null,"Repouso Semanal Remunerado - Domingos",{"$nulls":4},0]
[null,"Feriados",{"$nulls":4},0]
[null,"Férias Gozadas + 1/3",{"$nulls":4},7.3739575300000002]
[null,"Auxílio Enfermidade",{"$nulls":4},0.90928569999999997]
[null,"Auxílio Acidente de Trabalho",{"$nulls":4},5.0963580000000001E-2]
[null,"Licença Paternidade",{"$nulls":4},7.5631309999999993E-2]
[null,"13° Salário",{"$nulls":4},9.2469133800000005]
[null,"Faltas Justificadas",{"$nulls":4},0.74316828000000001]
[null,"Férias sobre Licença Maternidade",{"$nulls":4},9.9415900000000001E-2]
[null,"Reciclagem Tecnológica",{"$nulls":4},0]
[null,"Total Grupo B",{"$nulls":4},18.499335689999999]
[null,"Grupo C - Verbas Rescisórias"]
[null,"Aviso Prévio Indenizado",{"$nulls":4},3.6172077900000001]
[null,"Aviso Prévio Trabalhado",{"$nulls":4},9.1344049999999996E-2]
[null,"Férias Indenizadas + 1/3",{"$nulls":4},4.9552603099999999]
[null,"Depósito por Rescisão Sem Justa Causa",{"$nulls":4},3.7919787399999998]
[null,"Indenização Adicional",{"$nulls":4},0.92896034999999999]
[null,"Total Grupo C",{"$nulls":4},13.38475124]
[null,"Grupo D - Verbas Rescisórias"]
[null,"Reincidência de A sobre B",{"$nulls":4},6.8844935200000004]
[null,"Reincidência de A sobre Aviso Prévio Trabalhado + Reincidência de FGTS sobre Aviso Prévio Indenizado",{"$nulls":4},0.32337013999999997]
[null,"Total Grupo D",{"$nulls":4},7.2078636600000001]
[null,"Total Encargos Sociais e Trabalhistas - julho/2025",{"$nulls":4},76.31]
[null,"Periculosidade/Insalubridade",{"$nulls":4}," %",null,"R$"]
[null,"Total Periculosidade/Insalubridade",{"$nulls":4},0,null,0]
[null,"Encargos Sociais e Trabalhistas - Média Móvel",{"$nulls":4}," %",null,"R$"]
[null,"Encargos Sociais e Trabalhistas - Média Móvel - Sobre Salário",{"$nulls":4},76.569999999999993,null,5255.1612750000004]
[null,"Encargos Sociais e Trabalhistas - Média Móvel - Sobre Periculosidade/Insalubridade",{"$nulls":4},76.569999999999993,null,0]
[null,"Total Encargos Sociais e Trabalhistas - Média Móvel",{"$nulls":4},76.569999999999993,null,5255.1612750000004]
[null,"Encargos Complementares",{"$nulls":4}," %",null,"R$"]
[null,"Alimentação",{"$nulls":4},12.85,null,881.67737499999998]
[null,"EPI",{"$nulls":4},0,null,0]
[null,"Ferramenta",{"$nulls":4},0,null,0]
[null,"Transporte",{"$nulls":4},0,null,0]
[null,"Consulta Ocupacional",{"$nulls":4},0.14000000000000001,null,9.3595249999999997]
[null,"Total Encargos Complementares",{"$nulls":4},12.99,null,891.03689999999995]
[null,"Encargos Adicionais",{"$nulls":4}," %",null,"R$"]
[null,"Cesta Básica",{"$nulls":4},4.37,null,300]
[null,"Assistência Médica",{"$nulls":4},0,null,0]
[null,"Seguro de Vida",{"$nulls":4},7.0000000000000007E-2,null,4.99]
[null,"Desgaste Orgânico",{"$nulls":4},0,null,0]
[null,"Adicional de Confinamento",{"$nulls":4},0,null,0]
[null,"Total Encargos Adicionais",{"$nulls":4},4.4400000000000004,null,304.99]
[null,"Encargos Totais",{"$nulls":4},93.996600000000001,null,6451.1881750000002]
[null,"Custo Total",{"$nulls":6},13314.397499999999]
[null,"Código",null,"Descrição",null,null,"Unidade",null,"Salário \n(R$)"]
[null,"P9840",null,"Encarregado geral",null,null,"mês",null,6873.0501000000004]
[]
[null,"Encargos Sociais e Trabalhistas - julho/2025",{"$nulls":4}," %"]
[null,"Grupo A - Encargos Sociais"]
[null,"Previdência Social",{"$nulls":4},20]
[null,"FGTS",{"$nulls":4},8]
[null,"Salário Educação",{"$nulls":4},2.5]
[null,"SESC ou SESI",{"$nulls":4},1.5]
[null,"SENAI / SEBRAE",{"$nulls":4},1.6]
[null,"INCRA",{"$nulls":4},0.2]
[null,"Seguro Contra Risco e Acidente de Trabalho",{"$nulls":4},3]
[null,"SECONCI",{"$nulls":4},1]
[null,"FAE - Financiamento de Aposentadoria Especial",{"$nulls":4},0]
[null,"Total Grupo A",{"$nulls":4},37.799999999999997]
[null,"Grupo B - Encargos Trabalhistas"]
[null,"Repouso Semanal Remunerado - Domingos",{"$nulls":4},0]
[null,"Feriados",{"$nulls":4},0]
[null,"Férias Gozadas + 1/3",{"$nulls":4},7.5665260700000001]
[null,"Auxílio Enfermidade",{"$nulls":4},0.90124342999999996]
[null,"Auxílio Acidente de Trabalho",{"$nulls":4},4.9064719999999999E-2]
[null,"Licença Paternidade",{"$nulls":4},5.9152150000000001E-2]
[null,"13° Salário",{"$nulls":4},9.2359840799999997]
[null,"Faltas Justificadas",{"$nulls":4},0.74228989999999995]
[null,"Férias sobre Licença Maternidade",{"$nulls":4},6.4429999999999999E-3]
[null,"Reciclagem Tecnológica",{"$nulls":4},0]
[null,"Total Grupo B",{"$nulls":4},18.560703350000001]
[null,"Grupo C - Verbas Rescisórias"]
[null,"Aviso Prévio Indenizado",{"$nulls":4},3.47010189]
[null,"Aviso Prévio Trabalhado",{"$nulls":4},8.7629230000000002E-2]
[null,"Férias Indenizadas + 1/3",{"$nulls":4},4.7481193800000003]
[null,"Depósito por Rescisão Sem Justa Causa",{"$nulls":4},3.7939425099999999]
[null,"Indenização Adicional",{"$nulls":4},0.92786237999999999]
[null,"Total Grupo C",{"$nulls":4},13.027655380000001]
[null,"Grupo D - Verbas Rescisórias"]
[null,"Reincidência de A sobre B",{"$nulls":4},7.0159458700000004]
[null,"Reincidência de A sobre Aviso Prévio Trabalhado + Reincidência de FGTS sobre Aviso Prévio Indenizado",{"$nulls":4},0.31073200000000001]
[null,"Total Grupo D",{"$nulls":4},7.3266778700000001]
[null,"Total Encargos Sociais e Trabalhistas - julho/2025",{"$nulls":4},76.72]
[null,"Periculosidade/Insalubridade",{"$nulls":4}," %",null,"R$"]
[null,"Total Periculosidade/Insalubridade",{"$nulls":4},0,null,0]
[null,"Encargos Sociais e Trabalhistas - Média Móvel",{"$nulls":4}," %",null,"R$"]
[null,"Encargos Sociais e Trabalhistas - Média Móvel - Sobre Salário",{"$nulls":4},76.81,null,5279.1897820000004]
[null,"Encargos Sociais e Trabalhistas - Média Móvel - Sobre Periculosidade/Insalubridade",{"$nulls":4},76.81,null,0]
[null,"Total Encargos Sociais e Trabalhistas - Média Móvel",{"$nulls":4},76.81,null,5279.1897820000004]
[null,"Encargos Complementares",{"$nulls":4}," %",null,"R$"]
[null,"Alimentação",{"$nulls":4},12.37,null,849.88823000000002]
[null,"EPI",{"$nulls":4},0.92,null,63.473173000000003]
[null,"Ferramenta",{"$nulls":4},0,null,0]
[null,"Transporte",{"$nulls":4},2.6,null,178.85172600000001]
[null,"Consulta Ocupacional",{"$nulls":4},0.13,null,8.9788890000000006]
[null,"Total Encargos Complementares",{"$nulls":4},16.02,null,1101.192018]
[null,"Encargos Adicionais",{"$nulls":4}," %",null,"R$"]
[null,"Cesta Básica",{"$nulls":4},0,null,0]
[null,"Assistência Médica",{"$nulls":4},0,null,0]
[null,"Seguro de Vida",{"$nulls":4},0.14000000000000001,null,9.7799999999999994]
[null,"Desgaste Orgânico",{"$nulls":4},0,null,0]
[null,"Adicional de Confinamento",{"$nulls":4},0,null,0]
[null,"Total Encargos Adicionais",{"$nulls":4},0.14000000000000001,null,9.7799999999999994]
[null,"Encargos Totais",{"$nulls":4},92.974199999999996,null,6390.1617999999999]
[null,"Custo Total",{"$nulls":6},13263.213400000001]
[null,"Código",null,"Descrição",null,null,"Unidade",null,"Salário \n(R$)"]
[null,"P9842",null,"Faxineiro",null,null,"mês",null,1623.6]
[]
[null,"Encargos Sociais e Trabalhistas - julho/2025",{"$nulls":4}," %"]
[null,"Grupo A - Encargos Sociais"]
[null,"Previdência Social",{"$nulls":4},20]
[null,"FGTS",{"$nulls":4},8]
[null,"Salário Educação",{"$nulls":4},2.5]
[null,"SESC ou SESI",{"$nulls":4},1.5]
[null,"SENAI / SEBRAE",{"$nulls":4},1.6]
[null,"INCRA",{"$nulls":4},0.2]
[null,"Seguro Contra Risco e Acidente de Trabalho",{"$nulls":4},3]
[null,"SECONCI",{"$nulls":4},0.5]
[null,"FAE - Financiamento de Aposentadoria Especial",{"$nulls":4},0]
[null,"Total Grupo A",{"$nulls":4},37.299999999999997]
[null,"Grupo B - Encargos Trabalhistas"]
[null,"Repouso Semanal Remunerado - Domingos",{"$nulls":4},0]
[null,"Feriados",{"$nulls":4},0]
[null,"Férias Gozadas + 1/3",{"$nulls":4},8.0189293900000003]
[null,"Auxílio Enfermidade",{"$nulls":4},0.89942330000000004]
[null,"Auxílio Acidente de Trabalho",{"$nulls":4},4.9116300000000002E-2]
[null,"Licença Paternidade",{"$nulls":4},3.2028130000000002E-2]
[null,"13° Salário",{"$nulls":4},9.2456936200000008]
[null,"Faltas Justificadas",{"$nulls":4},0.74307025000000004]
[null,"Férias sobre Licença Maternidade",{"$nulls":4},0.14144778]
[null,"Reciclagem Tecnológica",{"$nulls":4},0]
[null,"Total Grupo B",{"$nulls":4},19.129708780000001]
[null,"Grupo C - Verbas Rescisórias"]
[null,"Aviso Prévio Indenizado",{"$nulls":4},3.1456232900000001]
[null,"Aviso Prévio Trabalhado",{"$nulls":4},7.9435290000000006E-2]
[null,"Férias Indenizadas + 1/3",{"$nulls":4},4.3086621100000002]
[null,"Depósito por Rescisão Sem Justa Causa",{"$nulls":4},3.8121506799999998]
[null,"Indenização Adicional",{"$nulls":4},0.92883780999999999]
[null,"Total Grupo C",{"$nulls":4},12.274709189999999]
[null,"Grupo D - Verbas Rescisórias"]
[null,"Reincidência de A sobre B",{"$nulls":4},7.1353813800000001]
[null,"Reincidência de A sobre Aviso Prévio Trabalhado + Reincidência de FGTS sobre Aviso Prévio Indenizado",{"$nulls":4},0.28127922999999999]
[null,"Total Grupo D",{"$nulls":4},7.4166606000000002]
[null,"Total Encargos Sociais e Trabalhistas - julho/2025",{"$nulls":4},76.12]
[null,"Periculosidade/Insalubridade",{"$nulls":4}," %",null,"R$"]
[null,"Total Periculosidade/Insalubridade",{"$nulls":4},0,null,0]
[null,"Encargos Sociais e Trabalhistas - Média Móvel",{"$nulls":4}," %",null,"R$"]
[null,"Encargos Sociais e Trabalhistas - Média Móvel - Sobre Salário",{"$nulls":4},76.37,null,1239.9433200000001]
[null,"Encargos Sociais e Trabalhistas - Média Móvel - Sobre Periculosidade/Insalubridade",{"$nulls":4},76.37,null,0]
[null,"Total Encargos Sociais e Trabalhistas - Média Móvel",{"$nulls":4},76.37,null,1239.9433200000001]
[null,"Encargos Complementares",{"$nulls":4}," %",null,"R$"]
[null,"Alimentação",{"$nulls":4},52.35,null,849.88823000000002]
[null,"EPI",{"$nulls":4},4.2,null,68.242549999999994]
[null,"Ferramenta",{"$nulls":4},0,null,0]
[null,"Transporte",{"$nulls":4},11.02,null,178.85172600000001]
[null,"Consulta Ocupacional",{"$nulls":4},0.5,null,8.1393000000000004]
[null,"Total Encargos Complementares",{"$nulls":4},68.069999999999993,null,1105.1218060000001]
[null,"Encargos Adicionais",{"$nulls":4}," %",null,"R$"]
[null,"Cesta Básica",{"$nulls":4},0,null,0]
[null,"Assistência Médica",{"$nulls":4},0,null,0]
[null,"Seguro de Vida",{"$nulls":4},0.6,null,9.7799999999999994]
[null,"Desgaste Orgânico",{"$nulls":4},0,null,0]
[null,"Adicional de Confinamento",{"$nulls":4},0,null,0]
[null,"Total Encargos Adicionais",{"$nulls":4},0.6,null,9.7799999999999994]
[null,"Encargos Totais",{"$nulls":4},145.0385,null,2354.8451260000002]
[null,"Custo Total",{"$nulls":6},3978.4450000000002]
[null,"Código",null,"Descrição",null,null,"Unidade",null,"Salário \n(R$)"]
[null,"P9843",null,"Operador de equipamento leve",null,null,"h",null,9.7224000000000004]
[]
[null,"Encargos Sociais e Trabalhistas - julho/2025",{"$nulls":4}," %"]
[null,"Grupo A - Encargos Sociais"]
[null,"Previdência Social",{"$nulls":4},20]
[null,"FGTS",{"$nulls":4},8]
[null,"Salário Educação",{"$nulls":4},2.5]
[null,"SESC ou SESI",{"$nulls":4},1.5]
[null,"SENAI / SEBRAE",{"$nulls":4},1.6]
[null,"INCRA",{"$nulls":4},0.2]
[null,"Seguro Contra Risco e Acidente de Trabalho",{"$nulls":4},3]
[null,"SECONCI",{"$nulls":4},1]
[null,"FAE - Financiamento de Aposentadoria Especial",{"$nulls":4},0]
[null,"Total Grupo A",{"$nulls":4},37.799999999999997]
[null,"Grupo B - Encargos Trabalhistas"]
[null,"Repouso Semanal Remunerado - Domingos",{"$nulls":4},18.580807629999999]
[null,"Feriados",{"$nulls":4},5.14249153]
[null,"Férias Gozadas + 1/3",{"$nulls":4},6.2132631099999998]
[null,"Auxílio Enfermidade",{"$nulls":4},0.90139955999999999]
[null,"Auxílio Acidente de Trabalho",{"$nulls":4},4.9073220000000001E-2]
[null,"Licença Paternidade",{"$nulls":4},8.1822919999999993E-2]
[null,"13° Salário",{"$nulls":4},9.2375841199999993]
[null,"Faltas Justificadas",{"$nulls":4},0.74241849999999998]
[null,"Férias sobre Licença Maternidade",{"$nulls":4},1.1133899999999999E-3]
[null,"Reciclagem Tecnológica",{"$nulls":4},0]
[null,"Total Grupo B",{"$nulls":4},40.949973989999997]
[null,"Grupo C - Verbas Rescisórias"]
[null,"Aviso Prévio Indenizado",{"$nulls":4},4.4599032100000002]
[null,"Aviso Prévio Trabalhado",{"$nulls":4},0.11262432999999999]
[null,"Férias Indenizadas + 1/3",{"$nulls":4},6.1035157199999999]
[null,"Depósito por Rescisão Sem Justa Causa",{"$nulls":4},4.5103991700000003]
[null,"Indenização Adicional",{"$nulls":4},0.92802311999999998]
[null,"Total Grupo C",{"$nulls":4},16.114465549999998]
[null,"Grupo D - Verbas Rescisórias"]
[null,"Reincidência de A sobre B",{"$nulls":4},15.479090169999999]
[null,"Reincidência de A sobre Aviso Prévio Trabalhado + Reincidência de FGTS sobre Aviso Prévio Indenizado",{"$nulls":4},0.39936424999999998]
[null,"Total Grupo D",{"$nulls":4},15.878454420000001]
[null,"Total Encargos Sociais e Trabalhistas - julho/2025",{"$nulls":4},110.74]
[null,"Periculosidade/Insalubridade",{"$nulls":4}," %",null,"R$"]
[null,"Total Periculosidade/Insalubridade",{"$nulls":4},0,null,0]
[null,"Encargos Sociais e Trabalhistas - Média Móvel",{"$nulls":4}," %",null,"R$"]
[null,"Encargos Sociais e Trabalhistas - Média Móvel - Sobre Salário",{"$nulls":4},110.56,null,10.749084999999999]
[null,"Encargos Sociais e Trabalhistas - Média Móvel - Sobre Periculosidade/Insalubridade",{"$nulls":4},110.56,null,0]
[null,"Total Encargos Sociais e Trabalhistas - Média Móvel",{"$nulls":4},110.56,null,10.749084999999999]
[null,"Encargos Complementares",{"$nulls":4}," %",null,"R$"]
[null,"Alimentação",{"$nulls":4},47.9,null,4.6571769999999999]
[null,"EPI",{"$nulls":4},3.72,null,0.36205100000000001]
[null,"Ferramenta",{"$nulls":4},0,null,0]
[null,"Transporte",{"$nulls":4},10.08,null,0.98006300000000002]
[null,"Consulta Ocupacional",{"$nulls":4},0.65,null,6.3236000000000001E-2]
[null,"Total Encargos Complementares",{"$nulls":4},62.35,null,6.0625270000000002]
[null,"Encargos Adicionais",{"$nulls":4}," %",null,"R$"]
[null,"Cesta Básica",{"$nulls":4},0,null,0]
[null,"Assistência Médica",{"$nulls":4},0,null,0]
[null,"Seguro de Vida",{"$nulls":4},0.55000000000000004,null,5.3592000000000001E-2]
[null,"Desgaste Orgânico",{"$nulls":4},0,null,0]
[null,"Adicional de Confinamento",{"$nulls":4},0,null,0]
[null,"Total Encargos Adicionais",{"$nulls":4},0.55000000000000004,null,5.3592000000000001E-2]
[null,"Encargos Totais",{"$nulls":4},173.4675,null,16.865203999999999]
[null,"Custo Total",{"$nulls":6},26.587599999999998]
[null,"Código",null,"Descrição",null,null,"Unidade",null,"Salário \n(R$)"]
[null,"P9845",null,"Operador de equipamento pesado",null,null,"h",null,12.752000000000001]
[]
[null,"Encargos Sociais e Trabalhistas - julho/2025",{"$nulls":4}," %"]
[null,"Grupo A - Encargos Sociais"]
[null,"Previdência Social",{"$nulls":4},20]
[null,"FGTS",{"$nulls":4},8]
[null,"Salário Educação",{"$nulls":4},2.5]
[null,"SESC ou SESI",{"$nulls":4},1.5]
[null,"SENAI / SEBRAE",{"$nulls":4},1.6]
[null,"INCRA",{"$nulls":4},0.2]
[null,"Seguro Contra Risco e Acidente de Trabalho",{"$nulls":4},3]
[null,"SECONCI",{"$nulls":4},1]
[null,"FAE - Financiamento de Aposentadoria Especial",{"$nulls":4},0]
[null,"Total Grupo A",{"$nulls":4},37.799999999999997]
[null,"Grupo B - Encargos Trabalhistas"]
[null,"Repouso Semanal Remunerado - Domingos",{"$nulls":4},18.580807629999999]
[null,"Feriados",{"$nulls":4},5.14249153]
[null,"Férias Gozadas + 1/3",{"$nulls":4},6.2132631099999998]
[null,"Auxílio Enfermidade",{"$nulls":4},0.90139955999999999]
[null,"Auxílio Acidente de Trabalho",{"$nulls":4},4.9073220000000001E-2]
[null,"Licença Paternidade",{"$nulls":4},8.1822919999999993E-2]
[null,"13° Salário",{"$nulls":4},9.2375841199999993]
[null,"Faltas Justificadas",{"$nulls":4},0.74241849999999998]
[null,"Férias sobre Licença Maternidade",{"$nulls":4},1.1133899999999999E-3]
[null,"Reciclagem Tecnológica",{"$nulls":4},0]
[null,"Total Grupo B",{"$nulls":4},40.949973989999997]
[null,"Grupo C - Verbas Rescisórias"]
[null,"Aviso Prévio Indenizado",{"$nulls":4},4.4599032100000002]
[null,"Aviso Prévio Trabalhado",{"$nulls":4},0.11262432999999999]
[null,"Férias Indenizadas + 1/3",{"$nulls":4},6.1035157199999999]
[null,"Depósito por Rescisão Sem Justa Causa",{"$nulls":4},4.5103991700000003]
[null,"Indenização Adicional",{"$nulls":4},0.92802311999999998]
[null,"Total Grupo C",{"$nulls":4},16.114465549999998]
[null,"Grupo D - Verbas Rescisórias"]
[null,"Reincidência de A sobre B",{"$nulls":4},15.479090169999999]
[null,"Reincidência de A sobre Aviso Prévio Trabalhado + Reincidência de FGTS sobre Aviso Prévio Indenizado",{"$nulls":4},0.39936424999999998]
[null,"Total Grupo D",{"$nulls":4},15.878454420000001]
[null,"Total Encargos Sociais e Trabalhistas - julho/2025",{"$nulls":4},110.74]
[null,"Periculosidade/Insalubridade",{"$nulls":4}," %",null,"R$"]
[null,"Total Periculosidade/Insalubridade",{"$nulls":4},0,null,0]
[null,"Encargos Sociais e Trabalhistas - Média Móvel",{"$nulls":4}," %",null,"R$"]
[null,"Encargos Sociais e Trabalhistas - Média Móvel - Sobre Salário",{"$nulls":4},110.56,null,14.098611]
[null,"Encargos Sociais e Trabalhistas - Média Móvel - Sobre Periculosidade/Insalubridade",{"$nulls":4},110.56,null,0]
[null,"Total Encargos Sociais e Trabalhistas - Média Móvel",{"$nulls":4},110.56,null,14.098611]
[null,"Encargos Complementares",{"$nulls":4}," %",null,"R$"]
[null,"Alimentação",{"$nulls":4},36.520000000000003,null,4.6571769999999999]
[null,"EPI",{"$nulls":4},2.73,null,0.34781699999999999]
[null,"Ferramenta",{"$nulls":4},0,null,0]
[null,"Transporte",{"$nulls":4},7.69,null,0.98006300000000002]
[null,"Consulta Ocupacional",{"$nulls":4},0.5,null,6.3236000000000001E-2]
[null,"Total Encargos Complementares",{"$nulls":4},47.44,null,6.0482930000000001]
[null,"Encargos Adicionais",{"$nulls":4}," %",null,"R$"]
[null,"Cesta Básica",{"$nulls":4},0,null,0]
[null,"Assistência Médica",{"$nulls":4},0,null,0]
[null,"Seguro de Vida",{"$nulls":4},0.42,null,5.3592000000000001E-2]
[null,"Desgaste Orgânico",{"$nulls":4},0,null,0]
[null,"Adicional de Confinamento",{"$nulls":4},0,null,0]
[null,"Total Encargos Adicionais",{"$nulls":4},0.42,null,5.3592000000000001E-2]
[null,"Encargos Totais",{"$nulls":4},158.41040000000001,null,20.200496000000001]
[null,"Custo Total",{"$nulls":6},32.952399999999997]
[null,"Código",null,"Descrição",null,null,"Unidade",null,"Salário \n(R$)"]
[null,"P9846",null,"Operador de equipamento especial",null,null,"h",null,18.432300000000001]
[]
[null,"Encargos Sociais e Trabalhistas - julho/2025",{"$nulls":4}," %"]
[null,"Grupo A - Encargos Sociais"]
[null,"Previdência Social",{"$nulls":4},20]
[null,"FGTS",{"$nulls":4},8]
[null,"Salário Educação",{"$nulls":4},2.5]
[null,"SESC ou SESI",{"$nulls":4},1.5]
[null,"SENAI / SEBRAE",{"$nulls":4},1.6]
[null,"INCRA",{"$nulls":4},0.2]
[null,"Seguro Contra Risco e Acidente de Trabalho",{"$nulls":4},3]
[null,"SECONCI",{"$nulls":4},1]
[null,"FAE - Financiamento de Aposentadoria Especial",{"$nulls":4},0]
[null,"Total Grupo A",{"$nulls":4},37.799999999999997]
[null,"Grupo B - Encargos Trabalhistas"]
[null,"Repouso Semanal Remunerado - Domingos",{"$nulls":4},18.580807629999999]
[null,"Feriados",{"$nulls":4},5.14249153]
[null,"Férias Gozadas + 1/3",{"$nulls":4},6.2132631099999998]
[null,"Auxílio Enfermidade",{"$nulls":4},0.90139955999999999]
[null,"Auxílio Acidente de Trabalho",{"$nulls":4},4.9073220000000001E-2]
[null,"Licença Paternidade",{"$nulls":4},8.1822919999999993E-2]
[null,"13° Salário",{"$nulls":4},9.2375841199999993]
[null,"Faltas Justificadas",{"$nulls":4},0.74241849999999998]
[null,"Férias sobre Licença Maternidade",{"$nulls":4},1.1133899999999999E-3]
[null,"Reciclagem Tecnológica",{"$nulls":4},0]
[null,"Total Grupo B",{"$nulls":4},40.949973989999997]
[null,"Grupo C - Verbas Rescisórias"]
[null,"Aviso Prévio Indenizado",{"$nulls":4},4.4599032100000002]
[null,"Aviso Prévio Trabalhado",{"$nulls":4},0.11262432999999999]
[null,"Férias Indenizadas + 1/3",{"$nulls":4},6.1035157199999999]
[null,"Depósito por Rescisão Sem Justa Causa",{"$nulls":4},4.5103991700000003]
[null,"Indenização Adicional",{"$nulls":4},0.92802311999999998]
[null,"Total Grupo C",{"$nulls":4},16.114465549999998]
[null,"Grupo D - Verbas Rescisórias"]
[null,"Reincidência de A sobre B",{"$nulls":4},15.479090169999999]
[null,"Reincidência de A sobre Aviso Prévio Trabalhado + Reincidência de FGTS sobre Aviso Prévio Indenizado",{"$nulls":4},0.39936424999999998]
[null,"Total Grupo D",{"$nulls":4},15.878454420000001]
[null,"Total Encargos Sociais e Trabalhistas - julho/2025",{"$nulls":4},110.74]
[null,"Periculosidade/Insalubridade",{"$nulls":4}," %",null,"R$"]
[null,"Total Periculosidade/Insalubridade",{"$nulls":4},0,null,0]
[null,"Encargos Sociais e Trabalhistas - Média Móvel",{"$nulls":4}," %",null,"R$"]
[null,"Encargos Sociais e Trabalhistas - Média Móvel - Sobre Salário",{"$nulls":4},110.56,null,20.378751000000001]
[null,"Encargos Sociais e Trabalhistas - Média Móvel - Sobre Periculosidade/Insalubridade",{"$nulls":4},110.56,null,0]
[null,"Total Encargos Sociais e Trabalhistas - Média Móvel",{"$nulls":4},110.56,null,20.378751000000001]
[null,"Encargos Complementares",{"$nulls":4}," %",null,"R$"]
[null,"Alimentação",{"$nulls":4},25.27,null,4.6571769999999999]
[null,"EPI",{"$nulls":4},1.42,null,0.26262099999999999]
[null,"Ferramenta",{"$nulls":4},0,null,0]
[null,"Transporte",{"$nulls":4},5.32,null,0.98006300000000002]
[null,"Consulta Ocupacional",{"$nulls":4},0.34,null,6.3236000000000001E-2]
[null,"Total Encargos Complementares",{"$nulls":4},32.35,null,5.9630970000000003]
[null,"Encargos Adicionais",{"$nulls":4}," %",null,"R$"]
[null,"Cesta Básica",{"$nulls":4},0,null,0]
[null,"Assistência Médica",{"$nulls":4},0,null,0]
[null,"Seguro de Vida",{"$nulls":4},0.28999999999999998,null,5.3592000000000001E-2]
[null,"Desgaste Orgânico",{"$nulls":4},0,null,0]
[null,"Adicional de Confinamento",{"$nulls":4},0,null,0]
[null,"Total Encargos Adicionais",{"$nulls":4},0.28999999999999998,null,5.3592000000000001E-2]
[null,"Encargos Totais",{"$nulls":4},143.2021,null,26.395440000000001]
[null,"Custo Total",{"$nulls":6},44.8277]
[null,"Código",null,"Descrição",null,null,"Unidade",null,"Salário \n(R$)"]
[null,"P9847",null,"Perfurador de tubulão",null,null,"h",null,7.76]
[]
[null,"Encargos Sociais e Trabalhistas - julho/2025",{"$nulls":4}," %"]
[null,"Grupo A - Encargos Sociais"]
[null,"Previdência Social",{"$nulls":4},20]
[null,"FGTS",{"$nulls":4},8]
[null,"Salário Educação",{"$nulls":4},2.5]
[null,"SESC ou SESI",{"$nulls":4},1.5]
[null,"SENAI / SEBRAE",{"$nulls":4},1.6]
[null,"INCRA",{"$nulls":4},0.2]
[null,"Seguro Contra Risco e Acidente de Trabalho",{"$nulls":4},3]
[null,"SECONCI",{"$nulls":4},1]
[null,"FAE - Financiamento de Aposentadoria Especial",{"$nulls":4},0]
[null,"Total Grupo A",{"$nulls":4},37.799999999999997]
[null,"Grupo B - Encargos Trabalhistas"]
[null,"Repouso Semanal Remunerado - Domingos",{"$nulls":4},18.297952559999999]
[null,"Feriados",{"$nulls":4},5.0630060300000004]
[null,"Férias Gozadas + 1/3",{"$nulls":4},4.0045625400000002]
[null,"Auxílio Enfermidade",{"$nulls":4},0.90152284999999999]
[null,"Auxílio Acidente de Trabalho",{"$nulls":4},4.9079940000000002E-2]
[null,"Licença Paternidade",{"$nulls":4},8.1467709999999999E-2]
[null,"13° Salário",{"$nulls":4},9.2388476599999994]
[null,"Faltas Justificadas",{"$nulls":4},0.74252004999999999]
[null,"Férias sobre Licença Maternidade",{"$nulls":4},1.5135289999999999E-2]
[null,"Reciclagem Tecnológica",{"$nulls":4},0]
[null,"Total Grupo B",{"$nulls":4},38.394094610000003]
[null,"Grupo C - Verbas Rescisórias"]
[null,"Aviso Prévio Indenizado",{"$nulls":4},5.5680388199999999]
[null,"Aviso Prévio Trabalhado",{"$nulls":4},0.1533902]
[null,"Férias Indenizadas + 1/3",{"$nulls":4},8.3139009999999995]
[null,"Depósito por Rescisão Sem Justa Causa",{"$nulls":4},4.4286110299999999]
[null,"Indenização Adicional",{"$nulls":4},0.92815006]
[null,"Total Grupo C",{"$nulls":4},19.392091109999999]
[null,"Grupo D - Verbas Rescisórias"]
[null,"Reincidência de A sobre B",{"$nulls":4},14.51296776]
[null,"Reincidência de A sobre Aviso Prévio Trabalhado + Reincidência de FGTS sobre Aviso Prévio Indenizado",{"$nulls":4},0.5034246]
[null,"Total Grupo D",{"$nulls":4},15.016392359999999]
[null,"Total Encargos Sociais e Trabalhistas - julho/2025",{"$nulls":4},110.6]
[null,"Periculosidade/Insalubridade",{"$nulls":4}," %",null,"R$"]
[null,"Total Periculosidade/Insalubridade",{"$nulls":4},0,null,0]
[null,"Encargos Sociais e Trabalhistas - Média Móvel",{"$nulls":4}," %",null,"R$"]
[null,"Encargos Sociais e Trabalhistas - Média Móvel - Sobre Salário",{"$nulls":4},110.77,null,8.5957519999999992]
[null,"Encargos Sociais e Trabalhistas - Média Móvel - Sobre Periculosidade/Insalubridade",{"$nulls":4},110.77,null,0]
[null,"Total Encargos Sociais e Trabalhistas - Média Móvel",{"$nulls":4},110.77,null,8.5957519999999992]
[null,"Encargos Complementares",{"$nulls":4}," %",null,"R$"]
[null,"Alimentação",{"$nulls":4},60.02,null,4.6571769999999999]
[null,"EPI",{"$nulls":4},4.82,null,0.37395200000000001]
[null,"Ferramenta",{"$nulls":4},0.55000000000000004,null,4.2534000000000002E-2]
[null,"Transporte",{"$nulls":4},12.63,null,0.98006300000000002]
[null,"Consulta Ocupacional",{"$nulls":4},0.74,null,5.7417000000000003E-2]
[null,"Total Encargos Complementares",{"$nulls":4},78.760000000000005,null,6.1111430000000002]
[null,"Encargos Adicionais",{"$nulls":4}," %",null,"R$"]
[null,"Cesta Básica",{"$nulls":4},0,null,0]
[null,"Assistência Médica",{"$nulls":4},0,null,0]
[null,"Seguro de Vida",{"$nulls":4},0.69,null,5.3592000000000001E-2]
[null,"Desgaste Orgânico",{"$nulls":4},0,null,0]
[null,"Adicional de Confinamento",{"$nulls":4},0,null,0]
[null,"Total Encargos Adicionais",{"$nulls":4},0.69,null,5.3592000000000001E-2]
[null,"Encargos Totais",{"$nulls":4},190.21250000000001,null,14.760486999999999]
[null,"Custo Total",{"$nulls":6},22.520399999999999]
[null,"Código",null,"Descrição",null,null,"Unidade",null,"Salário \n(R$)"]
[null,"P9848",null,"Desenhista",null,null,"mês",null,3727.9683]
[]
[null,"Encargos Sociais e Trabalhistas - julho/2025",{"$nulls":4}," %"]
[null,"Grupo A - Encargos Sociais"]
[null,"Previdência Social",{"$nulls":4},20]
[null,"FGTS",{"$nulls":4},8]
[null,"Salário Educação",{"$nulls":4},2.5]
[null,"SESC ou SESI",{"$nulls":4},1.5]
[null,"SENAI / SEBRAE",{"$nulls":4},1.6]
[null,"INCRA",{"$nulls":4},0.2]
[null,"Seguro Contra Risco e Acidente de Trabalho",{"$nulls":4},3]
[null,"SECONCI",{"$nulls":4},0.5]
[null,"FAE - Financiamento de Aposentadoria Especial",{"$nulls":4},0]
[null,"Total Grupo A",{"$nulls":4},37.299999999999997]
[null,"Grupo B - Encargos Trabalhistas"]
[null,"Repouso Semanal Remunerado - Domingos",{"$nulls":4},0]
[null,"Feriados",{"$nulls":4},0]
[null,"Férias Gozadas + 1/3",{"$nulls":4},5.8672348599999999]
[null,"Auxílio Enfermidade",{"$nulls":4},0.89932657000000005]
[null,"Auxílio Acidente de Trabalho",{"$nulls":4},4.9111019999999998E-2]
[null,"Licença Paternidade",{"$nulls":4},6.8007849999999995E-2]
[null,"13° Salário",{"$nulls":4},9.24469925]
[null,"Faltas Justificadas",{"$nulls":4},0.74299033000000003]
[null,"Férias sobre Licença Maternidade",{"$nulls":4},9.4656249999999997E-2]
[null,"Reciclagem Tecnológica",{"$nulls":4},0]
[null,"Total Grupo B",{"$nulls":4},16.966026129999999]
[null,"Grupo C - Verbas Rescisórias"]
[null,"Aviso Prévio Indenizado",{"$nulls":4},4.3230452399999999]
[null,"Aviso Prévio Trabalhado",{"$nulls":4},0.1190927]
[null,"Férias Indenizadas + 1/3",{"$nulls":4},6.4590307999999999]
[null,"Depósito por Rescisão Sem Justa Causa",{"$nulls":4},3.7429128399999998]
[null,"Indenização Adicional",{"$nulls":4},0.92873791999999999]
[null,"Total Grupo C",{"$nulls":4},15.5728195]
[null,"Grupo D - Verbas Rescisórias"]
[null,"Reincidência de A sobre B",{"$nulls":4},6.3283277499999997]
[null,"Reincidência de A sobre Aviso Prévio Trabalhado + Reincidência de FGTS sobre Aviso Prévio Indenizado",{"$nulls":4},0.39026519999999998]
[null,"Total Grupo D",{"$nulls":4},6.7185929399999997]
[null,"Total Encargos Sociais e Trabalhistas - julho/2025",{"$nulls":4},76.56]
[null,"Periculosidade/Insalubridade",{"$nulls":4}," %",null,"R$"]
[null,"Total Periculosidade/Insalubridade",{"$nulls":4},0,null,0]
[null,"Encargos Sociais e Trabalhistas - Média Móvel",{"$nulls":4}," %",null,"R$"]
[null,"Encargos Sociais e Trabalhistas - Média Móvel - Sobre Salário",{"$nulls":4},76.849999999999994,null,2864.9436390000001]
[null,"Encargos Sociais e Trabalhistas - Média Móvel - Sobre Periculosidade/Insalubridade",{"$nulls":4},76.849999999999994,null,0]
[null,"Total Encargos Sociais e Trabalhistas - Média Móvel",{"$nulls":4},76.849999999999994,null,2864.9436390000001]
[null,"Encargos Complementares",{"$nulls":4}," %",null,"R$"]
[null,"Alimentação",{"$nulls":4},22.8,null,849.88823000000002]
[null,"EPI",{"$nulls":4},0,null,0]
[null,"Ferramenta",{"$nulls":4},0,null,0]
[null,"Transporte",{"$nulls":4},4.8,null,178.85172600000001]
[null,"Consulta Ocupacional",{"$nulls":4},0.22,null,8.1351849999999999]
[null,"Total Encargos Complementares",{"$nulls":4},27.82,null,1036.875141]
[null,"Encargos Adicionais",{"$nulls":4}," %",null,"R$"]
[null,"Cesta Básica",{"$nulls":4},0,null,0]
[null,"Assistência Médica",{"$nulls":4},0,null,0]
[null,"Seguro de Vida",{"$nulls":4},0.26,null,9.7799999999999994]
[null,"Desgaste Orgânico",{"$nulls":4},0,null,0]
[null,"Adicional de Confinamento",{"$nulls":4},0,null,0]
[null,"Total Encargos Adicionais",{"$nulls":4},0.26,null,9.7799999999999994]
[null,"Encargos Totais",{"$nulls":4},104.9258,null,3911.5987799999998]
[null,"Custo Total",{"$nulls":6},7639.5688]
[null,"Código",null,"Descrição",null,null,"Unidade",null,"Salário \n(R$)"]
[null,"P9849",null,"Condutor maquinista fluvial",null,null,"mês",null,2627.7116000000001]
[]
[null,"Encargos Sociais e Trabalhistas - julho/2025",{"$nulls":4}," %"]
[null,"Grupo A - Encargos Sociais"]
[null,"Previdência Social",{"$nulls":4},20]
[null,"FGTS",{"$nulls":4},8]
[null,"Salário Educação",{"$nulls":4},2.5]
[null,"SESC ou SESI",{"$nulls":4},1.5]
[null,"SENAI / SEBRAE",{"$nulls":4},1.6]
[null,"INCRA",{"$nulls":4},0.2]
[null,"Seguro Contra Risco e Acidente de Trabalho",{"$nulls":4},3]
[null,"SECONCI",{"$nulls":4},0.41481480999999998]
[null,"FAE - Financiamento de Aposentadoria Especial",{"$nulls":4},0]
[null,"Total Grupo A",{"$nulls":4},37.21481481]
[null,"Grupo B - Encargos Trabalhistas"]
[null,"Repouso Semanal Remunerado - Domingos",{"$nulls":4},0]
[null,"Feriados",{"$nulls":4},0]
[null,"Férias Gozadas + 1/3",{"$nulls":4},8.3154169499999995]
[null,"Auxílio Enfermidade",{"$nulls":4},0.90830849999999996]
[null,"Auxílio Acidente de Trabalho",{"$nulls":4},5.0908809999999999E-2]
[null,"Licença Paternidade",{"$nulls":4},6.5762319999999999E-2]
[null,"13° Salário",{"$nulls":4},9.2369758599999994]
[null,"Faltas Justificadas",{"$nulls":4},0.74236961000000001]
[null,"Férias sobre Licença Maternidade",{"$nulls":4},1.7761999999999999E-3]
[null,"Reciclagem Tecnológica",{"$nulls":4},0]
[null,"Total Grupo B",{"$nulls":4},19.32151824]
[null,"Grupo C - Verbas Rescisórias"]
[null,"Aviso Prévio Indenizado",{"$nulls":4},3.1670569]
[null,"Aviso Prévio Trabalhado",{"$nulls":4},7.3824509999999996E-2]
[null,"Férias Indenizadas + 1/3",{"$nulls":4},4.0005508599999997]
[null,"Depósito por Rescisão Sem Justa Causa",{"$nulls":4},3.8182885799999999]
[null,"Indenização Adicional",{"$nulls":4},0.92796201]
[null,"Total Grupo C",{"$nulls":4},11.98768287]
[null,"Grupo D - Verbas Rescisórias"]
[null,"Reincidência de A sobre B",{"$nulls":4},7.1904672300000003]
[null,"Reincidência de A sobre Aviso Prévio Trabalhado + Reincidência de FGTS sobre Aviso Prévio Indenizado",{"$nulls":4},0.28083820999999998]
[null,"Total Grupo D",{"$nulls":4},7.4713054400000001]
[null,"Total Encargos Sociais e Trabalhistas - julho/2025",{"$nulls":4},76]
[null,"Periculosidade/Insalubridade",{"$nulls":4}," %",null,"R$"]
[null,"Total Periculosidade/Insalubridade",{"$nulls":4},0,null,0]
[null,"Encargos Sociais e Trabalhistas - Média Móvel",{"$nulls":4}," %",null,"R$"]
[null,"Encargos Sociais e Trabalhistas - Média Móvel - Sobre Salário",{"$nulls":4},76.069999999999993,null,1998.900214]
[null,"Encargos Sociais e Trabalhistas - Média Móvel - Sobre Periculosidade/Insalubridade",{"$nulls":4},76.069999999999993,null,0]
[null,"Total Encargos Sociais e Trabalhistas - Média Móvel",{"$nulls":4},76.069999999999993,null,1998.900214]
[null,"Encargos Complementares",{"$nulls":4}," %",null,"R$"]
[null,"Alimentação",{"$nulls":4},33.549999999999997,null,881.67737499999998]
[null,"EPI",{"$nulls":4},0,null,0]
[null,"Ferramenta",{"$nulls":4},0,null,0]
[null,"Transporte",{"$nulls":4},0,null,0]
[null,"Consulta Ocupacional",{"$nulls":4},0.28999999999999998,null,7.5643940000000001]
[null,"Total Encargos Complementares",{"$nulls":4},33.840000000000003,null,889.24176899999998]
[null,"Encargos Adicionais",{"$nulls":4}," %",null,"R$"]
[null,"Cesta Básica",{"$nulls":4},11.42,null,300]
[null,"Assistência Médica",{"$nulls":4},0,null,0]
[null,"Seguro de Vida",{"$nulls":4},0.19,null,4.99]
[null,"Desgaste Orgânico",{"$nulls":4},0,null,0]
[null,"Adicional de Confinamento",{"$nulls":4},0,null,0]
[null,"Total Encargos Adicionais",{"$nulls":4},11.61,null,304.99]
[null,"Encargos Totais",{"$nulls":4},121.5176,null,3193.1319830000002]
[null,"Custo Total",{"$nulls":6},5820.8436000000002]
[null,"Código",null,"Descrição",null,null,"Unidade",null,"Salário \n(R$)"]
[null,"P9850",null,"Copeiro",null,null,"mês",null,1962.0506]
[]
[null,"Encargos Sociais e Trabalhistas - julho/2025",{"$nulls":4}," %"]
[null,"Grupo A - Encargos Sociais"]
[null,"Previdência Social",{"$nulls":4},20]
[null,"FGTS",{"$nulls":4},8]
[null,"Salário Educação",{"$nulls":4},2.5]
[null,"SESC ou SESI",{"$nulls":4},1.5]
[null,"SENAI / SEBRAE",{"$nulls":4},1.6]
[null,"INCRA",{"$nulls":4},0.2]
[null,"Seguro Contra Risco e Acidente de Trabalho",{"$nulls":4},3]
[null,"SECONCI",{"$nulls":4},0.5]
[null,"FAE - Financiamento de Aposentadoria Especial",{"$nulls":4},0]
[null,"Total Grupo A",{"$nulls":4},37.299999999999997]
[null,"Grupo B - Encargos Trabalhistas"]
[null,"Repouso Semanal Remunerado - Domingos",{"$nulls":4},0]
[null,"Feriados",{"$nulls":4},0]
[null,"Férias Gozadas + 1/3",{"$nulls":4},8.1330053600000003]
[null,"Auxílio Enfermidade",{"$nulls":4},0.89910599000000002]
[null,"Auxílio Acidente de Trabalho",{"$nulls":4},4.909898E-2]
[null,"Licença Paternidade",{"$nulls":4},8.47001E-3]
[null,"13° Salário",{"$nulls":4},9.2424317600000006]
[null,"Faltas Justificadas",{"$nulls":4},0.74280809999999997]
[null,"Férias sobre Licença Maternidade",{"$nulls":4},0.1297336]
[null,"Reciclagem Tecnológica",{"$nulls":4},0]
[null,"Total Grupo B",{"$nulls":4},19.204653789999998]
[null,"Grupo C - Verbas Rescisórias"]
[null,"Aviso Prévio Indenizado",{"$nulls":4},3.06024436]
[null,"Aviso Prévio Trabalhado",{"$nulls":4},7.7279249999999994E-2]
[null,"Férias Indenizadas + 1/3",{"$nulls":4},4.1902369899999998]
[null,"Depósito por Rescisão Sem Justa Causa",{"$nulls":4},3.81454892]
[null,"Indenização Adicional",{"$nulls":4},0.92851011999999999]
[null,"Total Grupo C",{"$nulls":4},12.070819650000001]
[null,"Grupo D - Verbas Rescisórias"]
[null,"Reincidência de A sobre B",{"$nulls":4},7.1633358600000001]
[null,"Reincidência de A sobre Aviso Prévio Trabalhado + Reincidência de FGTS sobre Aviso Prévio Indenizado",{"$nulls":4},0.27364471000000001]
[null,"Total Grupo D",{"$nulls":4},7.4369805700000002]
[null,"Total Encargos Sociais e Trabalhistas - julho/2025",{"$nulls":4},76.010000000000005]
[null,"Periculosidade/Insalubridade",{"$nulls":4}," %",null,"R$"]
[null,"Total Periculosidade/Insalubridade",{"$nulls":4},0,null,0]
[null,"Encargos Sociais e Trabalhistas - Média Móvel",{"$nulls":4}," %",null,"R$"]
[null,"Encargos Sociais e Trabalhistas - Média Móvel - Sobre Salário",{"$nulls":4},76.349999999999994,null,1498.025633]
[null,"Encargos Sociais e Trabalhistas - Média Móvel - Sobre Periculosidade/Insalubridade",{"$nulls":4},76.349999999999994,null,0]
[null,"Total Encargos Sociais e Trabalhistas - Média Móvel",{"$nulls":4},76.349999999999994,null,1498.025633]
[null,"Encargos Complementares",{"$nulls":4}," %",null,"R$"]
[null,"Alimentação",{"$nulls":4},43.32,null,849.88823000000002]
[null,"EPI",{"$nulls":4},2.3199999999999998,null,45.541713000000001]
[null,"Ferramenta",{"$nulls":4},0,null,0]
[null,"Transporte",{"$nulls":4},9.1199999999999992,null,178.85172600000001]
[null,"Consulta Ocupacional",{"$nulls":4},0.4,null,7.9183820000000003]
[null,"Total Encargos Complementares",{"$nulls":4},55.16,null,1082.200051]
[null,"Encargos Adicionais",{"$nulls":4}," %",null,"R$"]
[null,"Cesta Básica",{"$nulls":4},0,null,0]
[null,"Assistência Médica",{"$nulls":4},0,null,0]
[null,"Seguro de Vida",{"$nulls":4},0.5,null,9.7799999999999994]
[null,"Desgaste Orgânico",{"$nulls":4},0,null,0]
[null,"Adicional de Confinamento",{"$nulls":4},0,null,0]
[null,"Total Encargos Adicionais",{"$nulls":4},0.5,null,9.7799999999999994]
[null,"Encargos Totais",{"$nulls":4},132.005,null,2590.0056840000002]
[null,"Custo Total",{"$nulls":6},4552.0554000000002]
[null,"Código",null,"Descrição",null,null,"Unidade",null,"Salário \n(R$)"]
[null,"P9851",null,"Médico do trabalho",null,null,"mês",null,10112.5242]
[]
[null,"Encargos Sociais e Trabalhistas - julho/2025",{"$nulls":4}," %"]
[null,"Grupo A - Encargos Sociais"]
[null,"Previdência Social",{"$nulls":4},20]
[null,"FGTS",{"$nulls":4},8]
[null,"Salário Educação",{"$nulls":4},2.5]
[null,"SESC ou SESI",{"$nulls":4},1.5]
[null,"SENAI / SEBRAE",{"$nulls":4},1.6]
[null,"INCRA",{"$nulls":4},0.2]
[null,"Seguro Contra Risco e Acidente de Trabalho",{"$nulls":4},3]
[null,"SECONCI",{"$nulls":4},0.41481480999999998]
[null,"FAE - Financiamento de Aposentadoria Especial",{"$nulls":4},0]
[null,"Total Grupo A",{"$nulls":4},37.21481481]
[null,"Grupo B - Encargos Trabalhistas"]
[null,"Repouso Semanal Remunerado - Domingos",{"$nulls":4},0]
[null,"Feriados",{"$nulls":4},0]
[null,"Férias Gozadas + 1/3",{"$nulls":4},8.4017871799999995]
[null,"Auxílio Enfermidade",{"$nulls":4},0.90846990999999999]
[null,"Auxílio Acidente de Trabalho",{"$nulls":4},4.9078690000000001E-2]
[null,"Licença Paternidade",{"$nulls":4},3.8049449999999999E-2]
[null,"13° Salário",{"$nulls":4},9.2386129799999992]
[null,"Faltas Justificadas",{"$nulls":4},0.74250117999999998]
[null,"Férias sobre Licença Maternidade",{"$nulls":4},4.9028309999999999E-2]
[null,"Reciclagem Tecnológica",{"$nulls":4},0]
[null,"Total Grupo B",{"$nulls":4},19.427527690000002]
[null,"Grupo C - Verbas Rescisórias"]
[null,"Aviso Prévio Indenizado",{"$nulls":4},3.0998600999999999]
[null,"Aviso Prévio Trabalhado",{"$nulls":4},7.2258139999999998E-2]
[null,"Férias Indenizadas + 1/3",{"$nulls":4},3.9163634599999999]
[null,"Depósito por Rescisão Sem Justa Causa",{"$nulls":4},3.8216808900000001]
[null,"Indenização Adicional",{"$nulls":4},0.92812647999999998]
[null,"Total Grupo C",{"$nulls":4},11.83828907]
[null,"Grupo D - Verbas Rescisórias"]
[null,"Reincidência de A sobre B",{"$nulls":4},7.2299184500000004]
[null,"Reincidência de A sobre Aviso Prévio Trabalhado + Reincidência de FGTS sobre Aviso Prévio Indenizado",{"$nulls":4},0.27487953999999998]
[null,"Total Grupo D",{"$nulls":4},7.5047980000000001]
[null,"Total Encargos Sociais e Trabalhistas - julho/2025",{"$nulls":4},75.989999999999995]
[null,"Periculosidade/Insalubridade",{"$nulls":4}," %",null,"R$"]
[null,"Total Periculosidade/Insalubridade",{"$nulls":4},0,null,0]
[null,"Encargos Sociais e Trabalhistas - Média Móvel",{"$nulls":4}," %",null,"R$"]
[null,"Encargos Sociais e Trabalhistas - Média Móvel - Sobre Salário",{"$nulls":4},76.23,null,7708.7771979999998]
[null,"Encargos Sociais e Trabalhistas - Média Móvel - Sobre Periculosidade/Insalubridade",{"$nulls":4},76.23,null,0]
[null,"Total Encargos Sociais e Trabalhistas - Média Móvel",{"$nulls":4},76.23,null,7708.7771979999998]
[null,"Encargos Complementares",{"$nulls":4}," %",null,"R$"]
[null,"Alimentação",{"$nulls":4},8.4,null,849.88823000000002]
[null,"EPI",{"$nulls":4},0,null,0]
[null,"Ferramenta",{"$nulls":4},0,null,0]
[null,"Transporte",{"$nulls":4},1.77,null,178.85172600000001]
[null,"Consulta Ocupacional",{"$nulls":4},7.0000000000000007E-2,null,7.4038969999999997]
[null,"Total Encargos Complementares",{"$nulls":4},10.24,null,1036.143853]
[null,"Encargos Adicionais",{"$nulls":4}," %",null,"R$"]
[null,"Cesta Básica",{"$nulls":4},0,null,0]
[null,"Assistência Médica",{"$nulls":4},0,null,0]
[null,"Seguro de Vida",{"$nulls":4},0.1,null,9.7799999999999994]
[null,"Desgaste Orgânico",{"$nulls":4},0,null,0]
[null,"Adicional de Confinamento",{"$nulls":4},0,null,0]
[null,"Total Encargos Adicionais",{"$nulls":4},0.1,null,9.7799999999999994]
[null,"Encargos Totais",{"$nulls":4},86.572900000000004,null,8754.701051]
[null,"Custo Total",{"$nulls":6},18867.229599999999]
[null,"Código",null,"Descrição",null,null,"Unidade",null,"Salário \n(R$)"]
[null,"P9852",null,"Blaster",null,null,"h",null,12.7911]
[]
[null,"Encargos Sociais e Trabalhistas - julho/2025",{"$nulls":4}," %"]
[null,"Grupo A - Encargos Sociais"]
[null,"Previdência Social",{"$nulls":4},20]
[null,"FGTS",{"$nulls":4},8]
[null,"Salário Educação",{"$nulls":4},2.5]
[null,"SESC ou SESI",{"$nulls":4},1.5]
[null,"SENAI / SEBRAE",{"$nulls":4},1.6]
[null,"INCRA",{"$nulls":4},0.2]
[null,"Seguro Contra Risco e Acidente de Trabalho",{"$nulls":4},3]
[null,"SECONCI",{"$nulls":4},0.41481480999999998]
[null,"FAE - Financiamento de Aposentadoria Especial",{"$nulls":4},0]
[null,"Total Grupo A",{"$nulls":4},37.21481481]
[null,"Grupo B - Encargos Trabalhistas"]
[null,"Repouso Semanal Remunerado - Domingos",{"$nulls":4},18.72523297]
[null,"Feriados",{"$nulls":4},5.18305477]
[null,"Férias Gozadas + 1/3",{"$nulls":4},7.3024225999999999]
[null,"Auxílio Enfermidade",{"$nulls":4},0.90856004000000001]
[null,"Auxílio Acidente de Trabalho",{"$nulls":4},4.9083559999999998E-2]
[null,"Licença Paternidade",{"$nulls":4},9.5947130000000005E-2]
[null,"13° Salário",{"$nulls":4},9.2395295300000004]
[null,"Faltas Justificadas",{"$nulls":4},0.74257485000000001]
[null,"Férias sobre Licença Maternidade",{"$nulls":4},1.0954000000000001E-3]
[null,"Reciclagem Tecnológica",{"$nulls":4},0]
[null,"Total Grupo B",{"$nulls":4},42.247500850000002]
[null,"Grupo C - Verbas Rescisórias"]
[null,"Aviso Prévio Indenizado",{"$nulls":4},3.6651663999999999]
[null,"Aviso Prévio Trabalhado",{"$nulls":4},9.2555129999999999E-2]
[null,"Férias Indenizadas + 1/3",{"$nulls":4},5.0169500999999999]
[null,"Depósito por Rescisão Sem Justa Causa",{"$nulls":4},4.5519200299999998]
[null,"Indenização Adicional",{"$nulls":4},0.92821856000000003]
[null,"Total Grupo C",{"$nulls":4},14.25481022]
[null,"Grupo D - Verbas Rescisórias"]
[null,"Reincidência de A sobre B",{"$nulls":4},15.72232921]
[null,"Reincidência de A sobre Aviso Prévio Trabalhado + Reincidência de FGTS sobre Aviso Prévio Indenizado",{"$nulls":4},0.32765752999999997]
[null,"Total Grupo D",{"$nulls":4},16.049986740000001]
[null,"Total Encargos Sociais e Trabalhistas - julho/2025",{"$nulls":4},109.77]
[null,"Periculosidade/Insalubridade",{"$nulls":4}," %",null,"R$"]
[null,"Total Periculosidade/Insalubridade",{"$nulls":4},30,null,3.8372999999999999]
[null,"Encargos Sociais e Trabalhistas - Média Móvel",{"$nulls":4}," %",null,"R$"]
[null,"Encargos Sociais e Trabalhistas - Média Móvel - Sobre Salário",{"$nulls":4},109.73,null,14.035674]
[null,"Encargos Sociais e Trabalhistas - Média Móvel - Sobre Periculosidade/Insalubridade",{"$nulls":4},109.73,null,4.2106690000000002]
[null,"Total Encargos Sociais e Trabalhistas - Média Móvel",{"$nulls":4},109.73,null,18.246343]
[null,"Encargos Complementares",{"$nulls":4}," %",null,"R$"]
[null,"Alimentação",{"$nulls":4},36.409999999999997,null,4.6571769999999999]
[null,"EPI",{"$nulls":4},3.82,null,0.48869899999999999]
[null,"Ferramenta",{"$nulls":4},0.34,null,4.3288E-2]
[null,"Transporte",{"$nulls":4},7.66,null,0.98006300000000002]
[null,"Consulta Ocupacional",{"$nulls":4},0.41,null,5.1968E-2]
[null,"Total Encargos Complementares",{"$nulls":4},48.64,null,6.2211949999999998]
[null,"Encargos Adicionais",{"$nulls":4}," %",null,"R$"]
[null,"Cesta Básica",{"$nulls":4},0,null,0]
[null,"Assistência Médica",{"$nulls":4},0,null,0]
[null,"Seguro de Vida",{"$nulls":4},0.42,null,5.3592000000000001E-2]
[null,"Desgaste Orgânico",{"$nulls":4},0,null,0]
[null,"Adicional de Confinamento",{"$nulls":4},0,null,0]
[null,"Total Encargos Adicionais",{"$nulls":4},0.42,null,5.3592000000000001E-2]
[null,"Encargos Totais",{"$nulls":4},191.7046,null,24.521129999999999]
[null,"Custo Total",{"$nulls":6},41.149500000000003]
[null,"Código",null,"Descrição",null,null,"Unidade",null,"Salário \n(R$)"]
[null,"P9853",null,"Pré-marcador",null,null,"h",null,7.76]
[]
[null,"Encargos Sociais e Trabalhistas - julho/2025",{"$nulls":4}," %"]
[null,"Grupo A - Encargos Sociais"]
[null,"Previdência Social",{"$nulls":4},20]
[null,"FGTS",{"$nulls":4},8]
[null,"Salário Educação",{"$nulls":4},2.5]
[null,"SESC ou SESI",{"$nulls":4},1.5]
[null,"SENAI / SEBRAE",{"$nulls":4},1.6]
[null,"INCRA",{"$nulls":4},0.2]
[null,"Seguro Contra Risco e Acidente de Trabalho",{"$nulls":4},3]
[null,"SECONCI",{"$nulls":4},1]
[null,"FAE - Financiamento de Aposentadoria Especial",{"$nulls":4},0]
[null,"Total Grupo A",{"$nulls":4},37.799999999999997]
[null,"Grupo B - Encargos Trabalhistas"]
[null,"Repouso Semanal Remunerado - Domingos",{"$nulls":4},18.297952559999999]
[null,"Feriados",{"$nulls":4},5.0630060300000004]
[null,"Férias Gozadas + 1/3",{"$nulls":4},4.0045625400000002]
[null,"Auxílio Enfermidade",{"$nulls":4},0.90152284999999999]
[null,"Auxílio Acidente de Trabalho",{"$nulls":4},4.9079940000000002E-2]
[null,"Licença Paternidade",{"$nulls":4},8.1467709999999999E-2]
[null,"13° Salário",{"$nulls":4},9.2388476599999994]
[null,"Faltas Justificadas",{"$nulls":4},0.74252004999999999]
[null,"Férias sobre Licença Maternidade",{"$nulls":4},1.5135289999999999E-2]
[null,"Reciclagem Tecnológica",{"$nulls":4},0]
[null,"Total Grupo B",{"$nulls":4},38.394094610000003]
[null,"Grupo C - Verbas Rescisórias"]
[null,"Aviso Prévio Indenizado",{"$nulls":4},5.5680388199999999]
[null,"Aviso Prévio Trabalhado",{"$nulls":4},0.1533902]
[null,"Férias Indenizadas + 1/3",{"$nulls":4},8.3139009999999995]
[null,"Depósito por Rescisão Sem Justa Causa",{"$nulls":4},4.4286110299999999]
[null,"Indenização Adicional",{"$nulls":4},0.92815006]
[null,"Total Grupo C",{"$nulls":4},19.392091109999999]
[null,"Grupo D - Verbas Rescisórias"]
[null,"Reincidência de A sobre B",{"$nulls":4},14.51296776]
[null,"Reincidência de A sobre Aviso Prévio Trabalhado + Reincidência de FGTS sobre Aviso Prévio Indenizado",{"$nulls":4},0.5034246]
[null,"Total Grupo D",{"$nulls":4},15.016392359999999]
[null,"Total Encargos Sociais e Trabalhistas - julho/2025",{"$nulls":4},110.6]
[null,"Periculosidade/Insalubridade",{"$nulls":4}," %",null,"R$"]
[null,"Total Periculosidade/Insalubridade",{"$nulls":4},0,null,0]
[null,"Encargos Sociais e Trabalhistas - Média Móvel",{"$nulls":4}," %",null,"R$"]
[null,"Encargos Sociais e Trabalhistas - Média Móvel - Sobre Salário",{"$nulls":4},110.77,null,8.5957519999999992]
[null,"Encargos Sociais e Trabalhistas - Média Móvel - Sobre Periculosidade/Insalubridade",{"$nulls":4},110.77,null,0]
[null,"Total Encargos Sociais e Trabalhistas - Média Móvel",{"$nulls":4},110.77,null,8.5957519999999992]
[null,"Encargos Complementares",{"$nulls":4}," %",null,"R$"]
[null,"Alimentação",{"$nulls":4},60.02,null,4.6571769999999999]
[null,"EPI",{"$nulls":4},3.23,null,0.250689]
[null,"Ferramenta",{"$nulls":4},0.67,null,5.2020999999999998E-2]
[null,"Transporte",{"$nulls":4},12.63,null,0.98006300000000002]
[null,"Consulta Ocupacional",{"$nulls":4},0.74,null,5.7417000000000003E-2]
[null,"Total Encargos Complementares",{"$nulls":4},77.290000000000006,null,5.9973669999999997]
[null,"Encargos Adicionais",{"$nulls":4}," %",null,"R$"]
[null,"Cesta Básica",{"$nulls":4},0,null,0]
[null,"Assistência Médica",{"$nulls":4},0,null,0]
[null,"Seguro de Vida",{"$nulls":4},0.69,null,5.3592000000000001E-2]
[null,"Desgaste Orgânico",{"$nulls":4},0,null,0]
[null,"Adicional de Confinamento",{"$nulls":4},0,null,0]
[null,"Total Encargos Adicionais",{"$nulls":4},0.69,null,5.3592000000000001E-2]
[null,"Encargos Totais",{"$nulls":4},188.74629999999999,null,14.646711]
[null,"Custo Total",{"$nulls":6},22.406700000000001]
[null,"Código",null,"Descrição",null,null,"Unidade",null,"Salário \n(R$)"]
[null,"P9854",null,"Recepcionista",null,null,"mês",null,2343.4119999999998]
[]
[null,"Encargos Sociais e Trabalhistas - julho/2025",{"$nulls":4}," %"]
[null,"Grupo A - Encargos Sociais"]
[null,"Previdência Social",{"$nulls":4},20]
[null,"FGTS",{"$nulls":4},8]
[null,"Salário Educação",{"$nulls":4},2.5]
[null,"SESC ou SESI",{"$nulls":4},1.5]
[null,"SENAI / SEBRAE",{"$nulls":4},1.6]
[null,"INCRA",{"$nulls":4},0.2]
[null,"Seguro Contra Risco e Acidente de Trabalho",{"$nulls":4},3]
[null,"SECONCI",{"$nulls":4},0.5]
[null,"FAE - Financiamento de Aposentadoria Especial",{"$nulls":4},0]
[null,"Total Grupo A",{"$nulls":4},37.299999999999997]
[null,"Grupo B - Encargos Trabalhistas"]
[null,"Repouso Semanal Remunerado - Domingos",{"$nulls":4},0]
[null,"Feriados",{"$nulls":4},0]
[null,"Férias Gozadas + 1/3",{"$nulls":4},5.78874829]
[null,"Auxílio Enfermidade",{"$nulls":4},0.89991447000000002]
[null,"Auxílio Acidente de Trabalho",{"$nulls":4},4.914313E-2]
[null,"Licença Paternidade",{"$nulls":4},1.78777E-2]
[null,"13° Salário",{"$nulls":4},9.2507426400000003]
[null,"Faltas Justificadas",{"$nulls":4},0.74347604]
[null,"Férias sobre Licença Maternidade",{"$nulls":4},0.21031785]
[null,"Reciclagem Tecnológica",{"$nulls":4},0]
[null,"Total Grupo B",{"$nulls":4},16.960220119999999]
[null,"Grupo C - Verbas Rescisórias"]
[null,"Aviso Prévio Indenizado",{"$nulls":4},4.3781076099999998]
[null,"Aviso Prévio Trabalhado",{"$nulls":4},0.12060957]
[null,"Férias Indenizadas + 1/3",{"$nulls":4},6.5455752299999999]
[null,"Depósito por Rescisão Sem Justa Causa",{"$nulls":4},3.7427270400000001]
[null,"Indenização Adicional",{"$nulls":4},0.92934505000000001]
[null,"Total Grupo C",{"$nulls":4},15.71636451]
[null,"Grupo D - Verbas Rescisórias"]
[null,"Reincidência de A sobre B",{"$nulls":4},6.3261621100000003]
[null,"Reincidência de A sobre Aviso Prévio Trabalhado + Reincidência de FGTS sobre Aviso Prévio Indenizado",{"$nulls":4},0.39523597999999999]
[null,"Total Grupo D",{"$nulls":4},6.7213980900000001]
[null,"Total Encargos Sociais e Trabalhistas - julho/2025",{"$nulls":4},76.7]
[null,"Periculosidade/Insalubridade",{"$nulls":4}," %",null,"R$"]
[null,"Total Periculosidade/Insalubridade",{"$nulls":4},0,null,0]
[null,"Encargos Sociais e Trabalhistas - Média Móvel",{"$nulls":4}," %",null,"R$"]
[null,"Encargos Sociais e Trabalhistas - Média Móvel - Sobre Salário",{"$nulls":4},76.87,null,1801.3808039999999]
[null,"Encargos Sociais e Trabalhistas - Média Móvel - Sobre Periculosidade/Insalubridade",{"$nulls":4},76.87,null,0]
[null,"Total Encargos Sociais e Trabalhistas - Média Móvel",{"$nulls":4},76.87,null,1801.3808039999999]
[null,"Encargos Complementares",{"$nulls":4}," %",null,"R$"]
[null,"Alimentação",{"$nulls":4},36.270000000000003,null,849.88823000000002]
[null,"EPI",{"$nulls":4},0,null,0]
[null,"Ferramenta",{"$nulls":4},0,null,0]
[null,"Transporte",{"$nulls":4},7.63,null,178.85172600000001]
[null,"Consulta Ocupacional",{"$nulls":4},0.35,null,8.2388019999999997]
[null,"Total Encargos Complementares",{"$nulls":4},44.25,null,1036.978758]
[null,"Encargos Adicionais",{"$nulls":4}," %",null,"R$"]
[null,"Cesta Básica",{"$nulls":4},0,null,0]
[null,"Assistência Médica",{"$nulls":4},0,null,0]
[null,"Seguro de Vida",{"$nulls":4},0.42,null,9.7799999999999994]
[null,"Desgaste Orgânico",{"$nulls":4},0,null,0]
[null,"Adicional de Confinamento",{"$nulls":4},0,null,0]
[null,"Total Encargos Adicionais",{"$nulls":4},0.42,null,9.7799999999999994]
[null,"Encargos Totais",{"$nulls":4},121.5381,null,2848.1395619999998]
[null,"Custo Total",{"$nulls":6},5191.5504000000001]
[null,"Código",null,"Descrição",null,null,"Unidade",null,"Salário \n(R$)"]
[null,"P9855",null,"Marinheiro de máquinas",null,null,"mês",null,2431.8112000000001]
[]
[null,"Encargos Sociais e Trabalhistas - julho/2025",{"$nulls":4}," %"]
[null,"Grupo A - Encargos Sociais"]
[null,"Previdência Social",{"$nulls":4},20]
[null,"FGTS",{"$nulls":4},8]
[null,"Salário Educação",{"$nulls":4},2.5]
[null,"SESC ou SESI",{"$nulls":4},1.5]
[null,"SENAI / SEBRAE",{"$nulls":4},1.6]
[null,"INCRA",{"$nulls":4},0.2]
[null,"Seguro Contra Risco e Acidente de Trabalho",{"$nulls":4},3]
[null,"SECONCI",{"$nulls":4},0.41481480999999998]
[null,"FAE - Financiamento de Aposentadoria Especial",{"$nulls":4},0]
[null,"Total Grupo A",{"$nulls":4},37.21481481]
[null,"Grupo B - Encargos Trabalhistas"]
[null,"Repouso Semanal Remunerado - Domingos",{"$nulls":4},0]
[null,"Feriados",{"$nulls":4},0]
[null,"Férias Gozadas + 1/3",{"$nulls":4},9.0786128700000006]
[null,"Auxílio Enfermidade",{"$nulls":4},0.90847772000000004]
[null,"Auxílio Acidente de Trabalho",{"$nulls":4},5.0918289999999998E-2]
[null,"Licença Paternidade",{"$nulls":4},8.2771300000000006E-2]
[null,"13° Salário",{"$nulls":4},9.2386967299999991]
[null,"Faltas Justificadas",{"$nulls":4},0.74250791999999999]
[null,"Férias sobre Licença Maternidade",{"$nulls":4},3.4067699999999999E-3]
[null,"Reciclagem Tecnológica",{"$nulls":4},0]
[null,"Total Grupo B",{"$nulls":4},20.105391600000001]
[null,"Grupo C - Verbas Rescisórias"]
[null,"Aviso Prévio Indenizado",{"$nulls":4},2.5642076199999999]
[null,"Aviso Prévio Trabalhado",{"$nulls":4},5.977201E-2]
[null,"Férias Indenizadas + 1/3",{"$nulls":4},3.23964944]
[null,"Depósito por Rescisão Sem Justa Causa",{"$nulls":4},3.8433725299999999]
[null,"Indenização Adicional",{"$nulls":4},0.92813489000000005]
[null,"Total Grupo C",{"$nulls":4},10.6351365]
[null,"Grupo D - Verbas Rescisórias"]
[null,"Reincidência de A sobre B",{"$nulls":4},7.4821842500000004]
[null,"Reincidência de A sobre Aviso Prévio Trabalhado + Reincidência de FGTS sobre Aviso Prévio Indenizado",{"$nulls":4},0.22738064999999999]
[null,"Total Grupo D",{"$nulls":4},7.7095649100000001]
[null,"Total Encargos Sociais e Trabalhistas - julho/2025",{"$nulls":4},75.66]
[null,"Periculosidade/Insalubridade",{"$nulls":4}," %",null,"R$"]
[null,"Total Periculosidade/Insalubridade",{"$nulls":4},0,null,0]
[null,"Encargos Sociais e Trabalhistas - Média Móvel",{"$nulls":4}," %",null,"R$"]
[null,"Encargos Sociais e Trabalhistas - Média Móvel - Sobre Salário",{"$nulls":4},75.760000000000005,null,1842.3401650000001]
[null,"Encargos Sociais e Trabalhistas - Média Móvel - Sobre Periculosidade/Insalubridade",{"$nulls":4},75.760000000000005,null,0]
[null,"Total Encargos Sociais e Trabalhistas - Média Móvel",{"$nulls":4},75.760000000000005,null,1842.3401650000001]
[null,"Encargos Complementares",{"$nulls":4}," %",null,"R$"]
[null,"Alimentação",{"$nulls":4},36.26,null,881.67737499999998]
[null,"EPI",{"$nulls":4},0,null,0]
[null,"Ferramenta",{"$nulls":4},0,null,0]
[null,"Transporte",{"$nulls":4},0,null,0]
[null,"Consulta Ocupacional",{"$nulls":4},0.25,null,6.124511]
[null,"Total Encargos Complementares",{"$nulls":4},36.51,null,887.80188599999997]
[null,"Encargos Adicionais",{"$nulls":4}," %",null,"R$"]
[null,"Cesta Básica",{"$nulls":4},12.34,null,300]
[null,"Assistência Médica",{"$nulls":4},0,null,0]
[null,"Seguro de Vida",{"$nulls":4},0.21,null,4.99]
[null,"Desgaste Orgânico",{"$nulls":4},0,null,0]
[null,"Adicional de Confinamento",{"$nulls":4},0,null,0]
[null,"Total Encargos Adicionais",{"$nulls":4},12.55,null,304.99]
[null,"Encargos Totais",{"$nulls":4},124.8095,null,3035.132051]
[null,"Custo Total",{"$nulls":6},5466.9425000000001]
[null,"Código",null,"Descrição",null,null,"Unidade",null,"Salário \n(R$)"]
[null,"P9856",null,"Marinheiro de convés",null,null,"h",null,10.9354]
[]
[null,"Encargos Sociais e Trabalhistas - julho/2025",{"$nulls":4}," %"]
[null,"Grupo A - Encargos Sociais"]
[null,"Previdência Social",{"$nulls":4},20]
[null,"FGTS",{"$nulls":4},8]
[null,"Salário Educação",{"$nulls":4},2.5]
[null,"SESC ou SESI",{"$nulls":4},1.5]
[null,"SENAI / SEBRAE",{"$nulls":4},1.6]
[null,"INCRA",{"$nulls":4},0.2]
[null,"Seguro Contra Risco e Acidente de Trabalho",{"$nulls":4},3]
[null,"SECONCI",{"$nulls":4},0.41481480999999998]
[null,"FAE - Financiamento de Aposentadoria Especial",{"$nulls":4},0]
[null,"Total Grupo A",{"$nulls":4},37.21481481]
[null,"Grupo B - Encargos Trabalhistas"]
[null,"Repouso Semanal Remunerado - Domingos",{"$nulls":4},18.971714680000002]
[null,"Feriados",{"$nulls":4},5.2523113400000003]
[null,"Férias Gozadas + 1/3",{"$nulls":4},9.2137053499999997]
[null,"Auxílio Enfermidade",{"$nulls":4},0.90853972999999999]
[null,"Auxílio Acidente de Trabalho",{"$nulls":4},5.0921769999999998E-2]
[null,"Licença Paternidade",{"$nulls":4},8.8628509999999994E-2]
[null,"13° Salário",{"$nulls":4},9.2393273400000009]
[null,"Faltas Justificadas",{"$nulls":4},0.74255859999999996]
[null,"Férias sobre Licença Maternidade",{"$nulls":4},4.3790599999999997E-3]
[null,"Reciclagem Tecnológica",{"$nulls":4},0]
[null,"Total Grupo B",{"$nulls":4},44.47208637]
[null,"Grupo C - Verbas Rescisórias"]
[null,"Aviso Prévio Indenizado",{"$nulls":4},2.45777862]
[null,"Aviso Prévio Trabalhado",{"$nulls":4},5.7291139999999997E-2]
[null,"Férias Indenizadas + 1/3",{"$nulls":4},3.1053977700000002]
[null,"Depósito por Rescisão Sem Justa Causa",{"$nulls":4},4.6231067599999998]
[null,"Indenização Adicional",{"$nulls":4},0.92819825]
[null,"Total Grupo C",{"$nulls":4},11.17177253]
[null,"Grupo D - Verbas Rescisórias"]
[null,"Reincidência de A sobre B",{"$nulls":4},16.55020459]
[null,"Reincidência de A sobre Aviso Prévio Trabalhado + Reincidência de FGTS sobre Aviso Prévio Indenizado",{"$nulls":4},0.21794308000000001]
[null,"Total Grupo D",{"$nulls":4},16.768147670000001]
[null,"Total Encargos Sociais e Trabalhistas - julho/2025",{"$nulls":4},109.63]
[null,"Periculosidade/Insalubridade",{"$nulls":4}," %",null,"R$"]
[null,"Total Periculosidade/Insalubridade",{"$nulls":4},0,null,0]
[null,"Encargos Sociais e Trabalhistas - Média Móvel",{"$nulls":4}," %",null,"R$"]
[null,"Encargos Sociais e Trabalhistas - Média Móvel - Sobre Salário",{"$nulls":4},109.67,null,11.992853]
[null,"Encargos Sociais e Trabalhistas - Média Móvel - Sobre Periculosidade/Insalubridade",{"$nulls":4},109.67,null,0]
[null,"Total Encargos Sociais e Trabalhistas - Média Móvel",{"$nulls":4},109.67,null,11.992853]
[null,"Encargos Complementares",{"$nulls":4}," %",null,"R$"]
[null,"Alimentação",{"$nulls":4},44.18,null,4.8313740000000003]
[null,"EPI",{"$nulls":4},0,null,0]
[null,"Ferramenta",{"$nulls":4},0,null,0]
[null,"Transporte",{"$nulls":4},0,null,0]
[null,"Consulta Ocupacional",{"$nulls":4},0.28999999999999998,null,3.2168000000000002E-2]
[null,"Total Encargos Complementares",{"$nulls":4},44.47,null,4.8635419999999998]
[null,"Encargos Adicionais",{"$nulls":4}," %",null,"R$"]
[null,"Cesta Básica",{"$nulls":4},15.03,null,1.643926]
[null,"Assistência Médica",{"$nulls":4},0,null,0]
[null,"Seguro de Vida",{"$nulls":4},0.25,null,2.7344E-2]
[null,"Desgaste Orgânico",{"$nulls":4},0,null,0]
[null,"Adicional de Confinamento",{"$nulls":4},0,null,0]
[null,"Total Encargos Adicionais",{"$nulls":4},15.28,null,1.67127]
[null,"Encargos Totais",{"$nulls":4},169.42830000000001,null,18.527664999999999]
[null,"Custo Total",{"$nulls":6},29.463000000000001]
[null,"Código",null,"Descrição",null,null,"Unidade",null,"Salário \n(R$)"]
[null,"P9857",null,"Marinheiro de convés - mensalista",null,null,"mês",null,2405.7779999999998]
[]
[null,"Encargos Sociais e Trabalhistas - julho/2025",{"$nulls":4}," %"]
[null,"Grupo A - Encargos Sociais"]
[null,"Previdência Social",{"$nulls":4},20]
[null,"FGTS",{"$nulls":4},8]
[null,"Salário Educação",{"$nulls":4},2.5]
[null,"SESC ou SESI",{"$nulls":4},1.5]
[null,"SENAI / SEBRAE",{"$nulls":4},1.6]
[null,"INCRA",{"$nulls":4},0.2]
[null,"Seguro Contra Risco e Acidente de Trabalho",{"$nulls":4},3]
[null,"SECONCI",{"$nulls":4},0.41481480999999998]
[null,"FAE - Financiamento de Aposentadoria Especial",{"$nulls":4},0]
[null,"Total Grupo A",{"$nulls":4},37.21481481]
[null,"Grupo B - Encargos Trabalhistas"]
[null,"Repouso Semanal Remunerado - Domingos",{"$nulls":4},0]
[null,"Feriados",{"$nulls":4},0]
[null,"Férias Gozadas + 1/3",{"$nulls":4},9.2137053499999997]
[null,"Auxílio Enfermidade",{"$nulls":4},0.90853972999999999]
[null,"Auxílio Acidente de Trabalho",{"$nulls":4},5.0921769999999998E-2]
[null,"Licença Paternidade",{"$nulls":4},8.8628509999999994E-2]
[null,"13° Salário",{"$nulls":4},9.2393273400000009]
[null,"Faltas Justificadas",{"$nulls":4},0.74255859999999996]
[null,"Férias sobre Licença Maternidade",{"$nulls":4},4.3790599999999997E-3]
[null,"Reciclagem Tecnológica",{"$nulls":4},0]
[null,"Total Grupo B",{"$nulls":4},20.248060349999999]
[null,"Grupo C - Verbas Rescisórias"]
[null,"Aviso Prévio Indenizado",{"$nulls":4},2.45777862]
[null,"Aviso Prévio Trabalhado",{"$nulls":4},5.7291139999999997E-2]
[null,"Férias Indenizadas + 1/3",{"$nulls":4},3.1053977700000002]
[null,"Depósito por Rescisão Sem Justa Causa",{"$nulls":4},3.8479379300000001]
[null,"Indenização Adicional",{"$nulls":4},0.92819825]
[null,"Total Grupo C",{"$nulls":4},10.3966037]
[null,"Grupo D - Verbas Rescisórias"]
[null,"Reincidência de A sobre B",{"$nulls":4},7.5352781599999998]
[null,"Reincidência de A sobre Aviso Prévio Trabalhado + Reincidência de FGTS sobre Aviso Prévio Indenizado",{"$nulls":4},0.21794308000000001]
[null,"Total Grupo D",{"$nulls":4},7.7532212400000002]
[null,"Total Encargos Sociais e Trabalhistas - julho/2025",{"$nulls":4},75.61]
[null,"Periculosidade/Insalubridade",{"$nulls":4}," %",null,"R$"]
[null,"Total Periculosidade/Insalubridade",{"$nulls":4},0,null,0]
[null,"Encargos Sociais e Trabalhistas - Média Móvel",{"$nulls":4}," %",null,"R$"]
[null,"Encargos Sociais e Trabalhistas - Média Móvel - Sobre Salário",{"$nulls":4},75.7,null,1821.1739459999999]
[null,"Encargos Sociais e Trabalhistas - Média Móvel - Sobre Periculosidade/Insalubridade",{"$nulls":4},75.7,null,0]
[null,"Total Encargos Sociais e Trabalhistas - Média Móvel",{"$nulls":4},75.7,null,1821.1739459999999]
[null,"Encargos Complementares",{"$nulls":4}," %",null,"R$"]
[null,"Alimentação",{"$nulls":4},36.65,null,881.67737499999998]
[null,"EPI",{"$nulls":4},0,null,0]
[null,"Ferramenta",{"$nulls":4},0,null,0]
[null,"Transporte",{"$nulls":4},0,null,0]
[null,"Consulta Ocupacional",{"$nulls":4},0.24,null,5.8703099999999999]
[null,"Total Encargos Complementares",{"$nulls":4},36.89,null,887.547685]
[null,"Encargos Adicionais",{"$nulls":4}," %",null,"R$"]
[null,"Cesta Básica",{"$nulls":4},12.47,null,300]
[null,"Assistência Médica",{"$nulls":4},0,null,0]
[null,"Seguro de Vida",{"$nulls":4},0.21,null,4.99]
[null,"Desgaste Orgânico",{"$nulls":4},0,null,0]
[null,"Adicional de Confinamento",{"$nulls":4},0,null,0]
[null,"Total Encargos Adicionais",{"$nulls":4},12.68,null,304.99]
[null,"Encargos Totais",{"$nulls":4},125.2697,null,3013.7116310000001]
[null,"Custo Total",{"$nulls":6},5419.4888000000001]
[null,"Código",null,"Descrição",null,null,"Unidade",null,"Salário \n(R$)"]
[null,"P9858",null,"Laboratorista",null,null,"mês",null,2996.2950000000001]
[]
[null,"Encargos Sociais e Trabalhistas - julho/2025",{"$nulls":4}," %"]
[null,"Grupo A - Encargos Sociais"]
[null,"Previdência Social",{"$nulls":4},20]
[null,"FGTS",{"$nulls":4},8]
[null,"Salário Educação",{"$nulls":4},2.5]
[null,"SESC ou SESI",{"$nulls":4},1.5]
[null,"SENAI / SEBRAE",{"$nulls":4},1.6]
[null,"INCRA",{"$nulls":4},0.2]
[null,"Seguro Contra Risco e Acidente de Trabalho",{"$nulls":4},3]
[null,"SECONCI",{"$nulls":4},0.5]
[null,"FAE - Financiamento de Aposentadoria Especial",{"$nulls":4},0]
[null,"Total Grupo A",{"$nulls":4},37.299999999999997]
[null,"Grupo B - Encargos Trabalhistas"]
[null,"Repouso Semanal Remunerado - Domingos",{"$nulls":4},0]
[null,"Feriados",{"$nulls":4},0]
[null,"Férias Gozadas + 1/3",{"$nulls":4},0.28959038999999998]
[null,"Auxílio Enfermidade",{"$nulls":4},0.89876727999999995]
[null,"Auxílio Acidente de Trabalho",{"$nulls":4},4.9080480000000003E-2]
[null,"Licença Paternidade",{"$nulls":4},9.6677379999999993E-2]
[null,"13° Salário",{"$nulls":4},9.2389500200000008]
[null,"Faltas Justificadas",{"$nulls":4},0.74252826999999999]
[null,"Férias sobre Licença Maternidade",{"$nulls":4},3.81752E-3]
[null,"Reciclagem Tecnológica",{"$nulls":4},0]
[null,"Total Grupo B",{"$nulls":4},11.319411349999999]
[null,"Grupo C - Verbas Rescisórias"]
[null,"Aviso Prévio Indenizado",{"$nulls":4},8.0560558199999992]
[null,"Aviso Prévio Trabalhado",{"$nulls":4},0.22193092]
[null,"Férias Indenizadas + 1/3",{"$nulls":4},12.02900964]
[null,"Depósito por Rescisão Sem Justa Causa",{"$nulls":4},3.56222116]
[null,"Indenização Adicional",{"$nulls":4},0.92816034000000003]
[null,"Total Grupo C",{"$nulls":4},24.797377879999999]
[null,"Grupo D - Verbas Rescisórias"]
[null,"Reincidência de A sobre B",{"$nulls":4},4.2221404299999996]
[null,"Reincidência de A sobre Aviso Prévio Trabalhado + Reincidência de FGTS sobre Aviso Prévio Indenizado",{"$nulls":4},0.72726469999999999]
[null,"Total Grupo D",{"$nulls":4},4.9494051299999997]
[null,"Total Encargos Sociais e Trabalhistas - julho/2025",{"$nulls":4},78.37]
[null,"Periculosidade/Insalubridade",{"$nulls":4}," %",null,"R$"]
[null,"Total Periculosidade/Insalubridade",{"$nulls":4},0,null,0]
[null,"Encargos Sociais e Trabalhistas - Média Móvel",{"$nulls":4}," %",null,"R$"]
[null,"Encargos Sociais e Trabalhistas - Média Móvel - Sobre Salário",{"$nulls":4},78.59,null,2354.7882399999999]
[null,"Encargos Sociais e Trabalhistas - Média Móvel - Sobre Periculosidade/Insalubridade",{"$nulls":4},78.59,null,0]
[null,"Total Encargos Sociais e Trabalhistas - Média Móvel",{"$nulls":4},78.59,null,2354.7882399999999]
[null,"Encargos Complementares",{"$nulls":4}," %",null,"R$"]
[null,"Alimentação",{"$nulls":4},28.36,null,849.88823000000002]
[null,"EPI",{"$nulls":4},1.75,null,52.521931000000002]
[null,"Ferramenta",{"$nulls":4},0,null,0]
[null,"Transporte",{"$nulls":4},5.97,null,178.85172600000001]
[null,"Consulta Ocupacional",{"$nulls":4},0.51,null,15.160031999999999]
[null,"Total Encargos Complementares",{"$nulls":4},36.590000000000003,null,1096.4219189999999]
[null,"Encargos Adicionais",{"$nulls":4}," %",null,"R$"]
[null,"Cesta Básica",{"$nulls":4},0,null,0]
[null,"Assistência Médica",{"$nulls":4},0,null,0]
[null,"Seguro de Vida",{"$nulls":4},0.33,null,9.7799999999999994]
[null,"Desgaste Orgânico",{"$nulls":4},0,null,0]
[null,"Adicional de Confinamento",{"$nulls":4},0,null,0]
[null,"Total Encargos Adicionais",{"$nulls":4},0.33,null,9.7799999999999994]
[null,"Encargos Totais",{"$nulls":4},115.509,null,3460.9901589999999]
[null,"Custo Total",{"$nulls":6},6457.2852999999996]
[null,"Código",null,"Descrição",null,null,"Unidade",null,"Salário \n(R$)"]
[null,"P9859",null,"Trabalhador de via",null,null,"h",null,7.0829000000000004]
[]
[null,"Encargos Sociais e Trabalhistas - julho/2025",{"$nulls":4}," %"]
[null,"Grupo A - Encargos Sociais"]
[null,"Previdência Social",{"$nulls":4},20]
[null,"FGTS",{"$nulls":4},8]
[null,"Salário Educação",{"$nulls":4},2.5]
[null,"SESC ou SESI",{"$nulls":4},1.5]
[null,"SENAI / SEBRAE",{"$nulls":4},1.6]
[null,"INCRA",{"$nulls":4},0.2]
[null,"Seguro Contra Risco e Acidente de Trabalho",{"$nulls":4},3]
[null,"SECONCI",{"$nulls":4},1]
[null,"FAE - Financiamento de Aposentadoria Especial",{"$nulls":4},0]
[null,"Total Grupo A",{"$nulls":4},37.799999999999997]
[null,"Grupo B - Encargos Trabalhistas"]
[null,"Repouso Semanal Remunerado - Domingos",{"$nulls":4},18.297952559999999]
[null,"Feriados",{"$nulls":4},5.0630060300000004]
[null,"Férias Gozadas + 1/3",{"$nulls":4},4.0045625400000002]
[null,"Auxílio Enfermidade",{"$nulls":4},0.90152284999999999]
[null,"Auxílio Acidente de Trabalho",{"$nulls":4},4.9079940000000002E-2]
[null,"Licença Paternidade",{"$nulls":4},8.1467709999999999E-2]
[null,"13° Salário",{"$nulls":4},9.2388476599999994]
[null,"Faltas Justificadas",{"$nulls":4},0.74252004999999999]
[null,"Férias sobre Licença Maternidade",{"$nulls":4},1.5135289999999999E-2]
[null,"Reciclagem Tecnológica",{"$nulls":4},0]
[null,"Total Grupo B",{"$nulls":4},38.394094610000003]
[null,"Grupo C - Verbas Rescisórias"]
[null,"Aviso Prévio Indenizado",{"$nulls":4},5.5680388199999999]
[null,"Aviso Prévio Trabalhado",{"$nulls":4},0.1533902]
[null,"Férias Indenizadas + 1/3",{"$nulls":4},8.3139009999999995]
[null,"Depósito por Rescisão Sem Justa Causa",{"$nulls":4},4.4286110299999999]
[null,"Indenização Adicional",{"$nulls":4},0.92815006]
[null,"Total Grupo C",{"$nulls":4},19.392091109999999]
[null,"Grupo D - Verbas Rescisórias"]
[null,"Reincidência de A sobre B",{"$nulls":4},14.51296776]
[null,"Reincidência de A sobre Aviso Prévio Trabalhado + Reincidência de FGTS sobre Aviso Prévio Indenizado",{"$nulls":4},0.5034246]
[null,"Total Grupo D",{"$nulls":4},15.016392359999999]
[null,"Total Encargos Sociais e Trabalhistas - julho/2025",{"$nulls":4},110.6]
[null,"Periculosidade/Insalubridade",{"$nulls":4}," %",null,"R$"]
[null,"Total Periculosidade/Insalubridade",{"$nulls":4},0,null,0]
[null,"Encargos Sociais e Trabalhistas - Média Móvel",{"$nulls":4}," %",null,"R$"]
[null,"Encargos Sociais e Trabalhistas - Média Móvel - Sobre Salário",{"$nulls":4},110.77,null,7.8457280000000003]
[null,"Encargos Sociais e Trabalhistas - Média Móvel - Sobre Periculosidade/Insalubridade",{"$nulls":4},110.77,null,0]
[null,"Total Encargos Sociais e Trabalhistas - Média Móvel",{"$nulls":4},110.77,null,7.8457280000000003]
[null,"Encargos Complementares",{"$nulls":4}," %",null,"R$"]
[null,"Alimentação",{"$nulls":4},65.75,null,4.6571769999999999]
[null,"EPI",{"$nulls":4},5.28,null,0.37395200000000001]
[null,"Ferramenta",{"$nulls":4},1.02,null,7.2355000000000003E-2]
[null,"Transporte",{"$nulls":4},13.84,null,0.98006300000000002]
[null,"Consulta Ocupacional",{"$nulls":4},0.81,null,5.7417000000000003E-2]
[null,"Total Encargos Complementares",{"$nulls":4},86.7,null,6.1409640000000003]
[null,"Encargos Adicionais",{"$nulls":4}," %",null,"R$"]
[null,"Cesta Básica",{"$nulls":4},0,null,0]
[null,"Assistência Médica",{"$nulls":4},0,null,0]
[null,"Seguro de Vida",{"$nulls":4},0.76,null,5.3592000000000001E-2]
[null,"Desgaste Orgânico",{"$nulls":4},0,null,0]
[null,"Adicional de Confinamento",{"$nulls":4},0,null,0]
[null,"Total Encargos Adicionais",{"$nulls":4},0.76,null,5.3592000000000001E-2]
[null,"Encargos Totais",{"$nulls":4},198.22790000000001,null,14.040284]
[null,"Custo Total",{"$nulls":6},21.123100000000001]
[null,"Código",null,"Descrição",null,null,"Unidade",null,"Salário \n(R$)"]
[null,"P9861",null,"Selecionador de material pétreo",null,null,"h",null,7.76]
[]
[null,"Encargos Sociais e Trabalhistas - julho/2025",{"$nulls":4}," %"]
[null,"Grupo A - Encargos Sociais"]
[null,"Previdência Social",{"$nulls":4},20]
[null,"FGTS",{"$nulls":4},8]
[null,"Salário Educação",{"$nulls":4},2.5]
[null,"SESC ou SESI",{"$nulls":4},1.5]
[null,"SENAI / SEBRAE",{"$nulls":4},1.6]
[null,"INCRA",{"$nulls":4},0.2]
[null,"Seguro Contra Risco e Acidente de Trabalho",{"$nulls":4},3]
[null,"SECONCI",{"$nulls":4},1]
[null,"FAE - Financiamento de Aposentadoria Especial",{"$nulls":4},0]
[null,"Total Grupo A",{"$nulls":4},37.799999999999997]
[null,"Grupo B - Encargos Trabalhistas"]
[null,"Repouso Semanal Remunerado - Domingos",{"$nulls":4},18.297952559999999]
[null,"Feriados",{"$nulls":4},5.0630060300000004]
[null,"Férias Gozadas + 1/3",{"$nulls":4},4.0045625400000002]
[null,"Auxílio Enfermidade",{"$nulls":4},0.90152284999999999]
[null,"Auxílio Acidente de Trabalho",{"$nulls":4},4.9079940000000002E-2]
[null,"Licença Paternidade",{"$nulls":4},8.1467709999999999E-2]
[null,"13° Salário",{"$nulls":4},9.2388476599999994]
[null,"Faltas Justificadas",{"$nulls":4},0.74252004999999999]
[null,"Férias sobre Licença Maternidade",{"$nulls":4},1.5135289999999999E-2]
[null,"Reciclagem Tecnológica",{"$nulls":4},0]
[null,"Total Grupo B",{"$nulls":4},38.394094610000003]
[null,"Grupo C - Verbas Rescisórias"]
[null,"Aviso Prévio Indenizado",{"$nulls":4},5.5680388199999999]
[null,"Aviso Prévio Trabalhado",{"$nulls":4},0.1533902]
[null,"Férias Indenizadas + 1/3",{"$nulls":4},8.3139009999999995]
[null,"Depósito por Rescisão Sem Justa Causa",{"$nulls":4},4.4286110299999999]
[null,"Indenização Adicional",{"$nulls":4},0.92815006]
[null,"Total Grupo C",{"$nulls":4},19.392091109999999]
[null,"Grupo D - Verbas Rescisórias"]
[null,"Reincidência de A sobre B",{"$nulls":4},14.51296776]
[null,"Reincidência de A sobre Aviso Prévio Trabalhado + Reincidência de FGTS sobre Aviso Prévio Indenizado",{"$nulls":4},0.5034246]
[null,"Total Grupo D",{"$nulls":4},15.016392359999999]
[null,"Total Encargos Sociais e Trabalhistas - julho/2025",{"$nulls":4},110.6]
[null,"Periculosidade/Insalubridade",{"$nulls":4}," %",null,"R$"]
[null,"Total Periculosidade/Insalubridade",{"$nulls":4},0,null,0]
[null,"Encargos Sociais e Trabalhistas - Média Móvel",{"$nulls":4}," %",null,"R$"]
[null,"Encargos Sociais e Trabalhistas - Média Móvel - Sobre Salário",{"$nulls":4},110.77,null,8.5957519999999992]
[null,"Encargos Sociais e Trabalhistas - Média Móvel - Sobre Periculosidade/Insalubridade",{"$nulls":4},110.77,null,0]
[null,"Total Encargos Sociais e Trabalhistas - Média Móvel",{"$nulls":4},110.77,null,8.5957519999999992]
[null,"Encargos Complementares",{"$nulls":4}," %",null,"R$"]
[null,"Alimentação",{"$nulls":4},60.02,null,4.6571769999999999]
[null,"EPI",{"$nulls":4},4.4800000000000004,null,0.34781699999999999]
[null,"Ferramenta",{"$nulls":4},0,null,0]
[null,"Transporte",{"$nulls":4},12.63,null,0.98006300000000002]
[null,"Consulta Ocupacional",{"$nulls":4},0.74,null,5.7417000000000003E-2]
[null,"Total Encargos Complementares",{"$nulls":4},77.87,null,6.0424740000000003]
[null,"Encargos Adicionais",{"$nulls":4}," %",null,"R$"]
[null,"Cesta Básica",{"$nulls":4},0,null,0]
[null,"Assistência Médica",{"$nulls":4},0,null,0]
[null,"Seguro de Vida",{"$nulls":4},0.69,null,5.3592000000000001E-2]
[null,"Desgaste Orgânico",{"$nulls":4},0,null,0]
[null,"Adicional de Confinamento",{"$nulls":4},0,null,0]
[null,"Total Encargos Adicionais",{"$nulls":4},0.69,null,5.3592000000000001E-2]
[null,"Encargos Totais",{"$nulls":4},189.32759999999999,null,14.691818]
[null,"Custo Total",{"$nulls":6},22.451799999999999]
[null,"Código",null,"Descrição",null,null,"Unidade",null,"Salário \n(R$)"]
[null,"P9864",null,"Engenheiro de segurança do trabalho",null,null,"mês",null,13518.8977]
[]
[null,"Encargos Sociais e Trabalhistas - julho/2025",{"$nulls":4}," %"]
[null,"Grupo A - Encargos Sociais"]
[null,"Previdência Social",{"$nulls":4},20]
[null,"FGTS",{"$nulls":4},8]
[null,"Salário Educação",{"$nulls":4},2.5]
[null,"SESC ou SESI",{"$nulls":4},1.5]
[null,"SENAI / SEBRAE",{"$nulls":4},1.6]
[null,"INCRA",{"$nulls":4},0.2]
[null,"Seguro Contra Risco e Acidente de Trabalho",{"$nulls":4},3]
[null,"SECONCI",{"$nulls":4},0.41481480999999998]
[null,"FAE - Financiamento de Aposentadoria Especial",{"$nulls":4},0]
[null,"Total Grupo A",{"$nulls":4},37.21481481]
[null,"Grupo B - Encargos Trabalhistas"]
[null,"Repouso Semanal Remunerado - Domingos",{"$nulls":4},0]
[null,"Feriados",{"$nulls":4},0]
[null,"Férias Gozadas + 1/3",{"$nulls":4},7.1655311399999997]
[null,"Auxílio Enfermidade",{"$nulls":4},0.90883347999999997]
[null,"Auxílio Acidente de Trabalho",{"$nulls":4},4.9098330000000003E-2]
[null,"Licença Paternidade",{"$nulls":4},6.6108500000000001E-2]
[null,"13° Salário",{"$nulls":4},9.24231026]
[null,"Faltas Justificadas",{"$nulls":4},0.74279832999999995]
[null,"Férias sobre Licença Maternidade",{"$nulls":4},6.0980670000000001E-2]
[null,"Reciclagem Tecnológica",{"$nulls":4},0]
[null,"Total Grupo B",{"$nulls":4},18.235660710000001]
[null,"Grupo C - Verbas Rescisórias"]
[null,"Aviso Prévio Indenizado",{"$nulls":4},3.7667483800000001]
[null,"Aviso Prévio Trabalhado",{"$nulls":4},9.5120339999999998E-2]
[null,"Férias Indenizadas + 1/3",{"$nulls":4},5.15754921]
[null,"Depósito por Rescisão Sem Justa Causa",{"$nulls":4},3.7835411400000001]
[null,"Indenização Adicional",{"$nulls":4},0.92849791999999998]
[null,"Total Grupo C",{"$nulls":4},13.731456980000001]
[null,"Grupo D - Verbas Rescisórias"]
[null,"Reincidência de A sobre B",{"$nulls":4},6.7863673699999998]
[null,"Reincidência de A sobre Aviso Prévio Trabalhado + Reincidência de FGTS sobre Aviso Prévio Indenizado",{"$nulls":4},0.33673872999999999]
[null,"Total Grupo D",{"$nulls":4},7.1231060900000003]
[null,"Total Encargos Sociais e Trabalhistas - julho/2025",{"$nulls":4},76.31]
[null,"Periculosidade/Insalubridade",{"$nulls":4}," %",null,"R$"]
[null,"Total Periculosidade/Insalubridade",{"$nulls":4},0,null,0]
[null,"Encargos Sociais e Trabalhistas - Média Móvel",{"$nulls":4}," %",null,"R$"]
[null,"Encargos Sociais e Trabalhistas - Média Móvel - Sobre Salário",{"$nulls":4},76.489999999999995,null,10340.604851]
[null,"Encargos Sociais e Trabalhistas - Média Móvel - Sobre Periculosidade/Insalubridade",{"$nulls":4},76.489999999999995,null,0]
[null,"Total Encargos Sociais e Trabalhistas - Média Móvel",{"$nulls":4},76.489999999999995,null,10340.604851]
[null,"Encargos Complementares",{"$nulls":4}," %",null,"R$"]
[null,"Alimentação",{"$nulls":4},6.29,null,849.88823000000002]
[null,"EPI",{"$nulls":4},0.19,null,25.554625999999999]
[null,"Ferramenta",{"$nulls":4},0,null,0]
[null,"Transporte",{"$nulls":4},1.32,null,178.85172600000001]
[null,"Consulta Ocupacional",{"$nulls":4},7.0000000000000007E-2,null,9.746461]
[null,"Total Encargos Complementares",{"$nulls":4},7.87,null,1064.0410429999999]
[null,"Encargos Adicionais",{"$nulls":4}," %",null,"R$"]
[null,"Cesta Básica",{"$nulls":4},0,null,0]
[null,"Assistência Médica",{"$nulls":4},0,null,0]
[null,"Seguro de Vida",{"$nulls":4},7.0000000000000007E-2,null,9.7799999999999994]
[null,"Desgaste Orgânico",{"$nulls":4},0,null,0]
[null,"Adicional de Confinamento",{"$nulls":4},0,null,0]
[null,"Total Encargos Adicionais",{"$nulls":4},7.0000000000000007E-2,null,9.7799999999999994]
[null,"Encargos Totais",{"$nulls":4},84.433099999999996,null,11414.425894]
[null,"Custo Total",{"$nulls":6},24933.322100000001]
[null,"Código",null,"Descrição",null,null,"Unidade",null,"Salário \n(R$)"]
[null,"P9866",null,"Motorista de caminhão",null,null,"h",null,11.1579]
[]
[null,"Encargos Sociais e Trabalhistas - julho/2025",{"$nulls":4}," %"]
[null,"Grupo A - Encargos Sociais"]
[null,"Previdência Social",{"$nulls":4},20]
[null,"FGTS",{"$nulls":4},8]
[null,"Salário Educação",{"$nulls":4},2.5]
[null,"SESC ou SESI",{"$nulls":4},1.5]
[null,"SENAI / SEBRAE",{"$nulls":4},1.6]
[null,"INCRA",{"$nulls":4},0.2]
[null,"Seguro Contra Risco e Acidente de Trabalho",{"$nulls":4},3]
[null,"SECONCI",{"$nulls":4},1]
[null,"FAE - Financiamento de Aposentadoria Especial",{"$nulls":4},0]
[null,"Total Grupo A",{"$nulls":4},37.799999999999997]
[null,"Grupo B - Encargos Trabalhistas"]
[null,"Repouso Semanal Remunerado - Domingos",{"$nulls":4},18.736573969999998]
[null,"Feriados",{"$nulls":4},5.1862639599999998]
[null,"Férias Gozadas + 1/3",{"$nulls":4},7.4301176399999997]
[null,"Auxílio Enfermidade",{"$nulls":4},0.90132814000000006]
[null,"Auxílio Acidente de Trabalho",{"$nulls":4},4.9069340000000003E-2]
[null,"Licença Paternidade",{"$nulls":4},7.2864189999999995E-2]
[null,"13° Salário",{"$nulls":4},9.2368521799999996]
[null,"Faltas Justificadas",{"$nulls":4},0.74235967000000003]
[null,"Férias sobre Licença Maternidade",{"$nulls":4},2.1406699999999999E-3]
[null,"Reciclagem Tecnológica",{"$nulls":4},0]
[null,"Total Grupo B",{"$nulls":4},42.357569750000003]
[null,"Grupo C - Verbas Rescisórias"]
[null,"Aviso Prévio Indenizado",{"$nulls":4},3.5703045699999998]
[null,"Aviso Prévio Trabalhado",{"$nulls":4},9.0159619999999996E-2]
[null,"Férias Indenizadas + 1/3",{"$nulls":4},4.8856852599999998]
[null,"Depósito por Rescisão Sem Justa Causa",{"$nulls":4},4.5554422299999997]
[null,"Indenização Adicional",{"$nulls":4},0.92794958999999999]
[null,"Total Grupo C",{"$nulls":4},14.029541269999999]
[null,"Grupo D - Verbas Rescisórias"]
[null,"Reincidência de A sobre B",{"$nulls":4},16.01116137]
[null,"Reincidência de A sobre Aviso Prévio Trabalhado + Reincidência de FGTS sobre Aviso Prévio Indenizado",{"$nulls":4},0.31970470000000001]
[null,"Total Grupo D",{"$nulls":4},16.330866069999999]
[null,"Total Encargos Sociais e Trabalhistas - julho/2025",{"$nulls":4},110.52]
[null,"Periculosidade/Insalubridade",{"$nulls":4}," %",null,"R$"]
[null,"Total Periculosidade/Insalubridade",{"$nulls":4},0,null,0]
[null,"Encargos Sociais e Trabalhistas - Média Móvel",{"$nulls":4}," %",null,"R$"]
[null,"Encargos Sociais e Trabalhistas - Média Móvel - Sobre Salário",{"$nulls":4},110.62,null,12.342869]
[null,"Encargos Sociais e Trabalhistas - Média Móvel - Sobre Periculosidade/Insalubridade",{"$nulls":4},110.62,null,0]
[null,"Total Encargos Sociais e Trabalhistas - Média Móvel",{"$nulls":4},110.62,null,12.342869]
[null,"Encargos Complementares",{"$nulls":4}," %",null,"R$"]
[null,"Alimentação",{"$nulls":4},41.74,null,4.6571769999999999]
[null,"EPI",{"$nulls":4},2.35,null,0.26262099999999999]
[null,"Ferramenta",{"$nulls":4},0,null,0]
[null,"Transporte",{"$nulls":4},8.7799999999999994,null,0.98006300000000002]
[null,"Consulta Ocupacional",{"$nulls":4},0.45,null,5.0623000000000001E-2]
[null,"Total Encargos Complementares",{"$nulls":4},53.32,null,5.9504840000000003]
[null,"Encargos Adicionais",{"$nulls":4}," %",null,"R$"]
[null,"Cesta Básica",{"$nulls":4},0,null,0]
[null,"Assistência Médica",{"$nulls":4},0,null,0]
[null,"Seguro de Vida",{"$nulls":4},0.48,null,5.3592000000000001E-2]
[null,"Desgaste Orgânico",{"$nulls":4},0,null,0]
[null,"Adicional de Confinamento",{"$nulls":4},0,null,0]
[null,"Total Encargos Adicionais",{"$nulls":4},0.48,null,5.3592000000000001E-2]
[null,"Encargos Totais",{"$nulls":4},164.43010000000001,null,18.346945000000002]
[null,"Custo Total",{"$nulls":6},29.504799999999999]
[null,"Código",null,"Descrição",null,null,"Unidade",null,"Salário \n(R$)"]
[null,"P9867",null,"Técnico especializado - mensalista",null,null,"mês",null,3758.7102]
[]
[null,"Encargos Sociais e Trabalhistas - julho/2025",{"$nulls":4}," %"]
[null,"Grupo A - Encargos Sociais"]
[null,"Previdência Social",{"$nulls":4},20]
[null,"FGTS",{"$nulls":4},8]
[null,"Salário Educação",{"$nulls":4},2.5]
[null,"SESC ou SESI",{"$nulls":4},1.5]
[null,"SENAI / SEBRAE",{"$nulls":4},1.6]
[null,"INCRA",{"$nulls":4},0.2]
[null,"Seguro Contra Risco e Acidente de Trabalho",{"$nulls":4},3]
[null,"SECONCI",{"$nulls":4},0.5]
[null,"FAE - Financiamento de Aposentadoria Especial",{"$nulls":4},0]
[null,"Total Grupo A",{"$nulls":4},37.299999999999997]
[null,"Grupo B - Encargos Trabalhistas"]
[null,"Repouso Semanal Remunerado - Domingos",{"$nulls":4},0]
[null,"Feriados",{"$nulls":4},0]
[null,"Férias Gozadas + 1/3",{"$nulls":4},5.4674050599999999]
[null,"Auxílio Enfermidade",{"$nulls":4},0.89922871000000004]
[null,"Auxílio Acidente de Trabalho",{"$nulls":4},4.9105679999999999E-2]
[null,"Licença Paternidade",{"$nulls":4},6.8710779999999999E-2]
[null,"13° Salário",{"$nulls":4},9.2436933400000001]
[null,"Faltas Justificadas",{"$nulls":4},0.74290948999999995]
[null,"Férias sobre Licença Maternidade",{"$nulls":4},8.3069249999999997E-2]
[null,"Reciclagem Tecnológica",{"$nulls":4},0]
[null,"Total Grupo B",{"$nulls":4},16.55412231]
[null,"Grupo C - Verbas Rescisórias"]
[null,"Aviso Prévio Indenizado",{"$nulls":4},4.5902541000000001]
[null,"Aviso Prévio Trabalhado",{"$nulls":4},0.12645386]
[null,"Férias Indenizadas + 1/3",{"$nulls":4},6.8575193800000003]
[null,"Depósito por Rescisão Sem Justa Causa",{"$nulls":4},3.7297319099999999]
[null,"Indenização Adicional",{"$nulls":4},0.92863686000000001]
[null,"Total Grupo C",{"$nulls":4},16.232596109999999]
[null,"Grupo D - Verbas Rescisórias"]
[null,"Reincidência de A sobre B",{"$nulls":4},6.1746876200000003]
[null,"Reincidência de A sobre Aviso Prévio Trabalhado + Reincidência de FGTS sobre Aviso Prévio Indenizado",{"$nulls":4},0.41438762000000001]
[null,"Total Grupo D",{"$nulls":4},6.5890752399999997]
[null,"Total Encargos Sociais e Trabalhistas - julho/2025",{"$nulls":4},76.680000000000007]
[null,"Periculosidade/Insalubridade",{"$nulls":4}," %",null,"R$"]
[null,"Total Periculosidade/Insalubridade",{"$nulls":4},0,null,0]
[null,"Encargos Sociais e Trabalhistas - Média Móvel",{"$nulls":4}," %",null,"R$"]
[null,"Encargos Sociais e Trabalhistas - Média Móvel - Sobre Salário",{"$nulls":4},76.900000000000006,null,2890.448144]
[null,"Encargos Sociais e Trabalhistas - Média Móvel - Sobre Periculosidade/Insalubridade",{"$nulls":4},76.900000000000006,null,0]
[null,"Total Encargos Sociais e Trabalhistas - Média Móvel",{"$nulls":4},76.900000000000006,null,2890.448144]
[null,"Encargos Complementares",{"$nulls":4}," %",null,"R$"]
[null,"Alimentação",{"$nulls":4},22.61,null,849.88823000000002]
[null,"EPI",{"$nulls":4},1.69,null,63.473173000000003]
[null,"Ferramenta",{"$nulls":4},0,null,0]
[null,"Transporte",{"$nulls":4},4.76,null,178.85172600000001]
[null,"Consulta Ocupacional",{"$nulls":4},0.23,null,8.6380239999999997]
[null,"Total Encargos Complementares",{"$nulls":4},29.29,null,1100.8511530000001]
[null,"Encargos Adicionais",{"$nulls":4}," %",null,"R$"]
[null,"Cesta Básica",{"$nulls":4},0,null,0]
[null,"Assistência Médica",{"$nulls":4},0,null,0]
[null,"Seguro de Vida",{"$nulls":4},0.26,null,9.7799999999999994]
[null,"Desgaste Orgânico",{"$nulls":4},0,null,0]
[null,"Adicional de Confinamento",{"$nulls":4},0,null,0]
[null,"Total Encargos Adicionais",{"$nulls":4},0.26,null,9.7799999999999994]
[null,"Encargos Totais",{"$nulls":4},106.4482,null,4001.0792970000002]
[null,"Custo Total",{"$nulls":6},7759.7894999999999]
[null,"Código",null,"Descrição",null,null,"Unidade",null,"Salário \n(R$)"]
[null,"P9869",null,"Encarregado de obras de artes especiais",null,null,"mês",null,4482.1585999999998]
[]
[null,"Encargos Sociais e Trabalhistas - julho/2025",{"$nulls":4}," %"]
[null,"Grupo A - Encargos Sociais"]
[null,"Previdência Social",{"$nulls":4},20]
[null,"FGTS",{"$nulls":4},8]
[null,"Salário Educação",{"$nulls":4},2.5]
[null,"SESC ou SESI",{"$nulls":4},1.5]
[null,"SENAI / SEBRAE",{"$nulls":4},1.6]
[null,"INCRA",{"$nulls":4},0.2]
[null,"Seguro Contra Risco e Acidente de Trabalho",{"$nulls":4},3]
[null,"SECONCI",{"$nulls":4},1]
[null,"FAE - Financiamento de Aposentadoria Especial",{"$nulls":4},0]
[null,"Total Grupo A",{"$nulls":4},37.799999999999997]
[null,"Grupo B - Encargos Trabalhistas"]
[null,"Repouso Semanal Remunerado - Domingos",{"$nulls":4},0]
[null,"Feriados",{"$nulls":4},0]
[null,"Férias Gozadas + 1/3",{"$nulls":4},7.5665260700000001]
[null,"Auxílio Enfermidade",{"$nulls":4},0.90124342999999996]
[null,"Auxílio Acidente de Trabalho",{"$nulls":4},4.9064719999999999E-2]
[null,"Licença Paternidade",{"$nulls":4},5.9152150000000001E-2]
[null,"13° Salário",{"$nulls":4},9.2359840799999997]
[null,"Faltas Justificadas",{"$nulls":4},0.74228989999999995]
[null,"Férias sobre Licença Maternidade",{"$nulls":4},6.4429999999999999E-3]
[null,"Reciclagem Tecnológica",{"$nulls":4},0]
[null,"Total Grupo B",{"$nulls":4},18.560703350000001]
[null,"Grupo C - Verbas Rescisórias"]
[null,"Aviso Prévio Indenizado",{"$nulls":4},3.47010189]
[null,"Aviso Prévio Trabalhado",{"$nulls":4},8.7629230000000002E-2]
[null,"Férias Indenizadas + 1/3",{"$nulls":4},4.7481193800000003]
[null,"Depósito por Rescisão Sem Justa Causa",{"$nulls":4},3.7939425099999999]
[null,"Indenização Adicional",{"$nulls":4},0.92786237999999999]
[null,"Total Grupo C",{"$nulls":4},13.027655380000001]
[null,"Grupo D - Verbas Rescisórias"]
[null,"Reincidência de A sobre B",{"$nulls":4},7.0159458700000004]
[null,"Reincidência de A sobre Aviso Prévio Trabalhado + Reincidência de FGTS sobre Aviso Prévio Indenizado",{"$nulls":4},0.31073200000000001]
[null,"Total Grupo D",{"$nulls":4},7.3266778700000001]
[null,"Total Encargos Sociais e Trabalhistas - julho/2025",{"$nulls":4},76.72]
[null,"Periculosidade/Insalubridade",{"$nulls":4}," %",null,"R$"]
[null,"Total Periculosidade/Insalubridade",{"$nulls":4},0,null,0]
[null,"Encargos Sociais e Trabalhistas - Média Móvel",{"$nulls":4}," %",null,"R$"]
[null,"Encargos Sociais e Trabalhistas - Média Móvel - Sobre Salário",{"$nulls":4},76.81,null,3442.7460209999999]
[null,"Encargos Sociais e Trabalhistas - Média Móvel - Sobre Periculosidade/Insalubridade",{"$nulls":4},76.81,null,0]
[null,"Total Encargos Sociais e Trabalhistas - Média Móvel",{"$nulls":4},76.81,null,3442.7460209999999]
[null,"Encargos Complementares",{"$nulls":4}," %",null,"R$"]
[null,"Alimentação",{"$nulls":4},18.96,null,849.88823000000002]
[null,"EPI",{"$nulls":4},1.42,null,63.473173000000003]
[null,"Ferramenta",{"$nulls":4},0,null,0]
[null,"Transporte",{"$nulls":4},3.99,null,178.85172600000001]
[null,"Consulta Ocupacional",{"$nulls":4},0.2,null,8.9788890000000006]
[null,"Total Encargos Complementares",{"$nulls":4},24.57,null,1101.192018]
[null,"Encargos Adicionais",{"$nulls":4}," %",null,"R$"]
[null,"Cesta Básica",{"$nulls":4},0,null,0]
[null,"Assistência Médica",{"$nulls":4},0,null,0]
[null,"Seguro de Vida",{"$nulls":4},0.22,null,9.7799999999999994]
[null,"Desgaste Orgânico",{"$nulls":4},0,null,0]
[null,"Adicional de Confinamento",{"$nulls":4},0,null,0]
[null,"Total Encargos Adicionais",{"$nulls":4},0.22,null,9.7799999999999994]
[null,"Encargos Totais",{"$nulls":4},101.59650000000001,null,4553.7180390000003]
[null,"Custo Total",{"$nulls":6},9035.8747999999996]
[null,"Código",null,"Descrição",null,null,"Unidade",null,"Salário \n(R$)"]
[null,"P9870",null,"Motorista de veículo leve",null,null,"h",null,11.304]
[]
[null,"Encargos Sociais e Trabalhistas - julho/2025",{"$nulls":4}," %"]
[null,"Grupo A - Encargos Sociais"]
[null,"Previdência Social",{"$nulls":4},20]
[null,"FGTS",{"$nulls":4},8]
[null,"Salário Educação",{"$nulls":4},2.5]
[null,"SESC ou SESI",{"$nulls":4},1.5]
[null,"SENAI / SEBRAE",{"$nulls":4},1.6]
[null,"INCRA",{"$nulls":4},0.2]
[null,"Seguro Contra Risco e Acidente de Trabalho",{"$nulls":4},3]
[null,"SECONCI",{"$nulls":4},0.5]
[null,"FAE - Financiamento de Aposentadoria Especial",{"$nulls":4},0]
[null,"Total Grupo A",{"$nulls":4},37.299999999999997]
[null,"Grupo B - Encargos Trabalhistas"]
[null,"Repouso Semanal Remunerado - Domingos",{"$nulls":4},18.79845757]
[null,"Feriados",{"$nulls":4},5.2036420999999997]
[null,"Férias Gozadas + 1/3",{"$nulls":4},7.8924731399999999]
[null,"Auxílio Enfermidade",{"$nulls":4},0.89867255999999995]
[null,"Auxílio Acidente de Trabalho",{"$nulls":4},4.9075309999999997E-2]
[null,"Licença Paternidade",{"$nulls":4},8.2272479999999995E-2]
[null,"13° Salário",{"$nulls":4},9.2379762999999997]
[null,"Faltas Justificadas",{"$nulls":4},0.74245002000000004]
[null,"Férias sobre Licença Maternidade",{"$nulls":4},7.6673000000000002E-3]
[null,"Reciclagem Tecnológica",{"$nulls":4},0]
[null,"Total Grupo B",{"$nulls":4},42.912686790000002]
[null,"Grupo C - Verbas Rescisórias"]
[null,"Aviso Prévio Indenizado",{"$nulls":4},3.2331315900000002]
[null,"Aviso Prévio Trabalhado",{"$nulls":4},8.1645110000000007E-2]
[null,"Férias Indenizadas + 1/3",{"$nulls":4},4.4248285899999997]
[null,"Depósito por Rescisão Sem Justa Causa",{"$nulls":4},4.57320598]
[null,"Indenização Adicional",{"$nulls":4},0.92806252]
[null,"Total Grupo C",{"$nulls":4},13.24087379]
[null,"Grupo D - Verbas Rescisórias"]
[null,"Reincidência de A sobre B",{"$nulls":4},16.00643217]
[null,"Reincidência de A sobre Aviso Prévio Trabalhado + Reincidência de FGTS sobre Aviso Prévio Indenizado",{"$nulls":4},0.28910415]
[null,"Total Grupo D",{"$nulls":4},16.29553632]
[null,"Total Encargos Sociais e Trabalhistas - julho/2025",{"$nulls":4},109.75]
[null,"Periculosidade/Insalubridade",{"$nulls":4}," %",null,"R$"]
[null,"Total Periculosidade/Insalubridade",{"$nulls":4},0,null,0]
[null,"Encargos Sociais e Trabalhistas - Média Móvel",{"$nulls":4}," %",null,"R$"]
[null,"Encargos Sociais e Trabalhistas - Média Móvel - Sobre Salário",{"$nulls":4},109.82,null,12.414052999999999]
[null,"Encargos Sociais e Trabalhistas - Média Móvel - Sobre Periculosidade/Insalubridade",{"$nulls":4},109.82,null,0]
[null,"Total Encargos Sociais e Trabalhistas - Média Móvel",{"$nulls":4},109.82,null,12.414052999999999]
[null,"Encargos Complementares",{"$nulls":4}," %",null,"R$"]
[null,"Alimentação",{"$nulls":4},41.2,null,4.6571769999999999]
[null,"EPI",{"$nulls":4},2.3199999999999998,null,0.26262099999999999]
[null,"Ferramenta",{"$nulls":4},0,null,0]
[null,"Transporte",{"$nulls":4},8.67,null,0.98006300000000002]
[null,"Consulta Ocupacional",{"$nulls":4},0.41,null,4.5842000000000001E-2]
[null,"Total Encargos Complementares",{"$nulls":4},52.6,null,5.945703]
[null,"Encargos Adicionais",{"$nulls":4}," %",null,"R$"]
[null,"Cesta Básica",{"$nulls":4},0,null,0]
[null,"Assistência Médica",{"$nulls":4},0,null,0]
[null,"Seguro de Vida",{"$nulls":4},0.47,null,5.3592000000000001E-2]
[null,"Desgaste Orgânico",{"$nulls":4},0,null,0]
[null,"Adicional de Confinamento",{"$nulls":4},0,null,0]
[null,"Total Encargos Adicionais",{"$nulls":4},0.47,null,5.3592000000000001E-2]
[null,"Encargos Totais",{"$nulls":4},162.89230000000001,null,18.413347999999999]
[null,"Custo Total",{"$nulls":6},29.717300000000002]
[null,"Código",null,"Descrição",null,null,"Unidade",null,"Salário \n(R$)"]
[null,"P9871",null,"Motorista de veículo especial",null,null,"h",null,12.652900000000001]
[]
[null,"Encargos Sociais e Trabalhistas - julho/2025",{"$nulls":4}," %"]
[null,"Grupo A - Encargos Sociais"]
[null,"Previdência Social",{"$nulls":4},20]
[null,"FGTS",{"$nulls":4},8]
[null,"Salário Educação",{"$nulls":4},2.5]
[null,"SESC ou SESI",{"$nulls":4},1.5]
[null,"SENAI / SEBRAE",{"$nulls":4},1.6]
[null,"INCRA",{"$nulls":4},0.2]
[null,"Seguro Contra Risco e Acidente de Trabalho",{"$nulls":4},3]
[null,"SECONCI",{"$nulls":4},1]
[null,"FAE - Financiamento de Aposentadoria Especial",{"$nulls":4},0]
[null,"Total Grupo A",{"$nulls":4},37.799999999999997]
[null,"Grupo B - Encargos Trabalhistas"]
[null,"Repouso Semanal Remunerado - Domingos",{"$nulls":4},18.736573969999998]
[null,"Feriados",{"$nulls":4},5.1862639599999998]
[null,"Férias Gozadas + 1/3",{"$nulls":4},7.4301176399999997]
[null,"Auxílio Enfermidade",{"$nulls":4},0.90132814000000006]
[null,"Auxílio Acidente de Trabalho",{"$nulls":4},4.9069340000000003E-2]
[null,"Licença Paternidade",{"$nulls":4},7.2864189999999995E-2]
[null,"13° Salário",{"$nulls":4},9.2368521799999996]
[null,"Faltas Justificadas",{"$nulls":4},0.74235967000000003]
[null,"Férias sobre Licença Maternidade",{"$nulls":4},2.1406699999999999E-3]
[null,"Reciclagem Tecnológica",{"$nulls":4},0]
[null,"Total Grupo B",{"$nulls":4},42.357569750000003]
[null,"Grupo C - Verbas Rescisórias"]
[null,"Aviso Prévio Indenizado",{"$nulls":4},3.5703045699999998]
[null,"Aviso Prévio Trabalhado",{"$nulls":4},9.0159619999999996E-2]
[null,"Férias Indenizadas + 1/3",{"$nulls":4},4.8856852599999998]
[null,"Depósito por Rescisão Sem Justa Causa",{"$nulls":4},4.5554422299999997]
[null,"Indenização Adicional",{"$nulls":4},0.92794958999999999]
[null,"Total Grupo C",{"$nulls":4},14.029541269999999]
[null,"Grupo D - Verbas Rescisórias"]
[null,"Reincidência de A sobre B",{"$nulls":4},16.01116137]
[null,"Reincidência de A sobre Aviso Prévio Trabalhado + Reincidência de FGTS sobre Aviso Prévio Indenizado",{"$nulls":4},0.31970470000000001]
[null,"Total Grupo D",{"$nulls":4},16.330866069999999]
[null,"Total Encargos Sociais e Trabalhistas - julho/2025",{"$nulls":4},110.52]
[null,"Periculosidade/Insalubridade",{"$nulls":4}," %",null,"R$"]
[null,"Total Periculosidade/Insalubridade",{"$nulls":4},0,null,0]
[null,"Encargos Sociais e Trabalhistas - Média Móvel",{"$nulls":4}," %",null,"R$"]
[null,"Encargos Sociais e Trabalhistas - Média Móvel - Sobre Salário",{"$nulls":4},110.62,null,13.996638000000001]
[null,"Encargos Sociais e Trabalhistas - Média Móvel - Sobre Periculosidade/Insalubridade",{"$nulls":4},110.62,null,0]
[null,"Total Encargos Sociais e Trabalhistas - Média Móvel",{"$nulls":4},110.62,null,13.996638000000001]
[null,"Encargos Complementares",{"$nulls":4}," %",null,"R$"]
[null,"Alimentação",{"$nulls":4},36.81,null,4.6571769999999999]
[null,"EPI",{"$nulls":4},2.08,null,0.26262099999999999]
[null,"Ferramenta",{"$nulls":4},0,null,0]
[null,"Transporte",{"$nulls":4},7.75,null,0.98006300000000002]
[null,"Consulta Ocupacional",{"$nulls":4},0.4,null,5.0623000000000001E-2]
[null,"Total Encargos Complementares",{"$nulls":4},47.04,null,5.9504840000000003]
[null,"Encargos Adicionais",{"$nulls":4}," %",null,"R$"]
[null,"Cesta Básica",{"$nulls":4},0,null,0]
[null,"Assistência Médica",{"$nulls":4},0,null,0]
[null,"Seguro de Vida",{"$nulls":4},0.42,null,5.3592000000000001E-2]
[null,"Desgaste Orgânico",{"$nulls":4},0,null,0]
[null,"Adicional de Confinamento",{"$nulls":4},0,null,0]
[null,"Total Encargos Adicionais",{"$nulls":4},0.42,null,5.3592000000000001E-2]
[null,"Encargos Totais",{"$nulls":4},158.07220000000001,null,20.000713999999999]
[null,"Custo Total",{"$nulls":6},32.653599999999997]
[null,"Código",null,"Descrição",null,null,"Unidade",null,"Salário \n(R$)"]
[null,"P9875",null,"Encarregado de turma",null,null,"mês",null,2847.0086999999999]
[]
[null,"Encargos Sociais e Trabalhistas - julho/2025",{"$nulls":4}," %"]
[null,"Grupo A - Encargos Sociais"]
[null,"Previdência Social",{"$nulls":4},20]
[null,"FGTS",{"$nulls":4},8]
[null,"Salário Educação",{"$nulls":4},2.5]
[null,"SESC ou SESI",{"$nulls":4},1.5]
[null,"SENAI / SEBRAE",{"$nulls":4},1.6]
[null,"INCRA",{"$nulls":4},0.2]
[null,"Seguro Contra Risco e Acidente de Trabalho",{"$nulls":4},3]
[null,"SECONCI",{"$nulls":4},1]
[null,"FAE - Financiamento de Aposentadoria Especial",{"$nulls":4},0]
[null,"Total Grupo A",{"$nulls":4},37.799999999999997]
[null,"Grupo B - Encargos Trabalhistas"]
[null,"Repouso Semanal Remunerado - Domingos",{"$nulls":4},0]
[null,"Feriados",{"$nulls":4},0]
[null,"Férias Gozadas + 1/3",{"$nulls":4},7.5665260700000001]
[null,"Auxílio Enfermidade",{"$nulls":4},0.90124342999999996]
[null,"Auxílio Acidente de Trabalho",{"$nulls":4},4.9064719999999999E-2]
[null,"Licença Paternidade",{"$nulls":4},5.9152150000000001E-2]
[null,"13° Salário",{"$nulls":4},9.2359840799999997]
[null,"Faltas Justificadas",{"$nulls":4},0.74228989999999995]
[null,"Férias sobre Licença Maternidade",{"$nulls":4},6.4429999999999999E-3]
[null,"Reciclagem Tecnológica",{"$nulls":4},0]
[null,"Total Grupo B",{"$nulls":4},18.560703350000001]
[null,"Grupo C - Verbas Rescisórias"]
[null,"Aviso Prévio Indenizado",{"$nulls":4},3.47010189]
[null,"Aviso Prévio Trabalhado",{"$nulls":4},8.7629230000000002E-2]
[null,"Férias Indenizadas + 1/3",{"$nulls":4},4.7481193800000003]
[null,"Depósito por Rescisão Sem Justa Causa",{"$nulls":4},3.7939425099999999]
[null,"Indenização Adicional",{"$nulls":4},0.92786237999999999]
[null,"Total Grupo C",{"$nulls":4},13.027655380000001]
[null,"Grupo D - Verbas Rescisórias"]
[null,"Reincidência de A sobre B",{"$nulls":4},7.0159458700000004]
[null,"Reincidência de A sobre Aviso Prévio Trabalhado + Reincidência de FGTS sobre Aviso Prévio Indenizado",{"$nulls":4},0.31073200000000001]
[null,"Total Grupo D",{"$nulls":4},7.3266778700000001]
[null,"Total Encargos Sociais e Trabalhistas - julho/2025",{"$nulls":4},76.72]
[null,"Periculosidade/Insalubridade",{"$nulls":4}," %",null,"R$"]
[null,"Total Periculosidade/Insalubridade",{"$nulls":4},0,null,0]
[null,"Encargos Sociais e Trabalhistas - Média Móvel",{"$nulls":4}," %",null,"R$"]
[null,"Encargos Sociais e Trabalhistas - Média Móvel - Sobre Salário",{"$nulls":4},76.81,null,2186.787382]
[null,"Encargos Sociais e Trabalhistas - Média Móvel - Sobre Periculosidade/Insalubridade",{"$nulls":4},76.81,null,0]
[null,"Total Encargos Sociais e Trabalhistas - Média Móvel",{"$nulls":4},76.81,null,2186.787382]
[null,"Encargos Complementares",{"$nulls":4}," %",null,"R$"]
[null,"Alimentação",{"$nulls":4},29.85,null,849.88823000000002]
[null,"EPI",{"$nulls":4},2.23,null,63.473173000000003]
[null,"Ferramenta",{"$nulls":4},0,null,0]
[null,"Transporte",{"$nulls":4},6.28,null,178.85172600000001]
[null,"Consulta Ocupacional",{"$nulls":4},0.32,null,8.9788890000000006]
[null,"Total Encargos Complementares",{"$nulls":4},38.68,null,1101.192018]
[null,"Encargos Adicionais",{"$nulls":4}," %",null,"R$"]
[null,"Cesta Básica",{"$nulls":4},0,null,0]
[null,"Assistência Médica",{"$nulls":4},0,null,0]
[null,"Seguro de Vida",{"$nulls":4},0.34,null,9.7799999999999994]
[null,"Desgaste Orgânico",{"$nulls":4},0,null,0]
[null,"Adicional de Confinamento",{"$nulls":4},0,null,0]
[null,"Total Encargos Adicionais",{"$nulls":4},0.34,null,9.7799999999999994]
[null,"Encargos Totais",{"$nulls":4},115.83240000000001,null,3297.7593999999999]
[null,"Custo Total",{"$nulls":6},6144.7672000000002]
[null,"Código",null,"Descrição",null,null,"Unidade",null,"Salário \n(R$)"]
[null,"P9876",null,"Técnico de segurança do trabalho",null,null,"mês",null,3464.3665999999998]
[]
[null,"Encargos Sociais e Trabalhistas - julho/2025",{"$nulls":4}," %"]
[null,"Grupo A - Encargos Sociais"]
[null,"Previdência Social",{"$nulls":4},20]
[null,"FGTS",{"$nulls":4},8]
[null,"Salário Educação",{"$nulls":4},2.5]
[null,"SESC ou SESI",{"$nulls":4},1.5]
[null,"SENAI / SEBRAE",{"$nulls":4},1.6]
[null,"INCRA",{"$nulls":4},0.2]
[null,"Seguro Contra Risco e Acidente de Trabalho",{"$nulls":4},3]
[null,"SECONCI",{"$nulls":4},0.5]
[null,"FAE - Financiamento de Aposentadoria Especial",{"$nulls":4},0]
[null,"Total Grupo A",{"$nulls":4},37.299999999999997]
[null,"Grupo B - Encargos Trabalhistas"]
[null,"Repouso Semanal Remunerado - Domingos",{"$nulls":4},0]
[null,"Feriados",{"$nulls":4},0]
[null,"Férias Gozadas + 1/3",{"$nulls":4},4.2143195999999996]
[null,"Auxílio Enfermidade",{"$nulls":4},0.89920712999999997]
[null,"Auxílio Acidente de Trabalho",{"$nulls":4},4.9104500000000002E-2]
[null,"Licença Paternidade",{"$nulls":4},5.6942050000000001E-2]
[null,"13° Salário",{"$nulls":4},9.2434714800000002]
[null,"Faltas Justificadas",{"$nulls":4},0.74289165999999995]
[null,"Férias sobre Licença Maternidade",{"$nulls":4},9.2443170000000005E-2]
[null,"Reciclagem Tecnológica",{"$nulls":4},0]
[null,"Total Grupo B",{"$nulls":4},15.298379600000001]
[null,"Grupo C - Verbas Rescisórias"]
[null,"Aviso Prévio Indenizado",{"$nulls":4},5.4289708499999998]
[null,"Aviso Prévio Trabalhado",{"$nulls":4},0.14955911]
[null,"Férias Indenizadas + 1/3",{"$nulls":4},8.1103090499999997]
[null,"Depósito por Rescisão Sem Justa Causa",{"$nulls":4},3.6895481499999998]
[null,"Indenização Adicional",{"$nulls":4},0.92861457000000003]
[null,"Total Grupo C",{"$nulls":4},18.307001719999999]
[null,"Grupo D - Verbas Rescisórias"]
[null,"Reincidência de A sobre B",{"$nulls":4},5.7062955899999999]
[null,"Reincidência de A sobre Aviso Prévio Trabalhado + Reincidência de FGTS sobre Aviso Prévio Indenizado",{"$nulls":4},0.49010321000000001]
[null,"Total Grupo D",{"$nulls":4},6.1963988099999998]
[null,"Total Encargos Sociais e Trabalhistas - julho/2025",{"$nulls":4},77.099999999999994]
[null,"Periculosidade/Insalubridade",{"$nulls":4}," %",null,"R$"]
[null,"Total Periculosidade/Insalubridade",{"$nulls":4},0,null,0]
[null,"Encargos Sociais e Trabalhistas - Média Móvel",{"$nulls":4}," %",null,"R$"]
[null,"Encargos Sociais e Trabalhistas - Média Móvel - Sobre Salário",{"$nulls":4},77.48,null,2684.1912419999999]
[null,"Encargos Sociais e Trabalhistas - Média Móvel - Sobre Periculosidade/Insalubridade",{"$nulls":4},77.48,null,0]
[null,"Total Encargos Sociais e Trabalhistas - Média Móvel",{"$nulls":4},77.48,null,2684.1912419999999]
[null,"Encargos Complementares",{"$nulls":4}," %",null,"R$"]
[null,"Alimentação",{"$nulls":4},24.53,null,849.88823000000002]
[null,"EPI",{"$nulls":4},1.97,null,68.242549999999994]
[null,"Ferramenta",{"$nulls":4},0,null,0]
[null,"Transporte",{"$nulls":4},5.16,null,178.85172600000001]
[null,"Consulta Ocupacional",{"$nulls":4},0.28999999999999998,null,10.216336]
[null,"Total Encargos Complementares",{"$nulls":4},31.95,null,1107.198842]
[null,"Encargos Adicionais",{"$nulls":4}," %",null,"R$"]
[null,"Cesta Básica",{"$nulls":4},0,null,0]
[null,"Assistência Médica",{"$nulls":4},0,null,0]
[null,"Seguro de Vida",{"$nulls":4},0.28000000000000003,null,9.7799999999999994]
[null,"Desgaste Orgânico",{"$nulls":4},0,null,0]
[null,"Adicional de Confinamento",{"$nulls":4},0,null,0]
[null,"Total Encargos Adicionais",{"$nulls":4},0.28000000000000003,null,9.7799999999999994]
[null,"Encargos Totais",{"$nulls":4},109.72190000000001,null,3801.1700839999999]
[null,"Custo Total",{"$nulls":6},7265.5353999999998]
[null,"Código",null,"Descrição",null,null,"Unidade",null,"Salário \n(R$)"]
[null,"P9878",null,"Secretária",null,null,"mês",null,3136.4468999999999]
[]
[null,"Encargos Sociais e Trabalhistas - julho/2025",{"$nulls":4}," %"]
[null,"Grupo A - Encargos Sociais"]
[null,"Previdência Social",{"$nulls":4},20]
[null,"FGTS",{"$nulls":4},8]
[null,"Salário Educação",{"$nulls":4},2.5]
[null,"SESC ou SESI",{"$nulls":4},1.5]
[null,"SENAI / SEBRAE",{"$nulls":4},1.6]
[null,"INCRA",{"$nulls":4},0.2]
[null,"Seguro Contra Risco e Acidente de Trabalho",{"$nulls":4},3]
[null,"SECONCI",{"$nulls":4},0.41481480999999998]
[null,"FAE - Financiamento de Aposentadoria Especial",{"$nulls":4},0]
[null,"Total Grupo A",{"$nulls":4},37.21481481]
[null,"Grupo B - Encargos Trabalhistas"]
[null,"Repouso Semanal Remunerado - Domingos",{"$nulls":4},0]
[null,"Feriados",{"$nulls":4},0]
[null,"Férias Gozadas + 1/3",{"$nulls":4},6.2350137099999996]
[null,"Auxílio Enfermidade",{"$nulls":4},0.90975012]
[null,"Auxílio Acidente de Trabalho",{"$nulls":4},4.914785E-2]
[null,"Licença Paternidade",{"$nulls":4},2.02653E-2]
[null,"13° Salário",{"$nulls":4},9.25163197]
[null,"Faltas Justificadas",{"$nulls":4},0.74354750999999997]
[null,"Férias sobre Licença Maternidade",{"$nulls":4},0.20780758999999999]
[null,"Reciclagem Tecnológica",{"$nulls":4},0]
[null,"Total Grupo B",{"$nulls":4},17.41716405]
[null,"Grupo C - Verbas Rescisórias"]
[null,"Aviso Prévio Indenizado",{"$nulls":4},4.4509277200000001]
[null,"Aviso Prévio Trabalhado",{"$nulls":4},0.11239768]
[null,"Férias Indenizadas + 1/3",{"$nulls":4},6.1004955900000004]
[null,"Depósito por Rescisão Sem Justa Causa",{"$nulls":4},3.7573492499999999]
[null,"Indenização Adicional",{"$nulls":4},0.92943439000000005]
[null,"Total Grupo C",{"$nulls":4},15.350604629999999]
[null,"Grupo D - Verbas Rescisórias"]
[null,"Reincidência de A sobre B",{"$nulls":4},6.4817653499999999]
[null,"Reincidência de A sobre Aviso Prévio Trabalhado + Reincidência de FGTS sobre Aviso Prévio Indenizado",{"$nulls":4},0.3979028]
[null,"Total Grupo D",{"$nulls":4},6.8796681499999996]
[null,"Total Encargos Sociais e Trabalhistas - julho/2025",{"$nulls":4},76.86]
[null,"Periculosidade/Insalubridade",{"$nulls":4}," %",null,"R$"]
[null,"Total Periculosidade/Insalubridade",{"$nulls":4},0,null,0]
[null,"Encargos Sociais e Trabalhistas - Média Móvel",{"$nulls":4}," %",null,"R$"]
[null,"Encargos Sociais e Trabalhistas - Média Móvel - Sobre Salário",{"$nulls":4},76.81,null,2409.1048639999999]
[null,"Encargos Sociais e Trabalhistas - Média Móvel - Sobre Periculosidade/Insalubridade",{"$nulls":4},76.81,null,0]
[null,"Total Encargos Sociais e Trabalhistas - Média Móvel",{"$nulls":4},76.81,null,2409.1048639999999]
[null,"Encargos Complementares",{"$nulls":4}," %",null,"R$"]
[null,"Alimentação",{"$nulls":4},27.1,null,849.88823000000002]
[null,"EPI",{"$nulls":4},0,null,0]
[null,"Ferramenta",{"$nulls":4},0,null,0]
[null,"Transporte",{"$nulls":4},5.7,null,178.85172600000001]
[null,"Consulta Ocupacional",{"$nulls":4},0.37,null,11.516775000000001]
[null,"Total Encargos Complementares",{"$nulls":4},33.17,null,1040.2567309999999]
[null,"Encargos Adicionais",{"$nulls":4}," %",null,"R$"]
[null,"Cesta Básica",{"$nulls":4},0,null,0]
[null,"Assistência Médica",{"$nulls":4},0,null,0]
[null,"Seguro de Vida",{"$nulls":4},0.31,null,9.7799999999999994]
[null,"Desgaste Orgânico",{"$nulls":4},0,null,0]
[null,"Adicional de Confinamento",{"$nulls":4},0,null,0]
[null,"Total Encargos Adicionais",{"$nulls":4},0.31,null,9.7799999999999994]
[null,"Encargos Totais",{"$nulls":4},110.2885,null,3459.1415950000001]
[null,"Custo Total",{"$nulls":6},6595.5870999999997]
[null,"Código",null,"Descrição",null,null,"Unidade",null,"Salário \n(R$)"]
[null,"P9880",null,"Piloto fluvial",null,null,"mês",null,3698.49]
[]
[null,"Encargos Sociais e Trabalhistas - julho/2025",{"$nulls":4}," %"]
[null,"Grupo A - Encargos Sociais"]
[null,"Previdência Social",{"$nulls":4},20]
[null,"FGTS",{"$nulls":4},8]
[null,"Salário Educação",{"$nulls":4},2.5]
[null,"SESC ou SESI",{"$nulls":4},1.5]
[null,"SENAI / SEBRAE",{"$nulls":4},1.6]
[null,"INCRA",{"$nulls":4},0.2]
[null,"Seguro Contra Risco e Acidente de Trabalho",{"$nulls":4},3]
[null,"SECONCI",{"$nulls":4},0.41481480999999998]
[null,"FAE - Financiamento de Aposentadoria Especial",{"$nulls":4},0]
[null,"Total Grupo A",{"$nulls":4},37.21481481]
[null,"Grupo B - Encargos Trabalhistas"]
[null,"Repouso Semanal Remunerado - Domingos",{"$nulls":4},0]
[null,"Feriados",{"$nulls":4},0]
[null,"Férias Gozadas + 1/3",{"$nulls":4},9.7098279499999993]
[null,"Auxílio Enfermidade",{"$nulls":4},0.90814276999999999]
[null,"Auxílio Acidente de Trabalho",{"$nulls":4},5.0899519999999997E-2]
[null,"Licença Paternidade",{"$nulls":4},4.384917E-2]
[null,"13° Salário",{"$nulls":4},9.2352904700000007]
[null,"Faltas Justificadas",{"$nulls":4},0.74223415999999998]
[null,"Férias sobre Licença Maternidade",{"$nulls":4},5.4285599999999998E-3]
[null,"Reciclagem Tecnológica",{"$nulls":4},0]
[null,"Total Grupo B",{"$nulls":4},20.695672600000002]
[null,"Grupo C - Verbas Rescisórias"]
[null,"Aviso Prévio Indenizado",{"$nulls":4},2.2203584099999998]
[null,"Aviso Prévio Trabalhado",{"$nulls":4},4.8059919999999999E-2]
[null,"Férias Indenizadas + 1/3",{"$nulls":4},2.60389268]
[null,"Depósito por Rescisão Sem Justa Causa",{"$nulls":4},3.8622615200000001]
[null,"Indenização Adicional",{"$nulls":4},0.92779270000000003]
[null,"Total Grupo C",{"$nulls":4},9.6623652300000007]
[null,"Grupo D - Verbas Rescisórias"]
[null,"Reincidência de A sobre B",{"$nulls":4},7.7018562299999997]
[null,"Reincidência de A sobre Aviso Prévio Trabalhado + Reincidência de FGTS sobre Aviso Prévio Indenizado",{"$nulls":4},0.19551408000000001]
[null,"Total Grupo D",{"$nulls":4},7.8973703200000003]
[null,"Total Encargos Sociais e Trabalhistas - julho/2025",{"$nulls":4},75.47]
[null,"Periculosidade/Insalubridade",{"$nulls":4}," %",null,"R$"]
[null,"Total Periculosidade/Insalubridade",{"$nulls":4},0,null,0]
[null,"Encargos Sociais e Trabalhistas - Média Móvel",{"$nulls":4}," %",null,"R$"]
[null,"Encargos Sociais e Trabalhistas - Média Móvel - Sobre Salário",{"$nulls":4},75.569999999999993,null,2794.9488930000002]
[null,"Encargos Sociais e Trabalhistas - Média Móvel - Sobre Periculosidade/Insalubridade",{"$nulls":4},75.569999999999993,null,0]
[null,"Total Encargos Sociais e Trabalhistas - Média Móvel",{"$nulls":4},75.569999999999993,null,2794.9488930000002]
[null,"Encargos Complementares",{"$nulls":4}," %",null,"R$"]
[null,"Alimentação",{"$nulls":4},23.84,null,881.67737499999998]
[null,"EPI",{"$nulls":4},0,null,0]
[null,"Ferramenta",{"$nulls":4},0,null,0]
[null,"Transporte",{"$nulls":4},0,null,0]
[null,"Consulta Ocupacional",{"$nulls":4},0.18,null,6.5659169999999998]
[null,"Total Encargos Complementares",{"$nulls":4},24.02,null,888.243292]
[null,"Encargos Adicionais",{"$nulls":4}," %",null,"R$"]
[null,"Cesta Básica",{"$nulls":4},8.11,null,300]
[null,"Assistência Médica",{"$nulls":4},0,null,0]
[null,"Seguro de Vida",{"$nulls":4},0.13,null,4.99]
[null,"Desgaste Orgânico",{"$nulls":4},0,null,0]
[null,"Adicional de Confinamento",{"$nulls":4},0,null,0]
[null,"Total Encargos Adicionais",{"$nulls":4},8.24,null,304.99]
[null,"Encargos Totais",{"$nulls":4},107.8327,null,3988.1821850000001]
[null,"Custo Total",{"$nulls":6},7686.6715999999997]
[null,"Código",null,"Descrição",null,null,"Unidade",null,"Salário \n(R$)"]
[null,"P9882",null,"Técnico especializado",null,null,"h",null,17.085000000000001]
[]
[null,"Encargos Sociais e Trabalhistas - julho/2025",{"$nulls":4}," %"]
[null,"Grupo A - Encargos Sociais"]
[null,"Previdência Social",{"$nulls":4},20]
[null,"FGTS",{"$nulls":4},8]
[null,"Salário Educação",{"$nulls":4},2.5]
[null,"SESC ou SESI",{"$nulls":4},1.5]
[null,"SENAI / SEBRAE",{"$nulls":4},1.6]
[null,"INCRA",{"$nulls":4},0.2]
[null,"Seguro Contra Risco e Acidente de Trabalho",{"$nulls":4},3]
[null,"SECONCI",{"$nulls":4},0.5]
[null,"FAE - Financiamento de Aposentadoria Especial",{"$nulls":4},0]
[null,"Total Grupo A",{"$nulls":4},37.299999999999997]
[null,"Grupo B - Encargos Trabalhistas"]
[null,"Repouso Semanal Remunerado - Domingos",{"$nulls":4},18.496226409999998]
[null,"Feriados",{"$nulls":4},5.1186747099999996]
[null,"Férias Gozadas + 1/3",{"$nulls":4},5.4674050599999999]
[null,"Auxílio Enfermidade",{"$nulls":4},0.89922871000000004]
[null,"Auxílio Acidente de Trabalho",{"$nulls":4},4.9105679999999999E-2]
[null,"Licença Paternidade",{"$nulls":4},6.8710779999999999E-2]
[null,"13° Salário",{"$nulls":4},9.2436933400000001]
[null,"Faltas Justificadas",{"$nulls":4},0.74290948999999995]
[null,"Férias sobre Licença Maternidade",{"$nulls":4},8.3069249999999997E-2]
[null,"Reciclagem Tecnológica",{"$nulls":4},0]
[null,"Total Grupo B",{"$nulls":4},40.169023430000003]
[null,"Grupo C - Verbas Rescisórias"]
[null,"Aviso Prévio Indenizado",{"$nulls":4},4.5902541000000001]
[null,"Aviso Prévio Trabalhado",{"$nulls":4},0.12645386]
[null,"Férias Indenizadas + 1/3",{"$nulls":4},6.8575193800000003]
[null,"Depósito por Rescisão Sem Justa Causa",{"$nulls":4},4.4854087500000004]
[null,"Indenização Adicional",{"$nulls":4},0.92863686000000001]
[null,"Total Grupo C",{"$nulls":4},16.988272949999999]
[null,"Grupo D - Verbas Rescisórias"]
[null,"Reincidência de A sobre B",{"$nulls":4},14.98304574]
[null,"Reincidência de A sobre Aviso Prévio Trabalhado + Reincidência de FGTS sobre Aviso Prévio Indenizado",{"$nulls":4},0.41438762000000001]
[null,"Total Grupo D",{"$nulls":4},15.39743335]
[null,"Total Encargos Sociais e Trabalhistas - julho/2025",{"$nulls":4},109.85]
[null,"Periculosidade/Insalubridade",{"$nulls":4}," %",null,"R$"]
[null,"Total Periculosidade/Insalubridade",{"$nulls":4},0,null,0]
[null,"Encargos Sociais e Trabalhistas - Média Móvel",{"$nulls":4}," %",null,"R$"]
[null,"Encargos Sociais e Trabalhistas - Média Móvel - Sobre Salário",{"$nulls":4},109.93,null,18.78154]
[null,"Encargos Sociais e Trabalhistas - Média Móvel - Sobre Periculosidade/Insalubridade",{"$nulls":4},109.93,null,0]
[null,"Total Encargos Sociais e Trabalhistas - Média Móvel",{"$nulls":4},109.93,null,18.78154]
[null,"Encargos Complementares",{"$nulls":4}," %",null,"R$"]
[null,"Alimentação",{"$nulls":4},27.26,null,4.6571769999999999]
[null,"EPI",{"$nulls":4},2.04,null,0.34781699999999999]
[null,"Ferramenta",{"$nulls":4},0,null,0]
[null,"Transporte",{"$nulls":4},5.74,null,0.98006300000000002]
[null,"Consulta Ocupacional",{"$nulls":4},0.28000000000000003,null,4.7334000000000001E-2]
[null,"Total Encargos Complementares",{"$nulls":4},35.32,null,6.0323909999999996]
[null,"Encargos Adicionais",{"$nulls":4}," %",null,"R$"]
[null,"Cesta Básica",{"$nulls":4},0,null,0]
[null,"Assistência Médica",{"$nulls":4},0,null,0]
[null,"Seguro de Vida",{"$nulls":4},0.31,null,5.3592000000000001E-2]
[null,"Desgaste Orgânico",{"$nulls":4},0,null,0]
[null,"Adicional de Confinamento",{"$nulls":4},0,null,0]
[null,"Total Encargos Adicionais",{"$nulls":4},0.31,null,5.3592000000000001E-2]
[null,"Encargos Totais",{"$nulls":4},145.55179999999999,null,24.867522999999998]
[null,"Custo Total",{"$nulls":6},41.952500000000001]
[null,"Código",null,"Descrição",null,null,"Unidade",null,"Salário \n(R$)"]
[null,"P9883",null,"Chefe do setor administrativo",null,null,"mês",null,3957.1473999999998]
[]
[null,"Encargos Sociais e Trabalhistas - julho/2025",{"$nulls":4}," %"]
[null,"Grupo A - Encargos Sociais"]
[null,"Previdência Social",{"$nulls":4},20]
[null,"FGTS",{"$nulls":4},8]
[null,"Salário Educação",{"$nulls":4},2.5]
[null,"SESC ou SESI",{"$nulls":4},1.5]
[null,"SENAI / SEBRAE",{"$nulls":4},1.6]
[null,"INCRA",{"$nulls":4},0.2]
[null,"Seguro Contra Risco e Acidente de Trabalho",{"$nulls":4},3]
[null,"SECONCI",{"$nulls":4},0.5]
[null,"FAE - Financiamento de Aposentadoria Especial",{"$nulls":4},0]
[null,"Total Grupo A",{"$nulls":4},37.299999999999997]
[null,"Grupo B - Encargos Trabalhistas"]
[null,"Repouso Semanal Remunerado - Domingos",{"$nulls":4},0]
[null,"Feriados",{"$nulls":4},0]
[null,"Férias Gozadas + 1/3",{"$nulls":4},8.4021572500000001]
[null,"Auxílio Enfermidade",{"$nulls":4},0.89905526999999996]
[null,"Auxílio Acidente de Trabalho",{"$nulls":4},4.9096210000000001E-2]
[null,"Licença Paternidade",{"$nulls":4},5.6598639999999999E-2]
[null,"13° Salário",{"$nulls":4},9.2419104099999991]
[null,"Faltas Justificadas",{"$nulls":4},0.74276620000000004]
[null,"Férias sobre Licença Maternidade",{"$nulls":4},7.5892360000000006E-2]
[null,"Reciclagem Tecnológica",{"$nulls":4},0]
[null,"Total Grupo B",{"$nulls":4},19.467476340000001]
[null,"Grupo C - Verbas Rescisórias"]
[null,"Aviso Prévio Indenizado",{"$nulls":4},3.1019399999999999]
[null,"Aviso Prévio Trabalhado",{"$nulls":4},7.2306620000000002E-2]
[null,"Férias Indenizadas + 1/3",{"$nulls":4},3.92038997]
[null,"Depósito por Rescisão Sem Justa Causa",{"$nulls":4},3.8229592399999999]
[null,"Indenização Adicional",{"$nulls":4},0.92845774999999997]
[null,"Total Grupo C",{"$nulls":4},11.84605358]
[null,"Grupo D - Verbas Rescisórias"]
[null,"Reincidência de A sobre B",{"$nulls":4},7.2613686700000004]
[null,"Reincidência de A sobre Aviso Prévio Trabalhado + Reincidência de FGTS sobre Aviso Prévio Indenizado",{"$nulls":4},0.27512556999999999]
[null,"Total Grupo D",{"$nulls":4},7.5364942399999997]
[null,"Total Encargos Sociais e Trabalhistas - julho/2025",{"$nulls":4},76.150000000000006]
[null,"Periculosidade/Insalubridade",{"$nulls":4}," %",null,"R$"]
[null,"Total Periculosidade/Insalubridade",{"$nulls":4},0,null,0]
[null,"Encargos Sociais e Trabalhistas - Média Móvel",{"$nulls":4}," %",null,"R$"]
[null,"Encargos Sociais e Trabalhistas - Média Móvel - Sobre Salário",{"$nulls":4},76.14,null,3012.9720299999999]
[null,"Encargos Sociais e Trabalhistas - Média Móvel - Sobre Periculosidade/Insalubridade",{"$nulls":4},76.14,null,0]
[null,"Total Encargos Sociais e Trabalhistas - Média Móvel",{"$nulls":4},76.14,null,3012.9720299999999]
[null,"Encargos Complementares",{"$nulls":4}," %",null,"R$"]
[null,"Alimentação",{"$nulls":4},21.48,null,849.88823000000002]
[null,"EPI",{"$nulls":4},0,null,0]
[null,"Ferramenta",{"$nulls":4},0,null,0]
[null,"Transporte",{"$nulls":4},4.5199999999999996,null,178.85172600000001]
[null,"Consulta Ocupacional",{"$nulls":4},0.19,null,7.4088640000000003]
[null,"Total Encargos Complementares",{"$nulls":4},26.19,null,1036.1488199999999]
[null,"Encargos Adicionais",{"$nulls":4}," %",null,"R$"]
[null,"Cesta Básica",{"$nulls":4},0,null,0]
[null,"Assistência Médica",{"$nulls":4},0,null,0]
[null,"Seguro de Vida",{"$nulls":4},0.25,null,9.7799999999999994]
[null,"Desgaste Orgânico",{"$nulls":4},0,null,0]
[null,"Adicional de Confinamento",{"$nulls":4},0,null,0]
[null,"Total Encargos Adicionais",{"$nulls":4},0.25,null,9.7799999999999994]
[null,"Encargos Totais",{"$nulls":4},102.5714,null,4058.90085]
[null,"Custo Total",{"$nulls":6},8016.0487999999996]
[null,"Código",null,"Descrição",null,null,"Unidade",null,"Salário \n(R$)"]
[null,"P9884",null,"Encarregado de terraplenagem",null,null,"mês",null,4482.1585999999998]
[]
[null,"Encargos Sociais e Trabalhistas - julho/2025",{"$nulls":4}," %"]
[null,"Grupo A - Encargos Sociais"]
[null,"Previdência Social",{"$nulls":4},20]
[null,"FGTS",{"$nulls":4},8]
[null,"Salário Educação",{"$nulls":4},2.5]
[null,"SESC ou SESI",{"$nulls":4},1.5]
[null,"SENAI / SEBRAE",{"$nulls":4},1.6]
[null,"INCRA",{"$nulls":4},0.2]
[null,"Seguro Contra Risco e Acidente de Trabalho",{"$nulls":4},3]
[null,"SECONCI",{"$nulls":4},1]
[null,"FAE - Financiamento de Aposentadoria Especial",{"$nulls":4},0]
[null,"Total Grupo A",{"$nulls":4},37.799999999999997]
[null,"Grupo B - Encargos Trabalhistas"]
[null,"Repouso Semanal Remunerado - Domingos",{"$nulls":4},0]
[null,"Feriados",{"$nulls":4},0]
[null,"Férias Gozadas + 1/3",{"$nulls":4},7.5665260700000001]
[null,"Auxílio Enfermidade",{"$nulls":4},0.90124342999999996]
[null,"Auxílio Acidente de Trabalho",{"$nulls":4},4.9064719999999999E-2]
[null,"Licença Paternidade",{"$nulls":4},5.9152150000000001E-2]
[null,"13° Salário",{"$nulls":4},9.2359840799999997]
[null,"Faltas Justificadas",{"$nulls":4},0.74228989999999995]
[null,"Férias sobre Licença Maternidade",{"$nulls":4},6.4429999999999999E-3]
[null,"Reciclagem Tecnológica",{"$nulls":4},0]
[null,"Total Grupo B",{"$nulls":4},18.560703350000001]
[null,"Grupo C - Verbas Rescisórias"]
[null,"Aviso Prévio Indenizado",{"$nulls":4},3.47010189]
[null,"Aviso Prévio Trabalhado",{"$nulls":4},8.7629230000000002E-2]
[null,"Férias Indenizadas + 1/3",{"$nulls":4},4.7481193800000003]
[null,"Depósito por Rescisão Sem Justa Causa",{"$nulls":4},3.7939425099999999]
[null,"Indenização Adicional",{"$nulls":4},0.92786237999999999]
[null,"Total Grupo C",{"$nulls":4},13.027655380000001]
[null,"Grupo D - Verbas Rescisórias"]
[null,"Reincidência de A sobre B",{"$nulls":4},7.0159458700000004]
[null,"Reincidência de A sobre Aviso Prévio Trabalhado + Reincidência de FGTS sobre Aviso Prévio Indenizado",{"$nulls":4},0.31073200000000001]
[null,"Total Grupo D",{"$nulls":4},7.3266778700000001]
[null,"Total Encargos Sociais e Trabalhistas - julho/2025",{"$nulls":4},76.72]
[null,"Periculosidade/Insalubridade",{"$nulls":4}," %",null,"R$"]
[null,"Total Periculosidade/Insalubridade",{"$nulls":4},0,null,0]
[null,"Encargos Sociais e Trabalhistas - Média Móvel",{"$nulls":4}," %",null,"R$"]
[null,"Encargos Sociais e Trabalhistas - Média Móvel - Sobre Salário",{"$nulls":4},76.81,null,3442.7460209999999]
[null,"Encargos Sociais e Trabalhistas - Média Móvel - Sobre Periculosidade/Insalubridade",{"$nulls":4},76.81,null,0]
[null,"Total Encargos Sociais e Trabalhistas - Média Móvel",{"$nulls":4},76.81,null,3442.7460209999999]
[null,"Encargos Complementares",{"$nulls":4}," %",null,"R$"]
[null,"Alimentação",{"$nulls":4},18.96,null,849.88823000000002]
[null,"EPI",{"$nulls":4},1.42,null,63.473173000000003]
[null,"Ferramenta",{"$nulls":4},0,null,0]
[null,"Transporte",{"$nulls":4},3.99,null,178.85172600000001]
[null,"Consulta Ocupacional",{"$nulls":4},0.2,null,8.9788890000000006]
[null,"Total Encargos Complementares",{"$nulls":4},24.57,null,1101.192018]
[null,"Encargos Adicionais",{"$nulls":4}," %",null,"R$"]
[null,"Cesta Básica",{"$nulls":4},0,null,0]
[null,"Assistência Médica",{"$nulls":4},0,null,0]
[null,"Seguro de Vida",{"$nulls":4},0.22,null,9.7799999999999994]
[null,"Desgaste Orgânico",{"$nulls":4},0,null,0]
[null,"Adicional de Confinamento",{"$nulls":4},0,null,0]
[null,"Total Encargos Adicionais",{"$nulls":4},0.22,null,9.7799999999999994]
[null,"Encargos Totais",{"$nulls":4},101.59650000000001,null,4553.7180390000003]
[null,"Custo Total",{"$nulls":6},9035.8747999999996]
[null,"Código",null,"Descrição",null,null,"Unidade",null,"Salário \n(R$)"]
[null,"P9885",null,"Frentista de túnel",null,null,"h",null,7.76]
[]
[null,"Encargos Sociais e Trabalhistas - julho/2025",{"$nulls":4}," %"]
[null,"Grupo A - Encargos Sociais"]
[null,"Previdência Social",{"$nulls":4},20]
[null,"FGTS",{"$nulls":4},8]
[null,"Salário Educação",{"$nulls":4},2.5]
[null,"SESC ou SESI",{"$nulls":4},1.5]
[null,"SENAI / SEBRAE",{"$nulls":4},1.6]
[null,"INCRA",{"$nulls":4},0.2]
[null,"Seguro Contra Risco e Acidente de Trabalho",{"$nulls":4},3]
[null,"SECONCI",{"$nulls":4},1]
[null,"FAE - Financiamento de Aposentadoria Especial",{"$nulls":4},0]
[null,"Total Grupo A",{"$nulls":4},37.799999999999997]
[null,"Grupo B - Encargos Trabalhistas"]
[null,"Repouso Semanal Remunerado - Domingos",{"$nulls":4},18.297952559999999]
[null,"Feriados",{"$nulls":4},5.0630060300000004]
[null,"Férias Gozadas + 1/3",{"$nulls":4},4.0045625400000002]
[null,"Auxílio Enfermidade",{"$nulls":4},0.90152284999999999]
[null,"Auxílio Acidente de Trabalho",{"$nulls":4},4.9079940000000002E-2]
[null,"Licença Paternidade",{"$nulls":4},8.1467709999999999E-2]
[null,"13° Salário",{"$nulls":4},9.2388476599999994]
[null,"Faltas Justificadas",{"$nulls":4},0.74252004999999999]
[null,"Férias sobre Licença Maternidade",{"$nulls":4},1.5135289999999999E-2]
[null,"Reciclagem Tecnológica",{"$nulls":4},0]
[null,"Total Grupo B",{"$nulls":4},38.394094610000003]
[null,"Grupo C - Verbas Rescisórias"]
[null,"Aviso Prévio Indenizado",{"$nulls":4},5.5680388199999999]
[null,"Aviso Prévio Trabalhado",{"$nulls":4},0.1533902]
[null,"Férias Indenizadas + 1/3",{"$nulls":4},8.3139009999999995]
[null,"Depósito por Rescisão Sem Justa Causa",{"$nulls":4},4.4286110299999999]
[null,"Indenização Adicional",{"$nulls":4},0.92815006]
[null,"Total Grupo C",{"$nulls":4},19.392091109999999]
[null,"Grupo D - Verbas Rescisórias"]
[null,"Reincidência de A sobre B",{"$nulls":4},14.51296776]
[null,"Reincidência de A sobre Aviso Prévio Trabalhado + Reincidência de FGTS sobre Aviso Prévio Indenizado",{"$nulls":4},0.5034246]
[null,"Total Grupo D",{"$nulls":4},15.016392359999999]
[null,"Total Encargos Sociais e Trabalhistas - julho/2025",{"$nulls":4},110.6]
[null,"Periculosidade/Insalubridade",{"$nulls":4}," %",null,"R$"]
[null,"Total Periculosidade/Insalubridade",{"$nulls":4},0,null,0]
[null,"Encargos Sociais e Trabalhistas - Média Móvel",{"$nulls":4}," %",null,"R$"]
[null,"Encargos Sociais e Trabalhistas - Média Móvel - Sobre Salário",{"$nulls":4},110.77,null,8.5957519999999992]
[null,"Encargos Sociais e Trabalhistas - Média Móvel - Sobre Periculosidade/Insalubridade",{"$nulls":4},110.77,null,0]
[null,"Total Encargos Sociais e Trabalhistas - Média Móvel",{"$nulls":4},110.77,null,8.5957519999999992]
[null,"Encargos Complementares",{"$nulls":4}," %",null,"R$"]
[null,"Alimentação",{"$nulls":4},60.02,null,4.6571769999999999]
[null,"EPI",{"$nulls":4},9.31,null,0.72250999999999999]
[null,"Ferramenta",{"$nulls":4},0.95,null,7.3530999999999999E-2]
[null,"Transporte",{"$nulls":4},12.63,null,0.98006300000000002]
[null,"Consulta Ocupacional",{"$nulls":4},0.74,null,5.7417000000000003E-2]
[null,"Total Encargos Complementares",{"$nulls":4},83.65,null,6.4906980000000001]
[null,"Encargos Adicionais",{"$nulls":4}," %",null,"R$"]
[null,"Cesta Básica",{"$nulls":4},0,null,0]
[null,"Assistência Médica",{"$nulls":4},0,null,0]
[null,"Seguro de Vida",{"$nulls":4},0.69,null,5.3592000000000001E-2]
[null,"Desgaste Orgânico",{"$nulls":4},0,null,0]
[null,"Adicional de Confinamento",{"$nulls":4},0,null,0]
[null,"Total Encargos Adicionais",{"$nulls":4},0.69,null,5.3592000000000001E-2]
[null,"Encargos Totais",{"$nulls":4},195.1036,null,15.140041999999999]
[null,"Custo Total",{"$nulls":6},22.9]
[null,"Código",null,"Descrição",null,null,"Unidade",null,"Salário \n(R$)"]
[null,"P9889",null,"Técnico da qualidade",null,null,"mês",null,3996.8085999999998]
[]
[null,"Encargos Sociais e Trabalhistas - julho/2025",{"$nulls":4}," %"]
[null,"Grupo A - Encargos Sociais"]
[null,"Previdência Social",{"$nulls":4},20]
[null,"FGTS",{"$nulls":4},8]
[null,"Salário Educação",{"$nulls":4},2.5]
[null,"SESC ou SESI",{"$nulls":4},1.5]
[null,"SENAI / SEBRAE",{"$nulls":4},1.6]
[null,"INCRA",{"$nulls":4},0.2]
[null,"Seguro Contra Risco e Acidente de Trabalho",{"$nulls":4},3]
[null,"SECONCI",{"$nulls":4},0.5]
[null,"FAE - Financiamento de Aposentadoria Especial",{"$nulls":4},0]
[null,"Total Grupo A",{"$nulls":4},37.299999999999997]
[null,"Grupo B - Encargos Trabalhistas"]
[null,"Repouso Semanal Remunerado - Domingos",{"$nulls":4},0]
[null,"Feriados",{"$nulls":4},0]
[null,"Férias Gozadas + 1/3",{"$nulls":4},7.2100275199999997]
[null,"Auxílio Enfermidade",{"$nulls":4},0.89927056000000005]
[null,"Auxílio Acidente de Trabalho",{"$nulls":4},4.9107959999999999E-2]
[null,"Licença Paternidade",{"$nulls":4},6.3886219999999994E-2]
[null,"13° Salário",{"$nulls":4},9.2441235400000004]
[null,"Faltas Justificadas",{"$nulls":4},0.74294406000000002]
[null,"Férias sobre Licença Maternidade",{"$nulls":4},9.2550830000000001E-2]
[null,"Reciclagem Tecnológica",{"$nulls":4},0]
[null,"Total Grupo B",{"$nulls":4},18.301910710000001]
[null,"Grupo C - Verbas Rescisórias"]
[null,"Aviso Prévio Indenizado",{"$nulls":4},3.73528393]
[null,"Aviso Prévio Trabalhado",{"$nulls":4},9.4325779999999998E-2]
[null,"Férias Indenizadas + 1/3",{"$nulls":4},5.1154705299999996]
[null,"Depósito por Rescisão Sem Justa Causa",{"$nulls":4},3.7856611400000002]
[null,"Indenização Adicional",{"$nulls":4},0.92868008000000002]
[null,"Total Grupo C",{"$nulls":4},13.65942147]
[null,"Grupo D - Verbas Rescisórias"]
[null,"Reincidência de A sobre B",{"$nulls":4},6.8266127000000001]
[null,"Reincidência de A sobre Aviso Prévio Trabalhado + Reincidência de FGTS sobre Aviso Prévio Indenizado",{"$nulls":4},0.33400623000000002]
[null,"Total Grupo D",{"$nulls":4},7.16061893]
[null,"Total Encargos Sociais e Trabalhistas - julho/2025",{"$nulls":4},76.42]
[null,"Periculosidade/Insalubridade",{"$nulls":4}," %",null,"R$"]
[null,"Total Periculosidade/Insalubridade",{"$nulls":4},0,null,0]
[null,"Encargos Sociais e Trabalhistas - Média Móvel",{"$nulls":4}," %",null,"R$"]
[null,"Encargos Sociais e Trabalhistas - Média Móvel - Sobre Salário",{"$nulls":4},76.739999999999995,null,3067.15092]
[null,"Encargos Sociais e Trabalhistas - Média Móvel - Sobre Periculosidade/Insalubridade",{"$nulls":4},76.739999999999995,null,0]
[null,"Total Encargos Sociais e Trabalhistas - Média Móvel",{"$nulls":4},76.739999999999995,null,3067.15092]
[null,"Encargos Complementares",{"$nulls":4}," %",null,"R$"]
[null,"Alimentação",{"$nulls":4},21.26,null,849.88823000000002]
[null,"EPI",{"$nulls":4},1.59,null,63.473173000000003]
[null,"Ferramenta",{"$nulls":4},0,null,0]
[null,"Transporte",{"$nulls":4},4.47,null,178.85172600000001]
[null,"Consulta Ocupacional",{"$nulls":4},0.24,null,9.6650469999999995]
[null,"Total Encargos Complementares",{"$nulls":4},27.56,null,1101.8781759999999]
[null,"Encargos Adicionais",{"$nulls":4}," %",null,"R$"]
[null,"Cesta Básica",{"$nulls":4},0,null,0]
[null,"Assistência Médica",{"$nulls":4},0,null,0]
[null,"Seguro de Vida",{"$nulls":4},0.24,null,9.7799999999999994]
[null,"Desgaste Orgânico",{"$nulls":4},0,null,0]
[null,"Adicional de Confinamento",{"$nulls":4},0,null,0]
[null,"Total Encargos Adicionais",{"$nulls":4},0.24,null,9.7799999999999994]
[null,"Encargos Totais",{"$nulls":4},104.5536,null,4178.809096]
[null,"Custo Total",{"$nulls":6},8175.6157999999996]
[null,"Código",null,"Descrição",null,null,"Unidade",null,"Salário \n(R$)"]
[null,"P9892",null,"Auxiliar de blaster",null,null,"h",null,10.8353]
[]
[null,"Encargos Sociais e Trabalhistas - julho/2025",{"$nulls":4}," %"]
[null,"Grupo A - Encargos Sociais"]
[null,"Previdência Social",{"$nulls":4},20]
[null,"FGTS",{"$nulls":4},8]
[null,"Salário Educação",{"$nulls":4},2.5]
[null,"SESC ou SESI",{"$nulls":4},1.5]
[null,"SENAI / SEBRAE",{"$nulls":4},1.6]
[null,"INCRA",{"$nulls":4},0.2]
[null,"Seguro Contra Risco e Acidente de Trabalho",{"$nulls":4},3]
[null,"SECONCI",{"$nulls":4},0.41481480999999998]
[null,"FAE - Financiamento de Aposentadoria Especial",{"$nulls":4},0]
[null,"Total Grupo A",{"$nulls":4},37.21481481]
[null,"Grupo B - Encargos Trabalhistas"]
[null,"Repouso Semanal Remunerado - Domingos",{"$nulls":4},18.72523297]
[null,"Feriados",{"$nulls":4},5.18305477]
[null,"Férias Gozadas + 1/3",{"$nulls":4},7.3024225999999999]
[null,"Auxílio Enfermidade",{"$nulls":4},0.90856004000000001]
[null,"Auxílio Acidente de Trabalho",{"$nulls":4},4.9083559999999998E-2]
[null,"Licença Paternidade",{"$nulls":4},9.5947130000000005E-2]
[null,"13° Salário",{"$nulls":4},9.2395295300000004]
[null,"Faltas Justificadas",{"$nulls":4},0.74257485000000001]
[null,"Férias sobre Licença Maternidade",{"$nulls":4},1.0954000000000001E-3]
[null,"Reciclagem Tecnológica",{"$nulls":4},0]
[null,"Total Grupo B",{"$nulls":4},42.247500850000002]
[null,"Grupo C - Verbas Rescisórias"]
[null,"Aviso Prévio Indenizado",{"$nulls":4},3.6651663999999999]
[null,"Aviso Prévio Trabalhado",{"$nulls":4},9.2555129999999999E-2]
[null,"Férias Indenizadas + 1/3",{"$nulls":4},5.0169500999999999]
[null,"Depósito por Rescisão Sem Justa Causa",{"$nulls":4},4.5519200299999998]
[null,"Indenização Adicional",{"$nulls":4},0.92821856000000003]
[null,"Total Grupo C",{"$nulls":4},14.25481022]
[null,"Grupo D - Verbas Rescisórias"]
[null,"Reincidência de A sobre B",{"$nulls":4},15.72232921]
[null,"Reincidência de A sobre Aviso Prévio Trabalhado + Reincidência de FGTS sobre Aviso Prévio Indenizado",{"$nulls":4},0.32765752999999997]
[null,"Total Grupo D",{"$nulls":4},16.049986740000001]
[null,"Total Encargos Sociais e Trabalhistas - julho/2025",{"$nulls":4},109.77]
[null,"Periculosidade/Insalubridade",{"$nulls":4}," %",null,"R$"]
[null,"Total Periculosidade/Insalubridade",{"$nulls":4},30,null,3.2505999999999999]
[null,"Encargos Sociais e Trabalhistas - Média Móvel",{"$nulls":4}," %",null,"R$"]
[null,"Encargos Sociais e Trabalhistas - Média Móvel - Sobre Salário",{"$nulls":4},109.73,null,11.889575000000001]
[null,"Encargos Sociais e Trabalhistas - Média Móvel - Sobre Periculosidade/Insalubridade",{"$nulls":4},109.73,null,3.5668829999999998]
[null,"Total Encargos Sociais e Trabalhistas - Média Móvel",{"$nulls":4},109.73,null,15.456458]
[null,"Encargos Complementares",{"$nulls":4}," %",null,"R$"]
[null,"Alimentação",{"$nulls":4},42.98,null,4.6571769999999999]
[null,"EPI",{"$nulls":4},4.51,null,0.48869899999999999]
[null,"Ferramenta",{"$nulls":4},0.4,null,4.3288E-2]
[null,"Transporte",{"$nulls":4},9.0500000000000007,null,0.98006300000000002]
[null,"Consulta Ocupacional",{"$nulls":4},0.48,null,5.1968E-2]
[null,"Total Encargos Complementares",{"$nulls":4},57.42,null,6.2211949999999998]
[null,"Encargos Adicionais",{"$nulls":4}," %",null,"R$"]
[null,"Cesta Básica",{"$nulls":4},0,null,0]
[null,"Assistência Médica",{"$nulls":4},0,null,0]
[null,"Seguro de Vida",{"$nulls":4},0.49,null,5.3592000000000001E-2]
[null,"Desgaste Orgânico",{"$nulls":4},0,null,0]
[null,"Adicional de Confinamento",{"$nulls":4},0,null,0]
[null,"Total Encargos Adicionais",{"$nulls":4},0.49,null,5.3592000000000001E-2]
[null,"Encargos Totais",{"$nulls":4},200.55969999999999,null,21.731245000000001]
[null,"Custo Total",{"$nulls":6},35.817100000000003]
[null,"Código",null,"Descrição",null,null,"Unidade",null,"Salário \n(R$)"]
[null,"P9893",null,"Encarregado de pavimentação",null,null,"mês",null,4482.1585999999998]
[]
[null,"Encargos Sociais e Trabalhistas - julho/2025",{"$nulls":4}," %"]
[null,"Grupo A - Encargos Sociais"]
[null,"Previdência Social",{"$nulls":4},20]
[null,"FGTS",{"$nulls":4},8]
[null,"Salário Educação",{"$nulls":4},2.5]
[null,"SESC ou SESI",{"$nulls":4},1.5]
[null,"SENAI / SEBRAE",{"$nulls":4},1.6]
[null,"INCRA",{"$nulls":4},0.2]
[null,"Seguro Contra Risco e Acidente de Trabalho",{"$nulls":4},3]
[null,"SECONCI",{"$nulls":4},1]
[null,"FAE - Financiamento de Aposentadoria Especial",{"$nulls":4},0]
[null,"Total Grupo A",{"$nulls":4},37.799999999999997]
[null,"Grupo B - Encargos Trabalhistas"]
[null,"Repouso Semanal Remunerado - Domingos",{"$nulls":4},0]
[null,"Feriados",{"$nulls":4},0]
[null,"Férias Gozadas + 1/3",{"$nulls":4},7.5665260700000001]
[null,"Auxílio Enfermidade",{"$nulls":4},0.90124342999999996]
[null,"Auxílio Acidente de Trabalho",{"$nulls":4},4.9064719999999999E-2]
[null,"Licença Paternidade",{"$nulls":4},5.9152150000000001E-2]
[null,"13° Salário",{"$nulls":4},9.2359840799999997]
[null,"Faltas Justificadas",{"$nulls":4},0.74228989999999995]
[null,"Férias sobre Licença Maternidade",{"$nulls":4},6.4429999999999999E-3]
[null,"Reciclagem Tecnológica",{"$nulls":4},0]
[null,"Total Grupo B",{"$nulls":4},18.560703350000001]
[null,"Grupo C - Verbas Rescisórias"]
[null,"Aviso Prévio Indenizado",{"$nulls":4},3.47010189]
[null,"Aviso Prévio Trabalhado",{"$nulls":4},8.7629230000000002E-2]
[null,"Férias Indenizadas + 1/3",{"$nulls":4},4.7481193800000003]
[null,"Depósito por Rescisão Sem Justa Causa",{"$nulls":4},3.7939425099999999]
[null,"Indenização Adicional",{"$nulls":4},0.92786237999999999]
[null,"Total Grupo C",{"$nulls":4},13.027655380000001]
[null,"Grupo D - Verbas Rescisórias"]
[null,"Reincidência de A sobre B",{"$nulls":4},7.0159458700000004]
[null,"Reincidência de A sobre Aviso Prévio Trabalhado + Reincidência de FGTS sobre Aviso Prévio Indenizado",{"$nulls":4},0.31073200000000001]
[null,"Total Grupo D",{"$nulls":4},7.3266778700000001]
[null,"Total Encargos Sociais e Trabalhistas - julho/2025",{"$nulls":4},76.72]
[null,"Periculosidade/Insalubridade",{"$nulls":4}," %",null,"R$"]
[null,"Total Periculosidade/Insalubridade",{"$nulls":4},0,null,0]
[null,"Encargos Sociais e Trabalhistas - Média Móvel",{"$nulls":4}," %",null,"R$"]
[null,"Encargos Sociais e Trabalhistas - Média Móvel - Sobre Salário",{"$nulls":4},76.81,null,3442.7460209999999]
[null,"Encargos Sociais e Trabalhistas - Média Móvel - Sobre Periculosidade/Insalubridade",{"$nulls":4},76.81,null,0]
[null,"Total Encargos Sociais e Trabalhistas - Média Móvel",{"$nulls":4},76.81,null,3442.7460209999999]
[null,"Encargos Complementares",{"$nulls":4}," %",null,"R$"]
[null,"Alimentação",{"$nulls":4},18.96,null,849.88823000000002]
[null,"EPI",{"$nulls":4},1.42,null,63.473173000000003]
[null,"Ferramenta",{"$nulls":4},0,null,0]
[null,"Transporte",{"$nulls":4},3.99,null,178.85172600000001]
[null,"Consulta Ocupacional",{"$nulls":4},0.2,null,8.9788890000000006]
[null,"Total Encargos Complementares",{"$nulls":4},24.57,null,1101.192018]
[null,"Encargos Adicionais",{"$nulls":4}," %",null,"R$"]
[null,"Cesta Básica",{"$nulls":4},0,null,0]
[null,"Assistência Médica",{"$nulls":4},0,null,0]
[null,"Seguro de Vida",{"$nulls":4},0.22,null,9.7799999999999994]
[null,"Desgaste Orgânico",{"$nulls":4},0,null,0]
[null,"Adicional de Confinamento",{"$nulls":4},0,null,0]
[null,"Total Encargos Adicionais",{"$nulls":4},0.22,null,9.7799999999999994]
[null,"Encargos Totais",{"$nulls":4},101.59650000000001,null,4553.7180390000003]
[null,"Custo Total",{"$nulls":6},9035.8747999999996]
[null,"Código",null,"Descrição",null,null,"Unidade",null,"Salário \n(R$)"]
[null,"P9896",null,"Porteiro",null,null,"mês",null,1777.213]
[]
[null,"Encargos Sociais e Trabalhistas - julho/2025",{"$nulls":4}," %"]
[null,"Grupo A - Encargos Sociais"]
[null,"Previdência Social",{"$nulls":4},20]
[null,"FGTS",{"$nulls":4},8]
[null,"Salário Educação",{"$nulls":4},2.5]
[null,"SESC ou SESI",{"$nulls":4},1.5]
[null,"SENAI / SEBRAE",{"$nulls":4},1.6]
[null,"INCRA",{"$nulls":4},0.2]
[null,"Seguro Contra Risco e Acidente de Trabalho",{"$nulls":4},3]
[null,"SECONCI",{"$nulls":4},0.5]
[null,"FAE - Financiamento de Aposentadoria Especial",{"$nulls":4},0]
[null,"Total Grupo A",{"$nulls":4},37.299999999999997]
[null,"Grupo B - Encargos Trabalhistas"]
[null,"Repouso Semanal Remunerado - Domingos",{"$nulls":4},0]
[null,"Feriados",{"$nulls":4},0]
[null,"Férias Gozadas + 1/3",{"$nulls":4},8.0236463600000008]
[null,"Auxílio Enfermidade",{"$nulls":4},0.89894284999999996]
[null,"Auxílio Acidente de Trabalho",{"$nulls":4},4.909007E-2]
[null,"Licença Paternidade",{"$nulls":4},6.7627179999999995E-2]
[null,"13° Salário",{"$nulls":4},9.2407547900000004]
[null,"Faltas Justificadas",{"$nulls":4},0.74267331999999997]
[null,"Férias sobre Licença Maternidade",{"$nulls":4},5.2358189999999999E-2]
[null,"Reciclagem Tecnológica",{"$nulls":4},0]
[null,"Total Grupo B",{"$nulls":4},19.07509276]
[null,"Grupo C - Verbas Rescisórias"]
[null,"Aviso Prévio Indenizado",{"$nulls":4},3.1390487999999999]
[null,"Aviso Prévio Trabalhado",{"$nulls":4},7.9269270000000003E-2]
[null,"Férias Indenizadas + 1/3",{"$nulls":4},4.2973600300000001]
[null,"Depósito por Rescisão Sem Justa Causa",{"$nulls":4},3.8104029700000002]
[null,"Indenização Adicional",{"$nulls":4},0.92834165000000002]
[null,"Total Grupo C",{"$nulls":4},12.254422720000001]
[null,"Grupo D - Verbas Rescisórias"]
[null,"Reincidência de A sobre B",{"$nulls":4},7.1150095999999996]
[null,"Reincidência de A sobre Aviso Prévio Trabalhado + Reincidência de FGTS sobre Aviso Prévio Indenizado",{"$nulls":4},0.28069134000000001]
[null,"Total Grupo D",{"$nulls":4},7.3957009400000002]
[null,"Total Encargos Sociais e Trabalhistas - julho/2025",{"$nulls":4},76.03]
[null,"Periculosidade/Insalubridade",{"$nulls":4}," %",null,"R$"]
[null,"Total Periculosidade/Insalubridade",{"$nulls":4},0,null,0]
[null,"Encargos Sociais e Trabalhistas - Média Móvel",{"$nulls":4}," %",null,"R$"]
[null,"Encargos Sociais e Trabalhistas - Média Móvel - Sobre Salário",{"$nulls":4},76.02,null,1351.037323]
[null,"Encargos Sociais e Trabalhistas - Média Móvel - Sobre Periculosidade/Insalubridade",{"$nulls":4},76.02,null,0]
[null,"Total Encargos Sociais e Trabalhistas - Média Móvel",{"$nulls":4},76.02,null,1351.037323]
[null,"Encargos Complementares",{"$nulls":4}," %",null,"R$"]
[null,"Alimentação",{"$nulls":4},47.82,null,849.88823000000002]
[null,"EPI",{"$nulls":4},3.57,null,63.473173000000003]
[null,"Ferramenta",{"$nulls":4},0,null,0]
[null,"Transporte",{"$nulls":4},10.06,null,178.85172600000001]
[null,"Consulta Ocupacional",{"$nulls":4},0.46,null,8.1222890000000003]
[null,"Total Encargos Complementares",{"$nulls":4},61.91,null,1100.3354179999999]
[null,"Encargos Adicionais",{"$nulls":4}," %",null,"R$"]
[null,"Cesta Básica",{"$nulls":4},0,null,0]
[null,"Assistência Médica",{"$nulls":4},0,null,0]
[null,"Seguro de Vida",{"$nulls":4},0.55000000000000004,null,9.7799999999999994]
[null,"Desgaste Orgânico",{"$nulls":4},0,null,0]
[null,"Adicional de Confinamento",{"$nulls":4},0,null,0]
[null,"Total Encargos Adicionais",{"$nulls":4},0.55000000000000004,null,9.7799999999999994]
[null,"Encargos Totais",{"$nulls":4},138.4838,null,2461.1527409999999]
[null,"Custo Total",{"$nulls":6},4238.3649999999998]
[null,"Código",null,"Descrição",null,null,"Unidade",null,"Salário \n(R$)"]
[null,"P9897",null,"Técnico de meio ambiente",null,null,"mês",null,3770.31]
[]
[null,"Encargos Sociais e Trabalhistas - julho/2025",{"$nulls":4}," %"]
[null,"Grupo A - Encargos Sociais"]
[null,"Previdência Social",{"$nulls":4},20]
[null,"FGTS",{"$nulls":4},8]
[null,"Salário Educação",{"$nulls":4},2.5]
[null,"SESC ou SESI",{"$nulls":4},1.5]
[null,"SENAI / SEBRAE",{"$nulls":4},1.6]
[null,"INCRA",{"$nulls":4},0.2]
[null,"Seguro Contra Risco e Acidente de Trabalho",{"$nulls":4},3]
[null,"SECONCI",{"$nulls":4},0.41481480999999998]
[null,"FAE - Financiamento de Aposentadoria Especial",{"$nulls":4},0]
[null,"Total Grupo A",{"$nulls":4},37.21481481]
[null,"Grupo B - Encargos Trabalhistas"]
[null,"Repouso Semanal Remunerado - Domingos",{"$nulls":4},0]
[null,"Feriados",{"$nulls":4},0]
[null,"Férias Gozadas + 1/3",{"$nulls":4},3.0841074000000002]
[null,"Auxílio Enfermidade",{"$nulls":4},0.90935710999999997]
[null,"Auxílio Acidente de Trabalho",{"$nulls":4},4.9126620000000003E-2]
[null,"Licença Paternidade",{"$nulls":4},5.7599890000000001E-2]
[null,"13° Salário",{"$nulls":4},9.24763527]
[null,"Faltas Justificadas",{"$nulls":4},0.74322630000000001]
[null,"Férias sobre Licença Maternidade",{"$nulls":4},0.12711227999999999]
[null,"Reciclagem Tecnológica",{"$nulls":4},0]
[null,"Total Grupo B",{"$nulls":4},14.21816488]
[null,"Grupo C - Verbas Rescisórias"]
[null,"Aviso Prévio Indenizado",{"$nulls":4},6.1864546799999998]
[null,"Aviso Prévio Trabalhado",{"$nulls":4},0.17042652]
[null,"Férias Indenizadas + 1/3",{"$nulls":4},9.2460729700000002]
[null,"Depósito por Rescisão Sem Justa Causa",{"$nulls":4},3.6549812799999999]
[null,"Indenização Adicional",{"$nulls":4},0.92903287999999995]
[null,"Total Grupo C",{"$nulls":4},20.186968319999998]
[null,"Grupo D - Verbas Rescisórias"]
[null,"Reincidência de A sobre B",{"$nulls":4},5.2912637299999998]
[null,"Reincidência de A sobre Aviso Prévio Trabalhado + Reincidência de FGTS sobre Aviso Prévio Indenizado",{"$nulls":4},0.55834028999999996]
[null,"Total Grupo D",{"$nulls":4},5.8496040200000001]
[null,"Total Encargos Sociais e Trabalhistas - julho/2025",{"$nulls":4},77.47]
[null,"Periculosidade/Insalubridade",{"$nulls":4}," %",null,"R$"]
[null,"Total Periculosidade/Insalubridade",{"$nulls":4},0,null,0]
[null,"Encargos Sociais e Trabalhistas - Média Móvel",{"$nulls":4}," %",null,"R$"]
[null,"Encargos Sociais e Trabalhistas - Média Móvel - Sobre Salário",{"$nulls":4},77.72,null,2930.284932]
[null,"Encargos Sociais e Trabalhistas - Média Móvel - Sobre Periculosidade/Insalubridade",{"$nulls":4},77.72,null,0]
[null,"Total Encargos Sociais e Trabalhistas - Média Móvel",{"$nulls":4},77.72,null,2930.284932]
[null,"Encargos Complementares",{"$nulls":4}," %",null,"R$"]
[null,"Alimentação",{"$nulls":4},22.54,null,849.88823000000002]
[null,"EPI",{"$nulls":4},1.66,null,62.450066]
[null,"Ferramenta",{"$nulls":4},0,null,0]
[null,"Transporte",{"$nulls":4},4.74,null,178.85172600000001]
[null,"Consulta Ocupacional",{"$nulls":4},0.31,null,11.641783]
[null,"Total Encargos Complementares",{"$nulls":4},29.25,null,1102.831805]
[null,"Encargos Adicionais",{"$nulls":4}," %",null,"R$"]
[null,"Cesta Básica",{"$nulls":4},0,null,0]
[null,"Assistência Médica",{"$nulls":4},0,null,0]
[null,"Seguro de Vida",{"$nulls":4},0.26,null,9.7799999999999994]
[null,"Desgaste Orgânico",{"$nulls":4},0,null,0]
[null,"Adicional de Confinamento",{"$nulls":4},0,null,0]
[null,"Total Encargos Adicionais",{"$nulls":4},0.26,null,9.7799999999999994]
[null,"Encargos Totais",{"$nulls":4},107.2298,null,4042.896737]
[null,"Custo Total",{"$nulls":6},7813.2057999999997]
[null,"Código",null,"Descrição",null,null,"Unidade",null,"Salário \n(R$)"]
[null,"P9900",null,"Comprador",null,null,"mês",null,3837.7764999999999]
[]
[null,"Encargos Sociais e Trabalhistas - julho/2025",{"$nulls":4}," %"]
[null,"Grupo A - Encargos Sociais"]
[null,"Previdência Social",{"$nulls":4},20]
[null,"FGTS",{"$nulls":4},8]
[null,"Salário Educação",{"$nulls":4},2.5]
[null,"SESC ou SESI",{"$nulls":4},1.5]
[null,"SENAI / SEBRAE",{"$nulls":4},1.6]
[null,"INCRA",{"$nulls":4},0.2]
[null,"Seguro Contra Risco e Acidente de Trabalho",{"$nulls":4},3]
[null,"SECONCI",{"$nulls":4},0.5]
[null,"FAE - Financiamento de Aposentadoria Especial",{"$nulls":4},0]
[null,"Total Grupo A",{"$nulls":4},37.299999999999997]
[null,"Grupo B - Encargos Trabalhistas"]
[null,"Repouso Semanal Remunerado - Domingos",{"$nulls":4},0]
[null,"Feriados",{"$nulls":4},0]
[null,"Férias Gozadas + 1/3",{"$nulls":4},7.9926477499999997]
[null,"Auxílio Enfermidade",{"$nulls":4},0.89913880000000002]
[null,"Auxílio Acidente de Trabalho",{"$nulls":4},4.9100770000000002E-2]
[null,"Licença Paternidade",{"$nulls":4},6.9946270000000005E-2]
[null,"13° Salário",{"$nulls":4},9.2427691099999993]
[null,"Faltas Justificadas",{"$nulls":4},0.74283520999999997]
[null,"Férias sobre Licença Maternidade",{"$nulls":4},7.1833800000000003E-2]
[null,"Reciclagem Tecnológica",{"$nulls":4},0]
[null,"Total Grupo B",{"$nulls":4},19.068271710000001]
[null,"Grupo C - Verbas Rescisórias"]
[null,"Aviso Prévio Indenizado",{"$nulls":4},3.1629643999999999]
[null,"Aviso Prévio Trabalhado",{"$nulls":4},7.9873200000000005E-2]
[null,"Férias Indenizadas + 1/3",{"$nulls":4},4.3310443999999997]
[null,"Depósito por Rescisão Sem Justa Causa",{"$nulls":4},3.8101846899999998]
[null,"Indenização Adicional",{"$nulls":4},0.92854400999999998]
[null,"Total Grupo C",{"$nulls":4},12.31261071]
[null,"Grupo D - Verbas Rescisórias"]
[null,"Reincidência de A sobre B",{"$nulls":4},7.1124653499999999]
[null,"Reincidência de A sobre Aviso Prévio Trabalhado + Reincidência de FGTS sobre Aviso Prévio Indenizado",{"$nulls":4},0.28282985999999999]
[null,"Total Grupo D",{"$nulls":4},7.3952951999999996]
[null,"Total Encargos Sociais e Trabalhistas - julho/2025",{"$nulls":4},76.08]
[null,"Periculosidade/Insalubridade",{"$nulls":4}," %",null,"R$"]
[null,"Total Periculosidade/Insalubridade",{"$nulls":4},0,null,0]
[null,"Encargos Sociais e Trabalhistas - Média Móvel",{"$nulls":4}," %",null,"R$"]
[null,"Encargos Sociais e Trabalhistas - Média Móvel - Sobre Salário",{"$nulls":4},76.41,null,2932.4450240000001]
[null,"Encargos Sociais e Trabalhistas - Média Móvel - Sobre Periculosidade/Insalubridade",{"$nulls":4},76.41,null,0]
[null,"Total Encargos Sociais e Trabalhistas - Média Móvel",{"$nulls":4},76.41,null,2932.4450240000001]
[null,"Encargos Complementares",{"$nulls":4}," %",null,"R$"]
[null,"Alimentação",{"$nulls":4},22.15,null,849.88823000000002]
[null,"EPI",{"$nulls":4},1.63,null,62.450066]
[null,"Ferramenta",{"$nulls":4},0,null,0]
[null,"Transporte",{"$nulls":4},4.66,null,178.85172600000001]
[null,"Consulta Ocupacional",{"$nulls":4},0.21,null,8.1841699999999999]
[null,"Total Encargos Complementares",{"$nulls":4},28.65,null,1099.374192]
[null,"Encargos Adicionais",{"$nulls":4}," %",null,"R$"]
[null,"Cesta Básica",{"$nulls":4},0,null,0]
[null,"Assistência Médica",{"$nulls":4},0,null,0]
[null,"Seguro de Vida",{"$nulls":4},0.25,null,9.7799999999999994]
[null,"Desgaste Orgânico",{"$nulls":4},0,null,0]
[null,"Adicional de Confinamento",{"$nulls":4},0,null,0]
[null,"Total Encargos Adicionais",{"$nulls":4},0.25,null,9.7799999999999994]
[null,"Encargos Totais",{"$nulls":4},105.31100000000001,null,4041.5992160000001]
[null,"Custo Total",{"$nulls":6},7879.3773000000001]
[null,"Código",null,"Descrição",null,null,"Unidade",null,"Salário \n(R$)"]
[null,"P9901",null,"Encarregado de superestrutura ferroviária",null,null,"mês",null,4482.1585999999998]
[]
[null,"Encargos Sociais e Trabalhistas - julho/2025",{"$nulls":4}," %"]
[null,"Grupo A - Encargos Sociais"]
[null,"Previdência Social",{"$nulls":4},20]
[null,"FGTS",{"$nulls":4},8]
[null,"Salário Educação",{"$nulls":4},2.5]
[null,"SESC ou SESI",{"$nulls":4},1.5]
[null,"SENAI / SEBRAE",{"$nulls":4},1.6]
[null,"INCRA",{"$nulls":4},0.2]
[null,"Seguro Contra Risco e Acidente de Trabalho",{"$nulls":4},3]
[null,"SECONCI",{"$nulls":4},1]
[null,"FAE - Financiamento de Aposentadoria Especial",{"$nulls":4},0]
[null,"Total Grupo A",{"$nulls":4},37.799999999999997]
[null,"Grupo B - Encargos Trabalhistas"]
[null,"Repouso Semanal Remunerado - Domingos",{"$nulls":4},0]
[null,"Feriados",{"$nulls":4},0]
[null,"Férias Gozadas + 1/3",{"$nulls":4},7.5665260700000001]
[null,"Auxílio Enfermidade",{"$nulls":4},0.90124342999999996]
[null,"Auxílio Acidente de Trabalho",{"$nulls":4},4.9064719999999999E-2]
[null,"Licença Paternidade",{"$nulls":4},5.9152150000000001E-2]
[null,"13° Salário",{"$nulls":4},9.2359840799999997]
[null,"Faltas Justificadas",{"$nulls":4},0.74228989999999995]
[null,"Férias sobre Licença Maternidade",{"$nulls":4},6.4429999999999999E-3]
[null,"Reciclagem Tecnológica",{"$nulls":4},0]
[null,"Total Grupo B",{"$nulls":4},18.560703350000001]
[null,"Grupo C - Verbas Rescisórias"]
[null,"Aviso Prévio Indenizado",{"$nulls":4},3.47010189]
[null,"Aviso Prévio Trabalhado",{"$nulls":4},8.7629230000000002E-2]
[null,"Férias Indenizadas + 1/3",{"$nulls":4},4.7481193800000003]
[null,"Depósito por Rescisão Sem Justa Causa",{"$nulls":4},3.7939425099999999]
[null,"Indenização Adicional",{"$nulls":4},0.92786237999999999]
[null,"Total Grupo C",{"$nulls":4},13.027655380000001]
[null,"Grupo D - Verbas Rescisórias"]
[null,"Reincidência de A sobre B",{"$nulls":4},7.0159458700000004]
[null,"Reincidência de A sobre Aviso Prévio Trabalhado + Reincidência de FGTS sobre Aviso Prévio Indenizado",{"$nulls":4},0.31073200000000001]
[null,"Total Grupo D",{"$nulls":4},7.3266778700000001]
[null,"Total Encargos Sociais e Trabalhistas - julho/2025",{"$nulls":4},76.72]
[null,"Periculosidade/Insalubridade",{"$nulls":4}," %",null,"R$"]
[null,"Total Periculosidade/Insalubridade",{"$nulls":4},0,null,0]
[null,"Encargos Sociais e Trabalhistas - Média Móvel",{"$nulls":4}," %",null,"R$"]
[null,"Encargos Sociais e Trabalhistas - Média Móvel - Sobre Salário",{"$nulls":4},76.81,null,3442.7460209999999]
[null,"Encargos Sociais e Trabalhistas - Média Móvel - Sobre Periculosidade/Insalubridade",{"$nulls":4},76.81,null,0]
[null,"Total Encargos Sociais e Trabalhistas - Média Móvel",{"$nulls":4},76.81,null,3442.7460209999999]
[null,"Encargos Complementares",{"$nulls":4}," %",null,"R$"]
[null,"Alimentação",{"$nulls":4},18.96,null,849.88823000000002]
[null,"EPI",{"$nulls":4},1.42,null,63.473173000000003]
[null,"Ferramenta",{"$nulls":4},0,null,0]
[null,"Transporte",{"$nulls":4},3.99,null,178.85172600000001]
[null,"Consulta Ocupacional",{"$nulls":4},0.2,null,8.9788890000000006]
[null,"Total Encargos Complementares",{"$nulls":4},24.57,null,1101.192018]
[null,"Encargos Adicionais",{"$nulls":4}," %",null,"R$"]
[null,"Cesta Básica",{"$nulls":4},0,null,0]
[null,"Assistência Médica",{"$nulls":4},0,null,0]
[null,"Seguro de Vida",{"$nulls":4},0.22,null,9.7799999999999994]
[null,"Desgaste Orgânico",{"$nulls":4},0,null,0]
[null,"Adicional de Confinamento",{"$nulls":4},0,null,0]
[null,"Total Encargos Adicionais",{"$nulls":4},0.22,null,9.7799999999999994]
[null,"Encargos Totais",{"$nulls":4},101.59650000000001,null,4553.7180390000003]
[null,"Custo Total",{"$nulls":6},9035.8747999999996]
[null,"Código",null,"Descrição",null,null,"Unidade",null,"Salário \n(R$)"]
[null,"P9903",null,"Auxiliar técnico",null,null,"mês",null,2212.0596999999998]
[]
[null,"Encargos Sociais e Trabalhistas - julho/2025",{"$nulls":4}," %"]
[null,"Grupo A - Encargos Sociais"]
[null,"Previdência Social",{"$nulls":4},20]
[null,"FGTS",{"$nulls":4},8]
[null,"Salário Educação",{"$nulls":4},2.5]
[null,"SESC ou SESI",{"$nulls":4},1.5]
[null,"SENAI / SEBRAE",{"$nulls":4},1.6]
[null,"INCRA",{"$nulls":4},0.2]
[null,"Seguro Contra Risco e Acidente de Trabalho",{"$nulls":4},3]
[null,"SECONCI",{"$nulls":4},0.5]
[null,"FAE - Financiamento de Aposentadoria Especial",{"$nulls":4},0]
[null,"Total Grupo A",{"$nulls":4},37.299999999999997]
[null,"Grupo B - Encargos Trabalhistas"]
[null,"Repouso Semanal Remunerado - Domingos",{"$nulls":4},0]
[null,"Feriados",{"$nulls":4},0]
[null,"Férias Gozadas + 1/3",{"$nulls":4},5.4674050599999999]
[null,"Auxílio Enfermidade",{"$nulls":4},0.89922871000000004]
[null,"Auxílio Acidente de Trabalho",{"$nulls":4},4.9105679999999999E-2]
[null,"Licença Paternidade",{"$nulls":4},6.8710779999999999E-2]
[null,"13° Salário",{"$nulls":4},9.2436933400000001]
[null,"Faltas Justificadas",{"$nulls":4},0.74290948999999995]
[null,"Férias sobre Licença Maternidade",{"$nulls":4},8.3069249999999997E-2]
[null,"Reciclagem Tecnológica",{"$nulls":4},0]
[null,"Total Grupo B",{"$nulls":4},16.55412231]
[null,"Grupo C - Verbas Rescisórias"]
[null,"Aviso Prévio Indenizado",{"$nulls":4},4.5902541000000001]
[null,"Aviso Prévio Trabalhado",{"$nulls":4},0.12645386]
[null,"Férias Indenizadas + 1/3",{"$nulls":4},6.8575193800000003]
[null,"Depósito por Rescisão Sem Justa Causa",{"$nulls":4},3.7297319099999999]
[null,"Indenização Adicional",{"$nulls":4},0.92863686000000001]
[null,"Total Grupo C",{"$nulls":4},16.232596109999999]
[null,"Grupo D - Verbas Rescisórias"]
[null,"Reincidência de A sobre B",{"$nulls":4},6.1746876200000003]
[null,"Reincidência de A sobre Aviso Prévio Trabalhado + Reincidência de FGTS sobre Aviso Prévio Indenizado",{"$nulls":4},0.41438762000000001]
[null,"Total Grupo D",{"$nulls":4},6.5890752399999997]
[null,"Total Encargos Sociais e Trabalhistas - julho/2025",{"$nulls":4},76.680000000000007]
[null,"Periculosidade/Insalubridade",{"$nulls":4}," %",null,"R$"]
[null,"Total Periculosidade/Insalubridade",{"$nulls":4},0,null,0]
[null,"Encargos Sociais e Trabalhistas - Média Móvel",{"$nulls":4}," %",null,"R$"]
[null,"Encargos Sociais e Trabalhistas - Média Móvel - Sobre Salário",{"$nulls":4},76.900000000000006,null,1701.073909]
[null,"Encargos Sociais e Trabalhistas - Média Móvel - Sobre Periculosidade/Insalubridade",{"$nulls":4},76.900000000000006,null,0]
[null,"Total Encargos Sociais e Trabalhistas - Média Móvel",{"$nulls":4},76.900000000000006,null,1701.073909]
[null,"Encargos Complementares",{"$nulls":4}," %",null,"R$"]
[null,"Alimentação",{"$nulls":4},38.42,null,849.88823000000002]
[null,"EPI",{"$nulls":4},3.09,null,68.242549999999994]
[null,"Ferramenta",{"$nulls":4},0,null,0]
[null,"Transporte",{"$nulls":4},8.09,null,178.85172600000001]
[null,"Consulta Ocupacional",{"$nulls":4},0.39,null,8.6380239999999997]
[null,"Total Encargos Complementares",{"$nulls":4},49.99,null,1105.6205299999999]
[null,"Encargos Adicionais",{"$nulls":4}," %",null,"R$"]
[null,"Cesta Básica",{"$nulls":4},0,null,0]
[null,"Assistência Médica",{"$nulls":4},0,null,0]
[null,"Seguro de Vida",{"$nulls":4},0.44,null,9.7799999999999994]
[null,"Desgaste Orgânico",{"$nulls":4},0,null,0]
[null,"Adicional de Confinamento",{"$nulls":4},0,null,0]
[null,"Total Encargos Adicionais",{"$nulls":4},0.44,null,9.7799999999999994]
[null,"Encargos Totais",{"$nulls":4},127.3236,null,2816.4744390000001]
[null,"Custo Total",{"$nulls":6},5028.5337]
[null,"Código",null,"Descrição",null,null,"Unidade",null,"Salário \n(R$)"]
[null,"P9907",null,"Comandante de longo curso",null,null,"mês",null,10902.6749]
[]
[null,"Encargos Sociais e Trabalhistas - julho/2025",{"$nulls":4}," %"]
[null,"Grupo A - Encargos Sociais"]
[null,"Previdência Social",{"$nulls":4},20]
[null,"FGTS",{"$nulls":4},8]
[null,"Salário Educação",{"$nulls":4},2.5]
[null,"SESC ou SESI",{"$nulls":4},1.5]
[null,"SENAI / SEBRAE",{"$nulls":4},1.6]
[null,"INCRA",{"$nulls":4},0.2]
[null,"Seguro Contra Risco e Acidente de Trabalho",{"$nulls":4},3]
[null,"SECONCI",{"$nulls":4},0.41481480999999998]
[null,"FAE - Financiamento de Aposentadoria Especial",{"$nulls":4},0]
[null,"Total Grupo A",{"$nulls":4},37.21481481]
[null,"Grupo B - Encargos Trabalhistas"]
[null,"Repouso Semanal Remunerado - Domingos",{"$nulls":4},0]
[null,"Feriados",{"$nulls":4},0]
[null,"Férias Gozadas + 1/3",{"$nulls":4},9.7098279499999993]
[null,"Auxílio Enfermidade",{"$nulls":4},0.90814276999999999]
[null,"Auxílio Acidente de Trabalho",{"$nulls":4},5.0899519999999997E-2]
[null,"Licença Paternidade",{"$nulls":4},4.384917E-2]
[null,"13° Salário",{"$nulls":4},9.2352904700000007]
[null,"Faltas Justificadas",{"$nulls":4},0.74223415999999998]
[null,"Férias sobre Licença Maternidade",{"$nulls":4},5.4285599999999998E-3]
[null,"Reciclagem Tecnológica",{"$nulls":4},0]
[null,"Total Grupo B",{"$nulls":4},20.695672600000002]
[null,"Grupo C - Verbas Rescisórias"]
[null,"Aviso Prévio Indenizado",{"$nulls":4},2.2203584099999998]
[null,"Aviso Prévio Trabalhado",{"$nulls":4},4.8059919999999999E-2]
[null,"Férias Indenizadas + 1/3",{"$nulls":4},2.60389268]
[null,"Depósito por Rescisão Sem Justa Causa",{"$nulls":4},3.8622615200000001]
[null,"Indenização Adicional",{"$nulls":4},0.92779270000000003]
[null,"Total Grupo C",{"$nulls":4},9.6623652300000007]
[null,"Grupo D - Verbas Rescisórias"]
[null,"Reincidência de A sobre B",{"$nulls":4},7.7018562299999997]
[null,"Reincidência de A sobre Aviso Prévio Trabalhado + Reincidência de FGTS sobre Aviso Prévio Indenizado",{"$nulls":4},0.19551408000000001]
[null,"Total Grupo D",{"$nulls":4},7.8973703200000003]
[null,"Total Encargos Sociais e Trabalhistas - julho/2025",{"$nulls":4},75.47]
[null,"Periculosidade/Insalubridade",{"$nulls":4}," %",null,"R$"]
[null,"Total Periculosidade/Insalubridade",{"$nulls":4},0,null,0]
[null,"Encargos Sociais e Trabalhistas - Média Móvel",{"$nulls":4}," %",null,"R$"]
[null,"Encargos Sociais e Trabalhistas - Média Móvel - Sobre Salário",{"$nulls":4},75.569999999999993,null,8239.1514220000008]
[null,"Encargos Sociais e Trabalhistas - Média Móvel - Sobre Periculosidade/Insalubridade",{"$nulls":4},75.569999999999993,null,0]
[null,"Total Encargos Sociais e Trabalhistas - Média Móvel",{"$nulls":4},75.569999999999993,null,8239.1514220000008]
[null,"Encargos Complementares",{"$nulls":4}," %",null,"R$"]
[null,"Alimentação",{"$nulls":4},8.09,null,881.67737499999998]
[null,"EPI",{"$nulls":4},0,null,0]
[null,"Ferramenta",{"$nulls":4},0,null,0]
[null,"Transporte",{"$nulls":4},0,null,0]
[null,"Consulta Ocupacional",{"$nulls":4},0.06,null,6.5659169999999998]
[null,"Total Encargos Complementares",{"$nulls":4},8.15,null,888.243292]
[null,"Encargos Adicionais",{"$nulls":4}," %",null,"R$"]
[null,"Cesta Básica",{"$nulls":4},2.75,null,300]
[null,"Assistência Médica",{"$nulls":4},0,null,0]
[null,"Seguro de Vida",{"$nulls":4},0.05,null,4.99]
[null,"Desgaste Orgânico",{"$nulls":4},0,null,0]
[null,"Adicional de Confinamento",{"$nulls":4},0,null,0]
[null,"Total Encargos Adicionais",{"$nulls":4},2.8,null,304.99]
[null,"Encargos Totais",{"$nulls":4},86.514399999999995,null,9432.3847139999998]
[null,"Custo Total",{"$nulls":6},20335.0586]
[null,"Código",null,"Descrição",null,null,"Unidade",null,"Salário \n(R$)"]
[null,"P9908",null,"Imediato",null,null,"mês",null,8788.6139999999996]
[]
[null,"Encargos Sociais e Trabalhistas - julho/2025",{"$nulls":4}," %"]
[null,"Grupo A - Encargos Sociais"]
[null,"Previdência Social",{"$nulls":4},20]
[null,"FGTS",{"$nulls":4},8]
[null,"Salário Educação",{"$nulls":4},2.5]
[null,"SESC ou SESI",{"$nulls":4},1.5]
[null,"SENAI / SEBRAE",{"$nulls":4},1.6]
[null,"INCRA",{"$nulls":4},0.2]
[null,"Seguro Contra Risco e Acidente de Trabalho",{"$nulls":4},3]
[null,"SECONCI",{"$nulls":4},0.41481480999999998]
[null,"FAE - Financiamento de Aposentadoria Especial",{"$nulls":4},0]
[null,"Total Grupo A",{"$nulls":4},37.21481481]
[null,"Grupo B - Encargos Trabalhistas"]
[null,"Repouso Semanal Remunerado - Domingos",{"$nulls":4},0]
[null,"Feriados",{"$nulls":4},0]
[null,"Férias Gozadas + 1/3",{"$nulls":4},9.7098279499999993]
[null,"Auxílio Enfermidade",{"$nulls":4},0.90814276999999999]
[null,"Auxílio Acidente de Trabalho",{"$nulls":4},5.0899519999999997E-2]
[null,"Licença Paternidade",{"$nulls":4},4.384917E-2]
[null,"13° Salário",{"$nulls":4},9.2352904700000007]
[null,"Faltas Justificadas",{"$nulls":4},0.74223415999999998]
[null,"Férias sobre Licença Maternidade",{"$nulls":4},5.4285599999999998E-3]
[null,"Reciclagem Tecnológica",{"$nulls":4},0]
[null,"Total Grupo B",{"$nulls":4},20.695672600000002]
[null,"Grupo C - Verbas Rescisórias"]
[null,"Aviso Prévio Indenizado",{"$nulls":4},2.2203584099999998]
[null,"Aviso Prévio Trabalhado",{"$nulls":4},4.8059919999999999E-2]
[null,"Férias Indenizadas + 1/3",{"$nulls":4},2.60389268]
[null,"Depósito por Rescisão Sem Justa Causa",{"$nulls":4},3.8622615200000001]
[null,"Indenização Adicional",{"$nulls":4},0.92779270000000003]
[null,"Total Grupo C",{"$nulls":4},9.6623652300000007]
[null,"Grupo D - Verbas Rescisórias"]
[null,"Reincidência de A sobre B",{"$nulls":4},7.7018562299999997]
[null,"Reincidência de A sobre Aviso Prévio Trabalhado + Reincidência de FGTS sobre Aviso Prévio Indenizado",{"$nulls":4},0.19551408000000001]
[null,"Total Grupo D",{"$nulls":4},7.8973703200000003]
[null,"Total Encargos Sociais e Trabalhistas - julho/2025",{"$nulls":4},75.47]
[null,"Periculosidade/Insalubridade",{"$nulls":4}," %",null,"R$"]
[null,"Total Periculosidade/Insalubridade",{"$nulls":4},0,null,0]
[null,"Encargos Sociais e Trabalhistas - Média Móvel",{"$nulls":4}," %",null,"R$"]
[null,"Encargos Sociais e Trabalhistas - Média Móvel - Sobre Salário",{"$nulls":4},75.569999999999993,null,6641.5555999999997]
[null,"Encargos Sociais e Trabalhistas - Média Móvel - Sobre Periculosidade/Insalubridade",{"$nulls":4},75.569999999999993,null,0]
[null,"Total Encargos Sociais e Trabalhistas - Média Móvel",{"$nulls":4},75.569999999999993,null,6641.5555999999997]
[null,"Encargos Complementares",{"$nulls":4}," %",null,"R$"]
[null,"Alimentação",{"$nulls":4},10.029999999999999,null,881.67737499999998]
[null,"EPI",{"$nulls":4},0,null,0]
[null,"Ferramenta",{"$nulls":4},0,null,0]
[null,"Transporte",{"$nulls":4},0,null,0]
[null,"Consulta Ocupacional",{"$nulls":4},7.0000000000000007E-2,null,6.5659169999999998]
[null,"Total Encargos Complementares",{"$nulls":4},10.1,null,888.243292]
[null,"Encargos Adicionais",{"$nulls":4}," %",null,"R$"]
[null,"Cesta Básica",{"$nulls":4},3.41,null,300]
[null,"Assistência Médica",{"$nulls":4},0,null,0]
[null,"Seguro de Vida",{"$nulls":4},0.06,null,4.99]
[null,"Desgaste Orgânico",{"$nulls":4},0,null,0]
[null,"Adicional de Confinamento",{"$nulls":4},0,null,0]
[null,"Total Encargos Adicionais",{"$nulls":4},3.47,null,304.99]
[null,"Encargos Totais",{"$nulls":4},89.147000000000006,null,7834.7888919999996]
[null,"Custo Total",{"$nulls":6},16623.399700000002]
[null,"Código",null,"Descrição",null,null,"Unidade",null,"Salário \n(R$)"]
[null,"P9909",null,"Oficial de náutica",null,null,"mês",null,3217.3161]
[]
[null,"Encargos Sociais e Trabalhistas - julho/2025",{"$nulls":4}," %"]
[null,"Grupo A - Encargos Sociais"]
[null,"Previdência Social",{"$nulls":4},20]
[null,"FGTS",{"$nulls":4},8]
[null,"Salário Educação",{"$nulls":4},2.5]
[null,"SESC ou SESI",{"$nulls":4},1.5]
[null,"SENAI / SEBRAE",{"$nulls":4},1.6]
[null,"INCRA",{"$nulls":4},0.2]
[null,"Seguro Contra Risco e Acidente de Trabalho",{"$nulls":4},3]
[null,"SECONCI",{"$nulls":4},0.41481480999999998]
[null,"FAE - Financiamento de Aposentadoria Especial",{"$nulls":4},0]
[null,"Total Grupo A",{"$nulls":4},37.21481481]
[null,"Grupo B - Encargos Trabalhistas"]
[null,"Repouso Semanal Remunerado - Domingos",{"$nulls":4},0]
[null,"Feriados",{"$nulls":4},0]
[null,"Férias Gozadas + 1/3",{"$nulls":4},8.5905702599999998]
[null,"Auxílio Enfermidade",{"$nulls":4},0.90885161999999997]
[null,"Auxílio Acidente de Trabalho",{"$nulls":4},5.0939249999999998E-2]
[null,"Licença Paternidade",{"$nulls":4},7.123314E-2]
[null,"13° Salário",{"$nulls":4},9.2424990600000001]
[null,"Faltas Justificadas",{"$nulls":4},0.74281350999999995]
[null,"Férias sobre Licença Maternidade",{"$nulls":4},5.6062649999999999E-2]
[null,"Reciclagem Tecnológica",{"$nulls":4},0]
[null,"Total Grupo B",{"$nulls":4},19.662969480000001]
[null,"Grupo C - Verbas Rescisórias"]
[null,"Aviso Prévio Indenizado",{"$nulls":4},2.9532943999999999]
[null,"Aviso Prévio Trabalhado",{"$nulls":4},6.8841669999999994E-2]
[null,"Férias Indenizadas + 1/3",{"$nulls":4},3.73276181]
[null,"Depósito por Rescisão Sem Justa Causa",{"$nulls":4},3.8292150199999999]
[null,"Indenização Adicional",{"$nulls":4},0.92851687999999999]
[null,"Total Grupo C",{"$nulls":4},11.512629799999999]
[null,"Grupo D - Verbas Rescisórias"]
[null,"Reincidência de A sobre B",{"$nulls":4},7.31753768]
[null,"Reincidência de A sobre Aviso Prévio Trabalhado + Reincidência de FGTS sobre Aviso Prévio Indenizado",{"$nulls":4},0.26188285]
[null,"Total Grupo D",{"$nulls":4},7.5794205300000002]
[null,"Total Encargos Sociais e Trabalhistas - julho/2025",{"$nulls":4},75.97]
[null,"Periculosidade/Insalubridade",{"$nulls":4}," %",null,"R$"]
[null,"Total Periculosidade/Insalubridade",{"$nulls":4},0,null,0]
[null,"Encargos Sociais e Trabalhistas - Média Móvel",{"$nulls":4}," %",null,"R$"]
[null,"Encargos Sociais e Trabalhistas - Média Móvel - Sobre Salário",{"$nulls":4},76.040000000000006,null,2446.4471619999999]
[null,"Encargos Sociais e Trabalhistas - Média Móvel - Sobre Periculosidade/Insalubridade",{"$nulls":4},76.040000000000006,null,0]
[null,"Total Encargos Sociais e Trabalhistas - Média Móvel",{"$nulls":4},76.040000000000006,null,2446.4471619999999]
[null,"Encargos Complementares",{"$nulls":4}," %",null,"R$"]
[null,"Alimentação",{"$nulls":4},27.4,null,881.67737499999998]
[null,"EPI",{"$nulls":4},0,null,0]
[null,"Ferramenta",{"$nulls":4},0,null,0]
[null,"Transporte",{"$nulls":4},0,null,0]
[null,"Consulta Ocupacional",{"$nulls":4},0.22,null,7.0538299999999996]
[null,"Total Encargos Complementares",{"$nulls":4},27.62,null,888.73120500000005]
[null,"Encargos Adicionais",{"$nulls":4}," %",null,"R$"]
[null,"Cesta Básica",{"$nulls":4},9.32,null,300]
[null,"Assistência Médica",{"$nulls":4},0,null,0]
[null,"Seguro de Vida",{"$nulls":4},0.16,null,4.99]
[null,"Desgaste Orgânico",{"$nulls":4},0,null,0]
[null,"Adicional de Confinamento",{"$nulls":4},0,null,0]
[null,"Total Encargos Adicionais",{"$nulls":4},9.48,null,304.99]
[null,"Encargos Totais",{"$nulls":4},113.143,null,3640.1683670000002]
[null,"Custo Total",{"$nulls":6},6857.4840000000004]
[null,"Código",null,"Descrição",null,null,"Unidade",null,"Salário \n(R$)"]
[null,"P9910",null,"Oficial de máquinas",null,null,"mês",null,3107.8886000000002]
[]
[null,"Encargos Sociais e Trabalhistas - julho/2025",{"$nulls":4}," %"]
[null,"Grupo A - Encargos Sociais"]
[null,"Previdência Social",{"$nulls":4},20]
[null,"FGTS",{"$nulls":4},8]
[null,"Salário Educação",{"$nulls":4},2.5]
[null,"SESC ou SESI",{"$nulls":4},1.5]
[null,"SENAI / SEBRAE",{"$nulls":4},1.6]
[null,"INCRA",{"$nulls":4},0.2]
[null,"Seguro Contra Risco e Acidente de Trabalho",{"$nulls":4},3]
[null,"SECONCI",{"$nulls":4},0.41481480999999998]
[null,"FAE - Financiamento de Aposentadoria Especial",{"$nulls":4},0]
[null,"Total Grupo A",{"$nulls":4},37.21481481]
[null,"Grupo B - Encargos Trabalhistas"]
[null,"Repouso Semanal Remunerado - Domingos",{"$nulls":4},0]
[null,"Feriados",{"$nulls":4},0]
[null,"Férias Gozadas + 1/3",{"$nulls":4},9.4005169500000001]
[null,"Auxílio Enfermidade",{"$nulls":4},0.90859864000000001]
[null,"Auxílio Acidente de Trabalho",{"$nulls":4},5.0925070000000003E-2]
[null,"Licença Paternidade",{"$nulls":4},7.5892909999999994E-2]
[null,"13° Salário",{"$nulls":4},9.23992638]
[null,"Faltas Justificadas",{"$nulls":4},0.74260674000000004]
[null,"Férias sobre Licença Maternidade",{"$nulls":4},2.3576219999999998E-2]
[null,"Reciclagem Tecnológica",{"$nulls":4},0]
[null,"Total Grupo B",{"$nulls":4},20.442042900000001]
[null,"Grupo C - Verbas Rescisórias"]
[null,"Aviso Prévio Indenizado",{"$nulls":4},2.4881319500000001]
[null,"Aviso Prévio Trabalhado",{"$nulls":4},5.385591E-2]
[null,"Férias Indenizadas + 1/3",{"$nulls":4},2.9193848899999999]
[null,"Depósito por Rescisão Sem Justa Causa",{"$nulls":4},3.8541453699999999]
[null,"Indenização Adicional",{"$nulls":4},0.92825842999999997]
[null,"Total Grupo C",{"$nulls":4},10.24377655]
[null,"Grupo D - Verbas Rescisórias"]
[null,"Reincidência de A sobre B",{"$nulls":4},7.6074684100000001]
[null,"Reincidência de A sobre Aviso Prévio Trabalhado + Reincidência de FGTS sobre Aviso Prévio Indenizado",{"$nulls":4},0.21909292999999999]
[null,"Total Grupo D",{"$nulls":4},7.8265613399999996]
[null,"Total Encargos Sociais e Trabalhistas - julho/2025",{"$nulls":4},75.73]
[null,"Periculosidade/Insalubridade",{"$nulls":4}," %",null,"R$"]
[null,"Total Periculosidade/Insalubridade",{"$nulls":4},0,null,0]
[null,"Encargos Sociais e Trabalhistas - Média Móvel",{"$nulls":4}," %",null,"R$"]
[null,"Encargos Sociais e Trabalhistas - Média Móvel - Sobre Salário",{"$nulls":4},75.66,null,2351.4285150000001]
[null,"Encargos Sociais e Trabalhistas - Média Móvel - Sobre Periculosidade/Insalubridade",{"$nulls":4},75.66,null,0]
[null,"Total Encargos Sociais e Trabalhistas - Média Móvel",{"$nulls":4},75.66,null,2351.4285150000001]
[null,"Encargos Complementares",{"$nulls":4}," %",null,"R$"]
[null,"Alimentação",{"$nulls":4},28.37,null,881.67737499999998]
[null,"EPI",{"$nulls":4},0,null,0]
[null,"Ferramenta",{"$nulls":4},0,null,0]
[null,"Transporte",{"$nulls":4},0,null,0]
[null,"Consulta Ocupacional",{"$nulls":4},0.24,null,7.3577620000000001]
[null,"Total Encargos Complementares",{"$nulls":4},28.61,null,889.03513699999996]
[null,"Encargos Adicionais",{"$nulls":4}," %",null,"R$"]
[null,"Cesta Básica",{"$nulls":4},9.65,null,300]
[null,"Assistência Médica",{"$nulls":4},0,null,0]
[null,"Seguro de Vida",{"$nulls":4},0.16,null,4.99]
[null,"Desgaste Orgânico",{"$nulls":4},0,null,0]
[null,"Adicional de Confinamento",{"$nulls":4},0,null,0]
[null,"Total Encargos Adicionais",{"$nulls":4},9.81,null,304.99]
[null,"Encargos Totais",{"$nulls":4},114.0792,null,3545.4536520000001]
[null,"Custo Total",{"$nulls":6},6653.3429999999998]
[null,"Código",null,"Descrição",null,null,"Unidade",null,"Salário \n(R$)"]
[null,"P9913",null,"Draguista",null,null,"mês",null,2985.8380000000002]
[]
[null,"Encargos Sociais e Trabalhistas - julho/2025",{"$nulls":4}," %"]
[null,"Grupo A - Encargos Sociais"]
[null,"Previdência Social",{"$nulls":4},20]
[null,"FGTS",{"$nulls":4},8]
[null,"Salário Educação",{"$nulls":4},2.5]
[null,"SESC ou SESI",{"$nulls":4},1.5]
[null,"SENAI / SEBRAE",{"$nulls":4},1.6]
[null,"INCRA",{"$nulls":4},0.2]
[null,"Seguro Contra Risco e Acidente de Trabalho",{"$nulls":4},3]
[null,"SECONCI",{"$nulls":4},0.41481480999999998]
[null,"FAE - Financiamento de Aposentadoria Especial",{"$nulls":4},0]
[null,"Total Grupo A",{"$nulls":4},37.21481481]
[null,"Grupo B - Encargos Trabalhistas"]
[null,"Repouso Semanal Remunerado - Domingos",{"$nulls":4},0]
[null,"Feriados",{"$nulls":4},0]
[null,"Férias Gozadas + 1/3",{"$nulls":4},9.7098279499999993]
[null,"Auxílio Enfermidade",{"$nulls":4},0.90814276999999999]
[null,"Auxílio Acidente de Trabalho",{"$nulls":4},5.0899519999999997E-2]
[null,"Licença Paternidade",{"$nulls":4},4.384917E-2]
[null,"13° Salário",{"$nulls":4},9.2352904700000007]
[null,"Faltas Justificadas",{"$nulls":4},0.74223415999999998]
[null,"Férias sobre Licença Maternidade",{"$nulls":4},5.4285599999999998E-3]
[null,"Reciclagem Tecnológica",{"$nulls":4},0]
[null,"Total Grupo B",{"$nulls":4},20.695672600000002]
[null,"Grupo C - Verbas Rescisórias"]
[null,"Aviso Prévio Indenizado",{"$nulls":4},2.2203584099999998]
[null,"Aviso Prévio Trabalhado",{"$nulls":4},4.8059919999999999E-2]
[null,"Férias Indenizadas + 1/3",{"$nulls":4},2.60389268]
[null,"Depósito por Rescisão Sem Justa Causa",{"$nulls":4},3.8622615200000001]
[null,"Indenização Adicional",{"$nulls":4},0.92779270000000003]
[null,"Total Grupo C",{"$nulls":4},9.6623652300000007]
[null,"Grupo D - Verbas Rescisórias"]
[null,"Reincidência de A sobre B",{"$nulls":4},7.7018562299999997]
[null,"Reincidência de A sobre Aviso Prévio Trabalhado + Reincidência de FGTS sobre Aviso Prévio Indenizado",{"$nulls":4},0.19551408000000001]
[null,"Total Grupo D",{"$nulls":4},7.8973703200000003]
[null,"Total Encargos Sociais e Trabalhistas - julho/2025",{"$nulls":4},75.47]
[null,"Periculosidade/Insalubridade",{"$nulls":4}," %",null,"R$"]
[null,"Total Periculosidade/Insalubridade",{"$nulls":4},0,null,0]
[null,"Encargos Sociais e Trabalhistas - Média Móvel",{"$nulls":4}," %",null,"R$"]
[null,"Encargos Sociais e Trabalhistas - Média Móvel - Sobre Salário",{"$nulls":4},75.569999999999993,null,2256.3977770000001]
[null,"Encargos Sociais e Trabalhistas - Média Móvel - Sobre Periculosidade/Insalubridade",{"$nulls":4},75.569999999999993,null,0]
[null,"Total Encargos Sociais e Trabalhistas - Média Móvel",{"$nulls":4},75.569999999999993,null,2256.3977770000001]
[null,"Encargos Complementares",{"$nulls":4}," %",null,"R$"]
[null,"Alimentação",{"$nulls":4},29.53,null,881.67737499999998]
[null,"EPI",{"$nulls":4},0,null,0]
[null,"Ferramenta",{"$nulls":4},0,null,0]
[null,"Transporte",{"$nulls":4},0,null,0]
[null,"Consulta Ocupacional",{"$nulls":4},0.22,null,6.5659169999999998]
[null,"Total Encargos Complementares",{"$nulls":4},29.75,null,888.243292]
[null,"Encargos Adicionais",{"$nulls":4}," %",null,"R$"]
[null,"Cesta Básica",{"$nulls":4},10.050000000000001,null,300]
[null,"Assistência Médica",{"$nulls":4},0,null,0]
[null,"Seguro de Vida",{"$nulls":4},0.17,null,4.99]
[null,"Desgaste Orgânico",{"$nulls":4},0,null,0]
[null,"Adicional de Confinamento",{"$nulls":4},0,null,0]
[null,"Total Encargos Adicionais",{"$nulls":4},10.220000000000001,null,304.99]
[null,"Encargos Totais",{"$nulls":4},115.5331,null,3449.631069]
[null,"Custo Total",{"$nulls":6},6435.4691999999995]
[null,"Código",null,"Descrição",null,null,"Unidade",null,"Salário \n(R$)"]
[null,"P9915",null,"Maquinista",null,null,"h",null,13.2278]
[]
[null,"Encargos Sociais e Trabalhistas - julho/2025",{"$nulls":4}," %"]
[null,"Grupo A - Encargos Sociais"]
[null,"Previdência Social",{"$nulls":4},20]
[null,"FGTS",{"$nulls":4},8]
[null,"Salário Educação",{"$nulls":4},2.5]
[null,"SESC ou SESI",{"$nulls":4},1.5]
[null,"SENAI / SEBRAE",{"$nulls":4},1.6]
[null,"INCRA",{"$nulls":4},0.2]
[null,"Seguro Contra Risco e Acidente de Trabalho",{"$nulls":4},3]
[null,"SECONCI",{"$nulls":4},0.41481480999999998]
[null,"FAE - Financiamento de Aposentadoria Especial",{"$nulls":4},0]
[null,"Total Grupo A",{"$nulls":4},37.21481481]
[null,"Grupo B - Encargos Trabalhistas"]
[null,"Repouso Semanal Remunerado - Domingos",{"$nulls":4},19.08587747]
[null,"Feriados",{"$nulls":4},5.2843988700000004]
[null,"Férias Gozadas + 1/3",{"$nulls":4},10.116561989999999]
[null,"Auxílio Enfermidade",{"$nulls":4},0.90841474]
[null,"Auxílio Acidente de Trabalho",{"$nulls":4},4.9075710000000002E-2]
[null,"Licença Paternidade",{"$nulls":4},8.1036440000000001E-2]
[null,"13° Salário",{"$nulls":4},9.2380518800000004]
[null,"Faltas Justificadas",{"$nulls":4},0.74245609000000001]
[null,"Férias sobre Licença Maternidade",{"$nulls":4},0]
[null,"Reciclagem Tecnológica",{"$nulls":4},0]
[null,"Total Grupo B",{"$nulls":4},45.505873190000003]
[null,"Grupo C - Verbas Rescisórias"]
[null,"Aviso Prévio Indenizado",{"$nulls":4},2.0101198899999999]
[null,"Aviso Prévio Trabalhado",{"$nulls":4},4.0608669999999999E-2]
[null,"Férias Indenizadas + 1/3",{"$nulls":4},2.2008405199999999]
[null,"Depósito por Rescisão Sem Justa Causa",{"$nulls":4},4.6561879399999997]
[null,"Indenização Adicional",{"$nulls":4},0.92807010999999995]
[null,"Total Grupo C",{"$nulls":4},9.8358271300000002]
[null,"Grupo D - Verbas Rescisórias"]
[null,"Reincidência de A sobre B",{"$nulls":4},16.934926440000002]
[null,"Reincidência de A sobre Aviso Prévio Trabalhado + Reincidência de FGTS sobre Aviso Prévio Indenizado",{"$nulls":4},0.17592203000000001]
[null,"Total Grupo D",{"$nulls":4},17.110848470000001]
[null,"Total Encargos Sociais e Trabalhistas - julho/2025",{"$nulls":4},109.67]
[null,"Periculosidade/Insalubridade",{"$nulls":4}," %",null,"R$"]
[null,"Total Periculosidade/Insalubridade",{"$nulls":4},0,null,0]
[null,"Encargos Sociais e Trabalhistas - Média Móvel",{"$nulls":4}," %",null,"R$"]
[null,"Encargos Sociais e Trabalhistas - Média Móvel - Sobre Salário",{"$nulls":4},109.65,null,14.504282999999999]
[null,"Encargos Sociais e Trabalhistas - Média Móvel - Sobre Periculosidade/Insalubridade",{"$nulls":4},109.65,null,0]
[null,"Total Encargos Sociais e Trabalhistas - Média Móvel",{"$nulls":4},109.65,null,14.504282999999999]
[null,"Encargos Complementares",{"$nulls":4}," %",null,"R$"]
[null,"Alimentação",{"$nulls":4},35.21,null,4.6571769999999999]
[null,"EPI",{"$nulls":4},1.99,null,0.26262099999999999]
[null,"Ferramenta",{"$nulls":4},0.08,null,1.039E-2]
[null,"Transporte",{"$nulls":4},7.41,null,0.98006300000000002]
[null,"Consulta Ocupacional",{"$nulls":4},0.23,null,3.0401000000000001E-2]
[null,"Total Encargos Complementares",{"$nulls":4},44.92,null,5.940652]
[null,"Encargos Adicionais",{"$nulls":4}," %",null,"R$"]
[null,"Cesta Básica",{"$nulls":4},0,null,0]
[null,"Assistência Médica",{"$nulls":4},0,null,0]
[null,"Seguro de Vida",{"$nulls":4},0.41,null,5.3592000000000001E-2]
[null,"Desgaste Orgânico",{"$nulls":4},0,null,0]
[null,"Adicional de Confinamento",{"$nulls":4},0,null,0]
[null,"Total Encargos Adicionais",{"$nulls":4},0.41,null,5.3592000000000001E-2]
[null,"Encargos Totais",{"$nulls":4},154.96549999999999,null,20.498526999999999]
[null,"Custo Total",{"$nulls":6},33.726300000000002]
[null,"Código",null,"Descrição",null,null,"Unidade",null,"Salário \n(R$)"]
[null,"P9916",null,"Encarregado de conservação rodoviária",null,null,"mês",null,4482.1585999999998]
[]
[null,"Encargos Sociais e Trabalhistas - julho/2025",{"$nulls":4}," %"]
[null,"Grupo A - Encargos Sociais"]
[null,"Previdência Social",{"$nulls":4},20]
[null,"FGTS",{"$nulls":4},8]
[null,"Salário Educação",{"$nulls":4},2.5]
[null,"SESC ou SESI",{"$nulls":4},1.5]
[null,"SENAI / SEBRAE",{"$nulls":4},1.6]
[null,"INCRA",{"$nulls":4},0.2]
[null,"Seguro Contra Risco e Acidente de Trabalho",{"$nulls":4},3]
[null,"SECONCI",{"$nulls":4},1]
[null,"FAE - Financiamento de Aposentadoria Especial",{"$nulls":4},0]
[null,"Total Grupo A",{"$nulls":4},37.799999999999997]
[null,"Grupo B - Encargos Trabalhistas"]
[null,"Repouso Semanal Remunerado - Domingos",{"$nulls":4},0]
[null,"Feriados",{"$nulls":4},0]
[null,"Férias Gozadas + 1/3",{"$nulls":4},7.5665260700000001]
[null,"Auxílio Enfermidade",{"$nulls":4},0.90124342999999996]
[null,"Auxílio Acidente de Trabalho",{"$nulls":4},4.9064719999999999E-2]
[null,"Licença Paternidade",{"$nulls":4},5.9152150000000001E-2]
[null,"13° Salário",{"$nulls":4},9.2359840799999997]
[null,"Faltas Justificadas",{"$nulls":4},0.74228989999999995]
[null,"Férias sobre Licença Maternidade",{"$nulls":4},6.4429999999999999E-3]
[null,"Reciclagem Tecnológica",{"$nulls":4},0]
[null,"Total Grupo B",{"$nulls":4},18.560703350000001]
[null,"Grupo C - Verbas Rescisórias"]
[null,"Aviso Prévio Indenizado",{"$nulls":4},3.47010189]
[null,"Aviso Prévio Trabalhado",{"$nulls":4},8.7629230000000002E-2]
[null,"Férias Indenizadas + 1/3",{"$nulls":4},4.7481193800000003]
[null,"Depósito por Rescisão Sem Justa Causa",{"$nulls":4},3.7939425099999999]
[null,"Indenização Adicional",{"$nulls":4},0.92786237999999999]
[null,"Total Grupo C",{"$nulls":4},13.027655380000001]
[null,"Grupo D - Verbas Rescisórias"]
[null,"Reincidência de A sobre B",{"$nulls":4},7.0159458700000004]
[null,"Reincidência de A sobre Aviso Prévio Trabalhado + Reincidência de FGTS sobre Aviso Prévio Indenizado",{"$nulls":4},0.31073200000000001]
[null,"Total Grupo D",{"$nulls":4},7.3266778700000001]
[null,"Total Encargos Sociais e Trabalhistas - julho/2025",{"$nulls":4},76.72]
[null,"Periculosidade/Insalubridade",{"$nulls":4}," %",null,"R$"]
[null,"Total Periculosidade/Insalubridade",{"$nulls":4},0,null,0]
[null,"Encargos Sociais e Trabalhistas - Média Móvel",{"$nulls":4}," %",null,"R$"]
[null,"Encargos Sociais e Trabalhistas - Média Móvel - Sobre Salário",{"$nulls":4},76.81,null,3442.7460209999999]
[null,"Encargos Sociais e Trabalhistas - Média Móvel - Sobre Periculosidade/Insalubridade",{"$nulls":4},76.81,null,0]
[null,"Total Encargos Sociais e Trabalhistas - Média Móvel",{"$nulls":4},76.81,null,3442.7460209999999]
[null,"Encargos Complementares",{"$nulls":4}," %",null,"R$"]
[null,"Alimentação",{"$nulls":4},18.96,null,849.88823000000002]
[null,"EPI",{"$nulls":4},1.42,null,63.473173000000003]
[null,"Ferramenta",{"$nulls":4},0,null,0]
[null,"Transporte",{"$nulls":4},3.99,null,178.85172600000001]
[null,"Consulta Ocupacional",{"$nulls":4},0.2,null,8.9788890000000006]
[null,"Total Encargos Complementares",{"$nulls":4},24.57,null,1101.192018]
[null,"Encargos Adicionais",{"$nulls":4}," %",null,"R$"]
[null,"Cesta Básica",{"$nulls":4},0,null,0]
[null,"Assistência Médica",{"$nulls":4},0,null,0]
[null,"Seguro de Vida",{"$nulls":4},0.22,null,9.7799999999999994]
[null,"Desgaste Orgânico",{"$nulls":4},0,null,0]
[null,"Adicional de Confinamento",{"$nulls":4},0,null,0]
[null,"Total Encargos Adicionais",{"$nulls":4},0.22,null,9.7799999999999994]
[null,"Encargos Totais",{"$nulls":4},101.59650000000001,null,4553.7180390000003]
[null,"Custo Total",{"$nulls":6},9035.8747999999996]
[null,"Código",null,"Descrição",null,null,"Unidade",null,"Salário \n(R$)"]
[null,"P9920",null,"Mestre fluvial",null,null,"mês",null,4089.1972999999998]
[]
[null,"Encargos Sociais e Trabalhistas - julho/2025",{"$nulls":4}," %"]
[null,"Grupo A - Encargos Sociais"]
[null,"Previdência Social",{"$nulls":4},20]
[null,"FGTS",{"$nulls":4},8]
[null,"Salário Educação",{"$nulls":4},2.5]
[null,"SESC ou SESI",{"$nulls":4},1.5]
[null,"SENAI / SEBRAE",{"$nulls":4},1.6]
[null,"INCRA",{"$nulls":4},0.2]
[null,"Seguro Contra Risco e Acidente de Trabalho",{"$nulls":4},3]
[null,"SECONCI",{"$nulls":4},0.41481480999999998]
[null,"FAE - Financiamento de Aposentadoria Especial",{"$nulls":4},0]
[null,"Total Grupo A",{"$nulls":4},37.21481481]
[null,"Grupo B - Encargos Trabalhistas"]
[null,"Repouso Semanal Remunerado - Domingos",{"$nulls":4},0]
[null,"Feriados",{"$nulls":4},0]
[null,"Férias Gozadas + 1/3",{"$nulls":4},9.7098279499999993]
[null,"Auxílio Enfermidade",{"$nulls":4},0.90814276999999999]
[null,"Auxílio Acidente de Trabalho",{"$nulls":4},5.0899519999999997E-2]
[null,"Licença Paternidade",{"$nulls":4},4.384917E-2]
[null,"13° Salário",{"$nulls":4},9.2352904700000007]
[null,"Faltas Justificadas",{"$nulls":4},0.74223415999999998]
[null,"Férias sobre Licença Maternidade",{"$nulls":4},5.4285599999999998E-3]
[null,"Reciclagem Tecnológica",{"$nulls":4},0]
[null,"Total Grupo B",{"$nulls":4},20.695672600000002]
[null,"Grupo C - Verbas Rescisórias"]
[null,"Aviso Prévio Indenizado",{"$nulls":4},2.2203584099999998]
[null,"Aviso Prévio Trabalhado",{"$nulls":4},4.8059919999999999E-2]
[null,"Férias Indenizadas + 1/3",{"$nulls":4},2.60389268]
[null,"Depósito por Rescisão Sem Justa Causa",{"$nulls":4},3.8622615200000001]
[null,"Indenização Adicional",{"$nulls":4},0.92779270000000003]
[null,"Total Grupo C",{"$nulls":4},9.6623652300000007]
[null,"Grupo D - Verbas Rescisórias"]
[null,"Reincidência de A sobre B",{"$nulls":4},7.7018562299999997]
[null,"Reincidência de A sobre Aviso Prévio Trabalhado + Reincidência de FGTS sobre Aviso Prévio Indenizado",{"$nulls":4},0.19551408000000001]
[null,"Total Grupo D",{"$nulls":4},7.8973703200000003]
[null,"Total Encargos Sociais e Trabalhistas - julho/2025",{"$nulls":4},75.47]
[null,"Periculosidade/Insalubridade",{"$nulls":4}," %",null,"R$"]
[null,"Total Periculosidade/Insalubridade",{"$nulls":4},0,null,0]
[null,"Encargos Sociais e Trabalhistas - Média Móvel",{"$nulls":4}," %",null,"R$"]
[null,"Encargos Sociais e Trabalhistas - Média Móvel - Sobre Salário",{"$nulls":4},75.569999999999993,null,3090.2064]
[null,"Encargos Sociais e Trabalhistas - Média Móvel - Sobre Periculosidade/Insalubridade",{"$nulls":4},75.569999999999993,null,0]
[null,"Total Encargos Sociais e Trabalhistas - Média Móvel",{"$nulls":4},75.569999999999993,null,3090.2064]
[null,"Encargos Complementares",{"$nulls":4}," %",null,"R$"]
[null,"Alimentação",{"$nulls":4},21.56,null,881.67737499999998]
[null,"EPI",{"$nulls":4},0,null,0]
[null,"Ferramenta",{"$nulls":4},0,null,0]
[null,"Transporte",{"$nulls":4},0,null,0]
[null,"Consulta Ocupacional",{"$nulls":4},0.16,null,6.5659169999999998]
[null,"Total Encargos Complementares",{"$nulls":4},21.72,null,888.243292]
[null,"Encargos Adicionais",{"$nulls":4}," %",null,"R$"]
[null,"Cesta Básica",{"$nulls":4},7.34,null,300]
[null,"Assistência Médica",{"$nulls":4},0,null,0]
[null,"Seguro de Vida",{"$nulls":4},0.12,null,4.99]
[null,"Desgaste Orgânico",{"$nulls":4},0,null,0]
[null,"Adicional de Confinamento",{"$nulls":4},0,null,0]
[null,"Total Encargos Adicionais",{"$nulls":4},7.46,null,304.99]
[null,"Encargos Totais",{"$nulls":4},104.7501,null,4283.4396919999999]
[null,"Custo Total",{"$nulls":6},8372.6355000000003]
[null,"Código",null,"Descrição",null,null,"Unidade",null,"Salário \n(R$)"]
[null,"P9921",null,"Mergulhador raso autônomo de emergência",null,null,"h",null,11.440799999999999]
[]
[null,"Encargos Sociais e Trabalhistas - julho/2025",{"$nulls":4}," %"]
[null,"Grupo A - Encargos Sociais"]
[null,"Previdência Social",{"$nulls":4},20]
[null,"FGTS",{"$nulls":4},8]
[null,"Salário Educação",{"$nulls":4},2.5]
[null,"SESC ou SESI",{"$nulls":4},1.5]
[null,"SENAI / SEBRAE",{"$nulls":4},1.6]
[null,"INCRA",{"$nulls":4},0.2]
[null,"Seguro Contra Risco e Acidente de Trabalho",{"$nulls":4},3]
[null,"SECONCI",{"$nulls":4},0.41481480999999998]
[null,"FAE - Financiamento de Aposentadoria Especial",{"$nulls":4},12]
[null,"Total Grupo A",{"$nulls":4},49.21481481]
[null,"Grupo B - Encargos Trabalhistas"]
[null,"Repouso Semanal Remunerado - Domingos",{"$nulls":4},18.833145170000002]
[null,"Feriados",{"$nulls":4},5.2133699299999998]
[null,"Férias Gozadas + 1/3",{"$nulls":4},8.1285173700000009]
[null,"Auxílio Enfermidade",{"$nulls":4},0.90862142000000001]
[null,"Auxílio Acidente de Trabalho",{"$nulls":4},5.0926350000000002E-2]
[null,"Licença Paternidade",{"$nulls":4},9.7213830000000001E-2]
[null,"13° Salário",{"$nulls":4},9.2401580800000005]
[null,"Faltas Justificadas",{"$nulls":4},0.74262536000000001]
[null,"Férias sobre Licença Maternidade",{"$nulls":4},4.7918500000000003E-3]
[null,"Reciclagem Tecnológica",{"$nulls":4},0]
[null,"Total Grupo B",{"$nulls":4},43.219369350000001]
[null,"Grupo C - Verbas Rescisórias"]
[null,"Aviso Prévio Indenizado",{"$nulls":4},3.0620612999999999]
[null,"Aviso Prévio Trabalhado",{"$nulls":4},7.7325130000000006E-2]
[null,"Férias Indenizadas + 1/3",{"$nulls":4},4.1916934000000001]
[null,"Depósito por Rescisão Sem Justa Causa",{"$nulls":4},4.5830198199999996]
[null,"Indenização Adicional",{"$nulls":4},0.92828169999999999]
[null,"Total Grupo C",{"$nulls":4},12.842381359999999]
[null,"Grupo D - Verbas Rescisórias"]
[null,"Reincidência de A sobre B",{"$nulls":4},21.270332589999999]
[null,"Reincidência de A sobre Aviso Prévio Trabalhado + Reincidência de FGTS sobre Aviso Prévio Indenizado",{"$nulls":4},0.28302031999999999]
[null,"Total Grupo D",{"$nulls":4},21.553352910000001]
[null,"Total Encargos Sociais e Trabalhistas - julho/2025",{"$nulls":4},126.83]
[null,"Periculosidade/Insalubridade",{"$nulls":4}," %",null,"R$"]
[null,"Total Periculosidade/Insalubridade",{"$nulls":4},24.12,null,2.76]
[null,"Encargos Sociais e Trabalhistas - Média Móvel",{"$nulls":4}," %",null,"R$"]
[null,"Encargos Sociais e Trabalhistas - Média Móvel - Sobre Salário",{"$nulls":4},126.85,null,14.512655000000001]
[null,"Encargos Sociais e Trabalhistas - Média Móvel - Sobre Periculosidade/Insalubridade",{"$nulls":4},126.85,null,3.5010599999999998]
[null,"Total Encargos Sociais e Trabalhistas - Média Móvel",{"$nulls":4},126.85,null,18.013715000000001]
[null,"Encargos Complementares",{"$nulls":4}," %",null,"R$"]
[null,"Alimentação",{"$nulls":4},42.23,null,4.8313740000000003]
[null,"EPI",{"$nulls":4},7.48,null,0.85520499999999999]
[null,"Ferramenta",{"$nulls":4},0,null,0]
[null,"Transporte",{"$nulls":4},0,null,0]
[null,"Consulta Ocupacional",{"$nulls":4},0.38,null,4.3416999999999997E-2]
[null,"Total Encargos Complementares",{"$nulls":4},50.09,null,5.7299959999999999]
[null,"Encargos Adicionais",{"$nulls":4}," %",null,"R$"]
[null,"Cesta Básica",{"$nulls":4},0,null,0]
[null,"Assistência Médica",{"$nulls":4},0,null,0]
[null,"Seguro de Vida",{"$nulls":4},0.48,null,5.4688000000000001E-2]
[null,"Desgaste Orgânico",{"$nulls":4},22.2,null,2.5401929999999999]
[null,"Adicional de Confinamento",{"$nulls":4},0,null,0]
[null,"Total Encargos Adicionais",{"$nulls":4},22.68,null,2.594881]
[null,"Encargos Totais",{"$nulls":4},230.21629999999999,null,26.338591999999998]
[null,"Custo Total",{"$nulls":6},40.538899999999998]
[null,"Código",null,"Descrição",null,null,"Unidade",null,"Salário \n(R$)"]
[null,"P9922",null,"Mergulhador raso dependente de emergência",null,null,"h",null,11.564299999999999]
[]
[null,"Encargos Sociais e Trabalhistas - julho/2025",{"$nulls":4}," %"]
[null,"Grupo A - Encargos Sociais"]
[null,"Previdência Social",{"$nulls":4},20]
[null,"FGTS",{"$nulls":4},8]
[null,"Salário Educação",{"$nulls":4},2.5]
[null,"SESC ou SESI",{"$nulls":4},1.5]
[null,"SENAI / SEBRAE",{"$nulls":4},1.6]
[null,"INCRA",{"$nulls":4},0.2]
[null,"Seguro Contra Risco e Acidente de Trabalho",{"$nulls":4},3]
[null,"SECONCI",{"$nulls":4},0.41481480999999998]
[null,"FAE - Financiamento de Aposentadoria Especial",{"$nulls":4},0]
[null,"Total Grupo A",{"$nulls":4},37.21481481]
[null,"Grupo B - Encargos Trabalhistas"]
[null,"Repouso Semanal Remunerado - Domingos",{"$nulls":4},18.833145170000002]
[null,"Feriados",{"$nulls":4},5.2133699299999998]
[null,"Férias Gozadas + 1/3",{"$nulls":4},8.1285173700000009]
[null,"Auxílio Enfermidade",{"$nulls":4},0.90862142000000001]
[null,"Auxílio Acidente de Trabalho",{"$nulls":4},5.0926350000000002E-2]
[null,"Licença Paternidade",{"$nulls":4},9.7213830000000001E-2]
[null,"13° Salário",{"$nulls":4},9.2401580800000005]
[null,"Faltas Justificadas",{"$nulls":4},0.74262536000000001]
[null,"Férias sobre Licença Maternidade",{"$nulls":4},4.7918500000000003E-3]
[null,"Reciclagem Tecnológica",{"$nulls":4},0]
[null,"Total Grupo B",{"$nulls":4},43.219369350000001]
[null,"Grupo C - Verbas Rescisórias"]
[null,"Aviso Prévio Indenizado",{"$nulls":4},3.0620612999999999]
[null,"Aviso Prévio Trabalhado",{"$nulls":4},7.7325130000000006E-2]
[null,"Férias Indenizadas + 1/3",{"$nulls":4},4.1916934000000001]
[null,"Depósito por Rescisão Sem Justa Causa",{"$nulls":4},4.5830198199999996]
[null,"Indenização Adicional",{"$nulls":4},0.92828169999999999]
[null,"Total Grupo C",{"$nulls":4},12.842381359999999]
[null,"Grupo D - Verbas Rescisórias"]
[null,"Reincidência de A sobre B",{"$nulls":4},16.084008270000002]
[null,"Reincidência de A sobre Aviso Prévio Trabalhado + Reincidência de FGTS sobre Aviso Prévio Indenizado",{"$nulls":4},0.27374131000000002]
[null,"Total Grupo D",{"$nulls":4},16.35774958]
[null,"Total Encargos Sociais e Trabalhistas - julho/2025",{"$nulls":4},109.63]
[null,"Periculosidade/Insalubridade",{"$nulls":4}," %",null,"R$"]
[null,"Total Periculosidade/Insalubridade",{"$nulls":4},30,null,3.4693000000000001]
[null,"Encargos Sociais e Trabalhistas - Média Móvel",{"$nulls":4}," %",null,"R$"]
[null,"Encargos Sociais e Trabalhistas - Média Móvel - Sobre Salário",{"$nulls":4},109.73,null,12.689506]
[null,"Encargos Sociais e Trabalhistas - Média Móvel - Sobre Periculosidade/Insalubridade",{"$nulls":4},109.73,null,3.8068629999999999]
[null,"Total Encargos Sociais e Trabalhistas - Média Móvel",{"$nulls":4},109.73,null,16.496369000000001]
[null,"Encargos Complementares",{"$nulls":4}," %",null,"R$"]
[null,"Alimentação",{"$nulls":4},41.78,null,4.8313740000000003]
[null,"EPI",{"$nulls":4},14.15,null,1.635896]
[null,"Ferramenta",{"$nulls":4},0,null,0]
[null,"Transporte",{"$nulls":4},0,null,0]
[null,"Consulta Ocupacional",{"$nulls":4},0.38,null,4.3416999999999997E-2]
[null,"Total Encargos Complementares",{"$nulls":4},56.31,null,6.5106869999999999]
[null,"Encargos Adicionais",{"$nulls":4}," %",null,"R$"]
[null,"Cesta Básica",{"$nulls":4},0,null,0]
[null,"Assistência Médica",{"$nulls":4},0,null,0]
[null,"Seguro de Vida",{"$nulls":4},0.47,null,5.4688000000000001E-2]
[null,"Desgaste Orgânico",{"$nulls":4},21.97,null,2.5401929999999999]
[null,"Adicional de Confinamento",{"$nulls":4},15,null,1.73465]
[null,"Total Encargos Adicionais",{"$nulls":4},37.44,null,4.3295310000000002]
[null,"Encargos Totais",{"$nulls":4},236.3877,null,27.336587000000002]
[null,"Custo Total",{"$nulls":6},42.370100000000001]
[null,"Código",null,"Descrição",null,null,"Unidade",null,"Salário \n(R$)"]
[null,"P9924",null,"Mergulhador raso dependente",null,null,"h",null,11.564299999999999]
[]
[null,"Encargos Sociais e Trabalhistas - julho/2025",{"$nulls":4}," %"]
[null,"Grupo A - Encargos Sociais"]
[null,"Previdência Social",{"$nulls":4},20]
[null,"FGTS",{"$nulls":4},8]
[null,"Salário Educação",{"$nulls":4},2.5]
[null,"SESC ou SESI",{"$nulls":4},1.5]
[null,"SENAI / SEBRAE",{"$nulls":4},1.6]
[null,"INCRA",{"$nulls":4},0.2]
[null,"Seguro Contra Risco e Acidente de Trabalho",{"$nulls":4},3]
[null,"SECONCI",{"$nulls":4},0.41481480999999998]
[null,"FAE - Financiamento de Aposentadoria Especial",{"$nulls":4},0]
[null,"Total Grupo A",{"$nulls":4},37.21481481]
[null,"Grupo B - Encargos Trabalhistas"]
[null,"Repouso Semanal Remunerado - Domingos",{"$nulls":4},18.833145170000002]
[null,"Feriados",{"$nulls":4},5.2133699299999998]
[null,"Férias Gozadas + 1/3",{"$nulls":4},8.1285173700000009]
[null,"Auxílio Enfermidade",{"$nulls":4},0.90862142000000001]
[null,"Auxílio Acidente de Trabalho",{"$nulls":4},5.0926350000000002E-2]
[null,"Licença Paternidade",{"$nulls":4},9.7213830000000001E-2]
[null,"13° Salário",{"$nulls":4},9.2401580800000005]
[null,"Faltas Justificadas",{"$nulls":4},0.74262536000000001]
[null,"Férias sobre Licença Maternidade",{"$nulls":4},4.7918500000000003E-3]
[null,"Reciclagem Tecnológica",{"$nulls":4},0]
[null,"Total Grupo B",{"$nulls":4},43.219369350000001]
[null,"Grupo C - Verbas Rescisórias"]
[null,"Aviso Prévio Indenizado",{"$nulls":4},3.0620612999999999]
[null,"Aviso Prévio Trabalhado",{"$nulls":4},7.7325130000000006E-2]
[null,"Férias Indenizadas + 1/3",{"$nulls":4},4.1916934000000001]
[null,"Depósito por Rescisão Sem Justa Causa",{"$nulls":4},4.5830198199999996]
[null,"Indenização Adicional",{"$nulls":4},0.92828169999999999]
[null,"Total Grupo C",{"$nulls":4},12.842381359999999]
[null,"Grupo D - Verbas Rescisórias"]
[null,"Reincidência de A sobre B",{"$nulls":4},16.084008270000002]
[null,"Reincidência de A sobre Aviso Prévio Trabalhado + Reincidência de FGTS sobre Aviso Prévio Indenizado",{"$nulls":4},0.27374131000000002]
[null,"Total Grupo D",{"$nulls":4},16.35774958]
[null,"Total Encargos Sociais e Trabalhistas - julho/2025",{"$nulls":4},109.63]
[null,"Periculosidade/Insalubridade",{"$nulls":4}," %",null,"R$"]
[null,"Total Periculosidade/Insalubridade",{"$nulls":4},30,null,3.4693000000000001]
[null,"Encargos Sociais e Trabalhistas - Média Móvel",{"$nulls":4}," %",null,"R$"]
[null,"Encargos Sociais e Trabalhistas - Média Móvel - Sobre Salário",{"$nulls":4},109.73,null,12.689506]
[null,"Encargos Sociais e Trabalhistas - Média Móvel - Sobre Periculosidade/Insalubridade",{"$nulls":4},109.73,null,3.8068629999999999]
[null,"Total Encargos Sociais e Trabalhistas - Média Móvel",{"$nulls":4},109.73,null,16.496369000000001]
[null,"Encargos Complementares",{"$nulls":4}," %",null,"R$"]
[null,"Alimentação",{"$nulls":4},41.78,null,4.8313740000000003]
[null,"EPI",{"$nulls":4},62.41,null,7.2176960000000001]
[null,"Ferramenta",{"$nulls":4},0,null,0]
[null,"Transporte",{"$nulls":4},0,null,0]
[null,"Consulta Ocupacional",{"$nulls":4},0.38,null,4.3416999999999997E-2]
[null,"Total Encargos Complementares",{"$nulls":4},104.57,null,12.092487]
[null,"Encargos Adicionais",{"$nulls":4}," %",null,"R$"]
[null,"Cesta Básica",{"$nulls":4},0,null,0]
[null,"Assistência Médica",{"$nulls":4},0,null,0]
[null,"Seguro de Vida",{"$nulls":4},0.47,null,5.4688000000000001E-2]
[null,"Desgaste Orgânico",{"$nulls":4},109.83,null,12.700967]
[null,"Adicional de Confinamento",{"$nulls":4},15,null,1.73465]
[null,"Total Encargos Adicionais",{"$nulls":4},125.3,null,14.490304999999999]
[null,"Encargos Totais",{"$nulls":4},372.51850000000002,null,43.079160999999999]
[null,"Custo Total",{"$nulls":6},58.112699999999997]
[null,"Código",null,"Descrição",null,null,"Unidade",null,"Salário \n(R$)"]
[null,"P9925",null,"Mergulhador raso autônomo",null,null,"h",null,11.440799999999999]
[]
[null,"Encargos Sociais e Trabalhistas - julho/2025",{"$nulls":4}," %"]
[null,"Grupo A - Encargos Sociais"]
[null,"Previdência Social",{"$nulls":4},20]
[null,"FGTS",{"$nulls":4},8]
[null,"Salário Educação",{"$nulls":4},2.5]
[null,"SESC ou SESI",{"$nulls":4},1.5]
[null,"SENAI / SEBRAE",{"$nulls":4},1.6]
[null,"INCRA",{"$nulls":4},0.2]
[null,"Seguro Contra Risco e Acidente de Trabalho",{"$nulls":4},3]
[null,"SECONCI",{"$nulls":4},0.41481480999999998]
[null,"FAE - Financiamento de Aposentadoria Especial",{"$nulls":4},12]
[null,"Total Grupo A",{"$nulls":4},49.21481481]
[null,"Grupo B - Encargos Trabalhistas"]
[null,"Repouso Semanal Remunerado - Domingos",{"$nulls":4},18.833145170000002]
[null,"Feriados",{"$nulls":4},5.2133699299999998]
[null,"Férias Gozadas + 1/3",{"$nulls":4},8.1285173700000009]
[null,"Auxílio Enfermidade",{"$nulls":4},0.90862142000000001]
[null,"Auxílio Acidente de Trabalho",{"$nulls":4},5.0926350000000002E-2]
[null,"Licença Paternidade",{"$nulls":4},9.7213830000000001E-2]
[null,"13° Salário",{"$nulls":4},9.2401580800000005]
[null,"Faltas Justificadas",{"$nulls":4},0.74262536000000001]
[null,"Férias sobre Licença Maternidade",{"$nulls":4},4.7918500000000003E-3]
[null,"Reciclagem Tecnológica",{"$nulls":4},0]
[null,"Total Grupo B",{"$nulls":4},43.219369350000001]
[null,"Grupo C - Verbas Rescisórias"]
[null,"Aviso Prévio Indenizado",{"$nulls":4},3.0620612999999999]
[null,"Aviso Prévio Trabalhado",{"$nulls":4},7.7325130000000006E-2]
[null,"Férias Indenizadas + 1/3",{"$nulls":4},4.1916934000000001]
[null,"Depósito por Rescisão Sem Justa Causa",{"$nulls":4},4.5830198199999996]
[null,"Indenização Adicional",{"$nulls":4},0.92828169999999999]
[null,"Total Grupo C",{"$nulls":4},12.842381359999999]
[null,"Grupo D - Verbas Rescisórias"]
[null,"Reincidência de A sobre B",{"$nulls":4},21.270332589999999]
[null,"Reincidência de A sobre Aviso Prévio Trabalhado + Reincidência de FGTS sobre Aviso Prévio Indenizado",{"$nulls":4},0.28302031999999999]
[null,"Total Grupo D",{"$nulls":4},21.553352910000001]
[null,"Total Encargos Sociais e Trabalhistas - julho/2025",{"$nulls":4},126.83]
[null,"Periculosidade/Insalubridade",{"$nulls":4}," %",null,"R$"]
[null,"Total Periculosidade/Insalubridade",{"$nulls":4},24.12,null,2.76]
[null,"Encargos Sociais e Trabalhistas - Média Móvel",{"$nulls":4}," %",null,"R$"]
[null,"Encargos Sociais e Trabalhistas - Média Móvel - Sobre Salário",{"$nulls":4},126.85,null,14.512655000000001]
[null,"Encargos Sociais e Trabalhistas - Média Móvel - Sobre Periculosidade/Insalubridade",{"$nulls":4},126.85,null,3.5010599999999998]
[null,"Total Encargos Sociais e Trabalhistas - Média Móvel",{"$nulls":4},126.85,null,18.013715000000001]
[null,"Encargos Complementares",{"$nulls":4}," %",null,"R$"]
[null,"Alimentação",{"$nulls":4},42.23,null,4.8313740000000003]
[null,"EPI",{"$nulls":4},37.380000000000003,null,4.2760210000000001]
[null,"Ferramenta",{"$nulls":4},0,null,0]
[null,"Transporte",{"$nulls":4},0,null,0]
[null,"Consulta Ocupacional",{"$nulls":4},0.38,null,4.3416999999999997E-2]
[null,"Total Encargos Complementares",{"$nulls":4},79.989999999999995,null,9.1508120000000002]
[null,"Encargos Adicionais",{"$nulls":4}," %",null,"R$"]
[null,"Cesta Básica",{"$nulls":4},0,null,0]
[null,"Assistência Médica",{"$nulls":4},0,null,0]
[null,"Seguro de Vida",{"$nulls":4},0.48,null,5.4688000000000001E-2]
[null,"Desgaste Orgânico",{"$nulls":4},111.02,null,12.700967]
[null,"Adicional de Confinamento",{"$nulls":4},0,null,0]
[null,"Total Encargos Adicionais",{"$nulls":4},111.5,null,12.755655000000001]
[null,"Encargos Totais",{"$nulls":4},348.9282,null,39.920181999999997]
[null,"Custo Total",{"$nulls":6},54.120399999999997]
[null,"Código",null,"Descrição",null,null,"Unidade",null,"Salário \n(R$)"]
[null,"P9926",null,"Mergulhador raso auxiliar de superfície",null,null,"h",null,11.440799999999999]
[]
[null,"Encargos Sociais e Trabalhistas - julho/2025",{"$nulls":4}," %"]
[null,"Grupo A - Encargos Sociais"]
[null,"Previdência Social",{"$nulls":4},20]
[null,"FGTS",{"$nulls":4},8]
[null,"Salário Educação",{"$nulls":4},2.5]
[null,"SESC ou SESI",{"$nulls":4},1.5]
[null,"SENAI / SEBRAE",{"$nulls":4},1.6]
[null,"INCRA",{"$nulls":4},0.2]
[null,"Seguro Contra Risco e Acidente de Trabalho",{"$nulls":4},3]
[null,"SECONCI",{"$nulls":4},0.41481480999999998]
[null,"FAE - Financiamento de Aposentadoria Especial",{"$nulls":4},12]
[null,"Total Grupo A",{"$nulls":4},49.21481481]
[null,"Grupo B - Encargos Trabalhistas"]
[null,"Repouso Semanal Remunerado - Domingos",{"$nulls":4},18.833145170000002]
[null,"Feriados",{"$nulls":4},5.2133699299999998]
[null,"Férias Gozadas + 1/3",{"$nulls":4},8.1285173700000009]
[null,"Auxílio Enfermidade",{"$nulls":4},0.90862142000000001]
[null,"Auxílio Acidente de Trabalho",{"$nulls":4},5.0926350000000002E-2]
[null,"Licença Paternidade",{"$nulls":4},9.7213830000000001E-2]
[null,"13° Salário",{"$nulls":4},9.2401580800000005]
[null,"Faltas Justificadas",{"$nulls":4},0.74262536000000001]
[null,"Férias sobre Licença Maternidade",{"$nulls":4},4.7918500000000003E-3]
[null,"Reciclagem Tecnológica",{"$nulls":4},0]
[null,"Total Grupo B",{"$nulls":4},43.219369350000001]
[null,"Grupo C - Verbas Rescisórias"]
[null,"Aviso Prévio Indenizado",{"$nulls":4},3.0620612999999999]
[null,"Aviso Prévio Trabalhado",{"$nulls":4},7.7325130000000006E-2]
[null,"Férias Indenizadas + 1/3",{"$nulls":4},4.1916934000000001]
[null,"Depósito por Rescisão Sem Justa Causa",{"$nulls":4},4.5830198199999996]
[null,"Indenização Adicional",{"$nulls":4},0.92828169999999999]
[null,"Total Grupo C",{"$nulls":4},12.842381359999999]
[null,"Grupo D - Verbas Rescisórias"]
[null,"Reincidência de A sobre B",{"$nulls":4},21.270332589999999]
[null,"Reincidência de A sobre Aviso Prévio Trabalhado + Reincidência de FGTS sobre Aviso Prévio Indenizado",{"$nulls":4},0.28302031999999999]
[null,"Total Grupo D",{"$nulls":4},21.553352910000001]
[null,"Total Encargos Sociais e Trabalhistas - julho/2025",{"$nulls":4},126.83]
[null,"Periculosidade/Insalubridade",{"$nulls":4}," %",null,"R$"]
[null,"Total Periculosidade/Insalubridade",{"$nulls":4},24.12,null,2.76]
[null,"Encargos Sociais e Trabalhistas - Média Móvel",{"$nulls":4}," %",null,"R$"]
[null,"Encargos Sociais e Trabalhistas - Média Móvel - Sobre Salário",{"$nulls":4},126.85,null,14.512655000000001]
[null,"Encargos Sociais e Trabalhistas - Média Móvel - Sobre Periculosidade/Insalubridade",{"$nulls":4},126.85,null,3.5010599999999998]
[null,"Total Encargos Sociais e Trabalhistas - Média Móvel",{"$nulls":4},126.85,null,18.013715000000001]
[null,"Encargos Complementares",{"$nulls":4}," %",null,"R$"]
[null,"Alimentação",{"$nulls":4},42.23,null,4.8313740000000003]
[null,"EPI",{"$nulls":4},3.3,null,0.37702200000000002]
[null,"Ferramenta",{"$nulls":4},0,null,0]
[null,"Transporte",{"$nulls":4},0,null,0]
[null,"Consulta Ocupacional",{"$nulls":4},0.38,null,4.3416999999999997E-2]
[null,"Total Encargos Complementares",{"$nulls":4},45.91,null,5.2518130000000003]
[null,"Encargos Adicionais",{"$nulls":4}," %",null,"R$"]
[null,"Cesta Básica",{"$nulls":4},0,null,0]
[null,"Assistência Médica",{"$nulls":4},0,null,0]
[null,"Seguro de Vida",{"$nulls":4},0.48,null,5.4688000000000001E-2]
[null,"Desgaste Orgânico",{"$nulls":4},0,null,0]
[null,"Adicional de Confinamento",{"$nulls":4},0,null,0]
[null,"Total Encargos Adicionais",{"$nulls":4},0.48,null,5.4688000000000001E-2]
[null,"Encargos Totais",{"$nulls":4},203.8338,null,23.320215999999999]
[null,"Custo Total",{"$nulls":6},37.520499999999998]
[null,"Código",null,"Descrição",null,null,"Unidade",null,"Salário \n(R$)"]
[null,"P9927",null,"Frentista de túnel com periculosidade",null,null,"h",null,7.76]
[]
[null,"Encargos Sociais e Trabalhistas - julho/2025",{"$nulls":4}," %"]
[null,"Grupo A - Encargos Sociais"]
[null,"Previdência Social",{"$nulls":4},20]
[null,"FGTS",{"$nulls":4},8]
[null,"Salário Educação",{"$nulls":4},2.5]
[null,"SESC ou SESI",{"$nulls":4},1.5]
[null,"SENAI / SEBRAE",{"$nulls":4},1.6]
[null,"INCRA",{"$nulls":4},0.2]
[null,"Seguro Contra Risco e Acidente de Trabalho",{"$nulls":4},3]
[null,"SECONCI",{"$nulls":4},1]
[null,"FAE - Financiamento de Aposentadoria Especial",{"$nulls":4},0]
[null,"Total Grupo A",{"$nulls":4},37.799999999999997]
[null,"Grupo B - Encargos Trabalhistas"]
[null,"Repouso Semanal Remunerado - Domingos",{"$nulls":4},18.297952559999999]
[null,"Feriados",{"$nulls":4},5.0630060300000004]
[null,"Férias Gozadas + 1/3",{"$nulls":4},4.0045625400000002]
[null,"Auxílio Enfermidade",{"$nulls":4},0.90152284999999999]
[null,"Auxílio Acidente de Trabalho",{"$nulls":4},4.9079940000000002E-2]
[null,"Licença Paternidade",{"$nulls":4},8.1467709999999999E-2]
[null,"13° Salário",{"$nulls":4},9.2388476599999994]
[null,"Faltas Justificadas",{"$nulls":4},0.74252004999999999]
[null,"Férias sobre Licença Maternidade",{"$nulls":4},1.5135289999999999E-2]
[null,"Reciclagem Tecnológica",{"$nulls":4},0]
[null,"Total Grupo B",{"$nulls":4},38.394094610000003]
[null,"Grupo C - Verbas Rescisórias"]
[null,"Aviso Prévio Indenizado",{"$nulls":4},5.5680388199999999]
[null,"Aviso Prévio Trabalhado",{"$nulls":4},0.1533902]
[null,"Férias Indenizadas + 1/3",{"$nulls":4},8.3139009999999995]
[null,"Depósito por Rescisão Sem Justa Causa",{"$nulls":4},4.4286110299999999]
[null,"Indenização Adicional",{"$nulls":4},0.92815006]
[null,"Total Grupo C",{"$nulls":4},19.392091109999999]
[null,"Grupo D - Verbas Rescisórias"]
[null,"Reincidência de A sobre B",{"$nulls":4},14.51296776]
[null,"Reincidência de A sobre Aviso Prévio Trabalhado + Reincidência de FGTS sobre Aviso Prévio Indenizado",{"$nulls":4},0.5034246]
[null,"Total Grupo D",{"$nulls":4},15.016392359999999]
[null,"Total Encargos Sociais e Trabalhistas - julho/2025",{"$nulls":4},110.6]
[null,"Periculosidade/Insalubridade",{"$nulls":4}," %",null,"R$"]
[null,"Total Periculosidade/Insalubridade",{"$nulls":4},30,null,2.3279999999999998]
[null,"Encargos Sociais e Trabalhistas - Média Móvel",{"$nulls":4}," %",null,"R$"]
[null,"Encargos Sociais e Trabalhistas - Média Móvel - Sobre Salário",{"$nulls":4},110.77,null,8.5957519999999992]
[null,"Encargos Sociais e Trabalhistas - Média Móvel - Sobre Periculosidade/Insalubridade",{"$nulls":4},110.77,null,2.5787260000000001]
[null,"Total Encargos Sociais e Trabalhistas - Média Móvel",{"$nulls":4},110.77,null,11.174478000000001]
[null,"Encargos Complementares",{"$nulls":4}," %",null,"R$"]
[null,"Alimentação",{"$nulls":4},60.02,null,4.6571769999999999]
[null,"EPI",{"$nulls":4},9.31,null,0.72250999999999999]
[null,"Ferramenta",{"$nulls":4},0.95,null,7.3530999999999999E-2]
[null,"Transporte",{"$nulls":4},12.63,null,0.98006300000000002]
[null,"Consulta Ocupacional",{"$nulls":4},0.74,null,5.7417000000000003E-2]
[null,"Total Encargos Complementares",{"$nulls":4},83.65,null,6.4906980000000001]
[null,"Encargos Adicionais",{"$nulls":4}," %",null,"R$"]
[null,"Cesta Básica",{"$nulls":4},0,null,0]
[null,"Assistência Médica",{"$nulls":4},0,null,0]
[null,"Seguro de Vida",{"$nulls":4},0.69,null,5.3592000000000001E-2]
[null,"Desgaste Orgânico",{"$nulls":4},0,null,0]
[null,"Adicional de Confinamento",{"$nulls":4},0,null,0]
[null,"Total Encargos Adicionais",{"$nulls":4},0.69,null,5.3592000000000001E-2]
[null,"Encargos Totais",{"$nulls":4},228.33459999999999,null,17.718768000000001]
[null,"Custo Total",{"$nulls":6},27.806699999999999]
[null,"Código",null,"Descrição",null,null,"Unidade",null,"Salário \n(R$)"]
[null,"P9930",null,"Eletricista com periculosidade",null,null,"h",null,11.99]
[]
[null,"Encargos Sociais e Trabalhistas - julho/2025",{"$nulls":4}," %"]
[null,"Grupo A - Encargos Sociais"]
[null,"Previdência Social",{"$nulls":4},20]
[null,"FGTS",{"$nulls":4},8]
[null,"Salário Educação",{"$nulls":4},2.5]
[null,"SESC ou SESI",{"$nulls":4},1.5]
[null,"SENAI / SEBRAE",{"$nulls":4},1.6]
[null,"INCRA",{"$nulls":4},0.2]
[null,"Seguro Contra Risco e Acidente de Trabalho",{"$nulls":4},3]
[null,"SECONCI",{"$nulls":4},1]
[null,"FAE - Financiamento de Aposentadoria Especial",{"$nulls":4},0]
[null,"Total Grupo A",{"$nulls":4},37.799999999999997]
[null,"Grupo B - Encargos Trabalhistas"]
[null,"Repouso Semanal Remunerado - Domingos",{"$nulls":4},18.623934370000001]
[null,"Feriados",{"$nulls":4},5.1546116800000004]
[null,"Férias Gozadas + 1/3",{"$nulls":4},6.5518567900000004]
[null,"Auxílio Enfermidade",{"$nulls":4},0.90136875000000005]
[null,"Auxílio Acidente de Trabalho",{"$nulls":4},4.9071549999999999E-2]
[null,"Licença Paternidade",{"$nulls":4},7.7706349999999993E-2]
[null,"13° Salário",{"$nulls":4},9.2372683500000008]
[null,"Faltas Justificadas",{"$nulls":4},0.74239312000000002]
[null,"Férias sobre Licença Maternidade",{"$nulls":4},1.8078300000000001E-3]
[null,"Reciclagem Tecnológica",{"$nulls":4},0]
[null,"Total Grupo B",{"$nulls":4},41.340018780000001]
[null,"Grupo C - Verbas Rescisórias"]
[null,"Aviso Prévio Indenizado",{"$nulls":4},4.2123255899999998]
[null,"Aviso Prévio Trabalhado",{"$nulls":4},0.10637234]
[null,"Férias Indenizadas + 1/3",{"$nulls":4},5.76450102]
[null,"Depósito por Rescisão Sem Justa Causa",{"$nulls":4},4.5228805999999997]
[null,"Indenização Adicional",{"$nulls":4},0.92799140000000002]
[null,"Total Grupo C",{"$nulls":4},15.53407095]
[null,"Grupo D - Verbas Rescisórias"]
[null,"Reincidência de A sobre B",{"$nulls":4},15.626527100000001]
[null,"Reincidência de A sobre Aviso Prévio Trabalhado + Reincidência de FGTS sobre Aviso Prévio Indenizado",{"$nulls":4},0.37719479]
[null,"Total Grupo D",{"$nulls":4},16.003721890000001]
[null,"Total Encargos Sociais e Trabalhistas - julho/2025",{"$nulls":4},110.68]
[null,"Periculosidade/Insalubridade",{"$nulls":4}," %",null,"R$"]
[null,"Total Periculosidade/Insalubridade",{"$nulls":4},30,null,3.597]
[null,"Encargos Sociais e Trabalhistas - Média Móvel",{"$nulls":4}," %",null,"R$"]
[null,"Encargos Sociais e Trabalhistas - Média Móvel - Sobre Salário",{"$nulls":4},110.71,null,13.274129]
[null,"Encargos Sociais e Trabalhistas - Média Móvel - Sobre Periculosidade/Insalubridade",{"$nulls":4},110.71,null,3.9822389999999999]
[null,"Total Encargos Sociais e Trabalhistas - Média Móvel",{"$nulls":4},110.71,null,17.256367999999998]
[null,"Encargos Complementares",{"$nulls":4}," %",null,"R$"]
[null,"Alimentação",{"$nulls":4},38.840000000000003,null,4.6571769999999999]
[null,"EPI",{"$nulls":4},6.31,null,0.75702599999999998]
[null,"Ferramenta",{"$nulls":4},0.95,null,0.114394]
[null,"Transporte",{"$nulls":4},8.17,null,0.98006300000000002]
[null,"Consulta Ocupacional",{"$nulls":4},0.5,null,5.9726000000000001E-2]
[null,"Total Encargos Complementares",{"$nulls":4},54.77,null,6.5683860000000003]
[null,"Encargos Adicionais",{"$nulls":4}," %",null,"R$"]
[null,"Cesta Básica",{"$nulls":4},0,null,0]
[null,"Assistência Médica",{"$nulls":4},0,null,0]
[null,"Seguro de Vida",{"$nulls":4},0.45,null,5.3592000000000001E-2]
[null,"Desgaste Orgânico",{"$nulls":4},0,null,0]
[null,"Adicional de Confinamento",{"$nulls":4},0,null,0]
[null,"Total Encargos Adicionais",{"$nulls":4},0.45,null,5.3592000000000001E-2]
[null,"Encargos Totais",{"$nulls":4},199.15219999999999,null,23.878346000000001]
[null,"Custo Total",{"$nulls":6},39.465299999999999]
[null,"Código",null,"Descrição",null,null,"Unidade",null,"Salário \n(R$)"]
[null,"P9931",null,"Operador de equipamento de mergulho",null,null,"h",null,20.3553]
[]
[null,"Encargos Sociais e Trabalhistas - julho/2025",{"$nulls":4}," %"]
[null,"Grupo A - Encargos Sociais"]
[null,"Previdência Social",{"$nulls":4},20]
[null,"FGTS",{"$nulls":4},8]
[null,"Salário Educação",{"$nulls":4},2.5]
[null,"SESC ou SESI",{"$nulls":4},1.5]
[null,"SENAI / SEBRAE",{"$nulls":4},1.6]
[null,"INCRA",{"$nulls":4},0.2]
[null,"Seguro Contra Risco e Acidente de Trabalho",{"$nulls":4},3]
[null,"SECONCI",{"$nulls":4},0.41481480999999998]
[null,"FAE - Financiamento de Aposentadoria Especial",{"$nulls":4},12]
[null,"Total Grupo A",{"$nulls":4},49.21481481]
[null,"Grupo B - Encargos Trabalhistas"]
[null,"Repouso Semanal Remunerado - Domingos",{"$nulls":4},18.833145170000002]
[null,"Feriados",{"$nulls":4},5.2133699299999998]
[null,"Férias Gozadas + 1/3",{"$nulls":4},8.1285173700000009]
[null,"Auxílio Enfermidade",{"$nulls":4},0.90862142000000001]
[null,"Auxílio Acidente de Trabalho",{"$nulls":4},5.0926350000000002E-2]
[null,"Licença Paternidade",{"$nulls":4},9.7213830000000001E-2]
[null,"13° Salário",{"$nulls":4},9.2401580800000005]
[null,"Faltas Justificadas",{"$nulls":4},0.74262536000000001]
[null,"Férias sobre Licença Maternidade",{"$nulls":4},4.7918500000000003E-3]
[null,"Reciclagem Tecnológica",{"$nulls":4},0]
[null,"Total Grupo B",{"$nulls":4},43.219369350000001]
[null,"Grupo C - Verbas Rescisórias"]
[null,"Aviso Prévio Indenizado",{"$nulls":4},3.0620612999999999]
[null,"Aviso Prévio Trabalhado",{"$nulls":4},7.7325130000000006E-2]
[null,"Férias Indenizadas + 1/3",{"$nulls":4},4.1916934000000001]
[null,"Depósito por Rescisão Sem Justa Causa",{"$nulls":4},4.5830198199999996]
[null,"Indenização Adicional",{"$nulls":4},0.92828169999999999]
[null,"Total Grupo C",{"$nulls":4},12.842381359999999]
[null,"Grupo D - Verbas Rescisórias"]
[null,"Reincidência de A sobre B",{"$nulls":4},21.270332589999999]
[null,"Reincidência de A sobre Aviso Prévio Trabalhado + Reincidência de FGTS sobre Aviso Prévio Indenizado",{"$nulls":4},0.28302031999999999]
[null,"Total Grupo D",{"$nulls":4},21.553352910000001]
[null,"Total Encargos Sociais e Trabalhistas - julho/2025",{"$nulls":4},126.83]
[null,"Periculosidade/Insalubridade",{"$nulls":4}," %",null,"R$"]
[null,"Total Periculosidade/Insalubridade",{"$nulls":4},13.56,null,2.76]
[null,"Encargos Sociais e Trabalhistas - Média Móvel",{"$nulls":4}," %",null,"R$"]
[null,"Encargos Sociais e Trabalhistas - Média Móvel - Sobre Salário",{"$nulls":4},126.85,null,25.820698]
[null,"Encargos Sociais e Trabalhistas - Média Móvel - Sobre Periculosidade/Insalubridade",{"$nulls":4},126.85,null,3.5010599999999998]
[null,"Total Encargos Sociais e Trabalhistas - Média Móvel",{"$nulls":4},126.85,null,29.321757999999999]
[null,"Encargos Complementares",{"$nulls":4}," %",null,"R$"]
[null,"Alimentação",{"$nulls":4},23.74,null,4.8313740000000003]
[null,"EPI",{"$nulls":4},1.85,null,0.37702200000000002]
[null,"Ferramenta",{"$nulls":4},0,null,0]
[null,"Transporte",{"$nulls":4},0,null,0]
[null,"Consulta Ocupacional",{"$nulls":4},0.21,null,4.3416999999999997E-2]
[null,"Total Encargos Complementares",{"$nulls":4},25.8,null,5.2518130000000003]
[null,"Encargos Adicionais",{"$nulls":4}," %",null,"R$"]
[null,"Cesta Básica",{"$nulls":4},0,null,0]
[null,"Assistência Médica",{"$nulls":4},0,null,0]
[null,"Seguro de Vida",{"$nulls":4},0.27,null,5.4688000000000001E-2]
[null,"Desgaste Orgânico",{"$nulls":4},0,null,0]
[null,"Adicional de Confinamento",{"$nulls":4},0,null,0]
[null,"Total Encargos Adicionais",{"$nulls":4},0.27,null,5.4688000000000001E-2]
[null,"Encargos Totais",{"$nulls":4},170.1191,null,34.628259]
[null,"Custo Total",{"$nulls":6},57.743699999999997]
[null,"Código",null,"Descrição",null,null,"Unidade",null,"Salário \n(R$)"]
[null,"P9932",null,"Operador de equipamento pesado com periculosidade",null,null,"h",null,12.752000000000001]
[]
[null,"Encargos Sociais e Trabalhistas - julho/2025",{"$nulls":4}," %"]
[null,"Grupo A - Encargos Sociais"]
[null,"Previdência Social",{"$nulls":4},20]
[null,"FGTS",{"$nulls":4},8]
[null,"Salário Educação",{"$nulls":4},2.5]
[null,"SESC ou SESI",{"$nulls":4},1.5]
[null,"SENAI / SEBRAE",{"$nulls":4},1.6]
[null,"INCRA",{"$nulls":4},0.2]
[null,"Seguro Contra Risco e Acidente de Trabalho",{"$nulls":4},3]
[null,"SECONCI",{"$nulls":4},1]
[null,"FAE - Financiamento de Aposentadoria Especial",{"$nulls":4},0]
[null,"Total Grupo A",{"$nulls":4},37.799999999999997]
[null,"Grupo B - Encargos Trabalhistas"]
[null,"Repouso Semanal Remunerado - Domingos",{"$nulls":4},18.580807629999999]
[null,"Feriados",{"$nulls":4},5.14249153]
[null,"Férias Gozadas + 1/3",{"$nulls":4},6.2132631099999998]
[null,"Auxílio Enfermidade",{"$nulls":4},0.90139955999999999]
[null,"Auxílio Acidente de Trabalho",{"$nulls":4},4.9073220000000001E-2]
[null,"Licença Paternidade",{"$nulls":4},8.1822919999999993E-2]
[null,"13° Salário",{"$nulls":4},9.2375841199999993]
[null,"Faltas Justificadas",{"$nulls":4},0.74241849999999998]
[null,"Férias sobre Licença Maternidade",{"$nulls":4},1.1133899999999999E-3]
[null,"Reciclagem Tecnológica",{"$nulls":4},0]
[null,"Total Grupo B",{"$nulls":4},40.949973989999997]
[null,"Grupo C - Verbas Rescisórias"]
[null,"Aviso Prévio Indenizado",{"$nulls":4},4.4599032100000002]
[null,"Aviso Prévio Trabalhado",{"$nulls":4},0.11262432999999999]
[null,"Férias Indenizadas + 1/3",{"$nulls":4},6.1035157199999999]
[null,"Depósito por Rescisão Sem Justa Causa",{"$nulls":4},4.5103991700000003]
[null,"Indenização Adicional",{"$nulls":4},0.92802311999999998]
[null,"Total Grupo C",{"$nulls":4},16.114465549999998]
[null,"Grupo D - Verbas Rescisórias"]
[null,"Reincidência de A sobre B",{"$nulls":4},15.479090169999999]
[null,"Reincidência de A sobre Aviso Prévio Trabalhado + Reincidência de FGTS sobre Aviso Prévio Indenizado",{"$nulls":4},0.39936424999999998]
[null,"Total Grupo D",{"$nulls":4},15.878454420000001]
[null,"Total Encargos Sociais e Trabalhistas - julho/2025",{"$nulls":4},110.74]
[null,"Periculosidade/Insalubridade",{"$nulls":4}," %",null,"R$"]
[null,"Total Periculosidade/Insalubridade",{"$nulls":4},30,null,3.8256000000000001]
[null,"Encargos Sociais e Trabalhistas - Média Móvel",{"$nulls":4}," %",null,"R$"]
[null,"Encargos Sociais e Trabalhistas - Média Móvel - Sobre Salário",{"$nulls":4},110.56,null,14.098611]
[null,"Encargos Sociais e Trabalhistas - Média Móvel - Sobre Periculosidade/Insalubridade",{"$nulls":4},110.56,null,4.2295829999999999]
[null,"Total Encargos Sociais e Trabalhistas - Média Móvel",{"$nulls":4},110.56,null,18.328195000000001]
[null,"Encargos Complementares",{"$nulls":4}," %",null,"R$"]
[null,"Alimentação",{"$nulls":4},36.520000000000003,null,4.6571769999999999]
[null,"EPI",{"$nulls":4},2.73,null,0.34781699999999999]
[null,"Ferramenta",{"$nulls":4},0,null,0]
[null,"Transporte",{"$nulls":4},7.69,null,0.98006300000000002]
[null,"Consulta Ocupacional",{"$nulls":4},0.5,null,6.3236000000000001E-2]
[null,"Total Encargos Complementares",{"$nulls":4},47.44,null,6.0482930000000001]
[null,"Encargos Adicionais",{"$nulls":4}," %",null,"R$"]
[null,"Cesta Básica",{"$nulls":4},0,null,0]
[null,"Assistência Médica",{"$nulls":4},0,null,0]
[null,"Seguro de Vida",{"$nulls":4},0.42,null,5.3592000000000001E-2]
[null,"Desgaste Orgânico",{"$nulls":4},0,null,0]
[null,"Adicional de Confinamento",{"$nulls":4},0,null,0]
[null,"Total Encargos Adicionais",{"$nulls":4},0.42,null,5.3592000000000001E-2]
[null,"Encargos Totais",{"$nulls":4},191.57839999999999,null,24.43008]
[null,"Custo Total",{"$nulls":6},41.007599999999996]
[null,"Código",null,"Descrição",null,null,"Unidade",null,"Salário \n(R$)"]
[null,"P9933",null,"Supervisor de mergulho raso",null,null,"mês",null,4478.1750000000002]
[]
[null,"Encargos Sociais e Trabalhistas - julho/2025",{"$nulls":4}," %"]
[null,"Grupo A - Encargos Sociais"]
[null,"Previdência Social",{"$nulls":4},20]
[null,"FGTS",{"$nulls":4},8]
[null,"Salário Educação",{"$nulls":4},2.5]
[null,"SESC ou SESI",{"$nulls":4},1.5]
[null,"SENAI / SEBRAE",{"$nulls":4},1.6]
[null,"INCRA",{"$nulls":4},0.2]
[null,"Seguro Contra Risco e Acidente de Trabalho",{"$nulls":4},3]
[null,"SECONCI",{"$nulls":4},0.41481480999999998]
[null,"FAE - Financiamento de Aposentadoria Especial",{"$nulls":4},12]
[null,"Total Grupo A",{"$nulls":4},49.21481481]
[null,"Grupo B - Encargos Trabalhistas"]
[null,"Repouso Semanal Remunerado - Domingos",{"$nulls":4},0]
[null,"Feriados",{"$nulls":4},0]
[null,"Férias Gozadas + 1/3",{"$nulls":4},8.1285173700000009]
[null,"Auxílio Enfermidade",{"$nulls":4},0.90862142000000001]
[null,"Auxílio Acidente de Trabalho",{"$nulls":4},5.0926350000000002E-2]
[null,"Licença Paternidade",{"$nulls":4},9.7213830000000001E-2]
[null,"13° Salário",{"$nulls":4},9.2401580800000005]
[null,"Faltas Justificadas",{"$nulls":4},0.74262536000000001]
[null,"Férias sobre Licença Maternidade",{"$nulls":4},4.7918500000000003E-3]
[null,"Reciclagem Tecnológica",{"$nulls":4},0]
[null,"Total Grupo B",{"$nulls":4},19.17285425]
[null,"Grupo C - Verbas Rescisórias"]
[null,"Aviso Prévio Indenizado",{"$nulls":4},3.0620612999999999]
[null,"Aviso Prévio Trabalhado",{"$nulls":4},7.7325130000000006E-2]
[null,"Férias Indenizadas + 1/3",{"$nulls":4},4.1916934000000001]
[null,"Depósito por Rescisão Sem Justa Causa",{"$nulls":4},3.8135313399999999]
[null,"Indenização Adicional",{"$nulls":4},0.92828169999999999]
[null,"Total Grupo C",{"$nulls":4},12.07289287]
[null,"Grupo D - Verbas Rescisórias"]
[null,"Reincidência de A sobre B",{"$nulls":4},9.4358847099999998]
[null,"Reincidência de A sobre Aviso Prévio Trabalhado + Reincidência de FGTS sobre Aviso Prévio Indenizado",{"$nulls":4},0.28302031999999999]
[null,"Total Grupo D",{"$nulls":4},9.7189050399999992]
[null,"Total Encargos Sociais e Trabalhistas - julho/2025",{"$nulls":4},90.18]
[null,"Periculosidade/Insalubridade",{"$nulls":4}," %",null,"R$"]
[null,"Total Periculosidade/Insalubridade",{"$nulls":4},13.56,null,607.20000000000005]
[null,"Encargos Sociais e Trabalhistas - Média Móvel",{"$nulls":4}," %",null,"R$"]
[null,"Encargos Sociais e Trabalhistas - Média Móvel - Sobre Salário",{"$nulls":4},90.33,null,4045.1354780000001]
[null,"Encargos Sociais e Trabalhistas - Média Móvel - Sobre Periculosidade/Insalubridade",{"$nulls":4},90.33,null,548.48375999999996]
[null,"Total Encargos Sociais e Trabalhistas - Média Móvel",{"$nulls":4},90.33,null,4593.6192380000002]
[null,"Encargos Complementares",{"$nulls":4}," %",null,"R$"]
[null,"Alimentação",{"$nulls":4},19.690000000000001,null,881.67737499999998]
[null,"EPI",{"$nulls":4},1.54,null,68.802831999999995]
[null,"Ferramenta",{"$nulls":4},0,null,0]
[null,"Transporte",{"$nulls":4},0,null,0]
[null,"Consulta Ocupacional",{"$nulls":4},0.18,null,7.9230840000000002]
[null,"Total Encargos Complementares",{"$nulls":4},21.41,null,958.40329099999997]
[null,"Encargos Adicionais",{"$nulls":4}," %",null,"R$"]
[null,"Cesta Básica",{"$nulls":4},0,null,0]
[null,"Assistência Médica",{"$nulls":4},0,null,0]
[null,"Seguro de Vida",{"$nulls":4},0.22,null,9.98]
[null,"Desgaste Orgânico",{"$nulls":4},0,null,0]
[null,"Adicional de Confinamento",{"$nulls":4},0,null,0]
[null,"Total Encargos Adicionais",{"$nulls":4},0.22,null,9.98]
[null,"Encargos Totais",{"$nulls":4},124.2024,null,5562.0025290000003]
[null,"Custo Total",{"$nulls":6},10647.416300000001]
[null,"Código",null,"Descrição",null,null,"Unidade",null,"Salário \n(R$)"]
[null,"P9934",null,"Motorista de veículo especial com periculosidade",null,null,"h",null,12.652900000000001]
[]
[null,"Encargos Sociais e Trabalhistas - julho/2025",{"$nulls":4}," %"]
[null,"Grupo A - Encargos Sociais"]
[null,"Previdência Social",{"$nulls":4},20]
[null,"FGTS",{"$nulls":4},8]
[null,"Salário Educação",{"$nulls":4},2.5]
[null,"SESC ou SESI",{"$nulls":4},1.5]
[null,"SENAI / SEBRAE",{"$nulls":4},1.6]
[null,"INCRA",{"$nulls":4},0.2]
[null,"Seguro Contra Risco e Acidente de Trabalho",{"$nulls":4},3]
[null,"SECONCI",{"$nulls":4},1]
[null,"FAE - Financiamento de Aposentadoria Especial",{"$nulls":4},0]
[null,"Total Grupo A",{"$nulls":4},37.799999999999997]
[null,"Grupo B - Encargos Trabalhistas"]
[null,"Repouso Semanal Remunerado - Domingos",{"$nulls":4},18.736573969999998]
[null,"Feriados",{"$nulls":4},5.1862639599999998]
[null,"Férias Gozadas + 1/3",{"$nulls":4},7.4301176399999997]
[null,"Auxílio Enfermidade",{"$nulls":4},0.90132814000000006]
[null,"Auxílio Acidente de Trabalho",{"$nulls":4},4.9069340000000003E-2]
[null,"Licença Paternidade",{"$nulls":4},7.2864189999999995E-2]
[null,"13° Salário",{"$nulls":4},9.2368521799999996]
[null,"Faltas Justificadas",{"$nulls":4},0.74235967000000003]
[null,"Férias sobre Licença Maternidade",{"$nulls":4},2.1406699999999999E-3]
[null,"Reciclagem Tecnológica",{"$nulls":4},0]
[null,"Total Grupo B",{"$nulls":4},42.357569750000003]
[null,"Grupo C - Verbas Rescisórias"]
[null,"Aviso Prévio Indenizado",{"$nulls":4},3.5703045699999998]
[null,"Aviso Prévio Trabalhado",{"$nulls":4},9.0159619999999996E-2]
[null,"Férias Indenizadas + 1/3",{"$nulls":4},4.8856852599999998]
[null,"Depósito por Rescisão Sem Justa Causa",{"$nulls":4},4.5554422299999997]
[null,"Indenização Adicional",{"$nulls":4},0.92794958999999999]
[null,"Total Grupo C",{"$nulls":4},14.029541269999999]
[null,"Grupo D - Verbas Rescisórias"]
[null,"Reincidência de A sobre B",{"$nulls":4},16.01116137]
[null,"Reincidência de A sobre Aviso Prévio Trabalhado + Reincidência de FGTS sobre Aviso Prévio Indenizado",{"$nulls":4},0.31970470000000001]
[null,"Total Grupo D",{"$nulls":4},16.330866069999999]
[null,"Total Encargos Sociais e Trabalhistas - julho/2025",{"$nulls":4},110.52]
[null,"Periculosidade/Insalubridade",{"$nulls":4}," %",null,"R$"]
[null,"Total Periculosidade/Insalubridade",{"$nulls":4},30,null,3.7959000000000001]
[null,"Encargos Sociais e Trabalhistas - Média Móvel",{"$nulls":4}," %",null,"R$"]
[null,"Encargos Sociais e Trabalhistas - Média Móvel - Sobre Salário",{"$nulls":4},110.62,null,13.996638000000001]
[null,"Encargos Sociais e Trabalhistas - Média Móvel - Sobre Periculosidade/Insalubridade",{"$nulls":4},110.62,null,4.1990249999999998]
[null,"Total Encargos Sociais e Trabalhistas - Média Móvel",{"$nulls":4},110.62,null,18.195663]
[null,"Encargos Complementares",{"$nulls":4}," %",null,"R$"]
[null,"Alimentação",{"$nulls":4},36.81,null,4.6571769999999999]
[null,"EPI",{"$nulls":4},2.08,null,0.26262099999999999]
[null,"Ferramenta",{"$nulls":4},0,null,0]
[null,"Transporte",{"$nulls":4},7.75,null,0.98006300000000002]
[null,"Consulta Ocupacional",{"$nulls":4},0.4,null,5.0623000000000001E-2]
[null,"Total Encargos Complementares",{"$nulls":4},47.04,null,5.9504840000000003]
[null,"Encargos Adicionais",{"$nulls":4}," %",null,"R$"]
[null,"Cesta Básica",{"$nulls":4},0,null,0]
[null,"Assistência Médica",{"$nulls":4},0,null,0]
[null,"Seguro de Vida",{"$nulls":4},0.42,null,5.3592000000000001E-2]
[null,"Desgaste Orgânico",{"$nulls":4},0,null,0]
[null,"Adicional de Confinamento",{"$nulls":4},0,null,0]
[null,"Total Encargos Adicionais",{"$nulls":4},0.42,null,5.3592000000000001E-2]
[null,"Encargos Totais",{"$nulls":4},191.25839999999999,null,24.199739000000001]
[null,"Custo Total",{"$nulls":6},40.648499999999999]
[null,"Código",null,"Descrição",null,null,"Unidade",null,"Salário \n(R$)"]
[null,"P9938",null,"Operador de equipamento leve com periculosidade",null,null,"h",null,9.7224000000000004]
[]
[null,"Encargos Sociais e Trabalhistas - julho/2025",{"$nulls":4}," %"]
[null,"Grupo A - Encargos Sociais"]
[null,"Previdência Social",{"$nulls":4},20]
[null,"FGTS",{"$nulls":4},8]
[null,"Salário Educação",{"$nulls":4},2.5]
[null,"SESC ou SESI",{"$nulls":4},1.5]
[null,"SENAI / SEBRAE",{"$nulls":4},1.6]
[null,"INCRA",{"$nulls":4},0.2]
[null,"Seguro Contra Risco e Acidente de Trabalho",{"$nulls":4},3]
[null,"SECONCI",{"$nulls":4},1]
[null,"FAE - Financiamento de Aposentadoria Especial",{"$nulls":4},0]
[null,"Total Grupo A",{"$nulls":4},37.799999999999997]
[null,"Grupo B - Encargos Trabalhistas"]
[null,"Repouso Semanal Remunerado - Domingos",{"$nulls":4},18.580807629999999]
[null,"Feriados",{"$nulls":4},5.14249153]
[null,"Férias Gozadas + 1/3",{"$nulls":4},6.2132631099999998]
[null,"Auxílio Enfermidade",{"$nulls":4},0.90139955999999999]
[null,"Auxílio Acidente de Trabalho",{"$nulls":4},4.9073220000000001E-2]
[null,"Licença Paternidade",{"$nulls":4},8.1822919999999993E-2]
[null,"13° Salário",{"$nulls":4},9.2375841199999993]
[null,"Faltas Justificadas",{"$nulls":4},0.74241849999999998]
[null,"Férias sobre Licença Maternidade",{"$nulls":4},1.1133899999999999E-3]
[null,"Reciclagem Tecnológica",{"$nulls":4},0]
[null,"Total Grupo B",{"$nulls":4},40.949973989999997]
[null,"Grupo C - Verbas Rescisórias"]
[null,"Aviso Prévio Indenizado",{"$nulls":4},4.4599032100000002]
[null,"Aviso Prévio Trabalhado",{"$nulls":4},0.11262432999999999]
[null,"Férias Indenizadas + 1/3",{"$nulls":4},6.1035157199999999]
[null,"Depósito por Rescisão Sem Justa Causa",{"$nulls":4},4.5103991700000003]
[null,"Indenização Adicional",{"$nulls":4},0.92802311999999998]
[null,"Total Grupo C",{"$nulls":4},16.114465549999998]
[null,"Grupo D - Verbas Rescisórias"]
[null,"Reincidência de A sobre B",{"$nulls":4},15.479090169999999]
[null,"Reincidência de A sobre Aviso Prévio Trabalhado + Reincidência de FGTS sobre Aviso Prévio Indenizado",{"$nulls":4},0.39936424999999998]
[null,"Total Grupo D",{"$nulls":4},15.878454420000001]
[null,"Total Encargos Sociais e Trabalhistas - julho/2025",{"$nulls":4},110.74]
[null,"Periculosidade/Insalubridade",{"$nulls":4}," %",null,"R$"]
[null,"Total Periculosidade/Insalubridade",{"$nulls":4},30,null,2.9167000000000001]
[null,"Encargos Sociais e Trabalhistas - Média Móvel",{"$nulls":4}," %",null,"R$"]
[null,"Encargos Sociais e Trabalhistas - Média Móvel - Sobre Salário",{"$nulls":4},110.56,null,10.749084999999999]
[null,"Encargos Sociais e Trabalhistas - Média Móvel - Sobre Periculosidade/Insalubridade",{"$nulls":4},110.56,null,3.224704]
[null,"Total Encargos Sociais e Trabalhistas - Média Móvel",{"$nulls":4},110.56,null,13.973789]
[null,"Encargos Complementares",{"$nulls":4}," %",null,"R$"]
[null,"Alimentação",{"$nulls":4},47.9,null,4.6571769999999999]
[null,"EPI",{"$nulls":4},3.72,null,0.36205100000000001]
[null,"Ferramenta",{"$nulls":4},0,null,0]
[null,"Transporte",{"$nulls":4},10.08,null,0.98006300000000002]
[null,"Consulta Ocupacional",{"$nulls":4},0.65,null,6.3236000000000001E-2]
[null,"Total Encargos Complementares",{"$nulls":4},62.35,null,6.0625270000000002]
[null,"Encargos Adicionais",{"$nulls":4}," %",null,"R$"]
[null,"Cesta Básica",{"$nulls":4},0,null,0]
[null,"Assistência Médica",{"$nulls":4},0,null,0]
[null,"Seguro de Vida",{"$nulls":4},0.55000000000000004,null,5.3592000000000001E-2]
[null,"Desgaste Orgânico",{"$nulls":4},0,null,0]
[null,"Adicional de Confinamento",{"$nulls":4},0,null,0]
[null,"Total Encargos Adicionais",{"$nulls":4},0.55000000000000004,null,5.3592000000000001E-2]
[null,"Encargos Totais",{"$nulls":4},206.6353,null,20.089908000000001]
[null,"Custo Total",{"$nulls":6},32.728999999999999]
[null,"Código",null,"Descrição",null,null,"Unidade",null,"Salário \n(R$)"]
[null,"P9939",null,"Operador de equipamento leve com insalubridade",null,null,"h",null,9.7224000000000004]
[]
[null,"Encargos Sociais e Trabalhistas - julho/2025",{"$nulls":4}," %"]
[null,"Grupo A - Encargos Sociais"]
[null,"Previdência Social",{"$nulls":4},20]
[null,"FGTS",{"$nulls":4},8]
[null,"Salário Educação",{"$nulls":4},2.5]
[null,"SESC ou SESI",{"$nulls":4},1.5]
[null,"SENAI / SEBRAE",{"$nulls":4},1.6]
[null,"INCRA",{"$nulls":4},0.2]
[null,"Seguro Contra Risco e Acidente de Trabalho",{"$nulls":4},3]
[null,"SECONCI",{"$nulls":4},1]
[null,"FAE - Financiamento de Aposentadoria Especial",{"$nulls":4},12]
[null,"Total Grupo A",{"$nulls":4},49.8]
[null,"Grupo B - Encargos Trabalhistas"]
[null,"Repouso Semanal Remunerado - Domingos",{"$nulls":4},18.580807629999999]
[null,"Feriados",{"$nulls":4},5.14249153]
[null,"Férias Gozadas + 1/3",{"$nulls":4},6.2132631099999998]
[null,"Auxílio Enfermidade",{"$nulls":4},0.90139955999999999]
[null,"Auxílio Acidente de Trabalho",{"$nulls":4},4.9073220000000001E-2]
[null,"Licença Paternidade",{"$nulls":4},8.1822919999999993E-2]
[null,"13° Salário",{"$nulls":4},9.2375841199999993]
[null,"Faltas Justificadas",{"$nulls":4},0.74241849999999998]
[null,"Férias sobre Licença Maternidade",{"$nulls":4},1.1133899999999999E-3]
[null,"Reciclagem Tecnológica",{"$nulls":4},0]
[null,"Total Grupo B",{"$nulls":4},40.949973989999997]
[null,"Grupo C - Verbas Rescisórias"]
[null,"Aviso Prévio Indenizado",{"$nulls":4},4.4599032100000002]
[null,"Aviso Prévio Trabalhado",{"$nulls":4},0.11262432999999999]
[null,"Férias Indenizadas + 1/3",{"$nulls":4},6.1035157199999999]
[null,"Depósito por Rescisão Sem Justa Causa",{"$nulls":4},4.5103991700000003]
[null,"Indenização Adicional",{"$nulls":4},0.92802311999999998]
[null,"Total Grupo C",{"$nulls":4},16.114465549999998]
[null,"Grupo D - Verbas Rescisórias"]
[null,"Reincidência de A sobre B",{"$nulls":4},20.393087049999998]
[null,"Reincidência de A sobre Aviso Prévio Trabalhado + Reincidência de FGTS sobre Aviso Prévio Indenizado",{"$nulls":4},0.41287917000000002]
[null,"Total Grupo D",{"$nulls":4},20.805966219999998]
[null,"Total Encargos Sociais e Trabalhistas - julho/2025",{"$nulls":4},127.67]
[null,"Periculosidade/Insalubridade",{"$nulls":4}," %",null,"R$"]
[null,"Total Periculosidade/Insalubridade",{"$nulls":4},28.39,null,2.76]
[null,"Encargos Sociais e Trabalhistas - Média Móvel",{"$nulls":4}," %",null,"R$"]
[null,"Encargos Sociais e Trabalhistas - Média Móvel - Sobre Salário",{"$nulls":4},127.38,null,12.384392999999999]
[null,"Encargos Sociais e Trabalhistas - Média Móvel - Sobre Periculosidade/Insalubridade",{"$nulls":4},127.38,null,3.5156879999999999]
[null,"Total Encargos Sociais e Trabalhistas - Média Móvel",{"$nulls":4},127.38,null,15.900081]
[null,"Encargos Complementares",{"$nulls":4}," %",null,"R$"]
[null,"Alimentação",{"$nulls":4},47.9,null,4.6571769999999999]
[null,"EPI",{"$nulls":4},3.72,null,0.36205100000000001]
[null,"Ferramenta",{"$nulls":4},0,null,0]
[null,"Transporte",{"$nulls":4},10.08,null,0.98006300000000002]
[null,"Consulta Ocupacional",{"$nulls":4},0.65,null,6.3236000000000001E-2]
[null,"Total Encargos Complementares",{"$nulls":4},62.35,null,6.0625270000000002]
[null,"Encargos Adicionais",{"$nulls":4}," %",null,"R$"]
[null,"Cesta Básica",{"$nulls":4},0,null,0]
[null,"Assistência Médica",{"$nulls":4},0,null,0]
[null,"Seguro de Vida",{"$nulls":4},0.55000000000000004,null,5.3592000000000001E-2]
[null,"Desgaste Orgânico",{"$nulls":4},0,null,0]
[null,"Adicional de Confinamento",{"$nulls":4},0,null,0]
[null,"Total Encargos Adicionais",{"$nulls":4},0.55000000000000004,null,5.3592000000000001E-2]
[null,"Encargos Totais",{"$nulls":4},226.44820000000001,null,22.016200000000001]
[null,"Custo Total",{"$nulls":6},34.498699999999999]
[null,"Código",null,"Descrição",null,null,"Unidade",null,"Salário \n(R$)"]
[null,"P9942",null,"Marinheiro de convés com periculosidade",null,null,"h",null,10.9354]
[]
[null,"Encargos Sociais e Trabalhistas - julho/2025",{"$nulls":4}," %"]
[null,"Grupo A - Encargos Sociais"]
[null,"Previdência Social",{"$nulls":4},20]
[null,"FGTS",{"$nulls":4},8]
[null,"Salário Educação",{"$nulls":4},2.5]
[null,"SESC ou SESI",{"$nulls":4},1.5]
[null,"SENAI / SEBRAE",{"$nulls":4},1.6]
[null,"INCRA",{"$nulls":4},0.2]
[null,"Seguro Contra Risco e Acidente de Trabalho",{"$nulls":4},3]
[null,"SECONCI",{"$nulls":4},0.41481480999999998]
[null,"FAE - Financiamento de Aposentadoria Especial",{"$nulls":4},0]
[null,"Total Grupo A",{"$nulls":4},37.21481481]
[null,"Grupo B - Encargos Trabalhistas"]
[null,"Repouso Semanal Remunerado - Domingos",{"$nulls":4},18.971714680000002]
[null,"Feriados",{"$nulls":4},5.2523113400000003]
[null,"Férias Gozadas + 1/3",{"$nulls":4},9.2137053499999997]
[null,"Auxílio Enfermidade",{"$nulls":4},0.90853972999999999]
[null,"Auxílio Acidente de Trabalho",{"$nulls":4},5.0921769999999998E-2]
[null,"Licença Paternidade",{"$nulls":4},8.8628509999999994E-2]
[null,"13° Salário",{"$nulls":4},9.2393273400000009]
[null,"Faltas Justificadas",{"$nulls":4},0.74255859999999996]
[null,"Férias sobre Licença Maternidade",{"$nulls":4},4.3790599999999997E-3]
[null,"Reciclagem Tecnológica",{"$nulls":4},0]
[null,"Total Grupo B",{"$nulls":4},44.47208637]
[null,"Grupo C - Verbas Rescisórias"]
[null,"Aviso Prévio Indenizado",{"$nulls":4},2.45777862]
[null,"Aviso Prévio Trabalhado",{"$nulls":4},5.7291139999999997E-2]
[null,"Férias Indenizadas + 1/3",{"$nulls":4},3.1053977700000002]
[null,"Depósito por Rescisão Sem Justa Causa",{"$nulls":4},4.6231067599999998]
[null,"Indenização Adicional",{"$nulls":4},0.92819825]
[null,"Total Grupo C",{"$nulls":4},11.17177253]
[null,"Grupo D - Verbas Rescisórias"]
[null,"Reincidência de A sobre B",{"$nulls":4},16.55020459]
[null,"Reincidência de A sobre Aviso Prévio Trabalhado + Reincidência de FGTS sobre Aviso Prévio Indenizado",{"$nulls":4},0.21794308000000001]
[null,"Total Grupo D",{"$nulls":4},16.768147670000001]
[null,"Total Encargos Sociais e Trabalhistas - julho/2025",{"$nulls":4},109.63]
[null,"Periculosidade/Insalubridade",{"$nulls":4}," %",null,"R$"]
[null,"Total Periculosidade/Insalubridade",{"$nulls":4},30,null,3.2806000000000002]
[null,"Encargos Sociais e Trabalhistas - Média Móvel",{"$nulls":4}," %",null,"R$"]
[null,"Encargos Sociais e Trabalhistas - Média Móvel - Sobre Salário",{"$nulls":4},109.67,null,11.992853]
[null,"Encargos Sociais e Trabalhistas - Média Móvel - Sobre Periculosidade/Insalubridade",{"$nulls":4},109.67,null,3.5978340000000002]
[null,"Total Encargos Sociais e Trabalhistas - Média Móvel",{"$nulls":4},109.67,null,15.590687000000001]
[null,"Encargos Complementares",{"$nulls":4}," %",null,"R$"]
[null,"Alimentação",{"$nulls":4},44.18,null,4.8313740000000003]
[null,"EPI",{"$nulls":4},0,null,0]
[null,"Ferramenta",{"$nulls":4},0,null,0]
[null,"Transporte",{"$nulls":4},0,null,0]
[null,"Consulta Ocupacional",{"$nulls":4},0.28999999999999998,null,3.2168000000000002E-2]
[null,"Total Encargos Complementares",{"$nulls":4},44.47,null,4.8635419999999998]
[null,"Encargos Adicionais",{"$nulls":4}," %",null,"R$"]
[null,"Cesta Básica",{"$nulls":4},15.03,null,1.643926]
[null,"Assistência Médica",{"$nulls":4},0,null,0]
[null,"Seguro de Vida",{"$nulls":4},0.25,null,2.7344E-2]
[null,"Desgaste Orgânico",{"$nulls":4},0,null,0]
[null,"Adicional de Confinamento",{"$nulls":4},0,null,0]
[null,"Total Encargos Adicionais",{"$nulls":4},15.28,null,1.67127]
[null,"Encargos Totais",{"$nulls":4},202.32910000000001,null,22.125499000000001]
[null,"Custo Total",{"$nulls":6},36.341500000000003]
[null,"Código",null,"Descrição",null,null,"Unidade",null,"Salário \n(R$)"]
[null,"P9944",null,"Operador de equipamento especial com periculosidade",null,null,"h",null,18.432300000000001]
[]
[null,"Encargos Sociais e Trabalhistas - julho/2025",{"$nulls":4}," %"]
[null,"Grupo A - Encargos Sociais"]
[null,"Previdência Social",{"$nulls":4},20]
[null,"FGTS",{"$nulls":4},8]
[null,"Salário Educação",{"$nulls":4},2.5]
[null,"SESC ou SESI",{"$nulls":4},1.5]
[null,"SENAI / SEBRAE",{"$nulls":4},1.6]
[null,"INCRA",{"$nulls":4},0.2]
[null,"Seguro Contra Risco e Acidente de Trabalho",{"$nulls":4},3]
[null,"SECONCI",{"$nulls":4},1]
[null,"FAE - Financiamento de Aposentadoria Especial",{"$nulls":4},0]
[null,"Total Grupo A",{"$nulls":4},37.799999999999997]
[null,"Grupo B - Encargos Trabalhistas"]
[null,"Repouso Semanal Remunerado - Domingos",{"$nulls":4},18.580807629999999]
[null,"Feriados",{"$nulls":4},5.14249153]
[null,"Férias Gozadas + 1/3",{"$nulls":4},6.2132631099999998]
[null,"Auxílio Enfermidade",{"$nulls":4},0.90139955999999999]
[null,"Auxílio Acidente de Trabalho",{"$nulls":4},4.9073220000000001E-2]
[null,"Licença Paternidade",{"$nulls":4},8.1822919999999993E-2]
[null,"13° Salário",{"$nulls":4},9.2375841199999993]
[null,"Faltas Justificadas",{"$nulls":4},0.74241849999999998]
[null,"Férias sobre Licença Maternidade",{"$nulls":4},1.1133899999999999E-3]
[null,"Reciclagem Tecnológica",{"$nulls":4},0]
[null,"Total Grupo B",{"$nulls":4},40.949973989999997]
[null,"Grupo C - Verbas Rescisórias"]
[null,"Aviso Prévio Indenizado",{"$nulls":4},4.4599032100000002]
[null,"Aviso Prévio Trabalhado",{"$nulls":4},0.11262432999999999]
[null,"Férias Indenizadas + 1/3",{"$nulls":4},6.1035157199999999]
[null,"Depósito por Rescisão Sem Justa Causa",{"$nulls":4},4.5103991700000003]
[null,"Indenização Adicional",{"$nulls":4},0.92802311999999998]
[null,"Total Grupo C",{"$nulls":4},16.114465549999998]
[null,"Grupo D - Verbas Rescisórias"]
[null,"Reincidência de A sobre B",{"$nulls":4},15.479090169999999]
[null,"Reincidência de A sobre Aviso Prévio Trabalhado + Reincidência de FGTS sobre Aviso Prévio Indenizado",{"$nulls":4},0.39936424999999998]
[null,"Total Grupo D",{"$nulls":4},15.878454420000001]
[null,"Total Encargos Sociais e Trabalhistas - julho/2025",{"$nulls":4},110.74]
[null,"Periculosidade/Insalubridade",{"$nulls":4}," %",null,"R$"]
[null,"Total Periculosidade/Insalubridade",{"$nulls":4},30,null,5.5297000000000001]
[null,"Encargos Sociais e Trabalhistas - Média Móvel",{"$nulls":4}," %",null,"R$"]
[null,"Encargos Sociais e Trabalhistas - Média Móvel - Sobre Salário",{"$nulls":4},110.56,null,20.378751000000001]
[null,"Encargos Sociais e Trabalhistas - Média Móvel - Sobre Periculosidade/Insalubridade",{"$nulls":4},110.56,null,6.1136359999999996]
[null,"Total Encargos Sociais e Trabalhistas - Média Móvel",{"$nulls":4},110.56,null,26.492387000000001]
[null,"Encargos Complementares",{"$nulls":4}," %",null,"R$"]
[null,"Alimentação",{"$nulls":4},25.27,null,4.6571769999999999]
[null,"EPI",{"$nulls":4},1.42,null,0.26262099999999999]
[null,"Ferramenta",{"$nulls":4},0,null,0]
[null,"Transporte",{"$nulls":4},5.32,null,0.98006300000000002]
[null,"Consulta Ocupacional",{"$nulls":4},0.34,null,6.3236000000000001E-2]
[null,"Total Encargos Complementares",{"$nulls":4},32.35,null,5.9630970000000003]
[null,"Encargos Adicionais",{"$nulls":4}," %",null,"R$"]
[null,"Cesta Básica",{"$nulls":4},0,null,0]
[null,"Assistência Médica",{"$nulls":4},0,null,0]
[null,"Seguro de Vida",{"$nulls":4},0.28999999999999998,null,5.3592000000000001E-2]
[null,"Desgaste Orgânico",{"$nulls":4},0,null,0]
[null,"Adicional de Confinamento",{"$nulls":4},0,null,0]
[null,"Total Encargos Adicionais",{"$nulls":4},0.28999999999999998,null,5.3592000000000001E-2]
[null,"Encargos Totais",{"$nulls":4},176.37020000000001,null,32.509076]
[null,"Custo Total",{"$nulls":6},56.470999999999997]
[null,"Código",null,"Descrição",null,null,"Unidade",null,"Salário \n(R$)"]
[null,"P9946",null,"Engenheiro auxiliar",null,null,"mês",null,13121.4442]
[]
[null,"Encargos Sociais e Trabalhistas - julho/2025",{"$nulls":4}," %"]
[null,"Grupo A - Encargos Sociais"]
[null,"Previdência Social",{"$nulls":4},20]
[null,"FGTS",{"$nulls":4},8]
[null,"Salário Educação",{"$nulls":4},2.5]
[null,"SESC ou SESI",{"$nulls":4},1.5]
[null,"SENAI / SEBRAE",{"$nulls":4},1.6]
[null,"INCRA",{"$nulls":4},0.2]
[null,"Seguro Contra Risco e Acidente de Trabalho",{"$nulls":4},3]
[null,"SECONCI",{"$nulls":4},0.5]
[null,"FAE - Financiamento de Aposentadoria Especial",{"$nulls":4},0]
[null,"Total Grupo A",{"$nulls":4},37.299999999999997]
[null,"Grupo B - Encargos Trabalhistas"]
[null,"Repouso Semanal Remunerado - Domingos",{"$nulls":4},0]
[null,"Feriados",{"$nulls":4},0]
[null,"Férias Gozadas + 1/3",{"$nulls":4},8.0339354200000006]
[null,"Auxílio Enfermidade",{"$nulls":4},0.89897868000000003]
[null,"Auxílio Acidente de Trabalho",{"$nulls":4},4.909202E-2]
[null,"Licença Paternidade",{"$nulls":4},7.0409819999999998E-2]
[null,"13° Salário",{"$nulls":4},9.2411230799999995]
[null,"Faltas Justificadas",{"$nulls":4},0.74270292000000004]
[null,"Férias sobre Licença Maternidade",{"$nulls":4},5.3561190000000002E-2]
[null,"Reciclagem Tecnológica",{"$nulls":4},0]
[null,"Total Grupo B",{"$nulls":4},19.089803109999998]
[null,"Grupo C - Verbas Rescisórias"]
[null,"Aviso Prévio Indenizado",{"$nulls":4},3.1317669299999999]
[null,"Aviso Prévio Trabalhado",{"$nulls":4},7.9085379999999997E-2]
[null,"Férias Indenizadas + 1/3",{"$nulls":4},4.2875620200000002]
[null,"Depósito por Rescisão Sem Justa Causa",{"$nulls":4},3.8108737000000001]
[null,"Indenização Adicional",{"$nulls":4},0.92837864999999997]
[null,"Total Grupo C",{"$nulls":4},12.23766668]
[null,"Grupo D - Verbas Rescisórias"]
[null,"Reincidência de A sobre B",{"$nulls":4},7.1204965600000003]
[null,"Reincidência de A sobre Aviso Prévio Trabalhado + Reincidência de FGTS sobre Aviso Prévio Indenizado",{"$nulls":4},0.28004020000000002]
[null,"Total Grupo D",{"$nulls":4},7.4005367599999996]
[null,"Total Encargos Sociais e Trabalhistas - julho/2025",{"$nulls":4},76.03]
[null,"Periculosidade/Insalubridade",{"$nulls":4}," %",null,"R$"]
[null,"Total Periculosidade/Insalubridade",{"$nulls":4},0,null,0]
[null,"Encargos Sociais e Trabalhistas - Média Móvel",{"$nulls":4}," %",null,"R$"]
[null,"Encargos Sociais e Trabalhistas - Média Móvel - Sobre Salário",{"$nulls":4},76.400000000000006,null,10024.783369000001]
[null,"Encargos Sociais e Trabalhistas - Média Móvel - Sobre Periculosidade/Insalubridade",{"$nulls":4},76.400000000000006,null,0]
[null,"Total Encargos Sociais e Trabalhistas - Média Móvel",{"$nulls":4},76.400000000000006,null,10024.783369000001]
[null,"Encargos Complementares",{"$nulls":4}," %",null,"R$"]
[null,"Alimentação",{"$nulls":4},6.48,null,849.88823000000002]
[null,"EPI",{"$nulls":4},0.19,null,25.554625999999999]
[null,"Ferramenta",{"$nulls":4},0,null,0]
[null,"Transporte",{"$nulls":4},1.36,null,178.85172600000001]
[null,"Consulta Ocupacional",{"$nulls":4},0.06,null,8.1034469999999992]
[null,"Total Encargos Complementares",{"$nulls":4},8.09,null,1062.398029]
[null,"Encargos Adicionais",{"$nulls":4}," %",null,"R$"]
[null,"Cesta Básica",{"$nulls":4},0,null,0]
[null,"Assistência Médica",{"$nulls":4},0,null,0]
[null,"Seguro de Vida",{"$nulls":4},7.0000000000000007E-2,null,9.7799999999999994]
[null,"Desgaste Orgânico",{"$nulls":4},0,null,0]
[null,"Adicional de Confinamento",{"$nulls":4},0,null,0]
[null,"Total Encargos Adicionais",{"$nulls":4},7.0000000000000007E-2,null,9.7799999999999994]
[null,"Encargos Totais",{"$nulls":4},84.571200000000005,null,11096.961397999999]
[null,"Custo Total",{"$nulls":6},24218.406999999999]
[null,"Código",null,"Descrição",null,null,"Unidade",null,"Salário \n(R$)"]
[null,"P9947",null,"Técnico florestal",null,null,"mês",null,3770.31]
[]
[null,"Encargos Sociais e Trabalhistas - julho/2025",{"$nulls":4}," %"]
[null,"Grupo A - Encargos Sociais"]
[null,"Previdência Social",{"$nulls":4},20]
[null,"FGTS",{"$nulls":4},8]
[null,"Salário Educação",{"$nulls":4},2.5]
[null,"SESC ou SESI",{"$nulls":4},1.5]
[null,"SENAI / SEBRAE",{"$nulls":4},1.6]
[null,"INCRA",{"$nulls":4},0.2]
[null,"Seguro Contra Risco e Acidente de Trabalho",{"$nulls":4},3]
[null,"SECONCI",{"$nulls":4},0.41481480999999998]
[null,"FAE - Financiamento de Aposentadoria Especial",{"$nulls":4},0]
[null,"Total Grupo A",{"$nulls":4},37.21481481]
[null,"Grupo B - Encargos Trabalhistas"]
[null,"Repouso Semanal Remunerado - Domingos",{"$nulls":4},0]
[null,"Feriados",{"$nulls":4},0]
[null,"Férias Gozadas + 1/3",{"$nulls":4},3.0841074000000002]
[null,"Auxílio Enfermidade",{"$nulls":4},0.90935710999999997]
[null,"Auxílio Acidente de Trabalho",{"$nulls":4},4.9126620000000003E-2]
[null,"Licença Paternidade",{"$nulls":4},5.7599890000000001E-2]
[null,"13° Salário",{"$nulls":4},9.24763527]
[null,"Faltas Justificadas",{"$nulls":4},0.74322630000000001]
[null,"Férias sobre Licença Maternidade",{"$nulls":4},0.12711227999999999]
[null,"Reciclagem Tecnológica",{"$nulls":4},0]
[null,"Total Grupo B",{"$nulls":4},14.21816488]
[null,"Grupo C - Verbas Rescisórias"]
[null,"Aviso Prévio Indenizado",{"$nulls":4},6.1864546799999998]
[null,"Aviso Prévio Trabalhado",{"$nulls":4},0.17042652]
[null,"Férias Indenizadas + 1/3",{"$nulls":4},9.2460729700000002]
[null,"Depósito por Rescisão Sem Justa Causa",{"$nulls":4},3.6549812799999999]
[null,"Indenização Adicional",{"$nulls":4},0.92903287999999995]
[null,"Total Grupo C",{"$nulls":4},20.186968319999998]
[null,"Grupo D - Verbas Rescisórias"]
[null,"Reincidência de A sobre B",{"$nulls":4},5.2912637299999998]
[null,"Reincidência de A sobre Aviso Prévio Trabalhado + Reincidência de FGTS sobre Aviso Prévio Indenizado",{"$nulls":4},0.55834028999999996]
[null,"Total Grupo D",{"$nulls":4},5.8496040200000001]
[null,"Total Encargos Sociais e Trabalhistas - julho/2025",{"$nulls":4},77.47]
[null,"Periculosidade/Insalubridade",{"$nulls":4}," %",null,"R$"]
[null,"Total Periculosidade/Insalubridade",{"$nulls":4},0,null,0]
[null,"Encargos Sociais e Trabalhistas - Média Móvel",{"$nulls":4}," %",null,"R$"]
[null,"Encargos Sociais e Trabalhistas - Média Móvel - Sobre Salário",{"$nulls":4},77.72,null,2930.284932]
[null,"Encargos Sociais e Trabalhistas - Média Móvel - Sobre Periculosidade/Insalubridade",{"$nulls":4},77.72,null,0]
[null,"Total Encargos Sociais e Trabalhistas - Média Móvel",{"$nulls":4},77.72,null,2930.284932]
[null,"Encargos Complementares",{"$nulls":4}," %",null,"R$"]
[null,"Alimentação",{"$nulls":4},22.54,null,849.88823000000002]
[null,"EPI",{"$nulls":4},1.66,null,62.450066]
[null,"Ferramenta",{"$nulls":4},0,null,0]
[null,"Transporte",{"$nulls":4},4.74,null,178.85172600000001]
[null,"Consulta Ocupacional",{"$nulls":4},0.31,null,11.641783]
[null,"Total Encargos Complementares",{"$nulls":4},29.25,null,1102.831805]
[null,"Encargos Adicionais",{"$nulls":4}," %",null,"R$"]
[null,"Cesta Básica",{"$nulls":4},0,null,0]
[null,"Assistência Médica",{"$nulls":4},0,null,0]
[null,"Seguro de Vida",{"$nulls":4},0.26,null,9.7799999999999994]
[null,"Desgaste Orgânico",{"$nulls":4},0,null,0]
[null,"Adicional de Confinamento",{"$nulls":4},0,null,0]
[null,"Total Encargos Adicionais",{"$nulls":4},0.26,null,9.7799999999999994]
[null,"Encargos Totais",{"$nulls":4},107.2298,null,4042.896737]
[null,"Custo Total",{"$nulls":6},7813.2057999999997]
[null,"Código",null,"Descrição",null,null,"Unidade",null,"Salário \n(R$)"]
[null,"P9948",null,"Motorista de veículo leve - mensalista",null,null,"mês",null,2486.8748000000001]
[]
[null,"Encargos Sociais e Trabalhistas - julho/2025",{"$nulls":4}," %"]
[null,"Grupo A - Encargos Sociais"]
[null,"Previdência Social",{"$nulls":4},20]
[null,"FGTS",{"$nulls":4},8]
[null,"Salário Educação",{"$nulls":4},2.5]
[null,"SESC ou SESI",{"$nulls":4},1.5]
[null,"SENAI / SEBRAE",{"$nulls":4},1.6]
[null,"INCRA",{"$nulls":4},0.2]
[null,"Seguro Contra Risco e Acidente de Trabalho",{"$nulls":4},3]
[null,"SECONCI",{"$nulls":4},0.5]
[null,"FAE - Financiamento de Aposentadoria Especial",{"$nulls":4},0]
[null,"Total Grupo A",{"$nulls":4},37.299999999999997]
[null,"Grupo B - Encargos Trabalhistas"]
[null,"Repouso Semanal Remunerado - Domingos",{"$nulls":4},0]
[null,"Feriados",{"$nulls":4},0]
[null,"Férias Gozadas + 1/3",{"$nulls":4},7.8924731399999999]
[null,"Auxílio Enfermidade",{"$nulls":4},0.89867255999999995]
[null,"Auxílio Acidente de Trabalho",{"$nulls":4},4.9075309999999997E-2]
[null,"Licença Paternidade",{"$nulls":4},8.2272479999999995E-2]
[null,"13° Salário",{"$nulls":4},9.2379762999999997]
[null,"Faltas Justificadas",{"$nulls":4},0.74245002000000004]
[null,"Férias sobre Licença Maternidade",{"$nulls":4},7.6673000000000002E-3]
[null,"Reciclagem Tecnológica",{"$nulls":4},0]
[null,"Total Grupo B",{"$nulls":4},18.910587110000002]
[null,"Grupo C - Verbas Rescisórias"]
[null,"Aviso Prévio Indenizado",{"$nulls":4},3.2331315900000002]
[null,"Aviso Prévio Trabalhado",{"$nulls":4},8.1645110000000007E-2]
[null,"Férias Indenizadas + 1/3",{"$nulls":4},4.4248285899999997]
[null,"Depósito por Rescisão Sem Justa Causa",{"$nulls":4},3.80513879]
[null,"Indenização Adicional",{"$nulls":4},0.92806252]
[null,"Total Grupo C",{"$nulls":4},12.4728066]
[null,"Grupo D - Verbas Rescisórias"]
[null,"Reincidência de A sobre B",{"$nulls":4},7.0536489900000001]
[null,"Reincidência de A sobre Aviso Prévio Trabalhado + Reincidência de FGTS sobre Aviso Prévio Indenizado",{"$nulls":4},0.28910415]
[null,"Total Grupo D",{"$nulls":4},7.3427531400000001]
[null,"Total Encargos Sociais e Trabalhistas - julho/2025",{"$nulls":4},76.03]
[null,"Periculosidade/Insalubridade",{"$nulls":4}," %",null,"R$"]
[null,"Total Periculosidade/Insalubridade",{"$nulls":4},0,null,0]
[null,"Encargos Sociais e Trabalhistas - Média Móvel",{"$nulls":4}," %",null,"R$"]
[null,"Encargos Sociais e Trabalhistas - Média Móvel - Sobre Salário",{"$nulls":4},76.41,null,1900.221035]
[null,"Encargos Sociais e Trabalhistas - Média Móvel - Sobre Periculosidade/Insalubridade",{"$nulls":4},76.41,null,0]
[null,"Total Encargos Sociais e Trabalhistas - Média Móvel",{"$nulls":4},76.41,null,1900.221035]
[null,"Encargos Complementares",{"$nulls":4}," %",null,"R$"]
[null,"Alimentação",{"$nulls":4},34.17,null,849.88823000000002]
[null,"EPI",{"$nulls":4},1.93,null,47.925632999999998]
[null,"Ferramenta",{"$nulls":4},0,null,0]
[null,"Transporte",{"$nulls":4},7.19,null,178.85172600000001]
[null,"Consulta Ocupacional",{"$nulls":4},0.34,null,8.3657280000000007]
[null,"Total Encargos Complementares",{"$nulls":4},43.63,null,1085.0313169999999]
[null,"Encargos Adicionais",{"$nulls":4}," %",null,"R$"]
[null,"Cesta Básica",{"$nulls":4},0,null,0]
[null,"Assistência Médica",{"$nulls":4},0,null,0]
[null,"Seguro de Vida",{"$nulls":4},0.39,null,9.7799999999999994]
[null,"Desgaste Orgânico",{"$nulls":4},0,null,0]
[null,"Adicional de Confinamento",{"$nulls":4},0,null,0]
[null,"Total Encargos Adicionais",{"$nulls":4},0.39,null,9.7799999999999994]
[null,"Encargos Totais",{"$nulls":4},120.4336,null,2995.0323520000002]
[null,"Custo Total",{"$nulls":6},5481.9075999999995]
[null,"Código",null,"Descrição",null,null,"Unidade",null,"Salário \n(R$)"]
[null,"P9949",null,"Topógrafo",null,null,"mês",null,3037.4450000000002]
[]
[null,"Encargos Sociais e Trabalhistas - julho/2025",{"$nulls":4}," %"]
[null,"Grupo A - Encargos Sociais"]
[null,"Previdência Social",{"$nulls":4},20]
[null,"FGTS",{"$nulls":4},8]
[null,"Salário Educação",{"$nulls":4},2.5]
[null,"SESC ou SESI",{"$nulls":4},1.5]
[null,"SENAI / SEBRAE",{"$nulls":4},1.6]
[null,"INCRA",{"$nulls":4},0.2]
[null,"Seguro Contra Risco e Acidente de Trabalho",{"$nulls":4},3]
[null,"SECONCI",{"$nulls":4},0.5]
[null,"FAE - Financiamento de Aposentadoria Especial",{"$nulls":4},0]
[null,"Total Grupo A",{"$nulls":4},37.299999999999997]
[null,"Grupo B - Encargos Trabalhistas"]
[null,"Repouso Semanal Remunerado - Domingos",{"$nulls":4},0]
[null,"Feriados",{"$nulls":4},0]
[null,"Férias Gozadas + 1/3",{"$nulls":4},3.2688422799999999]
[null,"Auxílio Enfermidade",{"$nulls":4},0.89871033]
[null,"Auxílio Acidente de Trabalho",{"$nulls":4},4.9077370000000002E-2]
[null,"Licença Paternidade",{"$nulls":4},9.2027800000000007E-2]
[null,"13° Salário",{"$nulls":4},9.2383645600000008]
[null,"Faltas Justificadas",{"$nulls":4},0.74248122000000005]
[null,"Férias sobre Licença Maternidade",{"$nulls":4},2.1273099999999999E-3]
[null,"Reciclagem Tecnológica",{"$nulls":4},0]
[null,"Total Grupo B",{"$nulls":4},14.29163086]
[null,"Grupo C - Verbas Rescisórias"]
[null,"Aviso Prévio Indenizado",{"$nulls":4},6.0606556100000004]
[null,"Aviso Prévio Trabalhado",{"$nulls":4},0.16696096999999999]
[null,"Férias Indenizadas + 1/3",{"$nulls":4},9.0489771399999999]
[null,"Depósito por Rescisão Sem Justa Causa",{"$nulls":4},3.65733219]
[null,"Indenização Adicional",{"$nulls":4},0.92810152000000001]
[null,"Total Grupo C",{"$nulls":4},19.862027430000001]
[null,"Grupo D - Verbas Rescisórias"]
[null,"Reincidência de A sobre B",{"$nulls":4},5.3307783100000004]
[null,"Reincidência de A sobre Aviso Prévio Trabalhado + Reincidência de FGTS sobre Aviso Prévio Indenizado",{"$nulls":4},0.54712888999999998]
[null,"Total Grupo D",{"$nulls":4},5.8779072000000001]
[null,"Total Encargos Sociais e Trabalhistas - julho/2025",{"$nulls":4},77.33]
[null,"Periculosidade/Insalubridade",{"$nulls":4}," %",null,"R$"]
[null,"Total Periculosidade/Insalubridade",{"$nulls":4},0,null,0]
[null,"Encargos Sociais e Trabalhistas - Média Móvel",{"$nulls":4}," %",null,"R$"]
[null,"Encargos Sociais e Trabalhistas - Média Móvel - Sobre Salário",{"$nulls":4},77.790000000000006,null,2362.8284659999999]
[null,"Encargos Sociais e Trabalhistas - Média Móvel - Sobre Periculosidade/Insalubridade",{"$nulls":4},77.790000000000006,null,0]
[null,"Total Encargos Sociais e Trabalhistas - Média Móvel",{"$nulls":4},77.790000000000006,null,2362.8284659999999]
[null,"Encargos Complementares",{"$nulls":4}," %",null,"R$"]
[null,"Alimentação",{"$nulls":4},27.98,null,849.88823000000002]
[null,"EPI",{"$nulls":4},2.09,null,63.473173000000003]
[null,"Ferramenta",{"$nulls":4},0,null,0]
[null,"Transporte",{"$nulls":4},5.89,null,178.85172600000001]
[null,"Consulta Ocupacional",{"$nulls":4},0.38,null,11.405052]
[null,"Total Encargos Complementares",{"$nulls":4},36.340000000000003,null,1103.618181]
[null,"Encargos Adicionais",{"$nulls":4}," %",null,"R$"]
[null,"Cesta Básica",{"$nulls":4},0,null,0]
[null,"Assistência Médica",{"$nulls":4},0,null,0]
[null,"Seguro de Vida",{"$nulls":4},0.32,null,9.7799999999999994]
[null,"Desgaste Orgânico",{"$nulls":4},0,null,0]
[null,"Adicional de Confinamento",{"$nulls":4},0,null,0]
[null,"Total Encargos Adicionais",{"$nulls":4},0.32,null,9.7799999999999994]
[null,"Encargos Totais",{"$nulls":4},114.4457,null,3476.226647]
[null,"Custo Total",{"$nulls":6},6513.6701000000003]
[null,"Código",null,"Descrição",null,null,"Unidade",null,"Salário \n(R$)"]
[null,"P9950",null,"Auxiliar de topografia",null,null,"mês",null,2305.6]
[]
[null,"Encargos Sociais e Trabalhistas - julho/2025",{"$nulls":4}," %"]
[null,"Grupo A - Encargos Sociais"]
[null,"Previdência Social",{"$nulls":4},20]
[null,"FGTS",{"$nulls":4},8]
[null,"Salário Educação",{"$nulls":4},2.5]
[null,"SESC ou SESI",{"$nulls":4},1.5]
[null,"SENAI / SEBRAE",{"$nulls":4},1.6]
[null,"INCRA",{"$nulls":4},0.2]
[null,"Seguro Contra Risco e Acidente de Trabalho",{"$nulls":4},3]
[null,"SECONCI",{"$nulls":4},0.5]
[null,"FAE - Financiamento de Aposentadoria Especial",{"$nulls":4},0]
[null,"Total Grupo A",{"$nulls":4},37.299999999999997]
[null,"Grupo B - Encargos Trabalhistas"]
[null,"Repouso Semanal Remunerado - Domingos",{"$nulls":4},0]
[null,"Feriados",{"$nulls":4},0]
[null,"Férias Gozadas + 1/3",{"$nulls":4},3.2688422799999999]
[null,"Auxílio Enfermidade",{"$nulls":4},0.89871033]
[null,"Auxílio Acidente de Trabalho",{"$nulls":4},4.9077370000000002E-2]
[null,"Licença Paternidade",{"$nulls":4},9.2027800000000007E-2]
[null,"13° Salário",{"$nulls":4},9.2383645600000008]
[null,"Faltas Justificadas",{"$nulls":4},0.74248122000000005]
[null,"Férias sobre Licença Maternidade",{"$nulls":4},2.1273099999999999E-3]
[null,"Reciclagem Tecnológica",{"$nulls":4},0]
[null,"Total Grupo B",{"$nulls":4},14.29163086]
[null,"Grupo C - Verbas Rescisórias"]
[null,"Aviso Prévio Indenizado",{"$nulls":4},6.0606556100000004]
[null,"Aviso Prévio Trabalhado",{"$nulls":4},0.16696096999999999]
[null,"Férias Indenizadas + 1/3",{"$nulls":4},9.0489771399999999]
[null,"Depósito por Rescisão Sem Justa Causa",{"$nulls":4},3.65733219]
[null,"Indenização Adicional",{"$nulls":4},0.92810152000000001]
[null,"Total Grupo C",{"$nulls":4},19.862027430000001]
[null,"Grupo D - Verbas Rescisórias"]
[null,"Reincidência de A sobre B",{"$nulls":4},5.3307783100000004]
[null,"Reincidência de A sobre Aviso Prévio Trabalhado + Reincidência de FGTS sobre Aviso Prévio Indenizado",{"$nulls":4},0.54712888999999998]
[null,"Total Grupo D",{"$nulls":4},5.8779072000000001]
[null,"Total Encargos Sociais e Trabalhistas - julho/2025",{"$nulls":4},77.33]
[null,"Periculosidade/Insalubridade",{"$nulls":4}," %",null,"R$"]
[null,"Total Periculosidade/Insalubridade",{"$nulls":4},0,null,0]
[null,"Encargos Sociais e Trabalhistas - Média Móvel",{"$nulls":4}," %",null,"R$"]
[null,"Encargos Sociais e Trabalhistas - Média Móvel - Sobre Salário",{"$nulls":4},77.790000000000006,null,1793.5262399999999]
[null,"Encargos Sociais e Trabalhistas - Média Móvel - Sobre Periculosidade/Insalubridade",{"$nulls":4},77.790000000000006,null,0]
[null,"Total Encargos Sociais e Trabalhistas - Média Móvel",{"$nulls":4},77.790000000000006,null,1793.5262399999999]
[null,"Encargos Complementares",{"$nulls":4}," %",null,"R$"]
[null,"Alimentação",{"$nulls":4},36.86,null,849.88823000000002]
[null,"EPI",{"$nulls":4},2.75,null,63.473173000000003]
[null,"Ferramenta",{"$nulls":4},0,null,0]
[null,"Transporte",{"$nulls":4},7.76,null,178.85172600000001]
[null,"Consulta Ocupacional",{"$nulls":4},0.49,null,11.405052]
[null,"Total Encargos Complementares",{"$nulls":4},47.86,null,1103.618181]
[null,"Encargos Adicionais",{"$nulls":4}," %",null,"R$"]
[null,"Cesta Básica",{"$nulls":4},0,null,0]
[null,"Assistência Médica",{"$nulls":4},0,null,0]
[null,"Seguro de Vida",{"$nulls":4},0.42,null,9.7799999999999994]
[null,"Desgaste Orgânico",{"$nulls":4},0,null,0]
[null,"Adicional de Confinamento",{"$nulls":4},0,null,0]
[null,"Total Encargos Adicionais",{"$nulls":4},0.42,null,9.7799999999999994]
[null,"Encargos Totais",{"$nulls":4},126.081,null,2906.9244210000002]
[null,"Custo Total",{"$nulls":6},5212.5235000000002]
[null,"Código",null,"Descrição",null,null,"Unidade",null,"Salário \n(R$)"]
[null,"P9951",null,"Médico de câmara hiperbárica",null,null,"mês",null,10112.5242]
[]
[null,"Encargos Sociais e Trabalhistas - julho/2025",{"$nulls":4}," %"]
[null,"Grupo A - Encargos Sociais"]
[null,"Previdência Social",{"$nulls":4},20]
[null,"FGTS",{"$nulls":4},8]
[null,"Salário Educação",{"$nulls":4},2.5]
[null,"SESC ou SESI",{"$nulls":4},1.5]
[null,"SENAI / SEBRAE",{"$nulls":4},1.6]
[null,"INCRA",{"$nulls":4},0.2]
[null,"Seguro Contra Risco e Acidente de Trabalho",{"$nulls":4},3]
[null,"SECONCI",{"$nulls":4},0.41481480999999998]
[null,"FAE - Financiamento de Aposentadoria Especial",{"$nulls":4},12]
[null,"Total Grupo A",{"$nulls":4},49.21481481]
[null,"Grupo B - Encargos Trabalhistas"]
[null,"Repouso Semanal Remunerado - Domingos",{"$nulls":4},0]
[null,"Feriados",{"$nulls":4},0]
[null,"Férias Gozadas + 1/3",{"$nulls":4},8.4017871799999995]
[null,"Auxílio Enfermidade",{"$nulls":4},0.90846990999999999]
[null,"Auxílio Acidente de Trabalho",{"$nulls":4},4.9078690000000001E-2]
[null,"Licença Paternidade",{"$nulls":4},3.8049449999999999E-2]
[null,"13° Salário",{"$nulls":4},9.2386129799999992]
[null,"Faltas Justificadas",{"$nulls":4},0.74250117999999998]
[null,"Férias sobre Licença Maternidade",{"$nulls":4},4.9028309999999999E-2]
[null,"Reciclagem Tecnológica",{"$nulls":4},0]
[null,"Total Grupo B",{"$nulls":4},19.427527690000002]
[null,"Grupo C - Verbas Rescisórias"]
[null,"Aviso Prévio Indenizado",{"$nulls":4},3.0998600999999999]
[null,"Aviso Prévio Trabalhado",{"$nulls":4},7.2258139999999998E-2]
[null,"Férias Indenizadas + 1/3",{"$nulls":4},3.9163634599999999]
[null,"Depósito por Rescisão Sem Justa Causa",{"$nulls":4},3.8216808900000001]
[null,"Indenização Adicional",{"$nulls":4},0.92812647999999998]
[null,"Total Grupo C",{"$nulls":4},11.83828907]
[null,"Grupo D - Verbas Rescisórias"]
[null,"Reincidência de A sobre B",{"$nulls":4},9.5612217800000003]
[null,"Reincidência de A sobre Aviso Prévio Trabalhado + Reincidência de FGTS sobre Aviso Prévio Indenizado",{"$nulls":4},0.28355051999999997]
[null,"Total Grupo D",{"$nulls":4},9.8447723000000007]
[null,"Total Encargos Sociais e Trabalhistas - julho/2025",{"$nulls":4},90.33]
[null,"Periculosidade/Insalubridade",{"$nulls":4}," %",null,"R$"]
[null,"Total Periculosidade/Insalubridade",{"$nulls":4},6,null,607.20000000000005]
[null,"Encargos Sociais e Trabalhistas - Média Móvel",{"$nulls":4}," %",null,"R$"]
[null,"Encargos Sociais e Trabalhistas - Média Móvel - Sobre Salário",{"$nulls":4},90.41,null,9142.7331290000002]
[null,"Encargos Sociais e Trabalhistas - Média Móvel - Sobre Periculosidade/Insalubridade",{"$nulls":4},90.41,null,548.96951999999999]
[null,"Total Encargos Sociais e Trabalhistas - Média Móvel",{"$nulls":4},90.41,null,9691.7026490000007]
[null,"Encargos Complementares",{"$nulls":4}," %",null,"R$"]
[null,"Alimentação",{"$nulls":4},8.4,null,849.88823000000002]
[null,"EPI",{"$nulls":4},0,null,0]
[null,"Ferramenta",{"$nulls":4},0,null,0]
[null,"Transporte",{"$nulls":4},1.77,null,178.85172600000001]
[null,"Consulta Ocupacional",{"$nulls":4},7.0000000000000007E-2,null,7.4038969999999997]
[null,"Total Encargos Complementares",{"$nulls":4},10.24,null,1036.143853]
[null,"Encargos Adicionais",{"$nulls":4}," %",null,"R$"]
[null,"Cesta Básica",{"$nulls":4},0,null,0]
[null,"Assistência Médica",{"$nulls":4},0,null,0]
[null,"Seguro de Vida",{"$nulls":4},0.1,null,9.7799999999999994]
[null,"Desgaste Orgânico",{"$nulls":4},0,null,0]
[null,"Adicional de Confinamento",{"$nulls":4},0,null,0]
[null,"Total Encargos Adicionais",{"$nulls":4},0.1,null,9.7799999999999994]
[null,"Encargos Totais",{"$nulls":4},106.1815,null,10737.626501999999]
[null,"Custo Total",{"$nulls":6},21456.905500000001]
[null,"Código",null,"Descrição",null,null,"Unidade",null,"Salário \n(R$)"]
[null,"P9952",null,"Pedreiro - mensalista",null,null,"mês",null,2637.8]
[]
[null,"Encargos Sociais e Trabalhistas - julho/2025",{"$nulls":4}," %"]
[null,"Grupo A - Encargos Sociais"]
[null,"Previdência Social",{"$nulls":4},20]
[null,"FGTS",{"$nulls":4},8]
[null,"Salário Educação",{"$nulls":4},2.5]
[null,"SESC ou SESI",{"$nulls":4},1.5]
[null,"SENAI / SEBRAE",{"$nulls":4},1.6]
[null,"INCRA",{"$nulls":4},0.2]
[null,"Seguro Contra Risco e Acidente de Trabalho",{"$nulls":4},3]
[null,"SECONCI",{"$nulls":4},1]
[null,"FAE - Financiamento de Aposentadoria Especial",{"$nulls":4},0]
[null,"Total Grupo A",{"$nulls":4},37.799999999999997]
[null,"Grupo B - Encargos Trabalhistas"]
[null,"Repouso Semanal Remunerado - Domingos",{"$nulls":4},0]
[null,"Feriados",{"$nulls":4},0]
[null,"Férias Gozadas + 1/3",{"$nulls":4},5.9494451599999998]
[null,"Auxílio Enfermidade",{"$nulls":4},0.90124117000000004]
[null,"Auxílio Acidente de Trabalho",{"$nulls":4},4.90646E-2]
[null,"Licença Paternidade",{"$nulls":4},6.4105049999999997E-2]
[null,"13° Salário",{"$nulls":4},9.2359609900000006]
[null,"Faltas Justificadas",{"$nulls":4},0.74228804999999998]
[null,"Férias sobre Licença Maternidade",{"$nulls":4},1.2459700000000001E-3]
[null,"Reciclagem Tecnológica",{"$nulls":4},0]
[null,"Total Grupo B",{"$nulls":4},16.943351]
[null,"Grupo C - Verbas Rescisórias"]
[null,"Aviso Prévio Indenizado",{"$nulls":4},4.2642542900000002]
[null,"Aviso Prévio Trabalhado",{"$nulls":4},0.1174731]
[null,"Férias Indenizadas + 1/3",{"$nulls":4},6.3651695000000004]
[null,"Depósito por Rescisão Sem Justa Causa",{"$nulls":4},3.7421872299999999]
[null,"Indenização Adicional",{"$nulls":4},0.92786005999999999]
[null,"Total Grupo C",{"$nulls":4},15.41694418]
[null,"Grupo D - Verbas Rescisórias"]
[null,"Reincidência de A sobre B",{"$nulls":4},6.4045866800000004]
[null,"Reincidência de A sobre Aviso Prévio Trabalhado + Reincidência de FGTS sobre Aviso Prévio Indenizado",{"$nulls":4},0.38554517999999999]
[null,"Total Grupo D",{"$nulls":4},6.7901318499999999]
[null,"Total Encargos Sociais e Trabalhistas - julho/2025",{"$nulls":4},76.95]
[null,"Periculosidade/Insalubridade",{"$nulls":4}," %",null,"R$"]
[null,"Total Periculosidade/Insalubridade",{"$nulls":4},0,null,0]
[null,"Encargos Sociais e Trabalhistas - Média Móvel",{"$nulls":4}," %",null,"R$"]
[null,"Encargos Sociais e Trabalhistas - Média Móvel - Sobre Salário",{"$nulls":4},77.19,null,2036.1178199999999]
[null,"Encargos Sociais e Trabalhistas - Média Móvel - Sobre Periculosidade/Insalubridade",{"$nulls":4},77.19,null,0]
[null,"Total Encargos Sociais e Trabalhistas - Média Móvel",{"$nulls":4},77.19,null,2036.1178199999999]
[null,"Encargos Complementares",{"$nulls":4}," %",null,"R$"]
[null,"Alimentação",{"$nulls":4},32.22,null,849.88823000000002]
[null,"EPI",{"$nulls":4},3.34,null,88.010645999999994]
[null,"Ferramenta",{"$nulls":4},0.21,null,5.5170849999999998]
[null,"Transporte",{"$nulls":4},6.78,null,178.85172600000001]
[null,"Consulta Ocupacional",{"$nulls":4},0.3,null,8.0245510000000007]
[null,"Total Encargos Complementares",{"$nulls":4},42.85,null,1130.292238]
[null,"Encargos Adicionais",{"$nulls":4}," %",null,"R$"]
[null,"Cesta Básica",{"$nulls":4},0,null,0]
[null,"Assistência Médica",{"$nulls":4},0,null,0]
[null,"Seguro de Vida",{"$nulls":4},0.37,null,9.7799999999999994]
[null,"Desgaste Orgânico",{"$nulls":4},0,null,0]
[null,"Adicional de Confinamento",{"$nulls":4},0,null,0]
[null,"Total Encargos Adicionais",{"$nulls":4},0.37,null,9.7799999999999994]
[null,"Encargos Totais",{"$nulls":4},120.4106,null,3176.1900580000001]
[null,"Custo Total",{"$nulls":6},5813.9907999999996]
[null,"Código",null,"Descrição",null,null,"Unidade",null,"Salário \n(R$)"]
[null,"P9953",null,"Eletricista - mensalista",null,null,"mês",null,2637.8]
[]
[null,"Encargos Sociais e Trabalhistas - julho/2025",{"$nulls":4}," %"]
[null,"Grupo A - Encargos Sociais"]
[null,"Previdência Social",{"$nulls":4},20]
[null,"FGTS",{"$nulls":4},8]
[null,"Salário Educação",{"$nulls":4},2.5]
[null,"SESC ou SESI",{"$nulls":4},1.5]
[null,"SENAI / SEBRAE",{"$nulls":4},1.6]
[null,"INCRA",{"$nulls":4},0.2]
[null,"Seguro Contra Risco e Acidente de Trabalho",{"$nulls":4},3]
[null,"SECONCI",{"$nulls":4},1]
[null,"FAE - Financiamento de Aposentadoria Especial",{"$nulls":4},0]
[null,"Total Grupo A",{"$nulls":4},37.799999999999997]
[null,"Grupo B - Encargos Trabalhistas"]
[null,"Repouso Semanal Remunerado - Domingos",{"$nulls":4},0]
[null,"Feriados",{"$nulls":4},0]
[null,"Férias Gozadas + 1/3",{"$nulls":4},6.5518567900000004]
[null,"Auxílio Enfermidade",{"$nulls":4},0.90136875000000005]
[null,"Auxílio Acidente de Trabalho",{"$nulls":4},4.9071549999999999E-2]
[null,"Licença Paternidade",{"$nulls":4},7.7706349999999993E-2]
[null,"13° Salário",{"$nulls":4},9.2372683500000008]
[null,"Faltas Justificadas",{"$nulls":4},0.74239312000000002]
[null,"Férias sobre Licença Maternidade",{"$nulls":4},1.8078300000000001E-3]
[null,"Reciclagem Tecnológica",{"$nulls":4},0]
[null,"Total Grupo B",{"$nulls":4},17.561472729999998]
[null,"Grupo C - Verbas Rescisórias"]
[null,"Aviso Prévio Indenizado",{"$nulls":4},4.2123255899999998]
[null,"Aviso Prévio Trabalhado",{"$nulls":4},0.10637234]
[null,"Férias Indenizadas + 1/3",{"$nulls":4},5.76450102]
[null,"Depósito por Rescisão Sem Justa Causa",{"$nulls":4},3.7619671299999999]
[null,"Indenização Adicional",{"$nulls":4},0.92799140000000002]
[null,"Total Grupo C",{"$nulls":4},14.773157469999999]
[null,"Grupo D - Verbas Rescisórias"]
[null,"Reincidência de A sobre B",{"$nulls":4},6.6382366900000003]
[null,"Reincidência de A sobre Aviso Prévio Trabalhado + Reincidência de FGTS sobre Aviso Prévio Indenizado",{"$nulls":4},0.37719479]
[null,"Total Grupo D",{"$nulls":4},7.0154314800000002]
[null,"Total Encargos Sociais e Trabalhistas - julho/2025",{"$nulls":4},77.150000000000006]
[null,"Periculosidade/Insalubridade",{"$nulls":4}," %",null,"R$"]
[null,"Total Periculosidade/Insalubridade",{"$nulls":4},0,null,0]
[null,"Encargos Sociais e Trabalhistas - Média Móvel",{"$nulls":4}," %",null,"R$"]
[null,"Encargos Sociais e Trabalhistas - Média Móvel - Sobre Salário",{"$nulls":4},77.22,null,2036.9091599999999]
[null,"Encargos Sociais e Trabalhistas - Média Móvel - Sobre Periculosidade/Insalubridade",{"$nulls":4},77.22,null,0]
[null,"Total Encargos Sociais e Trabalhistas - Média Móvel",{"$nulls":4},77.22,null,2036.9091599999999]
[null,"Encargos Complementares",{"$nulls":4}," %",null,"R$"]
[null,"Alimentação",{"$nulls":4},32.22,null,849.88823000000002]
[null,"EPI",{"$nulls":4},5.24,null,138.149618]
[null,"Ferramenta",{"$nulls":4},0.79,null,20.875695]
[null,"Transporte",{"$nulls":4},6.78,null,178.85172600000001]
[null,"Consulta Ocupacional",{"$nulls":4},0.41,null,10.899392000000001]
[null,"Total Encargos Complementares",{"$nulls":4},45.44,null,1198.664661]
[null,"Encargos Adicionais",{"$nulls":4}," %",null,"R$"]
[null,"Cesta Básica",{"$nulls":4},0,null,0]
[null,"Assistência Médica",{"$nulls":4},0,null,0]
[null,"Seguro de Vida",{"$nulls":4},0.37,null,9.7799999999999994]
[null,"Desgaste Orgânico",{"$nulls":4},0,null,0]
[null,"Adicional de Confinamento",{"$nulls":4},0,null,0]
[null,"Total Encargos Adicionais",{"$nulls":4},0.37,null,9.7799999999999994]
[null,"Encargos Totais",{"$nulls":4},123.0326,null,3245.3538210000002]
[null,"Custo Total",{"$nulls":6},5883.1539000000002]
[null,"Código",null,"Descrição",null,null,"Unidade",null,"Salário \n(R$)"]
[null,"P9954",null,"Servente - mensalista",null,null,"mês",null,1707.2]
[]
[null,"Encargos Sociais e Trabalhistas - julho/2025",{"$nulls":4}," %"]
[null,"Grupo A - Encargos Sociais"]
[null,"Previdência Social",{"$nulls":4},20]
[null,"FGTS",{"$nulls":4},8]
[null,"Salário Educação",{"$nulls":4},2.5]
[null,"SESC ou SESI",{"$nulls":4},1.5]
[null,"SENAI / SEBRAE",{"$nulls":4},1.6]
[null,"INCRA",{"$nulls":4},0.2]
[null,"Seguro Contra Risco e Acidente de Trabalho",{"$nulls":4},3]
[null,"SECONCI",{"$nulls":4},1]
[null,"FAE - Financiamento de Aposentadoria Especial",{"$nulls":4},0]
[null,"Total Grupo A",{"$nulls":4},37.799999999999997]
[null,"Grupo B - Encargos Trabalhistas"]
[null,"Repouso Semanal Remunerado - Domingos",{"$nulls":4},0]
[null,"Feriados",{"$nulls":4},0]
[null,"Férias Gozadas + 1/3",{"$nulls":4},4.0045625400000002]
[null,"Auxílio Enfermidade",{"$nulls":4},0.90152284999999999]
[null,"Auxílio Acidente de Trabalho",{"$nulls":4},4.9079940000000002E-2]
[null,"Licença Paternidade",{"$nulls":4},8.1467709999999999E-2]
[null,"13° Salário",{"$nulls":4},9.2388476599999994]
[null,"Faltas Justificadas",{"$nulls":4},0.74252004999999999]
[null,"Férias sobre Licença Maternidade",{"$nulls":4},1.5135289999999999E-2]
[null,"Reciclagem Tecnológica",{"$nulls":4},0]
[null,"Total Grupo B",{"$nulls":4},15.03313603]
[null,"Grupo C - Verbas Rescisórias"]
[null,"Aviso Prévio Indenizado",{"$nulls":4},5.5680388199999999]
[null,"Aviso Prévio Trabalhado",{"$nulls":4},0.1533902]
[null,"Férias Indenizadas + 1/3",{"$nulls":4},8.3139009999999995]
[null,"Depósito por Rescisão Sem Justa Causa",{"$nulls":4},3.6810603500000001]
[null,"Indenização Adicional",{"$nulls":4},0.92815006]
[null,"Total Grupo C",{"$nulls":4},18.644540429999999]
[null,"Grupo D - Verbas Rescisórias"]
[null,"Reincidência de A sobre B",{"$nulls":4},5.6825254200000002]
[null,"Reincidência de A sobre Aviso Prévio Trabalhado + Reincidência de FGTS sobre Aviso Prévio Indenizado",{"$nulls":4},0.5034246]
[null,"Total Grupo D",{"$nulls":4},6.1859500199999999]
[null,"Total Encargos Sociais e Trabalhistas - julho/2025",{"$nulls":4},77.66]
[null,"Periculosidade/Insalubridade",{"$nulls":4}," %",null,"R$"]
[null,"Total Periculosidade/Insalubridade",{"$nulls":4},0,null,0]
[null,"Encargos Sociais e Trabalhistas - Média Móvel",{"$nulls":4}," %",null,"R$"]
[null,"Encargos Sociais e Trabalhistas - Média Móvel - Sobre Salário",{"$nulls":4},78.19,null,1334.85968]
[null,"Encargos Sociais e Trabalhistas - Média Móvel - Sobre Periculosidade/Insalubridade",{"$nulls":4},78.19,null,0]
[null,"Total Encargos Sociais e Trabalhistas - Média Móvel",{"$nulls":4},78.19,null,1334.85968]
[null,"Encargos Complementares",{"$nulls":4}," %",null,"R$"]
[null,"Alimentação",{"$nulls":4},49.78,null,849.88823000000002]
[null,"EPI",{"$nulls":4},4,null,68.242549999999994]
[null,"Ferramenta",{"$nulls":4},0.53,null,8.9918230000000001]
[null,"Transporte",{"$nulls":4},10.48,null,178.85172600000001]
[null,"Consulta Ocupacional",{"$nulls":4},0.61,null,10.478037]
[null,"Total Encargos Complementares",{"$nulls":4},65.400000000000006,null,1116.452366]
[null,"Encargos Adicionais",{"$nulls":4}," %",null,"R$"]
[null,"Cesta Básica",{"$nulls":4},0,null,0]
[null,"Assistência Médica",{"$nulls":4},0,null,0]
[null,"Seguro de Vida",{"$nulls":4},0.56999999999999995,null,9.7799999999999994]
[null,"Desgaste Orgânico",{"$nulls":4},0,null,0]
[null,"Adicional de Confinamento",{"$nulls":4},0,null,0]
[null,"Total Encargos Adicionais",{"$nulls":4},0.56999999999999995,null,9.7799999999999994]
[null,"Encargos Totais",{"$nulls":4},144.15960000000001,null,2461.0920460000002]
[null,"Custo Total",{"$nulls":6},4168.2925999999998]
[null,"Código",null,"Descrição",null,null,"Unidade",null,"Salário \n(R$)"]
[null,"P9955",null,"Engenheiro chefe",null,null,"mês",null,18030.7657]
[]
[null,"Encargos Sociais e Trabalhistas - julho/2025",{"$nulls":4}," %"]
[null,"Grupo A - Encargos Sociais"]
[null,"Previdência Social",{"$nulls":4},20]
[null,"FGTS",{"$nulls":4},8]
[null,"Salário Educação",{"$nulls":4},2.5]
[null,"SESC ou SESI",{"$nulls":4},1.5]
[null,"SENAI / SEBRAE",{"$nulls":4},1.6]
[null,"INCRA",{"$nulls":4},0.2]
[null,"Seguro Contra Risco e Acidente de Trabalho",{"$nulls":4},3]
[null,"SECONCI",{"$nulls":4},0.5]
[null,"FAE - Financiamento de Aposentadoria Especial",{"$nulls":4},0]
[null,"Total Grupo A",{"$nulls":4},37.299999999999997]
[null,"Grupo B - Encargos Trabalhistas"]
[null,"Repouso Semanal Remunerado - Domingos",{"$nulls":4},0]
[null,"Feriados",{"$nulls":4},0]
[null,"Férias Gozadas + 1/3",{"$nulls":4},8.0339354200000006]
[null,"Auxílio Enfermidade",{"$nulls":4},0.89897868000000003]
[null,"Auxílio Acidente de Trabalho",{"$nulls":4},4.909202E-2]
[null,"Licença Paternidade",{"$nulls":4},7.0409819999999998E-2]
[null,"13° Salário",{"$nulls":4},9.2411230799999995]
[null,"Faltas Justificadas",{"$nulls":4},0.74270292000000004]
[null,"Férias sobre Licença Maternidade",{"$nulls":4},5.3561190000000002E-2]
[null,"Reciclagem Tecnológica",{"$nulls":4},0]
[null,"Total Grupo B",{"$nulls":4},19.089803109999998]
[null,"Grupo C - Verbas Rescisórias"]
[null,"Aviso Prévio Indenizado",{"$nulls":4},3.1317669299999999]
[null,"Aviso Prévio Trabalhado",{"$nulls":4},7.9085379999999997E-2]
[null,"Férias Indenizadas + 1/3",{"$nulls":4},4.2875620200000002]
[null,"Depósito por Rescisão Sem Justa Causa",{"$nulls":4},3.8108737000000001]
[null,"Indenização Adicional",{"$nulls":4},0.92837864999999997]
[null,"Total Grupo C",{"$nulls":4},12.23766668]
[null,"Grupo D - Verbas Rescisórias"]
[null,"Reincidência de A sobre B",{"$nulls":4},7.1204965600000003]
[null,"Reincidência de A sobre Aviso Prévio Trabalhado + Reincidência de FGTS sobre Aviso Prévio Indenizado",{"$nulls":4},0.28004020000000002]
[null,"Total Grupo D",{"$nulls":4},7.4005367599999996]
[null,"Total Encargos Sociais e Trabalhistas - julho/2025",{"$nulls":4},76.03]
[null,"Periculosidade/Insalubridade",{"$nulls":4}," %",null,"R$"]
[null,"Total Periculosidade/Insalubridade",{"$nulls":4},0,null,0]
[null,"Encargos Sociais e Trabalhistas - Média Móvel",{"$nulls":4}," %",null,"R$"]
[null,"Encargos Sociais e Trabalhistas - Média Móvel - Sobre Salário",{"$nulls":4},76.400000000000006,null,13775.504994999999]
[null,"Encargos Sociais e Trabalhistas - Média Móvel - Sobre Periculosidade/Insalubridade",{"$nulls":4},76.400000000000006,null,0]
[null,"Total Encargos Sociais e Trabalhistas - Média Móvel",{"$nulls":4},76.400000000000006,null,13775.504994999999]
[null,"Encargos Complementares",{"$nulls":4}," %",null,"R$"]
[null,"Alimentação",{"$nulls":4},4.71,null,849.88823000000002]
[null,"EPI",{"$nulls":4},0.14000000000000001,null,25.554625999999999]
[null,"Ferramenta",{"$nulls":4},0,null,0]
[null,"Transporte",{"$nulls":4},0.99,null,178.85172600000001]
[null,"Consulta Ocupacional",{"$nulls":4},0.04,null,8.1034469999999992]
[null,"Total Encargos Complementares",{"$nulls":4},5.88,null,1062.398029]
[null,"Encargos Adicionais",{"$nulls":4}," %",null,"R$"]
[null,"Cesta Básica",{"$nulls":4},0,null,0]
[null,"Assistência Médica",{"$nulls":4},0,null,0]
[null,"Seguro de Vida",{"$nulls":4},0.05,null,9.7799999999999994]
[null,"Desgaste Orgânico",{"$nulls":4},0,null,0]
[null,"Adicional de Confinamento",{"$nulls":4},0,null,0]
[null,"Total Encargos Adicionais",{"$nulls":4},0.05,null,9.7799999999999994]
[null,"Encargos Totais",{"$nulls":4},82.346400000000003,null,14847.683024]
[null,"Custo Total",{"$nulls":6},32878.452100000002]
[null,"Código",null,"Descrição",null,null,"Unidade",null,"Salário \n(R$)"]
[null,"P9956",null,"Motorista de caminhão com periculosidade",null,null,"h",null,11.1579]
[]
[null,"Encargos Sociais e Trabalhistas - julho/2025",{"$nulls":4}," %"]
[null,"Grupo A - Encargos Sociais"]
[null,"Previdência Social",{"$nulls":4},20]
[null,"FGTS",{"$nulls":4},8]
[null,"Salário Educação",{"$nulls":4},2.5]
[null,"SESC ou SESI",{"$nulls":4},1.5]
[null,"SENAI / SEBRAE",{"$nulls":4},1.6]
[null,"INCRA",{"$nulls":4},0.2]
[null,"Seguro Contra Risco e Acidente de Trabalho",{"$nulls":4},3]
[null,"SECONCI",{"$nulls":4},1]
[null,"FAE - Financiamento de Aposentadoria Especial",{"$nulls":4},0]
[null,"Total Grupo A",{"$nulls":4},37.799999999999997]
[null,"Grupo B - Encargos Trabalhistas"]
[null,"Repouso Semanal Remunerado - Domingos",{"$nulls":4},18.736573969999998]
[null,"Feriados",{"$nulls":4},5.1862639599999998]
[null,"Férias Gozadas + 1/3",{"$nulls":4},7.4301176399999997]
[null,"Auxílio Enfermidade",{"$nulls":4},0.90132814000000006]
[null,"Auxílio Acidente de Trabalho",{"$nulls":4},4.9069340000000003E-2]
[null,"Licença Paternidade",{"$nulls":4},7.2864189999999995E-2]
[null,"13° Salário",{"$nulls":4},9.2368521799999996]
[null,"Faltas Justificadas",{"$nulls":4},0.74235967000000003]
[null,"Férias sobre Licença Maternidade",{"$nulls":4},2.1406699999999999E-3]
[null,"Reciclagem Tecnológica",{"$nulls":4},0]
[null,"Total Grupo B",{"$nulls":4},42.357569750000003]
[null,"Grupo C - Verbas Rescisórias"]
[null,"Aviso Prévio Indenizado",{"$nulls":4},3.5703045699999998]
[null,"Aviso Prévio Trabalhado",{"$nulls":4},9.0159619999999996E-2]
[null,"Férias Indenizadas + 1/3",{"$nulls":4},4.8856852599999998]
[null,"Depósito por Rescisão Sem Justa Causa",{"$nulls":4},4.5554422299999997]
[null,"Indenização Adicional",{"$nulls":4},0.92794958999999999]
[null,"Total Grupo C",{"$nulls":4},14.029541269999999]
[null,"Grupo D - Verbas Rescisórias"]
[null,"Reincidência de A sobre B",{"$nulls":4},16.01116137]
[null,"Reincidência de A sobre Aviso Prévio Trabalhado + Reincidência de FGTS sobre Aviso Prévio Indenizado",{"$nulls":4},0.31970470000000001]
[null,"Total Grupo D",{"$nulls":4},16.330866069999999]
[null,"Total Encargos Sociais e Trabalhistas - julho/2025",{"$nulls":4},110.52]
[null,"Periculosidade/Insalubridade",{"$nulls":4}," %",null,"R$"]
[null,"Total Periculosidade/Insalubridade",{"$nulls":4},30,null,3.3473999999999999]
[null,"Encargos Sociais e Trabalhistas - Média Móvel",{"$nulls":4}," %",null,"R$"]
[null,"Encargos Sociais e Trabalhistas - Média Móvel - Sobre Salário",{"$nulls":4},110.62,null,12.342869]
[null,"Encargos Sociais e Trabalhistas - Média Móvel - Sobre Periculosidade/Insalubridade",{"$nulls":4},110.62,null,3.7028940000000001]
[null,"Total Encargos Sociais e Trabalhistas - Média Móvel",{"$nulls":4},110.62,null,16.045763000000001]
[null,"Encargos Complementares",{"$nulls":4}," %",null,"R$"]
[null,"Alimentação",{"$nulls":4},41.74,null,4.6571769999999999]
[null,"EPI",{"$nulls":4},2.35,null,0.26262099999999999]
[null,"Ferramenta",{"$nulls":4},0,null,0]
[null,"Transporte",{"$nulls":4},8.7799999999999994,null,0.98006300000000002]
[null,"Consulta Ocupacional",{"$nulls":4},0.45,null,5.0623000000000001E-2]
[null,"Total Encargos Complementares",{"$nulls":4},53.32,null,5.9504840000000003]
[null,"Encargos Adicionais",{"$nulls":4}," %",null,"R$"]
[null,"Cesta Básica",{"$nulls":4},0,null,0]
[null,"Assistência Médica",{"$nulls":4},0,null,0]
[null,"Seguro de Vida",{"$nulls":4},0.48,null,5.3592000000000001E-2]
[null,"Desgaste Orgânico",{"$nulls":4},0,null,0]
[null,"Adicional de Confinamento",{"$nulls":4},0,null,0]
[null,"Total Encargos Adicionais",{"$nulls":4},0.48,null,5.3592000000000001E-2]
[null,"Encargos Totais",{"$nulls":4},197.6164,null,22.049838999999999]
[null,"Custo Total",{"$nulls":6},36.555100000000003]
[null,"Código",null,"Descrição",null,null,"Unidade",null,"Salário \n(R$)"]
[null,"P9972",null,"Técnico de batimetria",null,null,"mês",null,3122.3202000000001]
[]
[null,"Encargos Sociais e Trabalhistas - julho/2025",{"$nulls":4}," %"]
[null,"Grupo A - Encargos Sociais"]
[null,"Previdência Social",{"$nulls":4},20]
[null,"FGTS",{"$nulls":4},8]
[null,"Salário Educação",{"$nulls":4},2.5]
[null,"SESC ou SESI",{"$nulls":4},1.5]
[null,"SENAI / SEBRAE",{"$nulls":4},1.6]
[null,"INCRA",{"$nulls":4},0.2]
[null,"Seguro Contra Risco e Acidente de Trabalho",{"$nulls":4},3]
[null,"SECONCI",{"$nulls":4},0.41481480999999998]
[null,"FAE - Financiamento de Aposentadoria Especial",{"$nulls":4},0]
[null,"Total Grupo A",{"$nulls":4},37.21481481]
[null,"Grupo B - Encargos Trabalhistas"]
[null,"Repouso Semanal Remunerado - Domingos",{"$nulls":4},0]
[null,"Feriados",{"$nulls":4},0]
[null,"Férias Gozadas + 1/3",{"$nulls":4},7.1368823099999998]
[null,"Auxílio Enfermidade",{"$nulls":4},0.90874217999999995]
[null,"Auxílio Acidente de Trabalho",{"$nulls":4},5.0933109999999997E-2]
[null,"Licença Paternidade",{"$nulls":4},0.10261268]
[null,"13° Salário",{"$nulls":4},9.2413861399999995]
[null,"Faltas Justificadas",{"$nulls":4},0.74272406000000002]
[null,"Férias sobre Licença Maternidade",{"$nulls":4},1.268039E-2]
[null,"Reciclagem Tecnológica",{"$nulls":4},0]
[null,"Total Grupo B",{"$nulls":4},18.195960889999998]
[null,"Grupo C - Verbas Rescisórias"]
[null,"Aviso Prévio Indenizado",{"$nulls":4},3.7871504499999999]
[null,"Aviso Prévio Trabalhado",{"$nulls":4},9.563555E-2]
[null,"Férias Indenizadas + 1/3",{"$nulls":4},5.18496588]
[null,"Depósito por Rescisão Sem Justa Causa",{"$nulls":4},3.7822707499999999]
[null,"Indenização Adicional",{"$nulls":4},0.92840507999999999]
[null,"Total Grupo C",{"$nulls":4},13.778427710000001]
[null,"Grupo D - Verbas Rescisórias"]
[null,"Reincidência de A sobre B",{"$nulls":4},6.7715931500000002]
[null,"Reincidência de A sobre Aviso Prévio Trabalhado + Reincidência de FGTS sobre Aviso Prévio Indenizado",{"$nulls":4},0.33856262999999998]
[null,"Total Grupo D",{"$nulls":4},7.1101557800000004]
[null,"Total Encargos Sociais e Trabalhistas - julho/2025",{"$nulls":4},76.3]
[null,"Periculosidade/Insalubridade",{"$nulls":4}," %",null,"R$"]
[null,"Total Periculosidade/Insalubridade",{"$nulls":4},0,null,0]
[null,"Encargos Sociais e Trabalhistas - Média Móvel",{"$nulls":4}," %",null,"R$"]
[null,"Encargos Sociais e Trabalhistas - Média Móvel - Sobre Salário",{"$nulls":4},76.06,null,2374.8367440000002]
[null,"Encargos Sociais e Trabalhistas - Média Móvel - Sobre Periculosidade/Insalubridade",{"$nulls":4},76.06,null,0]
[null,"Total Encargos Sociais e Trabalhistas - Média Móvel",{"$nulls":4},76.06,null,2374.8367440000002]
[null,"Encargos Complementares",{"$nulls":4}," %",null,"R$"]
[null,"Alimentação",{"$nulls":4},28.24,null,881.67737499999998]
[null,"EPI",{"$nulls":4},0,null,0]
[null,"Ferramenta",{"$nulls":4},0,null,0]
[null,"Transporte",{"$nulls":4},0,null,0]
[null,"Consulta Ocupacional",{"$nulls":4},0.31,null,9.7992519999999992]
[null,"Total Encargos Complementares",{"$nulls":4},28.55,null,891.47662700000001]
[null,"Encargos Adicionais",{"$nulls":4}," %",null,"R$"]
[null,"Cesta Básica",{"$nulls":4},9.61,null,300]
[null,"Assistência Médica",{"$nulls":4},0,null,0]
[null,"Seguro de Vida",{"$nulls":4},0.16,null,4.99]
[null,"Desgaste Orgânico",{"$nulls":4},0,null,0]
[null,"Adicional de Confinamento",{"$nulls":4},0,null,0]
[null,"Total Encargos Adicionais",{"$nulls":4},9.77,null,304.99]
[null,"Encargos Totais",{"$nulls":4},114.3798,null,3571.303371]
[null,"Custo Total",{"$nulls":6},6693.6238000000003]
[null,"Código",null,"Descrição",null,null,"Unidade",null,"Salário \n(R$)"]
[null,"P9957",null,"Motorista de ônibus",null,null,"h",null,14.782400000000001]
[]
[null,"Encargos Sociais e Trabalhistas - julho/2025",{"$nulls":4}," %"]
[null,"Grupo A - Encargos Sociais"]
[null,"Previdência Social",{"$nulls":4},20]
[null,"FGTS",{"$nulls":4},8]
[null,"Salário Educação",{"$nulls":4},2.5]
[null,"SESC ou SESI",{"$nulls":4},1.5]
[null,"SENAI / SEBRAE",{"$nulls":4},1.6]
[null,"INCRA",{"$nulls":4},0.2]
[null,"Seguro Contra Risco e Acidente de Trabalho",{"$nulls":4},3]
[null,"SECONCI",{"$nulls":4},0.5]
[null,"FAE - Financiamento de Aposentadoria Especial",{"$nulls":4},0]
[null,"Total Grupo A",{"$nulls":4},37.299999999999997]
[null,"Grupo B - Encargos Trabalhistas"]
[null,"Repouso Semanal Remunerado - Domingos",{"$nulls":4},17.523730839999999]
[null,"Feriados",{"$nulls":4},4.8454901599999998]
[null,"Férias Gozadas + 1/3",{"$nulls":4},0]
[null,"Auxílio Enfermidade",{"$nulls":4},0.89852757999999999]
[null,"Auxílio Acidente de Trabalho",{"$nulls":4},4.9067390000000002E-2]
[null,"Licença Paternidade",{"$nulls":4},7.3805570000000001E-2]
[null,"13° Salário",{"$nulls":4},9.2364859999999993]
[null,"Faltas Justificadas",{"$nulls":4},0.74233024000000003]
[null,"Férias sobre Licença Maternidade",{"$nulls":4},0]
[null,"Reciclagem Tecnológica",{"$nulls":4},0]
[null,"Total Grupo B",{"$nulls":4},33.369437779999998]
[null,"Grupo C - Verbas Rescisórias"]
[null,"Aviso Prévio Indenizado",{"$nulls":4},8.6901648399999996]
[null,"Aviso Prévio Trabalhado",{"$nulls":4},0.26333952999999999]
[null,"Férias Indenizadas + 1/3",{"$nulls":4},12.315314669999999]
[null,"Depósito por Rescisão Sem Justa Causa",{"$nulls":4},4.2678220099999997]
[null,"Indenização Adicional",{"$nulls":4},0.92791279999999998]
[null,"Total Grupo C",{"$nulls":4},26.464553850000001]
[null,"Grupo D - Verbas Rescisórias"]
[null,"Reincidência de A sobre B",{"$nulls":4},12.446800290000001]
[null,"Reincidência de A sobre Aviso Prévio Trabalhado + Reincidência de FGTS sobre Aviso Prévio Indenizado",{"$nulls":4},0.79343883000000004]
[null,"Total Grupo D",{"$nulls":4},13.24023912]
[null,"Total Encargos Sociais e Trabalhistas - julho/2025",{"$nulls":4},110.37]
[null,"Periculosidade/Insalubridade",{"$nulls":4}," %",null,"R$"]
[null,"Total Periculosidade/Insalubridade",{"$nulls":4},0,null,0]
[null,"Encargos Sociais e Trabalhistas - Média Móvel",{"$nulls":4}," %",null,"R$"]
[null,"Encargos Sociais e Trabalhistas - Média Móvel - Sobre Salário",{"$nulls":4},110.37,null,16.315335000000001]
[null,"Encargos Sociais e Trabalhistas - Média Móvel - Sobre Periculosidade/Insalubridade",{"$nulls":4},110.37,null,0]
[null,"Total Encargos Sociais e Trabalhistas - Média Móvel",{"$nulls":4},110.37,null,16.315335000000001]
[null,"Encargos Complementares",{"$nulls":4}," %",null,"R$"]
[null,"Alimentação",{"$nulls":4},31.5,null,4.6571769999999999]
[null,"EPI",{"$nulls":4},7.0000000000000007E-2,null,1.0730999999999999E-2]
[null,"Ferramenta",{"$nulls":4},0,null,0]
[null,"Transporte",{"$nulls":4},6.63,null,0.98006300000000002]
[null,"Consulta Ocupacional",{"$nulls":4},0.67,null,9.8572999999999994E-2]
[null,"Total Encargos Complementares",{"$nulls":4},38.869999999999997,null,5.7465440000000001]
[null,"Encargos Adicionais",{"$nulls":4}," %",null,"R$"]
[null,"Cesta Básica",{"$nulls":4},0,null,0]
[null,"Assistência Médica",{"$nulls":4},0,null,0]
[null,"Seguro de Vida",{"$nulls":4},0.36,null,5.3592000000000001E-2]
[null,"Desgaste Orgânico",{"$nulls":4},0,null,0]
[null,"Adicional de Confinamento",{"$nulls":4},0,null,0]
[null,"Total Encargos Adicionais",{"$nulls":4},0.36,null,5.3592000000000001E-2]
[null,"Encargos Totais",{"$nulls":4},149.60679999999999,null,22.115470999999999]
[null,"Custo Total",{"$nulls":6},36.897799999999997]
[null,"Código",null,"Descrição",null,null,"Unidade",null,"Salário \n(R$)"]
[null,"P9958",null,"Motorista de ônibus - mensalista",null,null,"mês",null,3252.123]
[]
[null,"Encargos Sociais e Trabalhistas - julho/2025",{"$nulls":4}," %"]
[null,"Grupo A - Encargos Sociais"]
[null,"Previdência Social",{"$nulls":4},20]
[null,"FGTS",{"$nulls":4},8]
[null,"Salário Educação",{"$nulls":4},2.5]
[null,"SESC ou SESI",{"$nulls":4},1.5]
[null,"SENAI / SEBRAE",{"$nulls":4},1.6]
[null,"INCRA",{"$nulls":4},0.2]
[null,"Seguro Contra Risco e Acidente de Trabalho",{"$nulls":4},3]
[null,"SECONCI",{"$nulls":4},0.5]
[null,"FAE - Financiamento de Aposentadoria Especial",{"$nulls":4},0]
[null,"Total Grupo A",{"$nulls":4},37.299999999999997]
[null,"Grupo B - Encargos Trabalhistas"]
[null,"Repouso Semanal Remunerado - Domingos",{"$nulls":4},0]
[null,"Feriados",{"$nulls":4},0]
[null,"Férias Gozadas + 1/3",{"$nulls":4},0]
[null,"Auxílio Enfermidade",{"$nulls":4},0.89852757999999999]
[null,"Auxílio Acidente de Trabalho",{"$nulls":4},4.9067390000000002E-2]
[null,"Licença Paternidade",{"$nulls":4},7.3805570000000001E-2]
[null,"13° Salário",{"$nulls":4},9.2364859999999993]
[null,"Faltas Justificadas",{"$nulls":4},0.74233024000000003]
[null,"Férias sobre Licença Maternidade",{"$nulls":4},0]
[null,"Reciclagem Tecnológica",{"$nulls":4},0]
[null,"Total Grupo B",{"$nulls":4},11.000216780000001]
[null,"Grupo C - Verbas Rescisórias"]
[null,"Aviso Prévio Indenizado",{"$nulls":4},8.6901648399999996]
[null,"Aviso Prévio Trabalhado",{"$nulls":4},0.26333952999999999]
[null,"Férias Indenizadas + 1/3",{"$nulls":4},12.315314669999999]
[null,"Depósito por Rescisão Sem Justa Causa",{"$nulls":4},3.5520069400000001]
[null,"Indenização Adicional",{"$nulls":4},0.92791279999999998]
[null,"Total Grupo C",{"$nulls":4},25.748738769999999]
[null,"Grupo D - Verbas Rescisórias"]
[null,"Reincidência de A sobre B",{"$nulls":4},4.1030808600000004]
[null,"Reincidência de A sobre Aviso Prévio Trabalhado + Reincidência de FGTS sobre Aviso Prévio Indenizado",{"$nulls":4},0.79343883000000004]
[null,"Total Grupo D",{"$nulls":4},4.8965196899999999]
[null,"Total Encargos Sociais e Trabalhistas - julho/2025",{"$nulls":4},78.95]
[null,"Periculosidade/Insalubridade",{"$nulls":4}," %",null,"R$"]
[null,"Total Periculosidade/Insalubridade",{"$nulls":4},0,null,0]
[null,"Encargos Sociais e Trabalhistas - Média Móvel",{"$nulls":4}," %",null,"R$"]
[null,"Encargos Sociais e Trabalhistas - Média Móvel - Sobre Salário",{"$nulls":4},78.95,null,2567.5511080000001]
[null,"Encargos Sociais e Trabalhistas - Média Móvel - Sobre Periculosidade/Insalubridade",{"$nulls":4},78.95,null,0]
[null,"Total Encargos Sociais e Trabalhistas - Média Móvel",{"$nulls":4},78.95,null,2567.5511080000001]
[null,"Encargos Complementares",{"$nulls":4}," %",null,"R$"]
[null,"Alimentação",{"$nulls":4},26.13,null,849.88823000000002]
[null,"EPI",{"$nulls":4},0.06,null,1.958234]
[null,"Ferramenta",{"$nulls":4},0,null,0]
[null,"Transporte",{"$nulls":4},5.5,null,178.85172600000001]
[null,"Consulta Ocupacional",{"$nulls":4},0.55000000000000004,null,17.988641000000001]
[null,"Total Encargos Complementares",{"$nulls":4},32.24,null,1048.686831]
[null,"Encargos Adicionais",{"$nulls":4}," %",null,"R$"]
[null,"Cesta Básica",{"$nulls":4},0,null,0]
[null,"Assistência Médica",{"$nulls":4},0,null,0]
[null,"Seguro de Vida",{"$nulls":4},0.3,null,9.7799999999999994]
[null,"Desgaste Orgânico",{"$nulls":4},0,null,0]
[null,"Adicional de Confinamento",{"$nulls":4},0,null,0]
[null,"Total Encargos Adicionais",{"$nulls":4},0.3,null,9.7799999999999994]
[null,"Encargos Totais",{"$nulls":4},111.4969,null,3626.0179389999998]
[null,"Custo Total",{"$nulls":6},6878.1392999999998]
[null,"Código",null,"Descrição",null,null,"Unidade",null,"Salário \n(R$)"]
[null,"P9959",null,"Motorista de veículo especial com periculosidade - mensalista",null,null,"mês",null,2783.643]
[]
[null,"Encargos Sociais e Trabalhistas - julho/2025",{"$nulls":4}," %"]
[null,"Grupo A - Encargos Sociais"]
[null,"Previdência Social",{"$nulls":4},20]
[null,"FGTS",{"$nulls":4},8]
[null,"Salário Educação",{"$nulls":4},2.5]
[null,"SESC ou SESI",{"$nulls":4},1.5]
[null,"SENAI / SEBRAE",{"$nulls":4},1.6]
[null,"INCRA",{"$nulls":4},0.2]
[null,"Seguro Contra Risco e Acidente de Trabalho",{"$nulls":4},3]
[null,"SECONCI",{"$nulls":4},1]
[null,"FAE - Financiamento de Aposentadoria Especial",{"$nulls":4},0]
[null,"Total Grupo A",{"$nulls":4},37.799999999999997]
[null,"Grupo B - Encargos Trabalhistas"]
[null,"Repouso Semanal Remunerado - Domingos",{"$nulls":4},0]
[null,"Feriados",{"$nulls":4},0]
[null,"Férias Gozadas + 1/3",{"$nulls":4},7.4301176399999997]
[null,"Auxílio Enfermidade",{"$nulls":4},0.90132814000000006]
[null,"Auxílio Acidente de Trabalho",{"$nulls":4},4.9069340000000003E-2]
[null,"Licença Paternidade",{"$nulls":4},7.2864189999999995E-2]
[null,"13° Salário",{"$nulls":4},9.2368521799999996]
[null,"Faltas Justificadas",{"$nulls":4},0.74235967000000003]
[null,"Férias sobre Licença Maternidade",{"$nulls":4},2.1406699999999999E-3]
[null,"Reciclagem Tecnológica",{"$nulls":4},0]
[null,"Total Grupo B",{"$nulls":4},18.434731809999999]
[null,"Grupo C - Verbas Rescisórias"]
[null,"Aviso Prévio Indenizado",{"$nulls":4},3.5703045699999998]
[null,"Aviso Prévio Trabalhado",{"$nulls":4},9.0159619999999996E-2]
[null,"Férias Indenizadas + 1/3",{"$nulls":4},4.8856852599999998]
[null,"Depósito por Rescisão Sem Justa Causa",{"$nulls":4},3.7899114200000001]
[null,"Indenização Adicional",{"$nulls":4},0.92794958999999999]
[null,"Total Grupo C",{"$nulls":4},13.26401046]
[null,"Grupo D - Verbas Rescisórias"]
[null,"Reincidência de A sobre B",{"$nulls":4},6.9683286300000002]
[null,"Reincidência de A sobre Aviso Prévio Trabalhado + Reincidência de FGTS sobre Aviso Prévio Indenizado",{"$nulls":4},0.31970470000000001]
[null,"Total Grupo D",{"$nulls":4},7.2880333300000002]
[null,"Total Encargos Sociais e Trabalhistas - julho/2025",{"$nulls":4},76.790000000000006]
[null,"Periculosidade/Insalubridade",{"$nulls":4}," %",null,"R$"]
[null,"Total Periculosidade/Insalubridade",{"$nulls":4},30,null,835.09289999999999]
[null,"Encargos Sociais e Trabalhistas - Média Móvel",{"$nulls":4}," %",null,"R$"]
[null,"Encargos Sociais e Trabalhistas - Média Móvel - Sobre Salário",{"$nulls":4},77.040000000000006,null,2144.5185670000001]
[null,"Encargos Sociais e Trabalhistas - Média Móvel - Sobre Periculosidade/Insalubridade",{"$nulls":4},77.040000000000006,null,643.35556999999994]
[null,"Total Encargos Sociais e Trabalhistas - Média Móvel",{"$nulls":4},77.040000000000006,null,2787.8741369999998]
[null,"Encargos Complementares",{"$nulls":4}," %",null,"R$"]
[null,"Alimentação",{"$nulls":4},30.53,null,849.88823000000002]
[null,"EPI",{"$nulls":4},1.72,null,47.925632999999998]
[null,"Ferramenta",{"$nulls":4},0,null,0]
[null,"Transporte",{"$nulls":4},6.43,null,178.85172600000001]
[null,"Consulta Ocupacional",{"$nulls":4},0.33,null,9.2381630000000001]
[null,"Total Encargos Complementares",{"$nulls":4},39.01,null,1085.9037519999999]
[null,"Encargos Adicionais",{"$nulls":4}," %",null,"R$"]
[null,"Cesta Básica",{"$nulls":4},0,null,0]
[null,"Assistência Médica",{"$nulls":4},0,null,0]
[null,"Seguro de Vida",{"$nulls":4},0.35,null,9.7799999999999994]
[null,"Desgaste Orgânico",{"$nulls":4},0,null,0]
[null,"Adicional de Confinamento",{"$nulls":4},0,null,0]
[null,"Total Encargos Adicionais",{"$nulls":4},0.35,null,9.7799999999999994]
[null,"Encargos Totais",{"$nulls":4},139.51349999999999,null,3883.5578890000002]
[null,"Custo Total",{"$nulls":6},7502.2936]

{"sheet":"DNIT EQUIP jul-25","index":10,"n_rows":25,"n_cols":7,"rows_kept":25,"cut":false,"hidden":true,"merged":[[4,5,5,5],[10,2,10,3],[22,2,22,3],[13,2,13,3],[14,2,14,3],[4,2,5,3],[4,4,5,4],[23,2,23,3],[15,2,15,3],[16,2,16,3],[24,2,24,3],[4,0,5,0],[6,0,10,0],[14,0,15,0],[16,0,17,0],[18,0,22,0],[23,0,24,0],[4,1,5,1],[17,2,17,3],[18,2,18,3],[19,2,19,3],[20,2,20,3],[21,2,21,3]]}
[]
["RELATÓRIO DE CONSOLIDAÇÃO DE CUSTOS GERAIS (jul/2025)"]
["Tabela 1 - Custos de veículos ",null,null,null,"ÁREA DE IRRIGAÇÃO E OPERAÇÕES - AI"]
["Tabela de Preços de Consultoria"]
["Item","Código","Tipo",null,"Custo Produtivo \n(R$/h)","Custo Improdutivo (R$/h)"]
[]
["Veículos","E8889","Veículo leve - 53 kW (sem motorista)",null,36.65,6.69,"S"]
[null,"E8890","Veículo leve - 53 kW (com motorista)",null,64.540000000000006,34.57]
[null,"E8891","Veículo leve picape 4 x 4 com capacidade de 1,10 t - 147 kW (sem motorista)",null,78.98,23.64]
[null,"E8888","Veículo tipo van furgão com capacidade de 1,38 t - 100 kW (sem motorista)",null,54.56,16.899999999999999]
[null,"E8887","Veículo tipo van furgão com capacidade de 1,38 t - 100 kW (com motorista)",null,82.44,44.79]
[]
["Tabela 2 - Custos de imóveis, mobiliário, cestas de instalações e custos diversos"]
["Item","Código","Tipo",null,"Unidade","Custo unitário \n(R$/un)"]
["Imóveis","B8951","Comercial (2,55% do CMCC - SINAPI)",null,"m² x mês",50.23]
[null,"B8952","Residencial (2,45% do CMCC - SINAPI)",null,"m² x mês",48.26]
["Mobiliário","B8953","Escritório",null,"ocupante x mês",478.38]
[null,"B8954","Residência",null,"ocupante x mês",43.06]
["Cesta das Instalações","B8955","Laboratório de asfalto",null,"mês",5879.5]
[null,"B8956","Laboratório de concreto",null,"mês",4714.4799999999996]
[null,"B8957","Laboratório de solos",null,"mês",3597.39]
[null,"B8958","Topografia",null,"mês",5426.19]
[null,"B8961","Topografia por VANT",null,"mês",904.73]
["Custos Diversos","B8959","Escritório",null,"ocupante x mês",192.85]
[null,"B8960","Residência",null,"ocupante x mês",251.57]

{"sheet":"CPU - DESLOCAMENTO TERRESTE","index":11,"n_rows":277,"n_cols":14,"rows_kept":277,"cut":false,"hidden":true,"merged":[[28,9,28,16],[29,9,29,16]]}
[]
[]
[{"$nulls":4},"ÁREA DE IRRIGAÇÃO E OPERAÇÕES - AI"]
[]
[]
[]
[null,"Combustível"]
["SERVIÇOS DE SUPERVISÃO E APOIO TÉCNICO-ADMINISTRATIVO À GERÊNCIA DE APOIO À PRODUÇÃO IRRIGADA NA ÁREA DE ATUAÇÃO DA CODEVASF","Média mensal de quilômetro por veículo",{"$f":"'MEMORIAL DISTÂNCIAS ATUAÇÃO '!N225+'MEMORIAL DISTÂNCIAS ATUAÇÃO '!S63","v":7885}]
[null,"Preço do litro de combustível",{"$f":"H29","v":6.17}]
[null,"Quilômetros rodados com um litro combustivel",{"$f":"N33","v":14.34}]
[null,"Combustivel    (D1/D3)*D2",{"$f":"(C8/C10)*C9","v":3392.64}]
[null,"Custo (km /mês)",{"$f":"C11/C8","v":0.43}]
{"$rows_empty":16}
[{"$nulls":4},"Preço Médio da Gasolina",null,null,6.17,null,"https://precos.petrobras.com.br/sele%C3%A7%C3%A3o-de-estados-gasolina"]
[{"$nulls":9},"Data da consulta: 18/11/2025"]
[]
[]
[{"$nulls":4},"Quilômetros rodados com 1 (um) litro de combustível",{"$nulls":8},{"$f":"AVERAGE(G80,G145,G212,G277)","v":14.338749999999999}]
{"$rows_empty":46}
[{"$nulls":4},"Renault Kwid ",null,{"$f":"(14.9+15.6)/2","v":15.25}]
{"$rows_empty":64}
[{"$nulls":4},"Hyundai HB20",null,{"$f":"(((11.4+13)/2)+((11.9+15.2)/2))/2","v":12.875}]
{"$rows_empty":66}
[{"$nulls":4},"UP",null,14.72]
{"$rows_empty":64}
[{"$nulls":4},"Fiat Mobi",null,14.51]

{"sheet":"MEMORIAL DISTÂNCIAS ATUAÇÃO ","index":12,"n_rows":225,"n_cols":19,"rows_kept":225,"cut":false,"hidden":true,"merged":[[51,15,54,15],[51,18,54,18],[55,15,57,15],[55,18,57,18],[60,16,61,17],[60,18,61,18],[42,15,44,15],[42,18,44,18],[45,15,46,15],[45,18,46,18],[47,15,50,15],[47,18,50,18],[31,15,34,15],[31,18,34,18],[35,15,37,15],[35,18,37,18],[38,15,41,15],[38,18,41,18],[27,15,30,15],[27,18,30,18],[4,15,6,15],[4,18,6,18],[7,15,9,15],[7,18,9,18],[10,15,12,15],[10,18,12,18],[13,15,16,15],[13,18,16,18],[17,15,19,15],[17,18,19,18],[20,15,23,15],[20,18,23,18],[24,15,26,15],[24,18,26,18],[3,12,87,12],[3,13,87,13],[88,12,145,12],[88,13,145,13],[148,12,223,12],[148,13,223,13]]}
[]
[{"$nulls":6},"ATUAÇÃO CODEVASF SEDE",{"$nulls":8},"ATUAÇÃO CODEVASF NAS SUPERINTENDÊNCIAS REGIONAIS "]
[{"$nulls":4},"ÁREA DE IRRIGAÇÃO E OPERAÇÕES - AI",{"$nulls":5},"Distância (Km)","TEMPO (H)","QUANTIDADES DE VIAGENS POR MÊS PARA OS DESTINOS"]
[{"$nulls":6},"BRASÍLIA PARA VILA RICA (MT)",null,null,null,1162,16,1,{"$f":"AVERAGE(K4,K37,K70)","v":1082.6666666666699},null,"ESTADOS","MUNICÍPIOS","DISTÂNCIA DA SEDE DA SR PARA O MUNICÍPIO (Km)","Distância Média (raio de atuação)"]
[{"$nulls":15},"RN","IPUEURA",314,{"$f":"AVERAGE(R5:R7)","v":307}]
[{"$nulls":16},"VENHA-VER",454]
[{"$nulls":16},"SÃO BENTO DO NORTE",153]
["SERVIÇOS DE SUPERVISÃO E APOIO TÉCNICO-ADMINISTRATIVO À GERÊNCIA DE APOIO À PRODUÇÃO IRRIGADA NA ÁREA DE ATUAÇÃO DA CODEVASF",{"$nulls":14},"PB","POÇO DANTAS",480,{"$f":"AVERAGE(R8:R10)","v":398}]
[{"$nulls":16},"SÃO SEBASTIÃO DO UMBUZEIRO",330]
[{"$nulls":16},"BELÉM DO BREJO DO CRUZ",383]
[{"$nulls":15},"MA","ALTO PARNAÍBA",986,{"$f":"AVERAGE(R11:R13)","v":776}]
[{"$nulls":16},"BARÃO DE GRAJAÚ",641]
[{"$nulls":16},"SÃO PEDRO DA ÁGUA BRANCA",701]
[{"$nulls":15},"TO","PALMEIRÓPOLIS",420,{"$f":"AVERAGE(R14:R17)","v":399}]
[{"$nulls":16},"ESPERANTINA",676]
[{"$nulls":16},"MATEIROS",295]
[{"$nulls":16},"LAGOA DA CONFUSÃO",204]
[{"$nulls":15},"AP","OIAPOQUE",579,{"$f":"AVERAGE(R18:R20)","v":386}]
[{"$nulls":16},"LARANJAL DO JARI",273]
[{"$nulls":16},"VITÓRIA DO JARI",307]
[{"$nulls":15},"MG 1ª","Salto da Divisa",613,{"$f":"AVERAGE(R21:R24)","v":488}]
[{"$nulls":16},"Serra dos Aimorés",608]
[{"$nulls":16},"Juvenília",368]
[{"$nulls":16},"Pompéu",361]
[{"$nulls":15},"MG 16ª","Tupaciguara",604,{"$f":"AVERAGE(R25:R27)","v":549}]
[{"$nulls":16},"Formoso",787]
[{"$nulls":16},"Monjolos",255]
[{"$nulls":15},"PI","Cristalândia do Piauí",872,{"$f":"AVERAGE(R28:R31)","v":590}]
[{"$nulls":16},"Ribeiro Gonçalves",538]
[{"$nulls":16},"Cajueiro da Praia",354]
[{"$nulls":16},"Fartura do Piauí",596]
[{"$nulls":15},"PE 3ª","AFRÂNIO",120,{"$f":"AVERAGE(R32:R35)","v":362}]
[{"$nulls":16},"ARARIPINA",270]
[{"$nulls":16},"BREJO DA MADRE DE DEUS",570]
[{"$nulls":16},"ITAPETIM",488]
[{"$nulls":10},"Distância (Km)","TEMPO",null,null,null,"PE 15ª","IATI",283,{"$f":"AVERAGE(R36:R38)","v":173}]
[{"$nulls":6},"BRASÍLIA PARA CONFRESA (MT)",null,null,null,1091,16.5,{"$nulls":4},"ITAMBÉ",120]
[{"$nulls":16},"SÃO JOSÉ DA CORONA GRANDE",116]
[{"$nulls":15},"BA 2ª","MUCURI",931,{"$f":"AVERAGE(R39:R42)","v":513}]
[{"$nulls":16},"ITAGUAÇU DA BAHIA",407]
[{"$nulls":16},"LUIS EDUARDO MAGALHÃES",354]
[{"$nulls":16},"LENÇOIS",360]
[{"$nulls":15},"BA 6ª","CAMAMU",643,{"$f":"AVERAGE(R43:R45)","v":496}]
[{"$nulls":16},"WAGNER",409]
[{"$nulls":16},"JANDAIRA",437]
[{"$nulls":15},"PA","SANTANA DO ARAGUAIA",1081,{"$f":"AVERAGE(R46:R47)","v":590}]
[{"$nulls":16},"SOURE",98.1]
[{"$nulls":15},"CE","PENAFORTE",543,{"$f":"AVERAGE(R48:R51)","v":370}]
[{"$nulls":16},"PORANGA",348]
[{"$nulls":16},"BARROQUINHA",388]
[{"$nulls":16},"ICAPUÍ",202]
[{"$nulls":15},"SE","CANINDÉ DE SÃO FRANCISCO",192,{"$f":"AVERAGE(R52:R55)","v":141}]
[{"$nulls":16},"CRISTINÁPOLIS",116]
[{"$nulls":16},"POÇO VERDE",149]
[{"$nulls":16},"BREJO GRANDE",107]
[{"$nulls":15},"AL","JACUIPE",284,{"$f":"AVERAGE(R56:R58)","v":219}]
[{"$nulls":16},"MATA GRANDE ",233]
[{"$nulls":16},"QUEBRÂNGULO",139]
[{"$nulls":18},{"$f":"AVERAGE(S5:S58)","v":422}]
[]
[{"$nulls":16},"DISTÂNCIA A SER PERCORRIDA AO LONGO DE UM ANO (IDA E VOLTA) - SRs\nCONSIDERANDO 5 VIAGENS COM A DISTÂNCIA MÉDIA POR MÊS",null,{"$f":"S59*12*2*5","v":50640}]
[]
[{"$nulls":18},{"$f":"S61/12","v":4220}]
[]
[]
[]
[]
[]
[{"$nulls":10},"Distância (Km)"]
[{"$nulls":6},"BRASÍLIA PARA JACIARA (MT)",null,null,null,995,13.25]
{"$rows_empty":18}
[{"$nulls":10},"Distância (Km)","TEMPO (H)",1,{"$f":"AVERAGE(K90,K127)","v":240.5}]
[{"$nulls":6},"BRASÍLIA PARA JFLORES (GO)",null,null,null,235,3]
{"$rows_empty":35}
[{"$nulls":10},"Distância (Km)","TEMPO (H)"]
[{"$nulls":6},"BRASÍLIA PARA ARINOS (MG)",null,null,null,246,3.3]
{"$rows_empty":21}
[{"$nulls":10},"Distância (Km)","TEMPO (H)",8,{"$f":"AVERAGE(K150,K173,K205)","v":63.6666666666667}]
[{"$nulls":6},"BRASÍLIA PARA NÚCLEO RURAL EM CEILÂNDIA (DF)",null,null,null,48,{"$f":"45/60","v":0.75}]
{"$rows_empty":21}
[{"$nulls":10},"Distância (Km)","TEMPO (H)"]
[{"$nulls":6},"BRASÍLIA PARA NÚCLEO RURAL EM SÃO SEBASTIÃO (DF)",null,null,null,63,{"$f":"56/60","v":0.93333333333333302}]
{"$rows_empty":30}
[{"$nulls":10},"Distância (Km)","TEMPO (H)"]
[{"$nulls":6},"BRASÍLIA PARA NÚCLEO RURAL EM PLANALTINA (DF)",null,null,null,80,{"$f":"70/60","v":1.1666666666666701}]
{"$rows_empty":19}
[null,"QUILOMETRAGEM MÉDIA DE DESLOCAMENTO DE CARRO NA ÁREA DE ATUAÇÃO DA CODEVASF/MÊS",{"$nulls":11},{"$f":"((M4*(N4*2))+(M89*(N89*2))+(M149*(N149*2)))","v":3665.00000000001}]

{"sheet":"MEMORIAL DESLOCAMENTO AÉREO","index":13,"n_rows":88,"n_cols":86,"rows_kept":88,"cut":false,"hidden":true,"merged":[[87,1,87,4]]}
[]
[null,"COTAÇÕES - IDA DIA 16/03/2026 E VOLTA DIA 20/03/2026",{"$nulls":6},"COTAÇÕES - IDA DIA 16/03/2026 E VOLTA DIA 20/03/2026",{"$nulls":6},"COTAÇÕES - IDA DIA 16/03/2026 E VOLTA DIA 20/03/2026",{"$nulls":8},"COTAÇÕES - IDA DIA 16/03/2026 E VOLTA DIA 20/03/2026",{"$nulls":6},"COTAÇÕES - IDA DIA 16/03/2026 E VOLTA DIA 20/03/2026",{"$nulls":6},"COTAÇÕES - IDA DIA 16/03/2026 E VOLTA DIA 20/03/2026",{"$nulls":7},"COTAÇÕES - IDA DIA 16/03/2026 E VOLTA DIA 20/03/2026",{"$nulls":6},"COTAÇÕES - IDA DIA 16/03/2026 E VOLTA DIA 20/03/2026",{"$nulls":6},"COTAÇÕES - IDA DIA 16/03/2026 E VOLTA DIA 20/03/2026",{"$nulls":6},"COTAÇÕES - IDA DIA 16/03/2026 E VOLTA DIA 20/03/2026",{"$nulls":6},"COTAÇÕES - IDA DIA 16/03/2026 E VOLTA DIA 20/03/2026",{"$nulls":6},"COTAÇÕES - IDA DIA 16/03/2026 E VOLTA DIA 20/03/2026"]
[null,"Localidade:","Petrolina/PE",null,"ÁREA DE IRRIGAÇÃO E OPERAÇÕES - AI",null,null,null,"Localidade:","Aracaju/SE",{"$nulls":5},"Localidade:","Maceio/AL",{"$nulls":7},"Localidade: Teresina/PI",{"$nulls":6},"Localidade: São Luis/MA",{"$nulls":6},"Localidade: Goiania/GO",{"$nulls":7},"Localidade: Macapá/AP",{"$nulls":6},"Localidade: Natal/RN",{"$nulls":6},"Localidade: João Pessoa/PB",{"$nulls":6},"Localidade: Fortaleza/CE",{"$nulls":6},"Localidade: Recife/PE",{"$nulls":6},"Localidade: Recife/PE"]
[null,"Origem","Destino",{"$nulls":5},"Origem","Destino",{"$nulls":5},"Origem","Destino",{"$nulls":7},"Origem","Destino",{"$nulls":5},"Origem","Destino",{"$nulls":5},"Origem","Destino",{"$nulls":6},"Origem","Destino",{"$nulls":5},"Origem","Destino",{"$nulls":5},"Origem","Destino",{"$nulls":5},"Origem","Destino",{"$nulls":5},"Origem","Destino",{"$nulls":5},"Origem","Destino"]
[null,"Brasilia/DF","Petrolina/PE","Cia 1","Cia 2","Cia 3",null,null,"Brasilia/DF","Aracaju/SE","Cia 1","Cia 2","Cia 3",null,null,"Brasilia/DF","Maceio/AL","Cia 1","Cia 2","Cia 3",{"$nulls":4},"Brasilia/DF","Teresina/PI","Cia 1","Cia 2","Cia 3",null,null,"Brasilia/DF","São Luis/MA","Cia 1","Cia 2","Cia 3",null,null,"Brasilia/DF","Goiania/GO","Cia 1","Cia 2","Cia 3",null,null,null,"Brasilia/DF","Macapá/AP","Cia 1","Cia 2","Cia 3",null,null,"Brasilia/DF","Natal/RN","Cia 1","Cia 2","Cia 3",null,null,"Brasilia/DF","João Pessoa/PB","Cia 1","Cia 2","Cia 3",null,null,"Brasilia/DF","Fortaleza/CE","Cia 1","Cia 2","Cia 3",null,null,"Brasilia/DF","Recife/PE","Cia 1","Cia 2","Cia 3",null,null,"Brasilia/DF","Recife/PE","Cia 1","Cia 2","Cia 3"]
[null,null,null,1357,1387,1785,{"$nulls":4},1064,1180,1940,{"$nulls":4},1423,1467,1516,{"$nulls":6},904,921,1868,{"$nulls":4},960,975,1471,{"$nulls":4},659,673,0,{"$nulls":5},1895,2029,2289,{"$nulls":4},1233,1233,1695,{"$nulls":4},1377,1377,1466,{"$nulls":4},1022,1124,2036,{"$nulls":4},740,762,969,{"$nulls":4},415,422,446]
[]
["SERVIÇOS DE SUPERVISÃO E APOIO TÉCNICO-ADMINISTRATIVO À GERÊNCIA DE APOIO À PRODUÇÃO IRRIGADA NA ÁREA DE ATUAÇÃO DA CODEVASF"]
{"$rows_empty":72}
[null,"Mediana",null,{"$f":"TRUNC(MEDIAN(D6:G79),2)","v":1387},{"$nulls":4},"Mediana",null,{"$f":"TRUNC(MEDIAN(K6:N79),2)","v":1180},{"$nulls":4},"Mediana",null,{"$f":"TRUNC(MEDIAN(R6:U79),2)","v":1467},{"$nulls":6},"Mediana",null,{"$f":"TRUNC(MEDIAN(AA6:AD79),2)","v":921},{"$nulls":4},"Mediana",null,{"$f":"TRUNC(MEDIAN(AH6:AK79),2)","v":975},{"$nulls":4},"Mediana",null,{"$f":"TRUNC(MEDIAN(AO6:AR79),2)","v":659},{"$nulls":4},"Mediana",null,{"$f":"TRUNC(MEDIAN(AV6:AY79),2)","v":2029},{"$nulls":5},"Mediana",null,{"$f":"TRUNC(MEDIAN(BD6:BG79),2)","v":1233},{"$nulls":4},"Mediana",null,{"$f":"TRUNC(MEDIAN(BK6:BN79),2)","v":1377},{"$nulls":4},"Mediana",null,{"$f":"TRUNC(MEDIAN(BR6:BU79),2)","v":1124},{"$nulls":4},"Mediana",null,{"$f":"TRUNC(MEDIAN(BY6:CB79),2)","v":762},{"$nulls":4},"Mediana",null,{"$f":"TRUNC(MEDIAN(CF6:CI79),2)","v":422}]
[]
[]
[]
[]
[null,"SOMA DAS PASSAGENS ÁEREAS",null,null,{"$f":"D81+K81+R81+AA81+AH81+AO81+AV81+BD81+BK81+BR81+BY81+CF81","v":13536}]
[]
[null,"MÉDIA DO VALOR MENSAL COM PASSAGENS AÉREAS, CONSIDERANDO UMA VIAGEM POR MÊS (IDA/VOLTA)",null,null,null,{"$f":"(E86/12)*2","v":2256}]